{"text_format":"3","workbook":"xlsx","n_sheets":1,"sheets":["Sheet1"],"read":"whole","date_system":"1900"}

{"sheet":"Sheet1","index":0,"n_rows":1471,"n_cols":30,"rows_kept":1471}
["id","edad","abandono","viajes","departamento","distancia_casa","educacion","carrera","satisfaccion_entorno","implicacion","nivel_laboral","puesto","satisfaccion_trabajo","estado_civil","salario_mes","num_empresas_anteriores","horas_extra","incremento_salario_porc","evaluacion","satisfaccion_companeros","nivel_acciones","anos_experiencia","num_formaciones_ult_ano","anos_compania","anos_desde_ult_promocion","anos_con_manager_actual","salario_ano","impacto_abandono","scoring_abandono","scoring_riesgo"]
[1,41,1,"Travel_Rarely","Sales",1,"Universitaria","Life Sciences","Media","Alta",2,"Sales Executive","Alta","Single",5993,8,"Yes",11,"Alta","Baja",0,8,0,6,0,5,71916,14670.864,0.3555555555555556,5216.3072]
[2,49,0,"Travel_Frequently","Research & Development",8,"Secundaria","Life Sciences","Alta","Media",2,"Research Scientist","Media","Married",5130,1,"No",23,"Muy_Alta","Muy_Alta",1,10,3,10,1,7,61560,12558.24,0.05544554455445545,696.2984554455445]
[4,37,1,"Travel_Rarely","Research & Development",2,"Secundaria","Other","Muy_Alta","Media",1,"Laboratory Technician","Media","Single",2090,6,"Yes",15,"Alta","Media",0,7,3,0,0,0,25080,4037.88,0.8260869565217391,3335.64]
[5,33,0,"Travel_Frequently","Research & Development",3,"Universitaria","Life Sciences","Muy_Alta","Alta",1,"Research Scientist","Alta","Married",2909,1,"Yes",11,"Alta","Alta",0,8,3,8,3,0,34908,6876.876,0.1443298969072165,992.5388041237113]
[7,27,0,"Travel_Rarely","Research & Development",2,"Universitaria","Medical","Baja","Alta",1,"Laboratory Technician","Alta","Married",3468,9,"No",12,"Alta","Muy_Alta",1,6,3,2,2,2,41616,8198.352,0.1273885350318471,1044.376050955414]
[8,32,0,"Travel_Frequently","Research & Development",2,"Universitaria","Life Sciences","Muy_Alta","Alta",1,"Laboratory Technician","Alta","Single",3068,0,"No",13,"Alta","Alta",0,8,2,7,3,6,36816,7252.752,0.05544554455445545,402.1327841584159]
[10,59,0,"Travel_Rarely","Research & Development",3,"Master","Medical","Alta","Muy_Alta",1,"Laboratory Technician","Muy_Alta","Married",2670,4,"Yes",20,"Muy_Alta","Baja",3,12,3,1,0,0,32040,6311.88,0.1443298969072165,910.9929896907216]
[11,30,0,"Travel_Rarely","Research & Development",24,"Universitaria","Life Sciences","Muy_Alta","Alta",1,"Laboratory Technician","Alta","Divorced",2693,1,"No",22,"Muy_Alta","Media",1,1,2,1,0,0,32316,6366.252,0.103448275862069,658.5777931034484]
[12,38,0,"Travel_Frequently","Research & Development",23,"Secundaria","Life Sciences","Muy_Alta","Media",3,"Manufacturing Director","Media","Single",9526,0,"No",21,"Muy_Alta","Media",0,10,2,9,1,8,114312,24005.52,0.05544554455445545,1330.999128712871]
[13,36,0,"Travel_Rarely","Research & Development",27,"Universitaria","Medical","Alta","Alta",2,"Healthcare Representative","Alta","Married",5237,6,"No",13,"Alta","Media",2,17,3,7,7,7,62844,12820.176,0.1273885350318471,1633.143439490446]
[14,35,0,"Travel_Rarely","Research & Development",16,"Master","Medical","Baja","Muy_Alta",1,"Laboratory Technician","Muy_Alta","Married",2426,0,"No",13,"Alta","Alta",1,6,5,5,0,3,29112,4687.032,0.05544554455445545,259.8750415841585]
[15,29,0,"Travel_Rarely","Research & Development",15,"Secundaria","Life Sciences","Muy_Alta","Media",2,"Laboratory Technician","Media","Single",4193,0,"Yes",12,"Alta","Muy_Alta",0,10,3,9,0,8,50316,10264.464,0.1443298969072165,1481.469030927835]
[16,31,0,"Travel_Rarely","Research & Development",26,"Universitaria","Life Sciences","Baja","Alta",1,"Research Scientist","Alta","Divorced",2911,1,"No",17,"Alta","Muy_Alta",1,5,1,5,4,3,34932,6881.604,0.05544554455445545,381.5542811881188]
[18,34,0,"Travel_Rarely","Research & Development",19,"Universitaria","Medical","Media","Alta",1,"Laboratory Technician","Alta","Divorced",2661,0,"No",11,"Alta","Alta",1,3,2,2,1,2,31932,6290.604,0.05544554455445545,348.7859643564357]
[19,28,1,"Travel_Rarely","Research & Development",24,"Secundaria","Life Sciences","Alta","Media",1,"Laboratory Technician","Media","Single",2028,5,"Yes",14,"Alta","Media",0,6,4,4,0,3,24336,3918.096,0.8260869565217391,3236.688]
[20,29,0,"Travel_Rarely","Research & Development",21,"Master","Life Sciences","Media","Muy_Alta",3,"Manufacturing Director","Muy_Alta","Divorced",9980,1,"No",11,"Alta","Alta",1,10,1,10,8,8,119760,25149.6,0.05544554455445545,1394.433267326733]
[21,32,0,"Travel_Rarely","Research & Development",5,"Master","Life Sciences","Baja","Muy_Alta",1,"Research Scientist","Muy_Alta","Divorced",3298,0,"Yes",12,"Alta","Muy_Alta",2,7,5,6,0,5,39576,7796.472000000001,0.1443298969072165,1125.264]
[22,22,0,"Non-Travel","Research & Development",16,"Master","Medical","Muy_Alta","Muy_Alta",1,"Laboratory Technician","Muy_Alta","Divorced",2935,1,"Yes",13,"Alta","Media",2,1,2,1,0,0,35220,6938.34,0.6,4163.004]
[23,53,0,"Travel_Rarely","Sales",2,"Secundaria","Life Sciences","Baja","Media",4,"Manager","Media","Married",15427,2,"No",16,"Alta","Alta",0,31,3,25,3,7,185124,38876.04,0.05544554455445545,2155.503207920792]
[24,38,0,"Travel_Rarely","Research & Development",2,"Universitaria","Life Sciences","Muy_Alta","Alta",1,"Research Scientist","Alta","Single",3944,5,"Yes",11,"Alta","Alta",0,6,3,3,1,2,47328,9323.616,0.1443298969072165,1345.676536082474]
[26,24,0,"Non-Travel","Research & Development",11,"Master","Other","Baja","Muy_Alta",2,"Manufacturing Director","Muy_Alta","Divorced",4011,0,"No",18,"Alta","Muy_Alta",1,5,5,4,1,3,48132,9482.004,0.05544554455445545,525.7348752475248]
[27,36,1,"Travel_Rarely","Sales",9,"Secundaria","Life Sciences","Alta","Media",1,"Sales Representative","Alta","Single",3407,7,"No",23,"Muy_Alta","Media",0,10,4,5,0,3,40884,8054.148,0.1273885350318471,1026.006114649682]
[28,34,0,"Travel_Rarely","Research & Development",7,"Universitaria","Life Sciences","Baja","Alta",3,"Research Director","Alta","Single",11994,0,"No",11,"Alta","Alta",0,13,4,12,2,11,143928,30224.88,0.05544554455445545,1675.834930693069]
[30,21,0,"Travel_Rarely","Research & Development",15,"Universitaria","Life Sciences","Alta","Alta",1,"Research Scientist","Alta","Single",1232,1,"No",14,"Alta","Muy_Alta",0,0,6,0,0,0,14784,2380.224,0.7777777777777778,1851.285333333333]
[31,34,1,"Travel_Rarely","Research & Development",6,"Universitaria","Medical","Media","Alta",1,"Research Scientist","Alta","Single",2960,2,"No",11,"Alta","Alta",0,8,2,4,1,3,35520,6997.440000000001,0.05544554455445545,387.9768712871287]
[32,53,0,"Travel_Rarely","Research & Development",5,"Universitaria","Other","Alta","Alta",5,"Manager","Alta","Divorced",19094,4,"No",11,"Alta","Muy_Alta",1,26,3,14,4,8,229128,48116.88,0.05544554455445545,2667.866613861386]
[33,32,1,"Travel_Frequently","Research & Development",16,"Primaria","Life Sciences","Media","Baja",1,"Research Scientist","Alta","Single",3919,1,"Yes",22,"Muy_Alta","Media",0,10,5,10,6,7,47028,9264.516,0.3555555555555556,3294.050133333333]
[35,42,0,"Travel_Rarely","Sales",8,"Universitaria","Marketing","Alta","Alta",2,"Sales Executive","Alta","Married",6825,0,"No",11,"Alta","Muy_Alta",1,10,2,9,4,2,81900,17199,0.05544554455445545,953.6079207920792]
[36,44,0,"Travel_Rarely","Research & Development",7,"Secundaria","Medical","Baja","Media",3,"Healthcare Representative","Media","Married",10248,3,"No",14,"Alta","Muy_Alta",1,24,4,22,5,17,122976,25824.96,0.05544554455445545,1431.87897029703]
[38,46,0,"Travel_Rarely","Sales",2,"Universitaria","Marketing","Media","Alta",5,"Manager","Alta","Single",18947,3,"No",12,"Alta","Muy_Alta",0,22,2,2,2,1,227364,47746.44,0.05544554455445545,2647.327366336634]
[39,33,0,"Travel_Rarely","Research & Development",2,"Universitaria","Medical","Alta","Alta",1,"Laboratory Technician","Alta","Single",2496,4,"No",11,"Alta","Muy_Alta",0,7,3,1,0,0,29952,4822.272,0.05544554455445545,267.3734970297029]
[40,44,0,"Travel_Rarely","Research & Development",10,"Universitaria","Other","Muy_Alta","Alta",2,"Healthcare Representative","Alta","Married",6465,2,"Yes",13,"Alta","Muy_Alta",0,9,5,4,1,3,77580,16291.8,0.1443298969072165,2351.39381443299]
[41,30,0,"Travel_Rarely","Research & Development",9,"Universitaria","Medical","Muy_Alta","Alta",1,"Laboratory Technician","Alta","Single",2206,1,"No",13,"Alta","Baja",0,10,5,10,1,8,26472,4261.992,0.05544554455445545,236.3084673267327]
[42,39,1,"Travel_Rarely","Sales",5,"Universitaria","Technical Degree","Muy_Alta","Alta",2,"Sales Representative","Alta","Married",2086,3,"No",14,"Alta","Alta",1,19,6,1,0,0,25032,4030.152,0.05544554455445545,223.4539722772277]
[45,24,1,"Travel_Rarely","Research & Development",1,"Universitaria","Medical","Media","Alta",1,"Research Scientist","Alta","Married",2293,2,"Yes",16,"Alta","Baja",1,6,2,2,2,0,27516,4430.076,0.8260869565217391,3659.628]
[46,43,0,"Travel_Rarely","Research & Development",2,"Master","Medical","Muy_Alta","Muy_Alta",1,"Research Scientist","Muy_Alta","Divorced",2645,1,"No",12,"Alta","Muy_Alta",2,6,3,5,1,4,31740,6252.780000000001,0.05544554455445545,346.688792079208]
[47,50,1,"Travel_Rarely","Sales",3,"Secundaria","Marketing","Baja","Media",1,"Sales Representative","Media","Married",2683,1,"Yes",14,"Alta","Alta",0,3,2,3,0,2,32196,6342.612,0.1443298969072165,915.4285360824741]
[49,35,0,"Travel_Rarely","Sales",2,"Universitaria","Marketing","Muy_Alta","Alta",1,"Sales Representative","Alta","Married",2014,1,"No",13,"Alta","Baja",0,2,3,2,2,2,24168,3891.048,0.103448275862069,402.5222068965517]
[51,36,0,"Travel_Rarely","Research & Development",5,"Secundaria","Life Sciences","Media","Media",1,"Research Scientist","Media","Married",3419,9,"Yes",14,"Alta","Muy_Alta",1,6,3,1,0,0,41028,8082.516000000001,0.3555555555555556,2873.783466666667]
[52,33,0,"Travel_Frequently","Sales",1,"Master","Life Sciences","Alta","Muy_Alta",2,"Sales Executive","Muy_Alta","Married",5376,2,"No",19,"Alta","Baja",2,10,3,5,1,3,64512,13160.448,0.05544554455445545,729.688205940594]
[53,35,0,"Travel_Rarely","Research & Development",4,"Universitaria","Other","Alta","Alta",1,"Laboratory Technician","Alta","Divorced",1951,1,"No",12,"Alta","Alta",1,1,3,1,0,0,23412,3769.332,0.103448275862069,389.9308965517241]
[54,27,0,"Travel_Rarely","Research & Development",2,"Universitaria","Life Sciences","Muy_Alta","Alta",1,"Laboratory Technician","Alta","Divorced",2341,1,"No",13,"Alta","Muy_Alta",1,1,6,1,0,0,28092,4522.812,0.103448275862069,467.8771034482758]
[55,26,1,"Travel_Rarely","Research & Development",25,"Universitaria","Life Sciences","Baja","Baja",1,"Laboratory Technician","Baja","Single",2293,1,"No",12,"Alta","Alta",0,1,2,1,0,1,27516,4430.076,0.7777777777777778,3445.614666666667]
[56,27,0,"Travel_Frequently","Sales",8,"Universitaria","Life Sciences","Muy_Alta","Alta",3,"Sales Executive","Alta","Single",8726,1,"No",15,"Alta","Muy_Alta",0,9,0,9,1,7,104712,21989.52,0.05544554455445545,1219.220910891089]
[57,30,0,"Travel_Frequently","Research & Development",1,"Universitaria","Medical","Alta","Alta",2,"Laboratory Technician","Alta","Single",4011,1,"No",23,"Muy_Alta","Muy_Alta",0,12,2,12,3,7,48132,9482.004,0.05544554455445545,525.7348752475248]
[58,41,1,"Travel_Rarely","Research & Development",12,"Universitaria","Technical Degree","Media","Alta",5,"Research Director","Alta","Married",19545,1,"No",12,"Alta","Muy_Alta",0,23,0,22,15,8,234540,49253.4,0.5,24626.7]
[60,34,0,"Non-Travel","Sales",23,"Universitaria","Marketing","Media","Alta",2,"Sales Executive","Alta","Single",4568,0,"No",20,"Muy_Alta","Alta",0,10,2,9,8,7,54816,11182.464,0.05544554455445545,620.017805940594]
[61,37,0,"Travel_Rarely","Research & Development",19,"Universitaria","Life Sciences","Media","Alta",1,"Research Scientist","Alta","Married",3022,4,"No",21,"Muy_Alta","Baja",0,8,1,1,0,0,36264,7144.008000000001,0.05544554455445545,396.1034138613862]
[62,46,0,"Travel_Frequently","Sales",5,"Universitaria","Marketing","Baja","Alta",2,"Sales Executive","Alta","Single",5772,4,"Yes",21,"Muy_Alta","Alta",0,14,4,9,0,8,69264,14129.856,0.1443298969072165,2039.360659793814]
[63,35,0,"Travel_Rarely","Research & Development",8,"Master","Life Sciences","Muy_Alta","Muy_Alta",1,"Laboratory Technician","Muy_Alta","Married",2269,1,"No",19,"Alta","Muy_Alta",0,1,2,1,0,1,27228,4383.708000000001,0.103448275862069,453.4870344827586]
[64,48,1,"Travel_Rarely","Research & Development",1,"Secundaria","Life Sciences","Baja","Media",3,"Laboratory Technician","Media","Single",5381,9,"Yes",13,"Alta","Muy_Alta",0,23,2,1,0,0,64572,13172.688,0.1443298969072165,1901.212701030928]
[65,28,1,"Travel_Rarely","Research & Development",5,"Universitaria","Technical Degree","Alta","Alta",1,"Laboratory Technician","Alta","Single",3441,1,"Yes",13,"Alta","Alta",0,2,3,2,2,2,41292,8134.524,0.7777777777777778,6326.852000000001]
[68,44,0,"Travel_Rarely","Sales",1,"Universitaria","Marketing","Media","Alta",2,"Sales Executive","Alta","Divorced",5454,5,"Yes",21,"Muy_Alta","Alta",1,9,2,4,1,3,65448,13351.392,0.3555555555555556,4747.1616]
[70,35,0,"Non-Travel","Research & Development",11,"Universitaria","Medical","Alta","Media",3,"Healthcare Representative","Media","Married",9884,2,"Yes",13,"Alta","Alta",1,10,3,4,2,3,118608,24907.68,0.1443298969072165,3594.922886597938]
[72,26,0,"Travel_Rarely","Sales",23,"Secundaria","Marketing","Alta","Media",2,"Sales Executive","Media","Married",4157,7,"Yes",19,"Alta","Alta",1,5,2,2,0,0,49884,9827.148000000001,0.1443298969072165,1418.351257731959]
[73,33,0,"Travel_Frequently","Research & Development",1,"Universitaria","Life Sciences","Baja","Alta",3,"Research Director","Alta","Single",13458,1,"Yes",12,"Alta","Alta",0,15,1,15,8,12,161496,33914.16,0.1443298969072165,4894.827216494844]
[74,35,0,"Travel_Frequently","Sales",18,"Universitaria","Life Sciences","Media","Alta",3,"Sales Executive","Alta","Married",9069,1,"No",22,"Muy_Alta","Muy_Alta",1,9,3,9,1,8,108828,22853.88,0.05544554455445545,1267.145821782178]
[75,35,0,"Travel_Rarely","Research & Development",23,"Universitaria","Medical","Alta","Alta",1,"Laboratory Technician","Alta","Married",4014,3,"Yes",15,"Alta","Alta",1,4,3,2,2,2,48168,9489.096,0.1443298969072165,1369.56024742268]
[76,31,0,"Travel_Rarely","Research & Development",7,"Universitaria","Life Sciences","Muy_Alta","Alta",2,"Laboratory Technician","Alta","Divorced",5915,3,"No",22,"Muy_Alta","Muy_Alta",1,10,3,7,1,7,70980,14479.92,0.05544554455445545,802.8470495049504]
[77,37,0,"Travel_Rarely","Research & Development",1,"Universitaria","Life Sciences","Baja","Media",2,"Manufacturing Director","Media","Divorced",5993,1,"No",18,"Alta","Alta",1,7,2,7,0,7,71916,14670.864,0.05544554455445545,813.4340435643564]
[78,32,0,"Travel_Rarely","Research & Development",1,"Universitaria","Medical","Baja","Alta",2,"Manufacturing Director","Alta","Married",6162,1,"Yes",22,"Muy_Alta","Media",1,9,3,9,7,8,73944,15084.576,0.1443298969072165,2177.155298969072]
[79,38,0,"Travel_Frequently","Research & Development",29,"Universitaria","Life Sciences","Muy_Alta","Alta",2,"Laboratory Technician","Alta","Single",2406,1,"No",11,"Alta","Muy_Alta",0,10,2,10,9,9,28872,4648.392,0.05544554455445545,257.7326257425743]
[80,50,0,"Travel_Rarely","Research & Development",7,"Secundaria","Medical","Media","Media",5,"Research Director","Media","Divorced",18740,5,"Yes",12,"Alta","Muy_Alta",1,29,2,27,13,8,224880,47224.8,0.3555555555555556,16791.04]
[81,59,0,"Travel_Rarely","Sales",25,"Universitaria","Life Sciences","Baja","Alta",3,"Sales Executive","Alta","Single",7637,7,"No",11,"Alta","Muy_Alta",0,28,3,21,7,9,91644,19245.24,0.1273885350318471,2451.622929936305]
[83,36,0,"Travel_Rarely","Research & Development",8,"Universitaria","Technical Degree","Alta","Alta",3,"Healthcare Representative","Alta","Divorced",10096,1,"No",13,"Alta","Media",3,17,2,17,12,8,121152,25441.92,0.05544554455445545,1410.641108910891]
[84,55,0,"Travel_Rarely","Research & Development",8,"Universitaria","Medical","Muy_Alta","Alta",4,"Manager","Alta","Divorced",14756,2,"Yes",14,"Alta","Alta",3,21,2,5,0,2,177072,37185.12,0.1443298969072165,5366.924536082473]
[85,36,0,"Travel_Frequently","Research & Development",11,"Universitaria","Life Sciences","Media","Alta",2,"Manufacturing Director","Alta","Single",6499,1,"No",13,"Alta","Alta",0,6,3,6,0,3,77988,16377.48,0.05544554455445545,908.058297029703]
[86,45,0,"Travel_Rarely","Research & Development",7,"Universitaria","Life Sciences","Media","Alta",3,"Research Scientist","Alta","Divorced",9724,2,"No",17,"Alta","Alta",1,25,2,1,0,0,116688,24504.48,0.05544554455445545,1358.664237623762]
[88,35,0,"Travel_Frequently","Research & Development",1,"Universitaria","Medical","Media","Alta",1,"Research Scientist","Alta","Married",2194,4,"No",13,"Alta","Muy_Alta",1,5,2,3,1,2,26328,4238.808,0.05544554455445545,235.0230178217822]
[90,36,1,"Travel_Rarely","Research & Development",9,"Secundaria","Medical","Muy_Alta","Media",1,"Research Scientist","Media","Married",3388,0,"Yes",17,"Alta","Baja",1,2,0,1,0,0,40656,8009.232,0.6,4805.5392]
[91,59,0,"Travel_Frequently","Sales",1,"Secundaria","Life Sciences","Baja","Media",2,"Sales Executive","Media","Single",5473,7,"No",11,"Alta","Muy_Alta",0,20,2,4,1,3,65676,13397.904,0.1273885350318471,1706.739363057325]
[94,29,0,"Travel_Rarely","Research & Development",2,"Universitaria","Life Sciences","Alta","Alta",1,"Research Scientist","Alta","Married",2703,0,"No",23,"Muy_Alta","Muy_Alta",1,6,3,5,0,4,32436,6389.892,0.05544554455445545,354.2910415841584]
[95,31,0,"Travel_Rarely","Research & Development",1,"Universitaria","Medical","Alta","Alta",1,"Research Scientist","Alta","Single",2501,1,"No",17,"Alta","Media",0,1,4,1,1,0,30012,5912.364,0.2,1182.4728]
[96,32,0,"Travel_Rarely","Research & Development",1,"Universitaria","Life Sciences","Media","Alta",2,"Research Scientist","Alta","Married",6220,1,"No",17,"Alta","Media",2,10,3,10,0,9,74640,15226.56,0.05544554455445545,844.244910891089]
[97,36,0,"Travel_Rarely","Research & Development",6,"Master","Life Sciences","Media","Muy_Alta",1,"Laboratory Technician","Muy_Alta","Married",3038,3,"No",12,"Alta","Media",0,5,3,1,0,0,36456,7181.832,0.05544554455445545,398.2005861386139]
[98,31,0,"Travel_Rarely","Research & Development",8,"Universitaria","Life Sciences","Alta","Alta",2,"Manufacturing Director","Alta","Single",4424,1,"No",23,"Muy_Alta","Muy_Alta",0,11,2,11,1,8,53088,10829.952,0.05544554455445545,600.4725861386138]
[100,35,0,"Travel_Rarely","Sales",1,"Secundaria","Marketing","Alta","Media",2,"Sales Executive","Media","Single",4312,0,"No",14,"Alta","Media",0,16,2,15,2,8,51744,10555.776,0.05544554455445545,585.2707485148514]
[101,45,0,"Travel_Rarely","Research & Development",6,"Universitaria","Other","Muy_Alta","Alta",3,"Research Director","Alta","Married",13245,4,"Yes",14,"Alta","Media",0,17,3,0,0,0,158940,33377.4,0.1443298969072165,4817.356701030928]
[102,37,0,"Travel_Rarely","Research & Development",7,"Universitaria","Medical","Baja","Alta",3,"Research Director","Alta","Single",13664,4,"No",13,"Alta","Baja",0,16,3,5,0,2,163968,34433.28,0.05544554455445545,1909.17196039604]
[103,46,0,"Travel_Rarely","Human Resources",5,"Universitaria","Medical","Media","Alta",2,"Human Resources","Alta","Divorced",5021,8,"Yes",22,"Muy_Alta","Muy_Alta",1,16,2,4,0,2,60252,12291.408,0.3555555555555556,4370.2784]
[104,30,0,"Travel_Rarely","Research & Development",1,"Secundaria","Life Sciences","Muy_Alta","Media",2,"Laboratory Technician","Media","Married",5126,1,"Yes",12,"Alta","Alta",2,10,1,10,3,0,61512,12548.448,0.1443298969072165,1811.116206185567]
[105,35,0,"Travel_Rarely","Research & Development",1,"Secundaria","Medical","Media","Media",1,"Research Scientist","Media","Single",2859,1,"No",18,"Alta","Baja",0,6,3,6,0,4,34308,6758.676,0.05544554455445545,374.7384712871287]
[106,55,0,"Travel_Rarely","Sales",1,"Universitaria","Life Sciences","Baja","Alta",3,"Sales Executive","Alta","Married",10239,3,"No",14,"Alta","Muy_Alta",1,24,4,1,1,0,122868,25802.28,0.05544554455445545,1430.621465346535]
[107,38,0,"Non-Travel","Research & Development",6,"Primaria","Medical","Media","Baja",2,"Research Scientist","Baja","Divorced",5329,7,"Yes",12,"Alta","Muy_Alta",3,17,3,13,1,9,63948,13045.392,0.3555555555555556,4638.3616]
[110,34,0,"Travel_Rarely","Research & Development",1,"Universitaria","Medical","Baja","Alta",2,"Manufacturing Director","Alta","Married",4325,1,"No",15,"Alta","Alta",0,5,2,5,1,3,51900,10587.6,0.05544554455445545,587.0352475247524]
[112,56,0,"Travel_Rarely","Research & Development",7,"Primaria","Life Sciences","Muy_Alta","Baja",3,"Manufacturing Director","Baja","Single",7260,4,"No",11,"Alta","Baja",0,37,3,6,0,2,87120,18295.2,0.05544554455445545,1014.387326732673]
[113,23,0,"Travel_Rarely","Sales",2,"Universitaria","Technical Degree","Alta","Alta",1,"Sales Representative","Alta","Divorced",2322,3,"No",13,"Alta","Alta",1,3,3,0,0,0,27864,4486.104,0.05544554455445545,248.7344792079208]
[116,51,0,"Travel_Rarely","Research & Development",9,"Universitaria","Life Sciences","Muy_Alta","Alta",1,"Laboratory Technician","Alta","Married",2075,3,"No",23,"Muy_Alta","Media",2,10,4,4,0,3,24900,4008.9,0.05544554455445545,222.2756435643564]
[117,30,0,"Travel_Rarely","Research & Development",2,"Secundaria","Life Sciences","Alta","Media",2,"Healthcare Representative","Media","Married",4152,1,"No",19,"Alta","Baja",3,11,3,11,10,8,49824,9815.328,0.05544554455445545,544.216205940594]
[118,46,1,"Travel_Rarely","Sales",9,"Secundaria","Medical","Alta","Media",3,"Sales Executive","Media","Single",9619,1,"No",16,"Alta","Muy_Alta",0,9,3,9,4,7,115428,24239.88,0.05544554455445545,1343.993346534653]
[119,40,0,"Travel_Frequently","Research & Development",1,"Secundaria","Life Sciences","Alta","Media",4,"Healthcare Representative","Media","Married",13503,1,"No",22,"Muy_Alta","Muy_Alta",1,22,3,22,11,11,162036,34027.56,0.05544554455445545,1886.676594059406]
[120,51,0,"Travel_Rarely","Sales",21,"Universitaria","Marketing","Alta","Alta",2,"Sales Executive","Alta","Single",5441,0,"Yes",22,"Muy_Alta","Muy_Alta",0,11,2,10,1,0,65292,13319.568,0.1443298969072165,1922.411876288659]
[121,30,0,"Travel_Rarely","Sales",4,"Secundaria","Medical","Alta","Media",2,"Sales Executive","Media","Divorced",5209,1,"Yes",12,"Alta","Media",3,11,4,11,2,7,62508,12751.632,0.1443298969072165,1840.441731958763]
[124,46,0,"Travel_Frequently","Research & Development",1,"Secundaria","Medical","Alta","Media",3,"Healthcare Representative","Media","Married",10673,2,"Yes",13,"Alta","Alta",1,21,5,10,9,5,128076,26895.96,0.1443298969072165,3881.891134020618]
[125,32,0,"Travel_Rarely","Sales",6,"Universitaria","Medical","Media","Alta",2,"Sales Executive","Alta","Single",5010,1,"No",16,"Alta","Baja",0,12,0,11,5,7,60120,12264.48,0.05544554455445545,680.0107722772277]
[126,54,0,"Travel_Rarely","Research & Development",2,"Universitaria","Technical Degree","Baja","Alta",3,"Research Director","Alta","Married",13549,9,"No",12,"Alta","Baja",1,16,5,4,0,3,162588,34143.48,0.1273885350318471,4349.487898089172]
[128,24,0,"Travel_Rarely","Sales",3,"Universitaria","Other","Baja","Alta",2,"Sales Executive","Alta","Married",4999,0,"No",21,"Muy_Alta","Baja",1,4,2,3,0,2,59988,12237.552,0.05544554455445545,678.5177346534654]
[129,28,0,"Non-Travel","Sales",4,"Universitaria","Medical","Media","Alta",2,"Sales Executive","Alta","Married",4221,1,"No",15,"Alta","Media",0,5,3,5,0,4,50652,10333.008,0.05544554455445545,572.9192554455445]
[131,58,0,"Travel_Rarely","Sales",10,"Universitaria","Medical","Muy_Alta","Alta",4,"Sales Executive","Alta","Single",13872,0,"No",13,"Alta","Alta",0,38,1,37,1,8,166464,34957.44,0.05544554455445545,1938.234297029703]
[132,44,0,"Non-Travel","Research & Development",23,"Universitaria","Medical","Media","Alta",2,"Laboratory Technician","Alta","Married",2042,4,"No",12,"Alta","Alta",1,17,3,3,1,2,24504,3945.144,0.05544554455445545,218.7406574257426]
[133,37,1,"Travel_Rarely","Human Resources",6,"Universitaria","Human Resources","Alta","Alta",1,"Human Resources","Alta","Divorced",2073,4,"Yes",22,"Muy_Alta","Muy_Alta",0,7,3,3,0,2,24876,4005.036,0.8260869565217391,3308.508]
[134,32,0,"Travel_Rarely","Research & Development",1,"Universitaria","Life Sciences","Muy_Alta","Alta",1,"Research Scientist","Alta","Single",2956,1,"No",13,"Alta","Muy_Alta",0,1,2,1,0,0,35472,6987.984,0.2,1397.5968]
[137,20,1,"Travel_Frequently","Research & Development",6,"Secundaria","Life Sciences","Muy_Alta","Media",1,"Laboratory Technician","Media","Single",2926,1,"Yes",18,"Alta","Media",0,1,5,1,1,0,35112,6917.064,0.7777777777777778,5379.938666666667]
[138,34,0,"Travel_Rarely","Research & Development",6,"Universitaria","Other","Baja","Alta",2,"Research Scientist","Alta","Single",4809,1,"No",14,"Alta","Alta",0,16,3,16,2,10,57708,11772.432,0.05544554455445545,652.728902970297]
[139,37,0,"Non-Travel","Research & Development",2,"Universitaria","Life Sciences","Alta","Media",2,"Healthcare Representative","Media","Divorced",5163,5,"No",14,"Alta","Muy_Alta",1,17,2,1,0,0,61956,12639.024,0.1273885350318471,1610.066751592357]
[140,59,0,"Non-Travel","Human Resources",2,"Secundaria","Human Resources","Alta","Media",5,"Manager","Media","Married",18844,9,"No",21,"Muy_Alta","Muy_Alta",1,30,3,3,2,2,226128,47486.88,0.1273885350318471,6049.28407643312]
[141,50,0,"Travel_Frequently","Research & Development",1,"Universitaria","Life Sciences","Baja","Alta",5,"Research Director","Alta","Married",18172,3,"Yes",19,"Alta","Baja",0,28,1,8,0,7,218064,45793.44,0.1443298969072165,6609.362474226803]
[142,25,1,"Travel_Rarely","Sales",5,"Secundaria","Marketing","Alta","Media",2,"Sales Executive","Media","Single",5744,1,"Yes",11,"Alta","Muy_Alta",0,6,1,6,0,3,68928,14061.312,0.1443298969072165,2029.467711340206]
[143,25,0,"Travel_Rarely","Research & Development",7,"Secundaria","Medical","Muy_Alta","Media",1,"Research Scientist","Media","Married",2889,1,"No",11,"Alta","Alta",2,2,2,2,2,1,34668,6829.596,0.103448275862069,706.5099310344827]
[144,22,0,"Travel_Rarely","Research & Development",15,"Universitaria","Medical","Media","Alta",1,"Laboratory Technician","Alta","Single",2871,1,"No",15,"Alta","Alta",0,1,5,0,0,0,34452,6787.044,0.7777777777777778,5278.812]
[145,51,0,"Travel_Frequently","Research & Development",1,"Secundaria","Medical","Baja","Media",3,"Healthcare Representative","Alta","Single",7484,3,"No",20,"Muy_Alta","Alta",0,23,1,13,12,8,89808,18859.68,0.05544554455445545,1045.685227722772]
[147,34,1,"Travel_Frequently","Research & Development",7,"Primaria","Life Sciences","Baja","Baja",2,"Laboratory Technician","Baja","Single",6074,1,"Yes",24,"Muy_Alta","Muy_Alta",0,9,3,9,0,6,72888,14869.152,0.1443298969072165,2146.063175257731]
[148,54,0,"Non-Travel","Human Resources",26,"Master","Human Resources","Muy_Alta","Muy_Alta",4,"Manager","Muy_Alta","Single",17328,2,"Yes",12,"Alta","Alta",0,23,3,5,4,4,207936,43666.56,0.1443298969072165,6302.390103092783]
[150,24,0,"Travel_Rarely","Research & Development",18,"Universitaria","Life Sciences","Media","Alta",1,"Laboratory Technician","Alta","Married",2774,0,"No",12,"Alta","Alta",1,6,2,5,1,2,33288,6557.736,0.05544554455445545,363.5972435643565]
[151,34,0,"Travel_Rarely","Research & Development",6,"Secundaria","Life Sciences","Alta","Media",2,"Research Scientist","Media","Divorced",4505,6,"No",15,"Alta","Alta",1,12,3,1,0,0,54060,11028.24,0.1273885350318471,1404.871337579618]
[152,37,0,"Travel_Rarely","Sales",3,"Universitaria","Life Sciences","Alta","Alta",3,"Sales Executive","Alta","Single",7428,2,"No",12,"Alta","Baja",0,12,3,5,1,3,89136,18718.56,0.05544554455445545,1037.860752475247]
[153,34,0,"Travel_Rarely","Research & Development",5,"Secundaria","Medical","Alta","Media",3,"Manager","Media","Single",11631,2,"No",12,"Alta","Muy_Alta",0,14,6,11,5,8,139572,29310.12,0.05544554455445545,1625.115564356436]
[154,36,0,"Travel_Frequently","Sales",11,"Universitaria","Technical Degree","Media","Alta",3,"Sales Executive","Alta","Married",9738,0,"No",14,"Alta","Alta",1,10,6,9,2,8,116856,24539.76,0.05544554455445545,1360.620356435644]
[155,36,0,"Travel_Rarely","Research & Development",3,"Universitaria","Life Sciences","Baja","Alta",1,"Laboratory Technician","Alta","Divorced",2835,5,"No",22,"Muy_Alta","Baja",1,7,2,1,0,0,34020,6701.940000000001,0.1273885350318471,853.7503184713377]
[158,43,0,"Travel_Frequently","Sales",26,"Universitaria","Life Sciences","Alta","Alta",4,"Manager","Alta","Married",16959,1,"Yes",12,"Alta","Muy_Alta",2,25,3,25,4,12,203508,42736.68,0.1443298969072165,6168.1806185567]
[159,30,0,"Travel_Frequently","Research & Development",23,"Primaria","Life Sciences","Baja","Baja",1,"Research Scientist","Baja","Divorced",2613,1,"No",25,"Muy_Alta","Alta",3,10,2,10,0,9,31356,6177.132000000001,0.05544554455445545,342.4944475247525]
[160,33,0,"Non-Travel","Sales",22,"Universitaria","Marketing","Alta","Alta",2,"Sales Executive","Alta","Married",6146,0,"No",13,"Alta","Baja",1,8,2,7,0,7,73752,15045.408,0.05544554455445545,834.2008396039604]
[161,56,1,"Travel_Rarely","Research & Development",14,"Universitaria","Life Sciences","Media","Alta",1,"Research Scientist","Alta","Married",4963,9,"Yes",18,"Alta","Baja",3,7,2,5,4,3,59556,12149.424,0.3555555555555556,4319.7952]
[162,51,0,"Travel_Rarely","Research & Development",6,"Universitaria","Life Sciences","Baja","Alta",5,"Research Director","Alta","Single",19537,7,"No",13,"Alta","Alta",0,23,5,20,15,15,234444,49233.24,0.1273885350318471,6271.750318471337]
[163,31,1,"Travel_Rarely","Sales",6,"Primaria","Life Sciences","Media","Baja",2,"Sales Executive","Baja","Married",6172,4,"Yes",18,"Alta","Media",0,12,3,7,7,7,74064,15109.056,0.3555555555555556,5372.1088]
[164,26,0,"Travel_Rarely","Research & Development",6,"Secundaria","Other","Alta","Media",1,"Research Scientist","Media","Married",2368,1,"No",19,"Alta","Alta",0,5,3,5,4,3,28416,4574.976000000001,0.05544554455445545,253.6620356435644]
[165,58,1,"Travel_Rarely","Research & Development",23,"Universitaria","Medical","Muy_Alta","Alta",3,"Healthcare Representative","Alta","Married",10312,1,"No",12,"Alta","Muy_Alta",1,40,3,40,15,6,123744,25986.24,0.5,12993.12]
[167,19,1,"Travel_Rarely","Sales",22,"Universitaria","Marketing","Muy_Alta","Alta",1,"Sales Representative","Alta","Single",1675,1,"Yes",19,"Alta","Muy_Alta",0,0,2,0,0,0,20100,3236.1,0.7777777777777778,2516.966666666667]
[169,22,0,"Travel_Rarely","Research & Development",2,"Universitaria","Technical Degree","Alta","Alta",1,"Laboratory Technician","Alta","Married",2523,0,"No",14,"Alta","Alta",1,3,2,2,2,1,30276,5964.372,0.05544554455445545,330.6978534653466]
[170,49,0,"Travel_Rarely","Research & Development",20,"Universitaria","Medical","Alta","Alta",2,"Manufacturing Director","Alta","Married",6567,1,"No",14,"Alta","Alta",0,16,2,15,5,11,78804,16548.84,0.05544554455445545,917.5594455445545]
[171,43,0,"Travel_Frequently","Research & Development",28,"Master","Medical","Media","Muy_Alta",1,"Research Scientist","Muy_Alta","Single",4739,4,"No",12,"Alta","Muy_Alta",0,18,2,3,1,2,56868,11601.072,0.05544554455445545,643.2277544554455]
[174,50,0,"Travel_Frequently","Sales",12,"Universitaria","Marketing","Alta","Alta",3,"Sales Executive","Alta","Single",9208,4,"No",11,"Alta","Muy_Alta",0,16,3,2,2,1,110496,23204.16,0.05544554455445545,1286.567287128713]
[175,31,1,"Travel_Rarely","Sales",20,"Primaria","Life Sciences","Media","Baja",2,"Sales Executive","Baja","Married",4559,3,"Yes",11,"Alta","Alta",1,4,2,2,2,2,54708,11160.432,0.3555555555555556,3968.1536]
[176,41,0,"Travel_Rarely","Sales",9,"Universitaria","Life Sciences","Alta","Alta",3,"Sales Executive","Alta","Divorced",8189,3,"Yes",13,"Alta","Alta",1,12,2,9,0,7,98268,20636.28,0.1443298969072165,2978.432164948453]
[177,26,0,"Travel_Rarely","Human Resources",25,"Universitaria","Life Sciences","Alta","Alta",1,"Human Resources","Alta","Married",2942,1,"No",23,"Muy_Alta","Muy_Alta",1,8,3,8,5,7,35304,6954.888,0.05544554455445545,385.6175524752475]
[178,36,0,"Travel_Rarely","Research & Development",6,"Universitaria","Medical","Media","Alta",2,"Manufacturing Director","Alta","Divorced",4941,6,"No",20,"Muy_Alta","Muy_Alta",2,7,0,3,0,1,59292,12095.568,0.1273885350318471,1540.836687898089]
[179,51,1,"Travel_Frequently","Research & Development",8,"Primaria","Life Sciences","Baja","Baja",3,"Manufacturing Director","Baja","Single",10650,2,"No",15,"Alta","Muy_Alta",0,18,2,4,0,3,127800,26838,0.05544554455445545,1488.047524752475]
[182,39,0,"Travel_Rarely","Sales",4,"Secundaria","Life Sciences","Muy_Alta","Media",2,"Sales Executive","Media","Married",5902,4,"No",14,"Alta","Alta",1,17,1,15,5,9,70824,14448.096,0.05544554455445545,801.0825504950495]
[183,25,0,"Travel_Rarely","Sales",28,"Secundaria","Life Sciences","Baja","Media",2,"Sales Executive","Media","Married",8639,2,"No",18,"Alta","Muy_Alta",0,6,3,2,2,2,103668,21770.28,0.05544554455445545,1207.06502970297]
[184,30,0,"Travel_Rarely","Human Resources",9,"Universitaria","Human Resources","Alta","Alta",2,"Human Resources","Alta","Married",6347,0,"Yes",19,"Alta","Muy_Alta",0,12,2,11,4,7,76164,15994.44,0.1443298969072165,2308.475876288659]
[190,32,1,"Travel_Rarely","Research & Development",9,"Universitaria","Medical","Baja","Alta",1,"Laboratory Technician","Alta","Single",4200,7,"No",22,"Muy_Alta","Baja",0,10,2,5,0,4,50400,10281.6,0.1273885350318471,1309.757961783439]
[192,45,0,"Travel_Rarely","Research & Development",29,"Universitaria","Medical","Alta","Alta",1,"Research Scientist","Alta","Single",3452,5,"No",13,"Alta","Media",0,9,2,6,0,3,41424,8160.528,0.1273885350318471,1039.557707006369]
[193,38,0,"Travel_Rarely","Research & Development",3,"Universitaria","Technical Degree","Muy_Alta","Alta",2,"Research Scientist","Alta","Single",4317,3,"Yes",20,"Muy_Alta","Media",0,19,2,3,2,2,51804,10568.016,0.1443298969072165,1525.280659793814]
[194,30,0,"Travel_Rarely","Research & Development",18,"Universitaria","Life Sciences","Baja","Alta",1,"Research Scientist","Alta","Single",2632,1,"No",14,"Alta","Alta",0,5,4,5,0,4,31584,6222.048000000001,0.05544554455445545,344.9848396039604]
[195,32,0,"Travel_Frequently","Sales",9,"Primaria","Medical","Muy_Alta","Baja",2,"Sales Executive","Baja","Divorced",4668,0,"No",17,"Alta","Muy_Alta",3,9,2,8,0,7,56016,11427.264,0.05544554455445545,633.5908752475248]
[197,30,0,"Travel_Rarely","Research & Development",5,"Universitaria","Technical Degree","Muy_Alta","Alta",1,"Research Scientist","Alta","Divorced",3204,5,"No",14,"Alta","Muy_Alta",1,8,3,3,2,2,38448,7574.256,0.1273885350318471,964.8733757961784]
[198,30,0,"Travel_Rarely","Research & Development",2,"Secundaria","Medical","Media","Media",1,"Laboratory Technician","Media","Single",2720,0,"No",13,"Alta","Muy_Alta",0,6,3,5,1,2,32640,6430.08,0.05544554455445545,356.5192871287128]
[199,41,0,"Travel_Frequently","Research & Development",10,"Secundaria","Life Sciences","Muy_Alta","Media",4,"Manager","Media","Divorced",17181,4,"No",13,"Alta","Media",1,21,2,7,7,7,206172,43296.12,0.05544554455445545,2400.576950495049]
[200,41,0,"Travel_Rarely","Research & Development",9,"Universitaria","Life Sciences","Alta","Alta",1,"Laboratory Technician","Alta","Married",2238,2,"No",21,"Muy_Alta","Muy_Alta",1,7,2,5,1,4,26856,4323.816,0.05544554455445545,239.7363326732673]
[201,19,0,"Travel_Rarely","Research & Development",3,"Universitaria","Medical","Media","Alta",1,"Laboratory Technician","Alta","Single",1483,1,"No",14,"Alta","Muy_Alta",0,1,3,1,0,0,17796,2865.156,0.7777777777777778,2228.454666666667]
[202,40,0,"Travel_Frequently","Research & Development",26,"Universitaria","Medical","Media","Alta",2,"Research Scientist","Alta","Divorced",5605,1,"No",11,"Alta","Baja",1,20,2,20,2,13,67260,13721.04,0.05544554455445545,760.7705346534653]
[204,35,0,"Travel_Rarely","Sales",1,"Universitaria","Marketing","Alta","Alta",3,"Sales Executive","Alta","Married",7295,1,"No",13,"Alta","Baja",2,10,3,10,0,6,87540,18383.4,0.05544554455445545,1019.277623762376]
[205,53,0,"Travel_Rarely","Sales",6,"Universitaria","Marketing","Media","Alta",2,"Sales Representative","Alta","Married",2306,2,"Yes",20,"Muy_Alta","Muy_Alta",1,13,3,7,4,5,27672,4455.192,0.1666666666666667,742.5319999999999]
[206,45,0,"Travel_Rarely","Research & Development",9,"Universitaria","Life Sciences","Media","Alta",2,"Laboratory Technician","Alta","Divorced",2348,8,"No",18,"Alta","Alta",1,20,2,17,0,15,28176,4536.336,0.1273885350318471,577.8771974522293]
[207,32,0,"Travel_Frequently","Sales",8,"Universitaria","Marketing","Media","Alta",3,"Sales Executive","Alta","Single",8998,1,"No",14,"Alta","Muy_Alta",0,9,2,9,3,7,107976,22674.96,0.05544554455445545,1257.225504950495]
[208,29,0,"Non-Travel","Research & Development",1,"Universitaria","Technical Degree","Muy_Alta","Alta",2,"Manufacturing Director","Alta","Married",4319,1,"No",13,"Alta","Baja",1,10,1,10,0,9,51828,10572.912,0.05544554455445545,586.2208633663365]
[211,51,0,"Travel_Rarely","Research & Development",7,"Universitaria","Medical","Media","Alta",2,"Manufacturing Director","Alta","Married",6132,2,"No",17,"Alta","Alta",0,10,2,1,0,0,73584,15011.136,0.05544554455445545,832.30060990099]
[214,58,0,"Travel_Rarely","Research & Development",9,"Secundaria","Medical","Media","Media",1,"Research Scientist","Media","Married",3346,4,"Yes",20,"Muy_Alta","Media",1,9,3,1,0,0,40152,7909.944,0.3555555555555556,2812.424533333334]
[215,40,0,"Travel_Rarely","Sales",4,"Secundaria","Marketing","Alta","Media",3,"Sales Executive","Media","Married",10855,7,"No",11,"Alta","Baja",1,15,2,12,2,11,130260,27354.6,0.1273885350318471,3484.662420382165]
[216,34,0,"Travel_Frequently","Sales",2,"Universitaria","Marketing","Alta","Alta",1,"Sales Representative","Alta","Married",2231,6,"No",18,"Alta","Muy_Alta",1,6,3,4,1,2,26772,4310.292,0.1273885350318471,549.0817834394904]
[217,22,0,"Travel_Rarely","Research & Development",19,"Universitaria","Medical","Alta","Alta",1,"Research Scientist","Alta","Married",2323,1,"No",24,"Muy_Alta","Baja",2,2,6,2,2,2,27876,4488.036,0.103448275862069,464.2795862068966]
[218,27,0,"Non-Travel","Research & Development",9,"Universitaria","Medical","Muy_Alta","Alta",1,"Research Scientist","Alta","Divorced",2024,6,"No",18,"Alta","Muy_Alta",1,6,1,2,2,2,24288,3910.368,0.1273885350318471,498.136050955414]
[221,28,0,"Travel_Rarely","Research & Development",21,"Universitaria","Medical","Alta","Alta",1,"Research Scientist","Alta","Married",2713,1,"No",11,"Alta","Alta",1,5,2,5,0,2,32556,6413.532,0.05544554455445545,355.6017742574257]
[223,57,0,"Travel_Rarely","Research & Development",24,"Master","Life Sciences","Alta","Muy_Alta",3,"Healthcare Representative","Muy_Alta","Divorced",9439,3,"Yes",16,"Alta","Media",1,12,2,5,1,4,113268,23786.28,0.1443298969072165,3433.071340206185]
[224,27,0,"Non-Travel","Research & Development",3,"Secundaria","Medical","Alta","Media",1,"Research Scientist","Media","Divorced",2566,1,"Yes",15,"Alta","Muy_Alta",1,1,2,1,0,1,30792,6066.024,0.6,3639.6144]
[226,50,0,"Travel_Rarely","Research & Development",11,"Universitaria","Life Sciences","Alta","Alta",5,"Manager","Alta","Single",19926,3,"No",15,"Alta","Media",0,21,5,5,4,4,239112,50213.52,0.05544554455445545,2784.11596039604]
[227,41,0,"Travel_Rarely","Research & Development",14,"Universitaria","Life Sciences","Baja","Alta",1,"Research Scientist","Alta","Divorced",2451,4,"No",12,"Alta","Baja",1,13,2,9,1,8,29412,4735.332,0.05544554455445545,262.5530613861386]
[228,30,0,"Travel_Rarely","Sales",5,"Universitaria","Life Sciences","Media","Alta",3,"Sales Executive","Alta","Married",9419,2,"No",12,"Alta","Alta",1,12,2,10,7,4,113028,23735.88,0.05544554455445545,1316.048792079208]
[230,38,0,"Travel_Rarely","Sales",1,"Universitaria","Life Sciences","Baja","Media",2,"Sales Executive","Media","Single",8686,4,"No",22,"Muy_Alta","Alta",0,12,2,8,0,7,104232,21888.72,0.05544554455445545,1213.632]
[231,32,0,"Travel_Rarely","Research & Development",6,"Universitaria","Life Sciences","Alta","Alta",1,"Research Scientist","Alta","Single",3038,3,"No",20,"Muy_Alta","Baja",0,8,2,5,1,4,36456,7181.832,0.05544554455445545,398.2005861386139]
[233,27,0,"Travel_Rarely","Research & Development",17,"Universitaria","Technical Degree","Alta","Alta",1,"Research Scientist","Alta","Married",3058,0,"Yes",16,"Alta","Muy_Alta",1,6,3,5,1,1,36696,7229.112,0.1443298969072165,1043.376989690722]
[235,19,1,"Travel_Frequently","Sales",1,"Primaria","Technical Degree","Alta","Baja",1,"Sales Representative","Baja","Single",2325,0,"No",21,"Muy_Alta","Baja",0,1,5,0,0,0,27900,4491.900000000001,0.2,898.3800000000001]
[238,36,0,"Travel_Frequently","Research & Development",3,"Universitaria","Medical","Muy_Alta","Alta",1,"Laboratory Technician","Alta","Single",2088,4,"No",12,"Alta","Alta",0,13,3,8,7,2,25056,4034.016,0.05544554455445545,223.6682138613861]
[239,30,0,"Non-Travel","Research & Development",9,"Universitaria","Medical","Alta","Alta",2,"Laboratory Technician","Alta","Divorced",3072,1,"No",11,"Alta","Alta",2,12,4,12,6,10,36864,7262.208000000001,0.05544554455445545,402.6570772277228]
[240,45,0,"Travel_Rarely","Sales",4,"Universitaria","Life Sciences","Alta","Alta",2,"Sales Executive","Alta","Divorced",5006,4,"Yes",11,"Alta","Baja",1,9,3,5,0,3,60072,12254.688,0.1443298969072165,1768.717855670103]
[241,56,0,"Travel_Rarely","Research & Development",8,"Universitaria","Life Sciences","Alta","Alta",1,"Research Scientist","Alta","Divorced",4257,4,"Yes",18,"Alta","Alta",1,19,3,2,2,2,51084,10421.136,0.1443298969072165,1504.081484536082]
[242,33,0,"Travel_Rarely","Research & Development",2,"Universitaria","Life Sciences","Alta","Alta",1,"Research Scientist","Alta","Single",2500,0,"No",14,"Alta","Baja",0,4,2,3,0,2,30000,4830,0.05544554455445545,267.8019801980198]
[243,19,1,"Travel_Rarely","Research & Development",2,"Secundaria","Life Sciences","Media","Media",1,"Laboratory Technician","Media","Single",1102,1,"No",22,"Muy_Alta","Alta",0,1,3,1,1,0,13224,2129.064,0.7777777777777778,1655.938666666667]
[244,46,0,"Travel_Rarely","Sales",1,"Universitaria","Marketing","Media","Alta",3,"Sales Executive","Alta","Divorced",10453,1,"No",25,"Muy_Alta","Alta",3,24,2,24,15,7,125436,26341.56,0.5,13170.78]
[245,38,0,"Travel_Rarely","Research & Development",9,"Universitaria","Life Sciences","Alta","Alta",1,"Laboratory Technician","Alta","Single",2288,1,"No",12,"Alta","Alta",0,2,3,2,2,1,27456,4420.416,0.7777777777777778,3438.101333333334]
[246,31,0,"Travel_Rarely","Research & Development",12,"Universitaria","Medical","Alta","Alta",1,"Research Scientist","Alta","Married",3929,8,"Yes",23,"Muy_Alta","Alta",1,7,0,4,0,2,47148,9288.156,0.1443298969072165,1340.558597938144]
[247,34,0,"Travel_Rarely","Research & Development",27,"Universitaria","Medical","Muy_Alta","Alta",1,"Research Scientist","Alta","Single",2311,2,"No",15,"Alta","Muy_Alta",0,9,3,3,1,2,27732,4464.852,0.05544554455445545,247.5561504950495]
[248,41,1,"Travel_Rarely","Sales",20,"Universitaria","Marketing","Media","Alta",1,"Sales Representative","Alta","Single",3140,1,"Yes",22,"Muy_Alta","Muy_Alta",0,4,5,4,0,2,37680,7422.96,0.3555555555555556,2639.274666666667]
[249,50,0,"Travel_Rarely","Research & Development",1,"Secundaria","Medical","Alta","Media",1,"Laboratory Technician","Media","Married",3690,2,"No",15,"Alta","Muy_Alta",1,5,2,3,0,2,44280,8723.16,0.05544554455445545,483.6603564356436]
[250,53,0,"Travel_Rarely","Research & Development",13,"Master","Medical","Muy_Alta","Muy_Alta",2,"Manufacturing Director","Muy_Alta","Divorced",4450,1,"No",11,"Alta","Alta",2,5,3,4,1,3,53400,10893.6,0.05544554455445545,604.0015841584158]
[252,33,0,"Travel_Rarely","Research & Development",14,"Universitaria","Medical","Muy_Alta","Alta",1,"Research Scientist","Alta","Married",2756,1,"No",13,"Alta","Muy_Alta",1,8,5,8,1,6,33072,6515.184,0.05544554455445545,361.2379247524752]
[253,40,0,"Travel_Rarely","Research & Development",4,"Universitaria","Medical","Muy_Alta","Alta",5,"Manager","Alta","Married",19033,1,"No",14,"Alta","Media",1,21,2,20,9,9,228396,47963.16,0.05544554455445545,2659.343524752475]
[254,55,0,"Travel_Rarely","Research & Development",14,"Master","Medical","Alta","Muy_Alta",5,"Research Director","Muy_Alta","Single",18722,8,"No",11,"Alta","Muy_Alta",0,36,3,24,2,15,224664,47179.44,0.1273885350318471,6010.119745222929]
[256,34,0,"Travel_Frequently","Research & Development",2,"Secundaria","Life Sciences","Muy_Alta","Media",2,"Manufacturing Director","Media","Married",9547,1,"No",17,"Alta","Alta",0,10,2,10,1,9,114564,24058.44,0.05544554455445545,1333.933306930693]
[258,51,0,"Travel_Rarely","Research & Development",3,"Universitaria","Medical","Muy_Alta","Alta",4,"Healthcare Representative","Alta","Single",13734,3,"No",18,"Alta","Alta",0,21,6,7,1,0,164808,34609.68,0.05544554455445545,1918.952554455446]
[259,52,0,"Travel_Rarely","Research & Development",1,"Secundaria","Life Sciences","Alta","Media",5,"Manager","Media","Married",19999,0,"No",14,"Alta","Baja",1,34,5,33,11,9,239988,50397.48,0.05544554455445545,2794.315722772277]
[260,27,0,"Travel_Rarely","Research & Development",9,"Universitaria","Medical","Muy_Alta","Alta",1,"Research Scientist","Alta","Single",2279,1,"No",16,"Alta","Muy_Alta",0,7,2,7,0,3,27348,4403.028,0.05544554455445545,244.1282851485149]
[261,35,1,"Travel_Rarely","Research & Development",23,"Secundaria","Life Sciences","Media","Media",2,"Manufacturing Director","Media","Married",5916,3,"Yes",13,"Alta","Baja",0,8,1,1,0,1,70992,14482.368,0.3555555555555556,5149.2864]
[262,43,0,"Non-Travel","Research & Development",7,"Master","Medical","Muy_Alta","Muy_Alta",1,"Research Scientist","Muy_Alta","Divorced",2089,4,"No",14,"Alta","Muy_Alta",3,7,3,5,2,2,25068,4035.948,0.05544554455445545,223.7753346534654]
[264,45,0,"Non-Travel","Research & Development",2,"Secundaria","Medical","Baja","Media",4,"Manager","Media","Married",16792,9,"No",23,"Muy_Alta","Muy_Alta",1,22,1,20,11,8,201504,42315.84,0.1273885350318471,5390.552866242037]
[267,37,0,"Travel_Rarely","Research & Development",21,"Master","Life Sciences","Media","Muy_Alta",1,"Research Scientist","Muy_Alta","Married",3564,1,"Yes",12,"Alta","Baja",1,8,3,8,1,7,42768,8425.296,0.3555555555555556,2995.6608]
[269,35,0,"Travel_Frequently","Research & Development",2,"Universitaria","Medical","Media","Alta",2,"Laboratory Technician","Alta","Single",4425,5,"No",11,"Alta","Muy_Alta",0,10,5,6,1,2,53100,10832.4,0.1273885350318471,1379.923566878981]
[270,42,0,"Non-Travel","Research & Development",21,"Universitaria","Medical","Alta","Alta",2,"Manufacturing Director","Alta","Divorced",5265,2,"No",16,"Alta","Media",1,11,5,5,0,2,63180,12888.72,0.05544554455445545,714.6220990099009]
[271,38,0,"Travel_Rarely","Research & Development",2,"Universitaria","Life Sciences","Muy_Alta","Alta",2,"Manufacturing Director","Alta","Married",6553,9,"No",14,"Alta","Media",0,14,3,1,0,0,78636,16513.56,0.1273885350318471,2103.638216560509]
[273,38,0,"Travel_Rarely","Research & Development",29,"Universitaria","Technical Degree","Muy_Alta","Alta",2,"Manufacturing Director","Alta","Married",6261,3,"No",18,"Alta","Baja",1,9,3,7,1,7,75132,15777.72,0.05544554455445545,874.8042772277228]
[274,27,0,"Travel_Frequently","Research & Development",1,"Secundaria","Technical Degree","Alta","Media",2,"Manufacturing Director","Media","Married",4298,5,"No",19,"Alta","Alta",1,6,1,2,2,0,51576,10521.504,0.1273885350318471,1340.31898089172]
[275,49,0,"Non-Travel","Research & Development",18,"Universitaria","Life Sciences","Muy_Alta","Alta",2,"Manufacturing Director","Alta","Divorced",6804,1,"Yes",15,"Alta","Baja",2,7,0,7,1,7,81648,17146.08,0.1443298969072165,2474.691958762886]
[277,34,0,"Travel_Frequently","Research & Development",10,"Universitaria","Medical","Muy_Alta","Alta",1,"Research Scientist","Alta","Divorced",3815,1,"Yes",17,"Alta","Muy_Alta",1,5,4,5,2,0,45780,9018.66,0.1443298969072165,1301.662268041237]
[281,40,0,"Travel_Rarely","Research & Development",19,"Universitaria","Medical","Alta","Alta",2,"Laboratory Technician","Alta","Married",2741,8,"Yes",15,"Alta","Alta",1,15,2,7,3,7,32892,6479.724,0.1443298969072165,935.2178969072164]
[282,38,1,"Travel_Rarely","Research & Development",29,"Universitaria","Medical","Media","Alta",2,"Healthcare Representative","Alta","Married",6673,7,"Yes",19,"Alta","Media",0,17,2,1,0,0,80076,16815.96,0.3555555555555556,5979.008]
[283,29,1,"Travel_Rarely","Sales",27,"Universitaria","Marketing","Media","Alta",3,"Sales Executive","Alta","Married",7639,1,"No",22,"Muy_Alta","Muy_Alta",3,10,3,10,1,9,91668,19250.28,0.05544554455445545,1067.342257425742]
[284,22,0,"Travel_Rarely","Research & Development",5,"Master","Life Sciences","Muy_Alta","Muy_Alta",1,"Research Scientist","Muy_Alta","Divorced",2328,1,"Yes",16,"Alta","Baja",1,4,2,4,2,2,27936,4497.696,0.8260869565217391,3715.488]
[286,36,0,"Travel_Frequently","Research & Development",18,"Universitaria","Medical","Media","Alta",1,"Laboratory Technician","Alta","Single",2153,1,"No",13,"Alta","Baja",0,8,2,8,1,7,25836,4159.596,0.05544554455445545,230.6310653465347]
[287,40,0,"Non-Travel","Research & Development",9,"Secundaria","Life Sciences","Muy_Alta","Media",2,"Healthcare Representative","Media","Married",4876,9,"No",14,"Alta","Muy_Alta",1,5,5,3,0,2,58512,11936.448,0.1273885350318471,1520.566624203821]
[288,46,0,"Travel_Rarely","Research & Development",1,"Universitaria","Medical","Muy_Alta","Alta",3,"Healthcare Representative","Alta","Divorced",9396,7,"No",16,"Alta","Alta",1,17,3,4,0,3,112752,23677.92,0.1273885350318471,3016.295541401274]
[291,32,1,"Travel_Rarely","Sales",4,"Primaria","Medical","Muy_Alta","Baja",3,"Sales Executive","Baja","Married",10400,1,"No",11,"Alta","Alta",0,14,2,14,9,8,124800,26208,0.05544554455445545,1453.116831683168]
[292,30,0,"Non-Travel","Research & Development",1,"Secundaria","Life Sciences","Alta","Media",3,"Manufacturing Director","Media","Single",8474,1,"No",22,"Muy_Alta","Alta",0,12,2,11,5,8,101688,21354.48,0.05544554455445545,1184.010772277228]
[293,27,0,"Travel_Frequently","Sales",20,"Universitaria","Life Sciences","Muy_Alta","Alta",2,"Sales Executive","Alta","Single",9981,1,"No",14,"Alta","Muy_Alta",0,7,2,7,0,7,119772,25152.12,0.05544554455445545,1394.57299009901]
[296,51,0,"Travel_Rarely","Research & Development",8,"Secundaria","Life Sciences","Media","Media",3,"Research Director","Media","Married",12490,5,"No",16,"Alta","Muy_Alta",2,16,5,10,4,7,149880,31474.8,0.1273885350318471,4009.528662420382]
[297,30,1,"Travel_Rarely","Research & Development",3,"Universitaria","Technical Degree","Muy_Alta","Alta",1,"Research Scientist","Alta","Single",2657,5,"Yes",11,"Alta","Alta",0,8,5,5,0,4,31884,6281.148,0.1443298969072165,906.557443298969]
[298,41,0,"Travel_Rarely","Sales",6,"Universitaria","Life Sciences","Muy_Alta","Alta",3,"Manager","Alta","Single",13591,3,"Yes",18,"Alta","Alta",0,16,3,1,0,0,163092,34249.32,0.1443298969072165,4943.200824742267]
[299,30,1,"Travel_Frequently","Sales",26,"Secundaria","Marketing","Alta","Media",2,"Sales Executive","Media","Single",6696,5,"No",15,"Alta","Alta",0,9,5,6,0,1,80352,16873.92,0.1273885350318471,2149.543949044586]
[300,29,1,"Travel_Rarely","Research & Development",1,"Universitaria","Technical Degree","Alta","Alta",1,"Research Scientist","Alta","Single",2058,0,"No",14,"Alta","Muy_Alta",0,7,1,6,1,5,24696,3976.056,0.05544554455445545,220.4545900990099]
[302,45,0,"Non-Travel","Sales",6,"Secundaria","Medical","Muy_Alta","Media",3,"Sales Executive","Media","Single",8865,6,"No",12,"Alta","Muy_Alta",0,23,2,19,12,8,106380,22339.8,0.1273885350318471,2845.834394904458]
[303,54,0,"Travel_Rarely","Sales",3,"Universitaria","Marketing","Muy_Alta","Alta",2,"Sales Executive","Alta","Married",5940,2,"No",14,"Alta","Muy_Alta",1,16,4,6,0,5,71280,14541.12,0.05544554455445545,806.2403168316831]
[304,36,0,"Travel_Rarely","Research & Development",5,"Universitaria","Life Sciences","Muy_Alta","Alta",2,"Laboratory Technician","Alta","Single",5914,8,"No",16,"Alta","Muy_Alta",0,16,3,13,3,7,70968,14477.472,0.1273885350318471,1844.263949044586]
[305,33,0,"Travel_Rarely","Research & Development",4,"Secundaria","Medical","Alta","Media",1,"Research Scientist","Media","Married",2622,6,"No",21,"Muy_Alta","Muy_Alta",0,7,3,3,1,1,31464,6198.408,0.1273885350318471,789.6061146496816]
[306,37,0,"Travel_Frequently","Research & Development",11,"Universitaria","Other","Media","Alta",3,"Research Director","Alta","Divorced",12185,1,"Yes",14,"Alta","Alta",3,10,1,10,0,7,146220,30706.2,0.3555555555555556,10917.76]
[307,38,0,"Travel_Rarely","Sales",3,"Universitaria","Life Sciences","Baja","Alta",3,"Sales Executive","Alta","Divorced",10609,0,"No",12,"Alta","Alta",2,17,6,16,5,13,127308,26734.68,0.05544554455445545,1482.318891089109]
[308,31,0,"Non-Travel","Research & Development",1,"Primaria","Medical","Alta","Baja",2,"Manufacturing Director","Baja","Married",4345,0,"No",12,"Alta","Muy_Alta",1,6,2,5,1,4,52140,10636.56,0.05544554455445545,589.7498613861386]
[309,59,0,"Travel_Rarely","Research & Development",3,"Secundaria","Life Sciences","Alta","Media",1,"Research Scientist","Media","Married",2177,3,"No",17,"Alta","Baja",1,7,6,1,0,0,26124,4205.964,0.05544554455445545,233.2019643564356]
[311,37,0,"Travel_Frequently","Sales",4,"Universitaria","Marketing","Baja","Alta",1,"Sales Representative","Alta","Divorced",2793,4,"No",17,"Alta","Alta",1,13,2,9,5,8,33516,6602.652,0.05544554455445545,366.0876356435643]
[312,29,0,"Travel_Frequently","Sales",1,"Universitaria","Medical","Media","Alta",3,"Sales Executive","Alta","Married",7918,1,"No",14,"Alta","Muy_Alta",1,11,5,11,4,1,95016,19953.36,0.05544554455445545,1106.324910891089]
[314,35,0,"Travel_Frequently","Sales",1,"Universitaria","Marketing","Alta","Alta",3,"Sales Executive","Alta","Single",8789,1,"No",14,"Alta","Baja",0,10,3,10,0,8,105468,22148.28,0.05544554455445545,1228.023445544554]
[315,29,1,"Travel_Rarely","Research & Development",18,"Secundaria","Medical","Alta","Media",1,"Research Scientist","Media","Single",2389,1,"Yes",13,"Alta","Alta",0,4,3,4,0,1,28668,4615.548,0.8260869565217391,3812.844]
[316,52,0,"Travel_Rarely","Research & Development",2,"Secundaria","Life Sciences","Alta","Media",1,"Laboratory Technician","Media","Single",3212,7,"No",15,"Alta","Media",0,6,3,2,2,2,38544,7593.168000000001,0.1273885350318471,967.2825477707007]
[319,42,0,"Travel_Rarely","Research & Development",4,"Universitaria","Technical Degree","Alta","Alta",5,"Manager","Alta","Married",19232,1,"No",11,"Alta","Muy_Alta",0,22,3,22,11,15,230784,48464.64,0.05544554455445545,2687.148356435644]
[321,59,0,"Travel_Rarely","Human Resources",6,"Universitaria","Medical","Media","Alta",1,"Human Resources","Alta","Married",2267,8,"No",17,"Alta","Muy_Alta",0,7,2,2,2,2,27204,4379.844,0.1273885350318471,557.9419108280255]
[323,50,0,"Travel_Rarely","Sales",1,"Universitaria","Medical","Muy_Alta","Alta",5,"Manager","Alta","Divorced",19517,3,"No",11,"Alta","Alta",1,32,3,7,0,6,234204,49182.84,0.05544554455445545,2726.969346534653]
[325,33,1,"Travel_Rarely","Research & Development",14,"Universitaria","Medical","Alta","Alta",1,"Laboratory Technician","Alta","Married",2436,5,"Yes",13,"Alta","Alta",1,8,2,5,0,4,29232,4706.352,0.8260869565217391,3887.856]
[327,43,0,"Travel_Rarely","Sales",16,"Universitaria","Marketing","Muy_Alta","Alta",4,"Manager","Alta","Married",16064,5,"Yes",22,"Muy_Alta","Alta",1,22,3,17,1,9,192768,40481.28,0.1443298969072165,5842.658969072164]
[328,33,1,"Travel_Rarely","Research & Development",2,"Universitaria","Life Sciences","Baja","Alta",1,"Laboratory Technician","Alta","Married",2707,7,"No",20,"Muy_Alta","Baja",0,13,3,9,1,7,32484,6399.348,0.1273885350318471,815.2035668789808]
[329,52,0,"Non-Travel","Sales",2,"Secundaria","Life Sciences","Baja","Media",5,"Manager","Media","Single",19068,1,"Yes",18,"Alta","Muy_Alta",0,33,2,33,15,12,228816,48051.36,0.1443298969072165,6935.247835051546]
[330,32,0,"Travel_Rarely","Sales",4,"Universitaria","Life Sciences","Alta","Alta",1,"Sales Representative","Alta","Married",3931,2,"No",11,"Alta","Baja",1,6,5,4,1,2,47172,9292.884,0.05544554455445545,515.2490138613862]
[331,32,1,"Travel_Rarely","Research & Development",1,"Secundaria","Life Sciences","Muy_Alta","Media",1,"Laboratory Technician","Media","Single",3730,0,"Yes",14,"Alta","Muy_Alta",0,4,2,3,1,2,44760,8817.720000000001,0.1443298969072165,1272.660618556701]
[332,39,0,"Travel_Rarely","Research & Development",1,"Universitaria","Medical","Alta","Alta",1,"Laboratory Technician","Alta","Divorced",2232,7,"No",14,"Alta","Alta",3,7,1,3,1,2,26784,4312.224,0.1273885350318471,549.327898089172]
[333,32,0,"Non-Travel","Sales",26,"Universitaria","Marketing","Alta","Alta",2,"Sales Executive","Alta","Married",4465,0,"No",18,"Alta","Baja",0,4,2,3,2,2,53580,10930.32,0.05544554455445545,606.0375445544554]
[334,41,0,"Travel_Rarely","Research & Development",19,"Universitaria","Life Sciences","Alta","Alta",2,"Research Scientist","Alta","Divorced",3072,2,"No",16,"Alta","Baja",2,17,2,1,0,0,36864,7262.208000000001,0.05544554455445545,402.6570772277228]
[335,40,0,"Travel_Rarely","Research & Development",24,"Universitaria","Technical Degree","Baja","Alta",2,"Research Scientist","Alta","Divorced",3319,1,"No",17,"Alta","Baja",2,9,3,9,4,7,39828,7846.116,0.05544554455445545,435.0321742574258]
[336,45,0,"Travel_Rarely","Research & Development",1,"Master","Other","Alta","Muy_Alta",5,"Manager","Muy_Alta","Married",19202,0,"No",11,"Alta","Alta",1,25,2,24,1,7,230424,48389.04,0.05544554455445545,2682.956673267327]
[337,31,0,"Travel_Frequently","Research & Development",3,"Universitaria","Medical","Media","Alta",3,"Research Director","Alta","Divorced",13675,9,"No",12,"Alta","Baja",1,9,3,2,2,2,164100,34461,0.1273885350318471,4389.936305732484]
[338,33,0,"Travel_Rarely","Research & Development",5,"Secundaria","Life Sciences","Alta","Media",1,"Research Scientist","Media","Married",2911,1,"No",13,"Alta","Alta",1,2,2,2,0,2,34932,6881.604,0.103448275862069,711.8900689655172]
[339,34,0,"Travel_Rarely","Research & Development",2,"Secundaria","Life Sciences","Muy_Alta","Media",2,"Manufacturing Director","Media","Married",5957,6,"No",13,"Alta","Media",1,13,3,11,5,9,71484,14582.736,0.1273885350318471,1857.673375796178]
[340,37,0,"Travel_Rarely","Research & Development",1,"Secundaria","Medical","Alta","Media",1,"Research Scientist","Media","Married",3920,2,"No",14,"Alta","Baja",1,17,2,3,0,2,47040,9266.880000000001,0.05544554455445545,513.8072079207922]
[341,45,0,"Travel_Frequently","Research & Development",7,"Master","Life Sciences","Baja","Muy_Alta",2,"Manufacturing Director","Muy_Alta","Married",6434,4,"No",17,"Alta","Muy_Alta",1,9,1,3,0,2,77208,16213.68,0.05544554455445545,898.9763168316832]
[342,37,1,"Travel_Frequently","Research & Development",10,"Universitaria","Medical","Baja","Alta",3,"Manufacturing Director","Alta","Divorced",10048,6,"No",11,"Alta","Media",2,17,5,1,0,0,120576,25320.96,0.1273885350318471,3225.6]
[343,39,0,"Travel_Frequently","Research & Development",2,"Universitaria","Technical Degree","Alta","Alta",3,"Healthcare Representative","Alta","Single",10938,0,"No",25,"Muy_Alta","Muy_Alta",0,20,1,19,11,8,131256,27563.76,0.05544554455445545,1528.287683168317]
[346,29,0,"Travel_Rarely","Research & Development",15,"Universitaria","Life Sciences","Alta","Alta",1,"Research Scientist","Alta","Single",2340,1,"No",19,"Alta","Baja",0,6,1,6,1,5,28080,4520.88,0.05544554455445545,250.6626534653466]
[347,42,0,"Travel_Rarely","Research & Development",17,"Master","Life Sciences","Muy_Alta","Muy_Alta",2,"Research Scientist","Muy_Alta","Single",6545,3,"Yes",13,"Alta","Alta",0,10,1,3,0,2,78540,16493.4,0.1443298969072165,2380.490721649484]
[349,29,0,"Travel_Rarely","Sales",20,"Universitaria","Marketing","Muy_Alta","Alta",2,"Sales Executive","Alta","Divorced",6931,2,"No",14,"Alta","Muy_Alta",1,10,2,3,0,2,83172,17466.12,0.05544554455445545,968.4185346534653]
[350,25,0,"Travel_Rarely","Research & Development",1,"Universitaria","Life Sciences","Baja","Alta",2,"Manufacturing Director","Alta","Married",4898,0,"No",12,"Alta","Muy_Alta",2,5,3,4,1,2,58776,11990.304,0.05544554455445545,664.8089346534654]
[351,42,0,"Travel_Rarely","Research & Development",2,"Secundaria","Medical","Muy_Alta","Media",1,"Laboratory Technician","Media","Divorced",2593,0,"Yes",11,"Alta","Alta",1,10,4,9,7,8,31116,6129.852,0.1443298969072165,884.7209072164948]
[352,40,0,"Travel_Rarely","Research & Development",2,"Universitaria","Medical","Baja","Alta",5,"Research Director","Alta","Divorced",19436,0,"No",19,"Alta","Muy_Alta",1,22,5,21,3,9,233232,48978.72,0.05544554455445545,2715.651801980198]
[353,51,0,"Travel_Rarely","Research & Development",1,"Universitaria","Life Sciences","Alta","Alta",1,"Research Scientist","Alta","Married",2723,1,"No",11,"Alta","Media",0,1,0,1,0,0,32676,6437.172,0.103448275862069,665.9143448275862]
[355,31,1,"Travel_Frequently","Research & Development",29,"Secundaria","Medical","Alta","Media",1,"Laboratory Technician","Media","Single",3479,0,"No",11,"Alta","Media",0,6,2,5,1,4,41748,8224.356,0.05544554455445545,456.003897029703]
[359,32,0,"Travel_Frequently","Research & Development",7,"Master","Life Sciences","Media","Muy_Alta",1,"Laboratory Technician","Muy_Alta","Married",2794,1,"No",20,"Muy_Alta","Alta",0,5,3,5,0,3,33528,6605.016000000001,0.05544554455445545,366.2187089108911]
[361,38,0,"Non-Travel","Sales",2,"Secundaria","Life Sciences","Muy_Alta","Media",2,"Sales Executive","Media","Married",5249,3,"No",18,"Alta","Muy_Alta",1,13,0,8,7,5,62988,12849.552,0.05544554455445545,712.450407920792]
[362,32,0,"Travel_Rarely","Research & Development",2,"Secundaria","Technical Degree","Muy_Alta","Media",2,"Laboratory Technician","Media","Single",2176,4,"No",13,"Alta","Muy_Alta",0,9,5,6,0,4,26112,4204.032,0.05544554455445545,233.0948435643564]
[363,46,0,"Travel_Rarely","Sales",2,"Primaria","Technical Degree","Alta","Baja",4,"Manager","Baja","Married",16872,3,"Yes",12,"Alta","Media",1,28,2,7,7,7,202464,42517.44,0.1443298969072165,6136.537731958761]
[364,28,1,"Travel_Rarely","Research & Development",2,"Universitaria","Life Sciences","Baja","Alta",1,"Laboratory Technician","Alta","Single",3485,2,"No",11,"Alta","Alta",0,5,5,0,0,0,41820,8238.54,0.05544554455445545,456.7903366336634]
[366,29,0,"Travel_Rarely","Sales",2,"Secundaria","Medical","Baja","Media",2,"Sales Executive","Media","Married",6644,2,"No",19,"Alta","Media",2,10,2,0,0,0,79728,16742.88,0.05544554455445545,928.3180990099011]
[367,31,0,"Travel_Rarely","Research & Development",23,"Secundaria","Medical","Media","Media",2,"Healthcare Representative","Media","Married",5582,0,"No",21,"Muy_Alta","Media",1,10,2,9,7,8,66984,13664.736,0.05544554455445545,757.6487287128713]
[369,25,0,"Non-Travel","Research & Development",5,"Master","Life Sciences","Media","Muy_Alta",2,"Healthcare Representative","Muy_Alta","Divorced",4000,1,"No",12,"Alta","Muy_Alta",2,6,2,6,1,5,48000,9456,0.05544554455445545,524.2930693069306]
[372,45,0,"Travel_Rarely","Research & Development",20,"Universitaria","Medical","Alta","Alta",4,"Healthcare Representative","Alta","Married",13496,0,"Yes",14,"Alta","Media",0,21,2,20,4,10,161952,34009.92,0.1443298969072165,4908.64824742268]
[373,36,0,"Travel_Rarely","Research & Development",6,"Universitaria","Life Sciences","Muy_Alta","Alta",1,"Laboratory Technician","Alta","Married",3210,0,"No",11,"Alta","Alta",1,16,4,15,10,11,38520,7588.440000000001,0.05544554455445545,420.7451881188119]
[374,55,0,"Travel_Rarely","Research & Development",1,"Universitaria","Medical","Muy_Alta","Alta",5,"Manager","Alta","Single",19045,0,"Yes",14,"Alta","Alta",0,37,2,36,4,13,228540,47993.4,0.1443298969072165,6926.882474226803]
[376,47,1,"Non-Travel","Research & Development",29,"Universitaria","Life Sciences","Baja","Alta",3,"Manager","Alta","Married",11849,1,"Yes",12,"Alta","Muy_Alta",1,10,2,10,9,9,142188,29859.48,0.1443298969072165,4309.615670103092]
[377,28,0,"Travel_Rarely","Research & Development",9,"Universitaria","Medical","Muy_Alta","Alta",1,"Research Scientist","Alta","Married",2070,1,"No",23,"Muy_Alta","Muy_Alta",1,5,3,5,0,4,24840,3999.24,0.05544554455445545,221.7400396039604]
[378,37,0,"Travel_Rarely","Sales",6,"Universitaria","Medical","Alta","Alta",2,"Sales Executive","Alta","Married",6502,4,"No",14,"Alta","Media",1,7,5,5,0,1,78024,16385.04,0.05544554455445545,908.4774653465347]
[379,21,0,"Travel_Rarely","Research & Development",3,"Secundaria","Medical","Muy_Alta","Media",1,"Research Scientist","Media","Single",3230,1,"No",17,"Alta","Baja",0,3,4,3,1,0,38760,7635.72,0.05544554455445545,423.3666534653465]
[380,37,0,"Non-Travel","Research & Development",1,"Universitaria","Medical","Baja","Alta",3,"Research Director","Alta","Divorced",13603,2,"Yes",18,"Alta","Baja",2,15,2,5,0,2,163236,34279.56,0.1443298969072165,4947.565360824741]
[381,35,0,"Travel_Rarely","Research & Development",22,"Master","Life Sciences","Media","Muy_Alta",3,"Manager","Muy_Alta","Divorced",11996,7,"No",18,"Alta","Media",1,10,6,7,6,2,143952,30229.92,0.1273885350318471,3850.945222929936]
[382,38,0,"Travel_Rarely","Sales",7,"Universitaria","Medical","Baja","Muy_Alta",2,"Sales Executive","Muy_Alta","Divorced",5605,1,"Yes",24,"Muy_Alta","Alta",1,8,3,8,7,7,67260,13721.04,0.1443298969072165,1980.356288659794]
[384,26,0,"Travel_Frequently","Research & Development",1,"Universitaria","Life Sciences","Alta","Alta",2,"Manufacturing Director","Alta","Divorced",6397,1,"No",20,"Muy_Alta","Baja",1,6,6,6,1,4,76764,16120.44,0.05544554455445545,893.8065742574257]
[385,50,0,"Travel_Rarely","Research & Development",4,"Universitaria","Life Sciences","Baja","Alta",5,"Research Director","Alta","Divorced",19144,3,"No",14,"Alta","Baja",2,28,4,10,1,6,229728,48242.88,0.05544554455445545,2674.852752475248]
[386,53,0,"Travel_Rarely","Research & Development",3,"Universitaria","Medical","Alta","Alta",4,"Research Director","Alta","Married",17584,3,"Yes",16,"Alta","Muy_Alta",3,21,5,5,1,3,211008,44311.68,0.1443298969072165,6395.500206185567]
[387,42,0,"Travel_Rarely","Sales",1,"Universitaria","Life Sciences","Media","Alta",2,"Sales Executive","Alta","Married",4907,1,"No",25,"Muy_Alta","Alta",0,20,3,20,11,6,58884,12012.336,0.05544554455445545,666.0305108910891]
[388,29,0,"Travel_Frequently","Sales",2,"Universitaria","Life Sciences","Media","Alta",2,"Sales Executive","Alta","Single",4554,1,"No",18,"Alta","Baja",0,10,3,10,0,9,54648,11148.192,0.05544554455445545,618.1175762376237]
[389,55,0,"Travel_Rarely","Research & Development",20,"Universitaria","Technical Degree","Media","Alta",2,"Laboratory Technician","Alta","Married",5415,3,"Yes",19,"Alta","Muy_Alta",1,12,4,10,0,8,64980,13255.92,0.3555555555555556,4713.215999999999]
[390,26,0,"Travel_Frequently","Research & Development",11,"Universitaria","Medical","Baja","Alta",2,"Healthcare Representative","Alta","Married",4741,1,"Yes",13,"Alta","Alta",1,5,3,5,3,3,56892,11605.968,0.1443298969072165,1675.088164948453]
[391,37,0,"Travel_Rarely","Research & Development",1,"Universitaria","Life Sciences","Muy_Alta","Alta",1,"Research Scientist","Alta","Single",2115,1,"No",12,"Alta","Media",0,17,3,17,5,7,25380,4086.18,0.05544554455445545,226.5604752475248]
[392,44,1,"Travel_Frequently","Research & Development",24,"Universitaria","Life Sciences","Muy_Alta","Alta",1,"Laboratory Technician","Alta","Divorced",3161,3,"Yes",22,"Muy_Alta","Muy_Alta",1,19,0,1,0,0,37932,7472.604,0.1443298969072165,1078.520164948454]
[393,38,0,"Travel_Rarely","Research & Development",23,"Universitaria","Life Sciences","Muy_Alta","Alta",2,"Healthcare Representative","Alta","Divorced",5745,9,"No",14,"Alta","Media",1,10,2,2,1,2,68940,14063.76,0.1273885350318471,1791.56178343949]
[394,26,1,"Travel_Rarely","Research & Development",16,"Universitaria","Medical","Baja","Alta",1,"Laboratory Technician","Alta","Divorced",2373,2,"Yes",13,"Alta","Muy_Alta",1,5,2,3,0,2,28476,4584.636,0.8260869565217391,3787.308]
[395,28,0,"Travel_Rarely","Research & Development",8,"Universitaria","Life Sciences","Muy_Alta","Alta",1,"Research Scientist","Alta","Single",3310,1,"No",21,"Muy_Alta","Muy_Alta",0,5,3,5,0,2,39720,7824.84,0.05544554455445545,433.8525148514852]
[396,49,0,"Travel_Frequently","Research & Development",10,"Universitaria","Life Sciences","Alta","Alta",5,"Research Director","Alta","Single",18665,9,"Yes",11,"Alta","Muy_Alta",0,22,4,3,1,2,223980,47035.8,0.1443298969072165,6788.672164948453]
[397,36,0,"Travel_Rarely","Research & Development",3,"Universitaria","Technical Degree","Alta","Alta",2,"Research Scientist","Alta","Single",4485,4,"No",12,"Alta","Muy_Alta",0,10,2,8,7,7,53820,10979.28,0.05544554455445545,608.7521584158416]
[399,31,0,"Travel_Frequently","Sales",5,"Universitaria","Marketing","Muy_Alta","Alta",1,"Sales Representative","Alta","Divorced",2789,1,"No",11,"Alta","Alta",1,2,5,2,2,2,33468,6593.196,0.103448275862069,682.0547586206897]
[401,26,1,"Travel_Rarely","Sales",4,"Secundaria","Marketing","Muy_Alta","Media",2,"Sales Executive","Media","Single",5828,1,"Yes",12,"Alta","Media",0,8,0,8,7,4,69936,14266.944,0.1443298969072165,2059.14655670103]
[403,37,0,"Travel_Frequently","Research & Development",9,"Universitaria","Medical","Media","Alta",1,"Research Scientist","Alta","Married",2326,1,"Yes",12,"Alta","Alta",3,4,3,4,1,2,27912,4493.832,0.8260869565217391,3712.296]
[404,42,0,"Travel_Frequently","Sales",26,"Universitaria","Marketing","Alta","Alta",4,"Sales Executive","Alta","Married",13525,5,"No",14,"Alta","Muy_Alta",1,23,2,20,4,8,162300,34083,0.1273885350318471,4341.783439490446]
[405,18,1,"Travel_Rarely","Research & Development",3,"Universitaria","Life Sciences","Alta","Alta",1,"Laboratory Technician","Alta","Single",1420,1,"No",13,"Alta","Alta",0,0,2,0,0,0,17040,2743.44,0.7777777777777778,2133.786666666667]
[406,35,0,"Travel_Rarely","Sales",16,"Universitaria","Marketing","Alta","Alta",3,"Sales Executive","Alta","Married",8020,0,"No",15,"Alta","Alta",2,12,3,11,6,9,96240,20210.4,0.05544554455445545,1120.576633663366]
[407,36,0,"Travel_Frequently","Research & Development",18,"Master","Life Sciences","Alta","Muy_Alta",1,"Laboratory Technician","Muy_Alta","Married",3688,4,"No",18,"Alta","Muy_Alta",2,4,2,1,0,0,44256,8718.432,0.05544554455445545,483.3982099009901]
[408,51,0,"Travel_Rarely","Research & Development",2,"Primaria","Medical","Muy_Alta","Baja",2,"Manufacturing Director","Baja","Divorced",5482,5,"No",18,"Alta","Muy_Alta",1,13,3,4,1,2,65784,13419.936,0.5555555555555556,7455.52]
[410,41,0,"Travel_Rarely","Sales",2,"Universitaria","Life Sciences","Muy_Alta","Alta",4,"Manager","Alta","Single",16015,1,"No",19,"Alta","Media",0,22,2,22,0,4,192180,40357.8,0.05544554455445545,2237.660198019802]
[411,18,0,"Travel_Rarely","Sales",10,"Secundaria","Medical","Muy_Alta","Media",1,"Sales Representative","Media","Single",1200,1,"No",12,"Alta","Baja",0,0,2,0,0,0,14400,2318.4,0.7777777777777778,1803.2]
[412,28,0,"Travel_Rarely","Research & Development",16,"Master","Medical","Media","Muy_Alta",2,"Healthcare Representative","Muy_Alta","Single",5661,0,"No",19,"Alta","Alta",0,9,2,8,0,7,67932,13858.128,0.05544554455445545,768.3714534653465]
[416,31,0,"Travel_Rarely","Sales",7,"Master","Technical Degree","Media","Muy_Alta",2,"Sales Executive","Muy_Alta","Married",6929,4,"No",11,"Alta","Media",1,10,3,8,7,7,83148,17461.08,0.05544554455445545,968.1390891089108]
[417,39,0,"Travel_Rarely","Research & Development",1,"Master","Medical","Alta","Muy_Alta",3,"Healthcare Representative","Muy_Alta","Divorced",9613,0,"No",17,"Alta","Baja",3,19,5,18,3,7,115356,24224.76,0.05544554455445545,1343.15500990099]
[419,36,0,"Non-Travel","Research & Development",24,"Universitaria","Life Sciences","Media","Alta",2,"Laboratory Technician","Alta","Married",5674,7,"No",15,"Alta","Alta",1,11,3,9,0,8,68088,13889.952,0.1273885350318471,1769.420636942675]
[420,32,0,"Travel_Rarely","Sales",7,"Secundaria","Life Sciences","Muy_Alta","Media",2,"Sales Executive","Media","Married",5484,1,"No",14,"Alta","Alta",1,13,3,13,4,8,65808,13424.832,0.05544554455445545,744.3471207920792]
[421,38,0,"Travel_Rarely","Research & Development",25,"Secundaria","Life Sciences","Baja","Media",3,"Research Director","Media","Married",12061,3,"No",17,"Alta","Alta",1,19,2,10,0,1,144732,30393.72,0.05544554455445545,1685.196356435643]
[422,58,0,"Non-Travel","Research & Development",1,"Primaria","Life Sciences","Muy_Alta","Baja",2,"Healthcare Representative","Baja","Divorced",5660,2,"Yes",13,"Alta","Muy_Alta",1,12,2,5,1,2,67920,13855.68,0.1443298969072165,1999.788865979381]
[423,31,0,"Travel_Rarely","Research & Development",5,"Universitaria","Technical Degree","Alta","Alta",1,"Research Scientist","Alta","Married",4821,0,"Yes",12,"Alta","Alta",1,6,4,5,0,3,57852,11801.808,0.1443298969072165,1703.353731958763]
[424,31,0,"Travel_Rarely","Human Resources",2,"Secundaria","Human Resources","Baja","Media",2,"Human Resources","Media","Married",6410,3,"No",12,"Alta","Muy_Alta",0,9,1,2,1,0,76920,16153.2,0.05544554455445545,895.6229702970296]
[425,45,0,"Travel_Frequently","Research & Development",7,"Universitaria","Life Sciences","Baja","Alta",3,"Laboratory Technician","Alta","Divorced",5210,1,"No",18,"Alta","Baja",1,24,2,24,9,11,62520,12754.08,0.05544554455445545,707.1569108910891]
[426,31,0,"Travel_Rarely","Research & Development",2,"Universitaria","Life Sciences","Alta","Alta",1,"Research Scientist","Alta","Divorced",2695,0,"Yes",18,"Alta","Media",1,3,2,2,2,2,32340,6370.98,0.1443298969072165,919.5228865979382]
[428,33,0,"Travel_Frequently","Research & Development",5,"Universitaria","Life Sciences","Muy_Alta","Alta",3,"Manager","Alta","Married",11878,6,"No",11,"Alta","Media",2,12,2,10,8,8,142536,29932.56,0.1273885350318471,3813.064968152866]
[429,39,0,"Travel_Rarely","Research & Development",10,"Universitaria","Medical","Alta","Alta",4,"Manager","Alta","Married",17068,1,"Yes",14,"Alta","Muy_Alta",0,21,3,21,11,10,204816,43011.36,0.1443298969072165,6207.825154639175]
[430,43,0,"Travel_Frequently","Research & Development",10,"Universitaria","Life Sciences","Alta","Alta",1,"Laboratory Technician","Alta","Single",2455,0,"No",19,"Alta","Baja",0,9,5,8,1,7,29460,4743.06,0.05544554455445545,262.9815445544555]
[431,49,0,"Travel_Rarely","Research & Development",1,"Secundaria","Technical Degree","Alta","Media",4,"Healthcare Representative","Media","Single",13964,7,"Yes",12,"Alta","Muy_Alta",0,25,2,7,0,7,167568,35189.28,0.1443298969072165,5078.865154639175]
[433,52,1,"Travel_Rarely","Research & Development",8,"Secundaria","Medical","Alta","Media",2,"Research Scientist","Media","Married",4941,2,"No",15,"Alta","Baja",0,11,3,8,7,7,59292,12095.568,0.05544554455445545,670.6453544554455]
[434,27,0,"Travel_Rarely","Research & Development",5,"Universitaria","Life Sciences","Alta","Alta",1,"Research Scientist","Alta","Single",2478,1,"Yes",12,"Alta","Media",0,4,2,4,1,2,29736,4787.496,0.1443298969072165,690.9788041237113]
[436,32,0,"Travel_Rarely","Sales",8,"Universitaria","Technical Degree","Alta","Media",2,"Sales Executive","Media","Married",5228,1,"Yes",11,"Alta","Muy_Alta",0,13,2,13,11,9,62736,12798.144,0.1443298969072165,1847.154804123711]
[437,27,0,"Travel_Rarely","Sales",2,"Universitaria","Life Sciences","Muy_Alta","Alta",2,"Sales Executive","Alta","Single",4478,1,"Yes",11,"Alta","Baja",0,5,3,5,0,4,53736,10962.144,0.1443298969072165,1582.165113402061]
[438,31,0,"Travel_Rarely","Sales",7,"Universitaria","Marketing","Muy_Alta","Alta",2,"Sales Executive","Alta","Divorced",7547,4,"No",12,"Alta","Muy_Alta",3,13,3,7,1,7,90564,19018.44,0.05544554455445545,1054.487762376237]
[439,32,0,"Travel_Rarely","Research & Development",2,"Master","Medical","Baja","Muy_Alta",2,"Research Scientist","Muy_Alta","Single",5055,7,"No",16,"Alta","Alta",0,10,0,7,0,7,60660,12374.64,0.1273885350318471,1576.387261146497]
[440,28,1,"Travel_Rarely","Research & Development",2,"Primaria","Medical","Baja","Baja",1,"Research Scientist","Baja","Married",3464,5,"Yes",13,"Alta","Muy_Alta",0,5,4,3,2,2,41568,8188.896000000001,0.1443298969072165,1181.902515463918]
[441,30,0,"Travel_Rarely","Research & Development",28,"Universitaria","Medical","Muy_Alta","Alta",2,"Research Scientist","Alta","Married",5775,1,"No",13,"Alta","Muy_Alta",2,11,2,10,1,9,69300,14137.2,0.05544554455445545,783.8447524752474]
[442,31,0,"Travel_Frequently","Research & Development",7,"Secundaria","Life Sciences","Alta","Media",3,"Manufacturing Director","Media","Married",8943,1,"No",24,"Muy_Alta","Baja",1,10,2,10,8,9,107316,22536.36,0.05544554455445545,1249.540752475247]
[444,39,0,"Travel_Frequently","Research & Development",7,"Secundaria","Medical","Alta","Media",5,"Manager","Media","Married",19272,1,"No",15,"Alta","Baja",1,21,2,21,13,3,231264,48565.44,0.05544554455445545,2692.737267326732]
[445,39,1,"Travel_Rarely","Sales",3,"Universitaria","Medical","Muy_Alta","Alta",2,"Sales Executive","Alta","Married",5238,4,"Yes",18,"Alta","Baja",0,12,3,1,0,0,62856,12822.624,0.1443298969072165,1850.688]
[446,33,0,"Travel_Frequently","Sales",10,"Secundaria","Marketing","Media","Media",2,"Sales Executive","Media","Single",4682,3,"No",14,"Alta","Alta",0,9,6,7,0,1,56184,11461.536,0.05544554455445545,635.491104950495]
[447,47,0,"Travel_Rarely","Research & Development",5,"Universitaria","Life Sciences","Muy_Alta","Alta",5,"Research Director","Alta","Married",18300,4,"No",11,"Alta","Media",1,21,2,3,1,1,219600,46116,0.05544554455445545,2556.926732673267]
[448,43,0,"Travel_Frequently","Research & Development",10,"Secundaria","Life Sciences","Alta","Media",2,"Laboratory Technician","Media","Divorced",5257,1,"No",11,"Alta","Media",1,9,3,9,0,0,63084,12869.136,0.05544554455445545,713.5362534653465]
[449,27,0,"Non-Travel","Sales",1,"Universitaria","Marketing","Alta","Alta",2,"Sales Executive","Alta","Married",6349,0,"Yes",13,"Alta","Muy_Alta",1,6,0,5,1,4,76188,15999.48,0.1443298969072165,2309.203298969072]
[450,54,0,"Travel_Frequently","Research & Development",20,"Universitaria","Life Sciences","Muy_Alta","Alta",2,"Research Scientist","Alta","Single",4869,3,"No",12,"Alta","Muy_Alta",0,20,4,4,0,3,58428,11919.312,0.05544554455445545,660.8727445544555]
[451,43,0,"Travel_Rarely","Research & Development",7,"Universitaria","Life Sciences","Alta","Alta",3,"Healthcare Representative","Alta","Married",9985,8,"No",16,"Alta","Baja",1,10,1,1,0,0,119820,25162.2,0.1273885350318471,3205.375796178344]
[452,45,0,"Travel_Rarely","Research & Development",8,"Universitaria","Other","Muy_Alta","Alta",2,"Research Scientist","Alta","Married",3697,9,"No",14,"Alta","Baja",2,12,3,10,9,8,44364,8739.708,0.1273885350318471,1113.338598726115]
[453,40,0,"Travel_Rarely","Sales",1,"Primaria","Medical","Media","Baja",2,"Sales Executive","Baja","Married",7457,2,"Yes",22,"Muy_Alta","Alta",3,6,2,4,0,2,89484,18791.64,0.3555555555555556,6681.472]
[454,29,1,"Travel_Rarely","Research & Development",8,"Primaria","Other","Media","Baja",1,"Laboratory Technician","Baja","Married",2119,1,"Yes",11,"Alta","Muy_Alta",0,7,4,7,0,7,25428,4093.908,0.8260869565217391,3381.924]
[455,29,0,"Travel_Rarely","Research & Development",9,"Secundaria","Other","Media","Media",1,"Laboratory Technician","Media","Single",3983,0,"No",17,"Alta","Alta",0,4,2,3,2,2,47796,9415.812,0.05544554455445545,522.0648237623762]
[456,30,0,"Travel_Rarely","Sales",5,"Secundaria","Marketing","Muy_Alta","Media",2,"Sales Executive","Media","Divorced",6118,1,"No",13,"Alta","Alta",3,10,2,10,1,2,73416,14976.864,0.05544554455445545,830.4003801980198]
[458,27,0,"Travel_Rarely","Sales",8,"Universitaria","Marketing","Media","Alta",2,"Sales Executive","Alta","Married",6214,1,"No",18,"Alta","Baja",1,8,3,8,0,7,74568,15211.872,0.05544554455445545,843.4305267326732]
[460,37,0,"Travel_Rarely","Research & Development",5,"Universitaria","Medical","Muy_Alta","Alta",2,"Manufacturing Director","Alta","Divorced",6347,7,"No",16,"Alta","Alta",2,8,2,6,0,4,76164,15994.44,0.1273885350318471,2037.508280254777]
[461,38,0,"Travel_Rarely","Research & Development",15,"Secundaria","Life Sciences","Alta","Media",3,"Research Director","Media","Divorced",11510,0,"Yes",14,"Alta","Media",1,12,3,11,2,9,138120,29005.2,0.1443298969072165,4186.317525773195]
[462,31,0,"Travel_Rarely","Research & Development",7,"Universitaria","Medical","Alta","Alta",3,"Manufacturing Director","Alta","Single",7143,1,"Yes",14,"Alta","Alta",0,11,2,11,4,10,85716,18000.36,0.1443298969072165,2597.990103092784]
[463,29,0,"Travel_Rarely","Sales",10,"Secundaria","Marketing","Muy_Alta","Media",2,"Sales Executive","Media","Divorced",8268,1,"Yes",14,"Alta","Baja",2,7,2,7,1,7,99216,20835.36,0.1443298969072165,3007.165360824742]
[464,35,0,"Travel_Rarely","Research & Development",5,"Universitaria","Technical Degree","Alta","Alta",3,"Manufacturing Director","Alta","Single",8095,0,"No",13,"Alta","Muy_Alta",0,17,5,16,0,13,97140,20399.4,0.05544554455445545,1131.055841584158]
[465,23,0,"Travel_Rarely","Research & Development",26,"Universitaria","Life Sciences","Alta","Alta",1,"Research Scientist","Alta","Divorced",2904,1,"No",12,"Alta","Alta",2,4,2,4,0,2,34848,6865.056,0.05544554455445545,380.6367683168317]
[466,41,0,"Travel_Rarely","Research & Development",6,"Secundaria","Medical","Muy_Alta","Media",2,"Manufacturing Director","Media","Single",6032,6,"Yes",15,"Alta","Muy_Alta",0,8,3,5,1,2,72384,14766.336,0.1443298969072165,2131.223752577319]
[467,47,0,"Travel_Frequently","Sales",4,"Universitaria","Medical","Media","Alta",2,"Sales Representative","Alta","Single",2976,3,"No",19,"Alta","Baja",0,5,3,0,0,0,35712,7035.264,0.05544554455445545,390.0740435643564]
[468,42,0,"Travel_Rarely","Research & Development",23,"Universitaria","Life Sciences","Baja","Alta",4,"Research Director","Alta","Single",15992,2,"No",14,"Alta","Media",0,16,2,1,0,0,191904,40299.84,0.05544554455445545,2234.446574257426]
[469,29,0,"Non-Travel","Sales",2,"Universitaria","Life Sciences","Muy_Alta","Alta",2,"Sales Executive","Alta","Married",4649,1,"No",14,"Alta","Baja",1,4,3,4,0,2,55788,11380.752,0.05544554455445545,631.0119920792079]
[470,42,0,"Travel_Rarely","Human Resources",2,"Universitaria","Technical Degree","Alta","Alta",1,"Human Resources","Alta","Divorced",2696,0,"Yes",11,"Alta","Alta",1,4,5,3,1,0,32352,6373.344,0.1443298969072165,919.8640824742267]
[471,32,0,"Travel_Rarely","Research & Development",2,"Universitaria","Medical","Alta","Alta",1,"Laboratory Technician","Alta","Married",2370,1,"No",13,"Alta","Alta",1,8,4,8,0,7,28440,4578.84,0.05544554455445545,253.8762772277228]
[473,48,0,"Travel_Rarely","Sales",29,"Universitaria","Medical","Baja","Alta",3,"Manager","Alta","Married",12504,3,"No",21,"Muy_Alta","Media",1,15,3,0,0,0,150048,31510.08,0.05544554455445545,1747.093544554455]
[474,37,0,"Travel_Rarely","Research & Development",6,"Master","Medical","Alta","Muy_Alta",2,"Research Scientist","Muy_Alta","Divorced",5974,4,"Yes",13,"Alta","Baja",2,13,2,7,6,7,71688,14624.352,0.1443298969072165,2110.731216494845]
[475,30,0,"Non-Travel","Sales",25,"Universitaria","Technical Degree","Muy_Alta","Alta",2,"Sales Executive","Alta","Married",4736,7,"Yes",12,"Alta","Media",1,4,2,2,2,2,56832,11593.728,0.1443298969072165,1673.321567010309]
[476,26,0,"Travel_Rarely","Sales",1,"Universitaria","Life Sciences","Alta","Alta",2,"Sales Executive","Alta","Married",5296,1,"No",17,"Alta","Media",1,8,3,8,7,7,63552,12964.608,0.05544554455445545,718.8297504950494]
[477,42,0,"Travel_Rarely","Research & Development",2,"Secundaria","Other","Baja","Media",2,"Healthcare Representative","Media","Single",6781,3,"No",23,"Muy_Alta","Media",0,14,6,1,0,0,81372,17088.12,0.05544554455445545,947.4601188118811]
[478,21,1,"Travel_Frequently","Sales",1,"Secundaria","Technical Degree","Baja","Media",1,"Sales Representative","Media","Single",2174,1,"Yes",11,"Alta","Alta",0,3,3,3,1,2,26088,4200.168,0.8260869565217391,3469.704]
[479,36,0,"Non-Travel","Sales",1,"Universitaria","Medical","Muy_Alta","Alta",2,"Sales Executive","Alta","Single",6653,4,"No",15,"Alta","Media",0,7,6,1,0,0,79836,16765.56,0.05544554455445545,929.5756039603959]
[481,36,0,"Travel_Frequently","Sales",3,"Secundaria","Medical","Baja","Media",3,"Sales Executive","Media","Married",9699,4,"No",11,"Alta","Baja",1,16,2,13,1,12,116388,24441.48,0.05544554455445545,1355.171168316832]
[482,57,0,"Travel_Rarely","Research & Development",1,"Universitaria","Medical","Muy_Alta","Alta",2,"Healthcare Representative","Alta","Married",6755,2,"No",11,"Alta","Alta",0,15,2,3,1,2,81060,17022.6,0.05544554455445545,943.8273267326732]
[483,40,0,"Travel_Rarely","Research & Development",10,"Master","Life Sciences","Muy_Alta","Muy_Alta",1,"Laboratory Technician","Muy_Alta","Married",2213,3,"Yes",13,"Alta","Alta",1,10,3,7,1,7,26556,4275.516000000001,0.1666666666666667,712.586]
[484,21,0,"Non-Travel","Sales",9,"Universitaria","Medical","Baja","Alta",1,"Sales Representative","Alta","Single",2610,1,"No",24,"Muy_Alta","Alta",0,3,3,3,2,2,31320,6170.04,0.05544554455445545,342.1012277227723]
[485,33,1,"Travel_Rarely","Sales",5,"Universitaria","Marketing","Muy_Alta","Alta",1,"Sales Representative","Alta","Single",2851,1,"Yes",13,"Alta","Media",0,1,2,1,0,0,34212,6739.764,0.7777777777777778,5242.038666666667]
[486,37,0,"Travel_Rarely","Research & Development",10,"Universitaria","Medical","Alta","Alta",1,"Laboratory Technician","Alta","Married",3452,6,"No",20,"Muy_Alta","Media",1,17,3,5,0,3,41424,8160.528,0.1273885350318471,1039.557707006369]
[487,46,0,"Non-Travel","Research & Development",7,"Universitaria","Medical","Alta","Alta",2,"Manufacturing Director","Alta","Married",5258,2,"No",14,"Alta","Alta",0,7,2,1,0,0,63096,12871.584,0.05544554455445545,713.6719841584157]
[488,41,1,"Travel_Frequently","Sales",4,"Universitaria","Marketing","Baja","Alta",2,"Sales Executive","Alta","Single",9355,1,"No",18,"Alta","Alta",0,8,5,8,7,7,112260,23574.6,0.05544554455445545,1307.106534653465]
[491,50,0,"Travel_Rarely","Research & Development",10,"Secundaria","Technical Degree","Muy_Alta","Media",3,"Healthcare Representative","Media","Single",10496,6,"No",15,"Alta","Muy_Alta",0,20,2,4,1,3,125952,26449.92,0.1273885350318471,3369.416560509554]
[492,40,1,"Travel_Rarely","Sales",22,"Secundaria","Marketing","Alta","Media",2,"Sales Executive","Media","Married",6380,2,"Yes",12,"Alta","Baja",2,8,6,6,1,0,76560,16077.6,0.1443298969072165,2320.478350515464]
[493,31,0,"Travel_Rarely","Research & Development",9,"Secundaria","Life Sciences","Alta","Media",1,"Research Scientist","Media","Single",2657,0,"Yes",16,"Alta","Muy_Alta",0,3,5,2,2,2,31884,6281.148,0.1443298969072165,906.557443298969]
[494,21,1,"Travel_Rarely","Sales",12,"Master","Life Sciences","Alta","Muy_Alta",1,"Sales Representative","Alta","Single",2716,1,"No",15,"Alta","Muy_Alta",0,1,0,1,0,0,32592,6420.624000000001,0.7777777777777778,4993.818666666667]
[495,29,0,"Travel_Rarely","Research & Development",23,"Universitaria","Life Sciences","Muy_Alta","Alta",1,"Research Scientist","Alta","Single",2201,9,"No",16,"Alta","Muy_Alta",0,6,4,3,1,2,26412,4252.332,0.1273885350318471,541.6983439490447]
[496,35,0,"Travel_Rarely","Research & Development",9,"Secundaria","Life Sciences","Alta","Media",2,"Healthcare Representative","Media","Single",6540,9,"No",19,"Alta","Alta",0,10,5,1,0,0,78480,16480.8,0.1273885350318471,2099.464968152866]
[497,27,0,"Travel_Rarely","Research & Development",1,"Universitaria","Medical","Muy_Alta","Alta",1,"Laboratory Technician","Alta","Divorced",3816,1,"No",11,"Alta","Media",1,5,2,5,0,4,45792,9021.024000000001,0.05544554455445545,500.175588118812]
[498,28,0,"Travel_Rarely","Sales",9,"Universitaria","Life Sciences","Media","Alta",2,"Sales Executive","Alta","Single",5253,1,"No",16,"Alta","Muy_Alta",0,7,1,7,0,7,63036,12859.344,0.05544554455445545,712.9933306930693]
[499,49,0,"Travel_Rarely","Research & Development",7,"Secundaria","Other","Media","Media",3,"Healthcare Representative","Media","Single",10965,8,"No",24,"Muy_Alta","Alta",0,26,2,5,0,0,131580,27631.8,0.1273885350318471,3519.974522292994]
[500,51,0,"Travel_Rarely","Sales",14,"Universitaria","Life Sciences","Alta","Alta",2,"Sales Executive","Alta","Married",4936,4,"No",11,"Alta","Alta",1,18,2,7,0,7,59232,12083.328,0.05544554455445545,669.966700990099]
[501,36,0,"Travel_Rarely","Research & Development",2,"Universitaria","Life Sciences","Muy_Alta","Alta",1,"Research Scientist","Alta","Married",2543,4,"No",13,"Alta","Media",1,6,3,2,2,2,30516,6011.652,0.05544554455445545,333.3193188118812]
[502,34,1,"Non-Travel","Sales",19,"Master","Marketing","Baja","Muy_Alta",2,"Sales Executive","Muy_Alta","Single",5304,8,"Yes",13,"Alta","Media",0,9,3,5,0,4,63648,12984.192,0.1443298969072165,1874.007092783505]
[505,55,0,"Travel_Rarely","Research & Development",2,"Universitaria","Life Sciences","Alta","Alta",4,"Manager","Alta","Single",16659,2,"Yes",13,"Alta","Alta",0,30,2,5,1,2,199908,41980.68,0.1443298969072165,6059.067216494845]
[507,24,0,"Travel_Rarely","Sales",10,"Universitaria","Marketing","Muy_Alta","Alta",2,"Sales Executive","Alta","Divorced",4260,1,"Yes",12,"Alta","Muy_Alta",1,5,2,5,0,3,51120,10428.48,0.1443298969072165,1505.141443298969]
[508,30,0,"Travel_Rarely","Sales",2,"Universitaria","Technical Degree","Alta","Alta",1,"Sales Representative","Alta","Married",2476,1,"No",18,"Alta","Baja",1,1,3,1,0,0,29712,4783.632000000001,0.103448275862069,494.8584827586207]
[510,26,1,"Travel_Frequently","Research & Development",3,"Universitaria","Technical Degree","Alta","Alta",1,"Research Scientist","Alta","Single",3102,0,"No",22,"Muy_Alta","Alta",0,7,2,6,0,4,37224,7333.128000000001,0.05544554455445545,406.5892752475248]
[511,22,0,"Travel_Rarely","Research & Development",11,"Universitaria","Medical","Baja","Alta",1,"Research Scientist","Alta","Married",2244,1,"No",13,"Alta","Muy_Alta",1,2,1,2,1,2,26928,4335.408,0.103448275862069,448.4904827586207]
[513,36,0,"Travel_Rarely","Sales",2,"Universitaria","Medical","Media","Media",3,"Sales Executive","Media","Married",7596,1,"No",13,"Alta","Media",2,10,2,10,9,0,91152,19141.92,0.05544554455445545,1061.334178217822]
[514,30,1,"Travel_Frequently","Research & Development",4,"Universitaria","Technical Degree","Alta","Alta",1,"Research Scientist","Alta","Single",2285,9,"Yes",23,"Muy_Alta","Alta",0,3,4,1,0,0,27420,4414.62,0.8260869565217391,3646.86]
[515,37,0,"Travel_Rarely","Research & Development",14,"Universitaria","Life Sciences","Muy_Alta","Alta",1,"Laboratory Technician","Alta","Divorced",3034,1,"No",12,"Alta","Alta",1,18,2,18,12,17,36408,7172.376,0.05544554455445545,397.676293069307]
[516,40,0,"Travel_Rarely","Sales",2,"Universitaria","Marketing","Muy_Alta","Alta",2,"Sales Executive","Alta","Divorced",5715,7,"No",12,"Alta","Alta",2,8,5,5,1,3,68580,13990.32,0.1273885350318471,1782.206369426752]
[517,42,0,"Travel_Rarely","Research & Development",1,"Universitaria","Life Sciences","Media","Alta",1,"Laboratory Technician","Alta","Divorced",2576,3,"No",16,"Alta","Media",1,8,5,5,1,2,30912,6089.664000000001,0.05544554455445545,337.6447366336634]
[518,37,0,"Travel_Rarely","Research & Development",10,"Universitaria","Life Sciences","Alta","Alta",2,"Manufacturing Director","Alta","Single",4197,2,"Yes",12,"Alta","Muy_Alta",0,18,2,1,0,1,50364,10274.256,0.1443298969072165,1482.88230927835]
[520,43,0,"Travel_Rarely","Research & Development",12,"Secundaria","Life Sciences","Baja","Media",4,"Research Director","Media","Divorced",14336,1,"No",11,"Alta","Alta",1,25,3,25,3,9,172032,36126.72,0.05544554455445545,2003.065663366337]
[521,40,0,"Travel_Rarely","Research & Development",2,"Secundaria","Medical","Media","Media",2,"Laboratory Technician","Alta","Married",3448,6,"No",22,"Muy_Alta","Media",1,20,3,1,0,0,41376,8151.072,0.1273885350318471,1038.353121019108]
[522,54,0,"Travel_Rarely","Research & Development",5,"Universitaria","Medical","Baja","Alta",5,"Research Director","Alta","Married",19406,4,"No",11,"Alta","Alta",1,24,4,4,1,2,232872,48903.12,0.05544554455445545,2711.460118811881]
[523,34,0,"Non-Travel","Sales",4,"Universitaria","Marketing","Alta","Alta",2,"Sales Executive","Alta","Married",6538,9,"No",15,"Alta","Baja",1,6,3,3,1,2,78456,16475.76,0.1273885350318471,2098.822929936306]
[524,31,0,"Travel_Rarely","Research & Development",7,"Universitaria","Medical","Media","Alta",2,"Manufacturing Director","Alta","Married",4306,1,"No",12,"Alta","Media",1,13,5,13,3,12,51672,10541.088,0.05544554455445545,584.4563643564356]
[525,43,0,"Travel_Frequently","Research & Development",21,"Universitaria","Medical","Muy_Alta","Alta",1,"Laboratory Technician","Alta","Married",2258,7,"No",20,"Muy_Alta","Baja",1,8,1,3,1,2,27096,4362.456,0.1273885350318471,555.7268789808917]
[526,43,0,"Travel_Rarely","Research & Development",8,"Universitaria","Other","Alta","Alta",2,"Healthcare Representative","Alta","Divorced",4522,4,"Yes",14,"Alta","Muy_Alta",0,8,3,5,0,2,54264,11069.856,0.1443298969072165,1597.711175257732]
[527,25,0,"Travel_Rarely","Sales",4,"Secundaria","Life Sciences","Media","Media",2,"Sales Executive","Media","Single",4487,1,"Yes",11,"Alta","Media",0,5,3,5,1,3,53844,10984.176,0.3555555555555556,3905.4848]
[529,37,0,"Non-Travel","Research & Development",25,"Universitaria","Medical","Media","Alta",2,"Research Scientist","Alta","Married",4449,3,"Yes",15,"Alta","Baja",2,15,2,13,10,7,53388,10891.152,0.3555555555555556,3872.4096]
[530,31,0,"Travel_Rarely","Research & Development",1,"Secundaria","Life Sciences","Muy_Alta","Media",1,"Laboratory Technician","Media","Married",2218,1,"No",12,"Alta","Alta",1,4,3,4,3,2,26616,4285.176,0.05544554455445545,237.5939168316832]
[531,39,0,"Travel_Frequently","Research & Development",1,"Universitaria","Life Sciences","Media","Alta",5,"Manager","Alta","Divorced",19197,1,"Yes",14,"Alta","Alta",1,21,3,21,1,6,230364,48376.44,0.3555555555555556,17200.512]
[532,56,0,"Travel_Frequently","Sales",6,"Master","Life Sciences","Alta","Muy_Alta",4,"Sales Executive","Muy_Alta","Married",13212,9,"No",11,"Alta","Muy_Alta",3,36,0,7,7,7,158544,33294.24,0.1273885350318471,4241.304458598725]
[533,30,0,"Travel_Rarely","Sales",12,"Universitaria","Technical Degree","Media","Alta",2,"Sales Executive","Alta","Single",6577,0,"No",11,"Alta","Media",0,6,6,5,4,4,78924,16574.04,0.05544554455445545,918.9566732673268]
[534,41,0,"Travel_Rarely","Sales",1,"Master","Marketing","Media","Muy_Alta",3,"Sales Executive","Alta","Married",8392,1,"No",16,"Alta","Alta",1,10,2,10,0,7,100704,21147.84,0.05544554455445545,1172.553504950495]
[536,28,0,"Travel_Rarely","Research & Development",17,"Universitaria","Medical","Alta","Alta",2,"Laboratory Technician","Alta","Divorced",4558,1,"No",12,"Alta","Muy_Alta",1,10,2,10,1,8,54696,11157.984,0.05544554455445545,618.660499009901]
[538,25,1,"Travel_Rarely","Research & Development",3,"Universitaria","Medical","Baja","Alta",1,"Laboratory Technician","Alta","Married",4031,5,"No",13,"Alta","Alta",1,6,5,2,0,2,48372,9529.284,0.1273885350318471,1213.92152866242]
[543,52,0,"Travel_Rarely","Research & Development",3,"Secundaria","Medical","Muy_Alta","Media",3,"Manufacturing Director","Media","Married",7969,2,"Yes",14,"Alta","Alta",0,28,4,5,0,4,95628,20081.88,0.1443298969072165,2898.415670103092]
[544,45,0,"Travel_Rarely","Research & Development",10,"Universitaria","Life Sciences","Baja","Alta",1,"Research Scientist","Alta","Married",2654,3,"No",21,"Muy_Alta","Muy_Alta",2,8,3,2,0,2,31848,6274.056,0.05544554455445545,347.8684514851486]
[546,52,0,"Travel_Rarely","Research & Development",4,"Universitaria","Life Sciences","Muy_Alta","Alta",4,"Manager","Alta","Married",16555,2,"No",13,"Alta","Muy_Alta",0,31,2,5,1,4,198660,41718.6,0.05544554455445545,2313.110495049505]
[547,42,0,"Travel_Frequently","Research & Development",29,"Universitaria","Life Sciences","Baja","Alta",2,"Research Scientist","Alta","Divorced",4556,2,"No",11,"Alta","Media",1,19,3,5,0,2,54672,11153.088,0.05544554455445545,618.3890376237624]
[548,30,0,"Travel_Rarely","Research & Development",2,"Primaria","Life Sciences","Alta","Baja",2,"Manufacturing Director","Baja","Single",6091,2,"No",20,"Muy_Alta","Alta",0,11,2,5,0,2,73092,14910.768,0.05544554455445545,826.7356514851484]
[549,60,0,"Travel_Rarely","Research & Development",7,"Universitaria","Life Sciences","Baja","Alta",5,"Manager","Alta","Married",19566,5,"No",11,"Alta","Muy_Alta",0,33,5,29,11,10,234792,49306.32,0.1273885350318471,6281.059872611465]
[550,46,0,"Travel_Rarely","Research & Development",18,"Universitaria","Medical","Alta","Alta",2,"Manufacturing Director","Alta","Divorced",4810,2,"No",14,"Alta","Alta",1,19,5,10,0,8,57720,11774.88,0.05544554455445545,652.8646336633662]
[551,42,0,"Travel_Frequently","Research & Development",28,"Universitaria","Technical Degree","Muy_Alta","Alta",2,"Healthcare Representative","Alta","Married",4523,0,"No",11,"Alta","Muy_Alta",3,7,4,6,0,4,54276,11072.304,0.05544554455445545,613.9099247524753]
[554,24,1,"Travel_Rarely","Sales",1,"Universitaria","Technical Degree","Baja","Alta",1,"Sales Representative","Alta","Single",3202,1,"Yes",16,"Alta","Media",0,6,4,5,1,4,38424,7569.528,0.1443298969072165,1092.509195876289]
[555,34,1,"Travel_Frequently","Sales",6,"Primaria","Marketing","Muy_Alta","Baja",1,"Sales Representative","Baja","Divorced",2351,0,"No",16,"Alta","Muy_Alta",1,3,3,2,1,0,28212,4542.132000000001,0.05544554455445545,251.8409821782178]
[556,38,0,"Travel_Frequently","Research & Development",2,"Universitaria","Life Sciences","Muy_Alta","Alta",1,"Laboratory Technician","Alta","Married",1702,1,"Yes",23,"Muy_Alta","Alta",1,1,3,1,0,0,20424,3288.264,0.6,1972.9584]
[558,40,0,"Travel_Rarely","Sales",2,"Universitaria","Life Sciences","Alta","Alta",5,"Manager","Alta","Married",18041,0,"No",14,"Alta","Muy_Alta",0,21,2,20,1,12,216492,45463.32,0.05544554455445545,2520.738534653465]
[560,26,0,"Travel_Rarely","Research & Development",23,"Universitaria","Life Sciences","Baja","Alta",1,"Research Scientist","Alta","Divorced",2886,1,"No",22,"Muy_Alta","Media",2,3,3,3,0,2,34632,6822.504,0.05544554455445545,378.2774495049505]
[562,30,0,"Non-Travel","Research & Development",3,"Universitaria","Life Sciences","Alta","Alta",1,"Laboratory Technician","Alta","Married",2097,4,"No",15,"Alta","Alta",1,9,3,5,1,4,25164,4051.404,0.05544554455445545,224.632300990099]
[564,29,0,"Travel_Rarely","Research & Development",3,"Secundaria","Medical","Media","Media",3,"Research Director","Media","Married",11935,1,"No",18,"Alta","Alta",0,10,2,10,0,7,143220,30076.2,0.05544554455445545,1667.591287128713]
[565,29,1,"Travel_Rarely","Research & Development",25,"Secundaria","Technical Degree","Alta","Media",1,"Research Scientist","Media","Married",2546,5,"No",16,"Alta","Media",0,6,2,2,1,1,30552,6018.744000000001,0.1273885350318471,766.7189808917199]
[566,19,1,"Travel_Rarely","Human Resources",2,"Secundaria","Technical Degree","Baja","Media",1,"Human Resources","Media","Single",2564,1,"No",12,"Alta","Alta",0,1,3,1,0,0,30768,6061.296,0.7777777777777778,4714.341333333334]
[567,30,0,"Non-Travel","Sales",22,"Universitaria","Other","Alta","Alta",3,"Sales Executive","Alta","Married",8412,0,"No",11,"Alta","Alta",0,10,3,9,7,8,100944,21198.24,0.05544554455445545,1175.34796039604]
[568,57,0,"Travel_Rarely","Sales",29,"Secundaria","Marketing","Baja","Media",4,"Manager","Media","Divorced",14118,3,"No",12,"Alta","Alta",1,32,3,1,0,0,169416,35577.36,0.05544554455445545,1972.606099009901]
[569,50,0,"Travel_Rarely","Research & Development",29,"Secundaria","Life Sciences","Media","Media",4,"Manager","Media","Married",17046,0,"No",15,"Alta","Media",1,28,2,27,15,7,204552,42955.92,0.5,21477.96]
[571,30,0,"Non-Travel","Research & Development",2,"Universitaria","Medical","Alta","Alta",1,"Laboratory Technician","Alta","Single",2564,0,"No",14,"Alta","Alta",0,12,2,11,6,7,30768,6061.296,0.05544554455445545,336.0718574257426]
[573,60,0,"Travel_Frequently","Sales",28,"Secundaria","Marketing","Alta","Media",3,"Sales Executive","Media","Married",10266,4,"No",19,"Alta","Muy_Alta",0,22,5,18,13,11,123192,25870.32,0.05544554455445545,1434.39398019802]
[574,47,0,"Travel_Rarely","Research & Development",2,"Universitaria","Medical","Baja","Alta",2,"Manufacturing Director","Alta","Divorced",5070,5,"No",13,"Alta","Alta",3,20,2,5,0,4,60840,12411.36,0.1273885350318471,1581.064968152866]
[575,46,0,"Travel_Rarely","Research & Development",2,"Universitaria","Life Sciences","Baja","Alta",4,"Research Director","Alta","Married",17861,6,"No",13,"Alta","Alta",0,26,2,3,0,1,214332,45009.72,0.1273885350318471,5733.722292993631]
[577,35,0,"Travel_Rarely","Research & Development",22,"Primaria","Life Sciences","Muy_Alta","Baja",1,"Laboratory Technician","Alta","Single",4230,0,"No",15,"Alta","Alta",0,6,2,5,4,3,50760,10355.04,0.05544554455445545,574.1408316831682]
[578,54,0,"Travel_Rarely","Research & Development",8,"Universitaria","Life Sciences","Alta","Alta",2,"Laboratory Technician","Alta","Single",3780,7,"No",11,"Alta","Alta",0,19,3,1,0,0,45360,8935.92,0.1273885350318471,1138.333757961783]
[579,34,0,"Travel_Rarely","Research & Development",2,"Secundaria","Life Sciences","Muy_Alta","Media",1,"Research Scientist","Media","Divorced",2768,3,"No",12,"Alta","Alta",1,14,3,7,5,7,33216,6543.552000000001,0.05544554455445545,362.8108039603961]
[580,46,0,"Travel_Rarely","Sales",10,"Secundaria","Marketing","Alta","Media",3,"Sales Executive","Media","Married",9071,2,"Yes",19,"Alta","Alta",1,15,3,3,1,2,108852,22858.92,0.1443298969072165,3299.225567010309]
[581,31,0,"Travel_Rarely","Research & Development",9,"Universitaria","Life Sciences","Alta","Alta",3,"Manufacturing Director","Alta","Divorced",10648,1,"No",25,"Muy_Alta","Muy_Alta",1,13,6,13,0,8,127776,26832.96,0.05544554455445545,1487.768079207921]
[582,33,1,"Travel_Rarely","Research & Development",15,"Universitaria","Medical","Media","Alta",3,"Manager","Alta","Married",13610,7,"Yes",12,"Alta","Muy_Alta",0,15,2,7,7,7,163320,34297.2,0.3555555555555556,12194.56]
[584,33,1,"Travel_Rarely","Research & Development",10,"Primaria","Medical","Baja","Baja",1,"Laboratory Technician","Baja","Divorced",3408,7,"No",13,"Alta","Baja",3,8,2,4,1,3,40896,8056.512000000001,0.5555555555555556,4475.84]
[585,30,0,"Travel_Rarely","Sales",7,"Universitaria","Marketing","Muy_Alta","Alta",1,"Sales Representative","Alta","Single",2983,0,"No",14,"Alta","Baja",0,4,3,3,1,2,35796,7051.812,0.05544554455445545,390.9915564356436]
[586,35,0,"Travel_Rarely","Research & Development",16,"Universitaria","Life Sciences","Muy_Alta","Alta",3,"Healthcare Representative","Alta","Married",7632,4,"Yes",12,"Alta","Alta",0,10,2,8,0,0,91584,19232.64,0.1443298969072165,2775.844948453608]
[587,31,1,"Travel_Frequently","Research & Development",20,"Universitaria","Life Sciences","Baja","Alta",3,"Healthcare Representative","Alta","Married",9824,3,"No",12,"Alta","Baja",0,12,2,1,0,0,117888,24756.48,0.05544554455445545,1372.636514851485]
[590,34,1,"Travel_Frequently","Human Resources",23,"Universitaria","Human Resources","Media","Alta",3,"Human Resources","Alta","Divorced",9950,9,"Yes",15,"Alta","Alta",3,11,2,3,0,2,119400,25074,0.3555555555555556,8915.2]
[591,42,0,"Travel_Frequently","Research & Development",5,"Universitaria","Other","Media","Alta",1,"Laboratory Technician","Alta","Married",2093,4,"No",17,"Alta","Muy_Alta",1,8,4,2,2,0,25116,4043.676,0.05544554455445545,224.2038178217822]
[592,36,0,"Non-Travel","Sales",10,"Universitaria","Medical","Media","Alta",3,"Sales Executive","Alta","Single",9980,1,"No",14,"Alta","Muy_Alta",0,10,3,10,9,7,119760,25149.6,0.05544554455445545,1394.433267326733]
[593,22,1,"Travel_Frequently","Research & Development",4,"Secundaria","Technical Degree","Alta","Media",1,"Laboratory Technician","Media","Single",3894,5,"No",16,"Alta","Alta",0,4,3,2,1,2,46728,9205.416000000001,0.1273885350318471,1172.664458598726]
[595,48,0,"Travel_Rarely","Sales",2,"Universitaria","Marketing","Media","Alta",2,"Sales Executive","Alta","Married",4051,2,"No",14,"Alta","Baja",1,14,2,9,6,7,48612,9576.564,0.05544554455445545,530.9778059405941]
[597,55,0,"Travel_Rarely","Sales",18,"Universitaria","Life Sciences","Baja","Alta",4,"Manager","Alta","Single",16835,3,"No",23,"Muy_Alta","Muy_Alta",0,37,2,10,7,7,202020,42424.2,0.05544554455445545,2352.232871287129]
[599,41,0,"Non-Travel","Sales",10,"Universitaria","Life Sciences","Muy_Alta","Alta",2,"Sales Executive","Alta","Single",6230,7,"No",14,"Alta","Muy_Alta",0,16,3,14,1,10,74760,15251.04,0.1273885350318471,1942.807643312102]
[600,35,0,"Travel_Rarely","Sales",1,"Universitaria","Marketing","Media","Alta",2,"Sales Executive","Alta","Married",4717,9,"No",11,"Alta","Alta",0,15,2,11,6,9,56604,11547.216,0.1273885350318471,1470.982929936305]
[601,40,0,"Travel_Rarely","Research & Development",6,"Universitaria","Life Sciences","Media","Alta",4,"Manufacturing Director","Alta","Single",13237,7,"No",15,"Alta","Alta",0,22,3,20,5,13,158844,33357.24,0.1273885350318471,4249.329936305732]
[602,39,0,"Travel_Frequently","Research & Development",8,"Universitaria","Life Sciences","Alta","Alta",1,"Laboratory Technician","Alta","Married",3755,1,"No",11,"Alta","Baja",1,8,3,8,0,7,45060,8876.82,0.05544554455445545,492.1801188118812]
[604,31,0,"Travel_Rarely","Sales",2,"Universitaria","Life Sciences","Media","Alta",2,"Sales Executive","Alta","Single",6582,4,"Yes",13,"Alta","Alta",0,10,2,6,0,5,78984,16586.64,0.3555555555555556,5897.472]
[605,42,0,"Travel_Rarely","Research & Development",24,"Universitaria","Medical","Muy_Alta","Alta",3,"Manufacturing Director","Alta","Married",7406,1,"Yes",21,"Muy_Alta","Muy_Alta",1,10,5,10,5,8,88872,18663.12,0.1443298969072165,2693.64618556701]
[606,45,0,"Travel_Rarely","Sales",2,"Universitaria","Other","Muy_Alta","Alta",2,"Sales Executive","Alta","Married",4805,0,"No",19,"Alta","Media",1,9,3,8,3,7,57660,11762.64,0.05544554455445545,652.1859801980198]
[608,26,1,"Travel_Frequently","Human Resources",17,"Universitaria","Life Sciences","Media","Alta",1,"Human Resources","Alta","Divorced",2741,0,"Yes",11,"Alta","Media",1,8,2,7,1,0,32892,6479.724,0.3555555555555556,2303.901866666667]
[611,29,0,"Travel_Rarely","Research & Development",19,"Universitaria","Technical Degree","Muy_Alta","Alta",2,"Manufacturing Director","Alta","Divorced",4262,4,"No",12,"Alta","Media",2,8,2,3,1,2,51144,10433.376,0.05544554455445545,578.4842138613861]
[612,33,0,"Travel_Rarely","Research & Development",1,"Master","Medical","Baja","Muy_Alta",4,"Research Director","Muy_Alta","Divorced",16184,4,"No",19,"Alta","Alta",1,10,2,6,0,5,194208,40783.68,0.05544554455445545,2261.273346534654]
[613,31,0,"Travel_Rarely","Sales",7,"Secundaria","Life Sciences","Alta","Media",3,"Manager","Media","Divorced",11557,9,"No",21,"Muy_Alta","Alta",1,10,3,5,0,1,138684,29123.64,0.1273885350318471,3710.017834394904]
[614,18,1,"Travel_Frequently","Sales",5,"Universitaria","Marketing","Media","Alta",1,"Sales Representative","Alta","Single",1878,1,"Yes",14,"Alta","Muy_Alta",0,0,3,0,0,0,22536,3628.296,0.7777777777777778,2822.008]
[615,40,0,"Non-Travel","Sales",28,"Universitaria","Other","Alta","Baja",3,"Sales Executive","Baja","Divorced",10932,3,"No",15,"Alta","Alta",1,20,2,1,0,1,131184,27548.64,0.05544554455445545,1527.449346534653]
[616,41,0,"Non-Travel","Research & Development",2,"Secundaria","Other","Baja","Media",2,"Healthcare Representative","Media","Single",6811,2,"Yes",17,"Alta","Baja",0,10,3,8,0,7,81732,17163.72,0.1443298969072165,2477.23793814433]
[618,26,0,"Travel_Rarely","Sales",29,"Universitaria","Medical","Baja","Alta",2,"Sales Executive","Alta","Divorced",4306,5,"No",12,"Alta","Baja",2,8,5,0,0,0,51672,10541.088,0.1273885350318471,1342.813757961783]
[620,35,0,"Travel_Rarely","Sales",1,"Universitaria","Medical","Baja","Alta",2,"Sales Executive","Alta","Single",4859,1,"No",16,"Alta","Muy_Alta",0,5,3,5,0,3,58308,11894.832,0.05544554455445545,659.5154376237623]
[621,34,0,"Travel_Rarely","Sales",21,"Master","Life Sciences","Muy_Alta","Muy_Alta",2,"Sales Executive","Muy_Alta","Single",5337,1,"No",12,"Alta","Muy_Alta",0,10,3,10,5,7,64044,13064.976,0.05544554455445545,724.394708910891]
[622,26,1,"Travel_Rarely","Research & Development",24,"Primaria","Technical Degree","Alta","Baja",1,"Laboratory Technician","Baja","Single",2340,1,"Yes",18,"Alta","Media",0,1,3,1,0,0,28080,4520.88,0.7777777777777778,3516.24]
[623,37,0,"Travel_Rarely","Research & Development",1,"Universitaria","Technical Degree","Media","Alta",3,"Manufacturing Director","Alta","Single",7491,4,"No",17,"Alta","Muy_Alta",0,12,3,6,1,2,89892,18877.32,0.05544554455445545,1046.663287128713]
[624,46,0,"Travel_Frequently","Research & Development",18,"Universitaria","Medical","Baja","Alta",3,"Healthcare Representative","Alta","Married",10527,5,"No",11,"Alta","Muy_Alta",0,28,3,2,1,2,126324,26528.04,0.1273885350318471,3379.368152866242]
[625,41,0,"Travel_Rarely","Sales",2,"Universitaria","Life Sciences","Media","Alta",4,"Manager","Alta","Married",16595,7,"No",16,"Alta","Media",1,22,2,18,11,8,199140,41819.4,0.1273885350318471,5327.312101910828]
[626,37,0,"Non-Travel","Sales",9,"Universitaria","Medical","Baja","Alta",3,"Sales Executive","Alta","Divorced",8834,1,"No",13,"Alta","Muy_Alta",1,9,6,9,7,7,106008,22261.68,0.05544554455445545,1234.31097029703]
[630,52,0,"Travel_Rarely","Research & Development",6,"Universitaria","Technical Degree","Muy_Alta","Alta",2,"Research Scientist","Alta","Divorced",5577,3,"Yes",12,"Alta","Media",2,18,3,10,6,9,66924,13652.496,0.1443298969072165,1970.463340206185]
[631,32,1,"Non-Travel","Sales",11,"Master","Other","Muy_Alta","Muy_Alta",2,"Sales Executive","Muy_Alta","Married",4707,8,"No",12,"Alta","Muy_Alta",0,6,2,4,1,2,56484,11522.736,0.1273885350318471,1467.864458598726]
[632,24,0,"Travel_Frequently","Sales",24,"Universitaria","Medical","Muy_Alta","Alta",1,"Sales Representative","Alta","Married",2400,0,"No",13,"Alta","Alta",2,3,3,2,2,1,28800,4636.8,0.05544554455445545,257.089900990099]
[634,38,0,"Travel_Rarely","Research & Development",10,"Universitaria","Medical","Alta","Alta",2,"Healthcare Representative","Alta","Married",9824,3,"No",19,"Alta","Alta",1,18,4,1,0,0,117888,24756.48,0.05544554455445545,1372.636514851485]
[635,37,0,"Travel_Rarely","Research & Development",1,"Universitaria","Life Sciences","Media","Alta",2,"Manufacturing Director","Alta","Married",6447,6,"No",12,"Alta","Media",1,8,2,6,4,3,77364,16246.44,0.1273885350318471,2069.610191082802]
[638,49,0,"Travel_Rarely","Research & Development",18,"Secundaria","Life Sciences","Muy_Alta","Media",5,"Research Director","Media","Divorced",19502,1,"Yes",17,"Alta","Alta",1,31,5,31,0,9,234024,49145.04,0.1443298969072165,7093.09855670103]
[639,24,0,"Travel_Rarely","Research & Development",23,"Master","Medical","Media","Muy_Alta",1,"Research Scientist","Muy_Alta","Married",2725,1,"Yes",11,"Alta","Media",2,6,3,6,1,4,32700,6441.900000000001,0.3555555555555556,2290.453333333334]
[641,26,0,"Travel_Rarely","Sales",28,"Universitaria","Marketing","Baja","Alta",2,"Sales Executive","Alta","Married",6272,1,"No",20,"Muy_Alta","Muy_Alta",2,6,5,5,1,4,75264,15805.44,0.05544554455445545,876.3412277227723]
[643,24,0,"Travel_Rarely","Research & Development",17,"Secundaria","Other","Muy_Alta","Media",1,"Laboratory Technician","Media","Married",2127,1,"No",21,"Muy_Alta","Muy_Alta",1,1,2,1,0,0,25524,4109.364,0.103448275862069,425.1066206896552]
[644,50,0,"Travel_Frequently","Human Resources",3,"Universitaria","Medical","Baja","Alta",5,"Manager","Alta","Married",18200,1,"No",11,"Alta","Alta",1,32,2,32,10,7,218400,45864,0.05544554455445545,2542.954455445545]
[645,25,0,"Travel_Rarely","Sales",13,"Universitaria","Medical","Media","Alta",1,"Sales Representative","Alta","Married",2096,1,"No",11,"Alta","Alta",0,7,1,7,0,6,25152,4049.472,0.05544554455445545,224.5251801980198]
[647,24,1,"Travel_Frequently","Research & Development",7,"Universitaria","Life Sciences","Baja","Alta",1,"Laboratory Technician","Alta","Married",2886,1,"Yes",16,"Alta","Muy_Alta",1,6,4,6,1,2,34632,6822.504,0.1443298969072165,984.691298969072]
[648,30,1,"Travel_Frequently","Sales",12,"Secundaria","Life Sciences","Media","Media",1,"Sales Representative","Media","Married",2033,1,"No",18,"Alta","Alta",1,1,2,1,0,0,24396,3927.756,0.103448275862069,406.3195862068966]
[649,34,0,"Travel_Rarely","Research & Development",1,"Secundaria","Life Sciences","Media","Media",1,"Research Scientist","Alta","Married",3622,1,"Yes",13,"Alta","Muy_Alta",1,6,3,6,1,3,43464,8562.408000000001,0.3555555555555556,3044.411733333334]
[650,31,1,"Travel_Rarely","Sales",13,"Universitaria","Medical","Media","Alta",2,"Sales Executive","Alta","Divorced",4233,2,"No",17,"Alta","Alta",0,9,2,3,1,2,50796,10362.384,0.05544554455445545,574.5480237623763]
[652,35,0,"Travel_Rarely","Research & Development",25,"Universitaria","Other","Baja","Media",2,"Laboratory Technician","Media","Single",3681,4,"No",14,"Alta","Muy_Alta",0,9,3,3,0,2,44172,8701.884,0.05544554455445545,482.480697029703]
[653,31,0,"Travel_Rarely","Sales",6,"Master","Medical","Baja","Muy_Alta",2,"Sales Executive","Muy_Alta","Divorced",5460,4,"No",22,"Muy_Alta","Muy_Alta",2,13,4,7,5,7,65520,13366.08,0.05544554455445545,741.0895841584158]
[655,27,0,"Travel_Rarely","Research & Development",6,"Secundaria","Medical","Baja","Media",1,"Research Scientist","Media","Divorced",2187,0,"No",12,"Alta","Alta",2,6,5,5,0,3,26244,4225.284000000001,0.05544554455445545,234.2731722772278]
[656,37,0,"Travel_Rarely","Sales",2,"Universitaria","Marketing","Muy_Alta","Alta",2,"Sales Executive","Alta","Married",9602,4,"Yes",11,"Alta","Alta",1,17,3,3,1,0,115224,24197.04,0.1443298969072165,3492.356288659794]
[657,20,0,"Travel_Rarely","Research & Development",1,"Secundaria","Life Sciences","Muy_Alta","Media",1,"Research Scientist","Media","Single",2836,1,"No",13,"Alta","Muy_Alta",0,1,0,1,0,0,34032,6704.304,0.2,1340.8608]
[659,42,0,"Travel_Rarely","Research & Development",2,"Universitaria","Life Sciences","Alta","Alta",2,"Healthcare Representative","Alta","Married",4089,1,"No",13,"Alta","Media",2,10,4,10,2,2,49068,9666.396,0.05544554455445545,535.9585900990099]
[661,43,0,"Travel_Rarely","Research & Development",6,"Secundaria","Other","Media","Media",4,"Research Director","Media","Divorced",16627,4,"Yes",14,"Alta","Alta",1,21,3,1,0,0,199524,41900.04,0.3555555555555556,14897.792]
[662,38,0,"Travel_Rarely","Research & Development",1,"Universitaria","Life Sciences","Alta","Alta",1,"Research Scientist","Alta","Single",2619,3,"No",17,"Alta","Muy_Alta",0,8,3,0,0,0,31428,6191.316000000001,0.05544554455445545,343.2808871287129]
[663,43,0,"Travel_Frequently","Research & Development",9,"Universitaria","Medical","Muy_Alta","Alta",2,"Laboratory Technician","Alta","Divorced",5679,3,"Yes",13,"Alta","Media",1,10,3,8,4,7,68148,13902.192,0.1443298969072165,2006.50193814433]
[664,48,0,"Travel_Rarely","Research & Development",1,"Secundaria","Life Sciences","Muy_Alta","Media",4,"Manager","Media","Married",15402,7,"No",11,"Alta","Baja",1,21,3,3,0,2,184824,38813.04,0.1273885350318471,4944.336305732484]
[665,44,0,"Travel_Rarely","Human Resources",1,"Secundaria","Life Sciences","Baja","Media",2,"Human Resources","Media","Single",5985,4,"No",11,"Alta","Media",0,10,1,2,0,2,71820,14651.28,0.05544554455445545,812.3481980198019]
[666,34,0,"Travel_Rarely","Sales",14,"Universitaria","Technical Degree","Alta","Alta",1,"Sales Representative","Alta","Divorced",2579,1,"Yes",18,"Alta","Muy_Alta",2,8,3,8,0,6,30948,6096.756,0.1443298969072165,879.9441649484536]
[667,27,1,"Travel_Rarely","Sales",2,"Universitaria","Marketing","Alta","Alta",1,"Sales Representative","Alta","Divorced",3041,0,"No",11,"Alta","Media",1,5,3,4,0,2,36492,7188.924,0.05544554455445545,398.5938059405941]
[669,21,0,"Travel_Rarely","Sales",22,"Universitaria","Technical Degree","Alta","Alta",1,"Sales Representative","Alta","Single",3447,1,"No",11,"Alta","Alta",0,3,2,3,1,2,41364,8148.708000000001,0.05544554455445545,451.8095524752476]
[671,44,0,"Travel_Rarely","Research & Development",3,"Universitaria","Other","Muy_Alta","Alta",5,"Manager","Alta","Married",19513,4,"Yes",12,"Alta","Baja",1,26,2,2,0,1,234156,49172.75999999999,0.1443298969072165,7097.099381443298]
[675,22,0,"Travel_Rarely","Research & Development",6,"Universitaria","Medical","Baja","Alta",1,"Research Scientist","Alta","Married",2773,0,"No",20,"Muy_Alta","Muy_Alta",0,3,3,2,2,2,33276,6555.372,0.05544554455445545,363.4661702970297]
[677,33,0,"Travel_Rarely","Sales",8,"Universitaria","Marketing","Alta","Alta",2,"Sales Executive","Alta","Divorced",7104,0,"No",12,"Alta","Muy_Alta",0,6,3,5,1,2,85248,17902.08,0.05544554455445545,992.5905742574256]
[679,32,0,"Travel_Rarely","Research & Development",9,"Universitaria","Life Sciences","Baja","Alta",2,"Research Scientist","Alta","Married",6322,1,"Yes",12,"Alta","Muy_Alta",1,6,2,6,0,5,75864,15931.44,0.1443298969072165,2299.383092783505]
[680,30,0,"Travel_Frequently","Research & Development",3,"Universitaria","Medical","Alta","Alta",1,"Research Scientist","Alta","Divorced",2083,1,"No",20,"Muy_Alta","Alta",1,1,2,1,0,0,24996,4024.356,0.103448275862069,416.3126896551724]
[682,53,0,"Travel_Rarely","Sales",1,"Universitaria","Medical","Muy_Alta","Alta",2,"Sales Executive","Alta","Single",8381,7,"No",20,"Muy_Alta","Muy_Alta",0,18,2,14,8,10,100572,21120.12,0.1273885350318471,2690.461146496815]
[683,34,0,"Travel_Rarely","Research & Development",1,"Universitaria","Life Sciences","Media","Alta",1,"Research Scientist","Alta","Married",2691,1,"No",12,"Alta","Muy_Alta",1,10,4,10,8,8,32292,6361.524,0.05544554455445545,352.7181623762377]
[684,45,1,"Travel_Frequently","Sales",26,"Universitaria","Life Sciences","Baja","Alta",2,"Sales Executive","Alta","Married",4286,2,"No",14,"Alta","Muy_Alta",2,5,4,1,0,0,51432,10492.128,0.05544554455445545,581.7417504950495]
[686,26,0,"Travel_Rarely","Research & Development",6,"Universitaria","Life Sciences","Alta","Alta",1,"Laboratory Technician","Alta","Married",2659,1,"Yes",13,"Alta","Alta",1,3,2,3,0,2,31908,6285.876,0.1443298969072165,907.2398350515464]
[689,37,0,"Travel_Rarely","Research & Development",3,"Universitaria","Other","Alta","Alta",3,"Manufacturing Director","Alta","Married",9434,1,"No",15,"Alta","Alta",1,10,2,10,7,8,113208,23773.68,0.05544554455445545,1318.144633663366]
[690,29,0,"Travel_Rarely","Sales",3,"Universitaria","Medical","Media","Alta",2,"Sales Executive","Alta","Married",5561,1,"No",14,"Alta","Baja",1,6,5,6,1,2,66732,13613.328,0.05544554455445545,754.7983841584158]
[691,35,0,"Travel_Rarely","Research & Development",6,"Primaria","Life Sciences","Media","Baja",2,"Research Scientist","Baja","Single",6646,1,"No",13,"Alta","Media",0,17,3,17,11,8,79752,16747.92,0.05544554455445545,928.5975445544553]
[692,33,0,"Travel_Frequently","Research & Development",6,"Universitaria","Life Sciences","Alta","Alta",2,"Healthcare Representative","Alta","Divorced",7725,3,"No",23,"Muy_Alta","Alta",1,15,2,13,4,7,92700,19467,0.05544554455445545,1079.358415841584]
[698,54,0,"Travel_Rarely","Human Resources",19,"Universitaria","Medical","Alta","Alta",3,"Human Resources","Alta","Married",10725,2,"No",15,"Alta","Alta",1,16,1,9,7,1,128700,27027,0.05544554455445545,1498.526732673267]
[699,36,0,"Travel_Rarely","Research & Development",9,"Secundaria","Medical","Media","Media",2,"Manufacturing Director","Media","Divorced",8847,2,"Yes",11,"Alta","Alta",1,13,2,3,0,2,106164,22294.44,0.3555555555555556,7926.912]
[700,27,0,"Travel_Rarely","Research & Development",3,"Secundaria","Medical","Baja","Media",1,"Research Scientist","Media","Single",2045,0,"No",13,"Alta","Muy_Alta",0,5,0,4,1,1,24540,3950.94,0.05544554455445545,219.0620198019802]
[701,20,1,"Travel_Rarely","Research & Development",10,"Universitaria","Medical","Muy_Alta","Alta",1,"Research Scientist","Alta","Single",1009,1,"Yes",11,"Alta","Muy_Alta",0,1,5,1,1,1,12108,1949.388,0.7777777777777778,1516.190666666667]
[702,33,1,"Travel_Frequently","Research & Development",3,"Universitaria","Life Sciences","Baja","Alta",1,"Research Scientist","Alta","Single",3348,1,"Yes",11,"Alta","Baja",0,10,3,10,9,7,40176,7914.672,0.1443298969072165,1142.323793814433]
[704,35,0,"Non-Travel","Research & Development",3,"Secundaria","Life Sciences","Alta","Media",1,"Laboratory Technician","Media","Married",1281,1,"No",18,"Alta","Alta",2,1,3,1,0,0,15372,2474.892,0.103448275862069,256.0233103448276]
[705,23,0,"Travel_Rarely","Research & Development",4,"Master","Medical","Baja","Muy_Alta",1,"Research Scientist","Alta","Married",2819,2,"No",16,"Alta","Baja",1,5,3,3,0,2,33828,6664.116,0.05544554455445545,369.4955405940594]
[707,25,0,"Travel_Rarely","Sales",8,"Master","Life Sciences","Muy_Alta","Muy_Alta",2,"Sales Executive","Muy_Alta","Married",4851,0,"No",22,"Muy_Alta","Alta",1,4,4,3,1,2,58212,11875.248,0.05544554455445545,658.4295920792079]
[709,38,0,"Travel_Rarely","Sales",7,"Secundaria","Marketing","Muy_Alta","Media",2,"Sales Executive","Media","Single",4028,0,"No",20,"Muy_Alta","Baja",0,8,2,7,0,5,48336,9522.192000000001,0.05544554455445545,527.9631207920793]
[710,29,0,"Travel_Frequently","Research & Development",1,"Primaria","Life Sciences","Media","Baja",1,"Research Scientist","Baja","Divorced",2720,1,"No",18,"Alta","Muy_Alta",1,10,5,10,2,8,32640,6430.08,0.05544554455445545,356.5192871287128]
[712,48,0,"Travel_Rarely","Sales",2,"Master","Marketing","Media","Muy_Alta",2,"Sales Executive","Muy_Alta","Married",8120,3,"No",12,"Alta","Muy_Alta",0,12,3,2,2,2,97440,20462.4,0.05544554455445545,1134.548910891089]
[714,27,0,"Travel_Frequently","Sales",3,"Master","Medical","Muy_Alta","Muy_Alta",2,"Sales Executive","Alta","Divorced",4647,1,"Yes",20,"Muy_Alta","Media",2,6,3,6,0,4,55764,11375.856,0.1443298969072165,1641.87612371134]
[715,37,0,"Travel_Rarely","Research & Development",10,"Master","Life Sciences","Muy_Alta","Muy_Alta",1,"Research Scientist","Muy_Alta","Single",4680,3,"No",17,"Alta","Baja",0,4,2,1,0,0,56160,11456.64,0.05544554455445545,635.2196435643564]
[716,50,0,"Travel_Rarely","Research & Development",28,"Master","Medical","Muy_Alta","Muy_Alta",1,"Laboratory Technician","Muy_Alta","Married",3221,1,"Yes",11,"Alta","Alta",3,20,3,20,3,8,38652,7614.444,0.1443298969072165,1098.991917525773]
[717,34,0,"Travel_Rarely","Research & Development",9,"Secundaria","Medical","Muy_Alta","Media",3,"Healthcare Representative","Media","Single",8621,1,"No",14,"Alta","Media",0,9,3,8,7,7,103452,21724.92,0.05544554455445545,1204.55001980198]
[720,24,1,"Travel_Rarely","Sales",3,"Universitaria","Life Sciences","Baja","Alta",2,"Sales Executive","Alta","Single",4577,9,"No",14,"Alta","Baja",0,4,3,2,2,0,54924,11204.496,0.1273885350318471,1427.324331210191]
[721,39,0,"Travel_Rarely","Research & Development",2,"Secundaria","Technical Degree","Muy_Alta","Media",2,"Healthcare Representative","Media","Single",4553,1,"No",11,"Alta","Baja",0,20,4,20,11,10,54636,11145.744,0.05544554455445545,617.9818455445544]
[722,32,0,"Travel_Rarely","Sales",10,"Universitaria","Marketing","Muy_Alta","Alta",2,"Sales Executive","Alta","Single",5396,1,"No",12,"Alta","Muy_Alta",0,10,2,10,0,8,64752,13209.408,0.05544554455445545,732.4028198019802]
[723,50,1,"Travel_Frequently","Sales",8,"Universitaria","Technical Degree","Media","Alta",2,"Sales Executive","Alta","Married",6796,3,"Yes",14,"Alta","Baja",1,18,4,4,1,3,81552,17125.92,0.3555555555555556,6089.215999999999]
[724,38,0,"Travel_Rarely","Research & Development",1,"Master","Life Sciences","Media","Muy_Alta",2,"Healthcare Representative","Muy_Alta","Single",7625,0,"No",13,"Alta","Alta",0,10,4,9,1,8,91500,19215,0.05544554455445545,1065.386138613861]
[725,27,0,"Travel_Rarely","Research & Development",1,"Universitaria","Life Sciences","Alta","Alta",3,"Manufacturing Director","Alta","Married",7412,1,"No",11,"Alta","Muy_Alta",0,9,3,9,0,7,88944,18678.24,0.05544554455445545,1035.625188118812]
[727,32,0,"Travel_Rarely","Research & Development",3,"Universitaria","Life Sciences","Alta","Alta",3,"Research Director","Alta","Single",11159,3,"No",15,"Alta","Muy_Alta",0,10,6,7,7,7,133908,28120.68,0.05544554455445545,1559.166415841584]
[728,47,0,"Travel_Rarely","Sales",14,"Universitaria","Marketing","Muy_Alta","Alta",2,"Sales Executive","Alta","Single",4960,2,"No",12,"Alta","Muy_Alta",0,20,2,7,1,7,59520,12142.08,0.05544554455445545,673.2242376237624]
[729,40,0,"Travel_Frequently","Sales",5,"Secundaria","Life Sciences","Muy_Alta","Media",3,"Sales Executive","Alta","Married",10475,5,"Yes",21,"Muy_Alta","Alta",1,20,2,18,1,12,125700,26397,0.1443298969072165,3809.876288659793]
[730,53,0,"Travel_Rarely","Research & Development",7,"Master","Life Sciences","Alta","Muy_Alta",4,"Research Director","Muy_Alta","Married",14814,3,"No",19,"Alta","Alta",0,32,3,5,1,3,177768,37331.28,0.05544554455445545,2069.853148514851]
[731,41,0,"Travel_Rarely","Human Resources",10,"Secundaria","Human Resources","Media","Media",5,"Manager","Media","Divorced",19141,3,"No",15,"Alta","Media",3,23,2,21,12,6,229692,48235.32,0.05544554455445545,2674.433584158416]
[732,60,0,"Travel_Rarely","Sales",16,"Universitaria","Marketing","Baja","Alta",2,"Sales Executive","Alta","Single",5405,8,"No",14,"Alta","Muy_Alta",0,10,1,2,2,2,64860,13231.44,0.1273885350318471,1685.533757961783]
[733,27,0,"Travel_Frequently","Research & Development",10,"Universitaria","Life Sciences","Muy_Alta","Alta",3,"Manufacturing Director","Alta","Divorced",8793,1,"No",21,"Muy_Alta","Alta",2,9,4,9,1,7,105516,22158.36,0.05544554455445545,1228.582336633663]
[734,41,0,"Travel_Rarely","Human Resources",1,"Secundaria","Human Resources","Muy_Alta","Media",5,"Manager","Media","Married",19189,1,"No",12,"Alta","Media",1,22,3,22,2,10,230268,48356.28,0.05544554455445545,2681.140277227723]
[738,50,0,"Travel_Rarely","Sales",8,"Universitaria","Marketing","Muy_Alta","Alta",1,"Sales Representative","Alta","Married",3875,7,"No",15,"Alta","Muy_Alta",1,4,2,2,2,2,46500,9160.5,0.1273885350318471,1166.942675159236]
[741,28,1,"Travel_Rarely","Research & Development",1,"Primaria","Life Sciences","Baja","Baja",1,"Research Scientist","Alta","Single",2216,7,"Yes",13,"Alta","Muy_Alta",0,10,4,7,3,7,26592,4281.312,0.1666666666666667,713.5519999999999]
[742,36,0,"Non-Travel","Research & Development",8,"Master","Life Sciences","Baja","Muy_Alta",3,"Research Director","Muy_Alta","Married",11713,9,"No",14,"Alta","Baja",1,10,2,8,0,5,140556,29516.76,0.1273885350318471,3760.096815286624]
[743,38,0,"Travel_Rarely","Research & Development",1,"Universitaria","Life Sciences","Alta","Alta",3,"Manufacturing Director","Alta","Single",7861,4,"Yes",14,"Alta","Muy_Alta",0,10,4,1,0,0,94332,19809.72,0.1443298969072165,2859.134845360824]
[744,44,0,"Non-Travel","Research & Development",24,"Primaria","Medical","Baja","Baja",1,"Laboratory Technician","Baja","Single",3708,2,"No",14,"Alta","Alta",0,9,5,5,1,4,44496,8765.712,0.05544554455445545,486.0196752475247]
[746,47,0,"Travel_Frequently","Sales",3,"Universitaria","Medical","Muy_Alta","Alta",4,"Sales Executive","Alta","Divorced",13770,9,"Yes",12,"Alta","Muy_Alta",2,28,2,22,11,13,165240,34700.4,0.1443298969072165,5008.305154639175]
[747,30,0,"Travel_Rarely","Sales",27,"Universitaria","Marketing","Alta","Alta",2,"Sales Executive","Alta","Divorced",5304,7,"No",23,"Muy_Alta","Muy_Alta",1,10,2,8,7,7,63648,12984.192,0.1273885350318471,1654.037197452229]
[749,29,0,"Travel_Rarely","Sales",10,"Universitaria","Life Sciences","Alta","Alta",1,"Sales Representative","Alta","Single",2642,1,"No",11,"Alta","Alta",0,1,6,1,0,0,31704,6245.688,0.7777777777777778,4857.757333333334]
[752,42,1,"Travel_Frequently","Research & Development",19,"Universitaria","Medical","Alta","Muy_Alta",1,"Research Scientist","Muy_Alta","Divorced",2759,6,"Yes",12,"Alta","Muy_Alta",0,7,2,2,2,2,33108,6522.276,0.1443298969072165,941.3594226804123]
[754,43,0,"Travel_Frequently","Sales",15,"Secundaria","Life Sciences","Muy_Alta","Media",2,"Sales Executive","Media","Married",6804,3,"No",18,"Alta","Alta",1,7,5,2,2,2,81648,17146.08,0.05544554455445545,950.6737425742573]
[757,34,0,"Travel_Rarely","Research & Development",8,"Universitaria","Medical","Media","Alta",2,"Healthcare Representative","Alta","Single",6142,3,"No",11,"Alta","Muy_Alta",0,10,2,5,4,3,73704,15035.616,0.05544554455445545,833.6579168316831]
[758,23,0,"Travel_Rarely","Research & Development",9,"Universitaria","Medical","Media","Alta",1,"Laboratory Technician","Alta","Married",2500,1,"No",14,"Alta","Muy_Alta",1,5,2,4,0,2,30000,4830,0.05544554455445545,267.8019801980198]
[760,39,0,"Travel_Rarely","Human Resources",3,"Master","Human Resources","Alta","Muy_Alta",2,"Human Resources","Muy_Alta","Married",6389,9,"No",15,"Alta","Alta",1,12,3,8,3,6,76668,16100.28,0.1273885350318471,2050.991082802548]
[762,56,0,"Travel_Rarely","Research & Development",9,"Universitaria","Medical","Alta","Alta",4,"Healthcare Representative","Alta","Married",11103,7,"No",11,"Alta","Alta",0,30,1,10,1,1,133236,27979.56,0.1273885350318471,3564.275159235669]
[763,40,0,"Travel_Rarely","Research & Development",2,"Secundaria","Medical","Muy_Alta","Media",1,"Research Scientist","Media","Single",2342,0,"Yes",20,"Muy_Alta","Muy_Alta",0,5,2,4,2,3,28104,4524.744,0.8260869565217391,3737.832]
[764,27,0,"Travel_Rarely","Research & Development",7,"Universitaria","Medical","Muy_Alta","Media",2,"Healthcare Representative","Media","Single",6811,8,"No",19,"Alta","Baja",0,9,2,7,0,7,81732,17163.72,0.1273885350318471,2186.461146496815]
[766,29,0,"Travel_Rarely","Sales",10,"Universitaria","Marketing","Muy_Alta","Alta",1,"Sales Representative","Alta","Divorced",2297,1,"No",14,"Alta","Muy_Alta",2,2,2,2,2,2,27564,4437.804,0.103448275862069,459.0831724137931]
[769,53,0,"Travel_Rarely","Research & Development",6,"Universitaria","Life Sciences","Muy_Alta","Alta",2,"Laboratory Technician","Alta","Single",2450,2,"No",17,"Alta","Muy_Alta",0,19,4,2,2,2,29400,4733.400000000001,0.05544554455445545,262.4459405940594]
[771,35,0,"Non-Travel","Research & Development",2,"Universitaria","Life Sciences","Muy_Alta","Alta",2,"Healthcare Representative","Alta","Divorced",5093,2,"No",11,"Alta","Baja",1,16,2,1,0,0,61116,12467.664,0.05544554455445545,691.2764198019802]
[772,32,0,"Travel_Frequently","Research & Development",24,"Universitaria","Life Sciences","Baja","Alta",2,"Laboratory Technician","Alta","Married",5309,1,"No",15,"Alta","Muy_Alta",2,10,2,10,4,7,63708,12996.432,0.05544554455445545,720.5942495049504]
[773,38,0,"Travel_Rarely","Research & Development",2,"Universitaria","Medical","Muy_Alta","Alta",1,"Research Scientist","Alta","Married",3057,6,"Yes",13,"Alta","Media",1,6,0,1,0,1,36684,7226.748000000001,0.1443298969072165,1043.035793814433]
[775,34,0,"Travel_Rarely","Research & Development",8,"Universitaria","Life Sciences","Media","Alta",2,"Manufacturing Director","Alta","Divorced",5121,3,"No",14,"Alta","Alta",1,7,3,0,0,0,61452,12536.208,0.05544554455445545,695.0768792079207]
[776,52,0,"Travel_Rarely","Sales",3,"Secundaria","Marketing","Alta","Media",4,"Manager","Media","Married",16856,1,"No",11,"Alta","Baja",0,34,3,34,1,16,202272,42477.12,0.05544554455445545,2355.16704950495]
[780,33,1,"Travel_Rarely","Research & Development",1,"Universitaria","Other","Muy_Alta","Alta",1,"Research Scientist","Alta","Single",2686,1,"Yes",13,"Alta","Alta",0,10,2,10,7,8,32232,6349.704000000001,0.1443298969072165,916.4521237113402]
[781,25,0,"Travel_Rarely","Sales",26,"Universitaria","Medical","Alta","Alta",2,"Sales Executive","Alta","Single",6180,1,"No",23,"Muy_Alta","Media",0,6,5,6,1,4,74160,15128.64,0.05544554455445545,838.8156831683168]
[783,45,0,"Travel_Rarely","Sales",2,"Primaria","Technical Degree","Media","Baja",2,"Sales Representative","Baja","Single",6632,0,"No",13,"Alta","Baja",0,9,3,8,3,1,79584,16712.64,0.05544554455445545,926.6414257425743]
[784,23,0,"Travel_Rarely","Research & Development",10,"Master","Medical","Baja","Muy_Alta",1,"Research Scientist","Muy_Alta","Single",3505,1,"No",18,"Alta","Muy_Alta",0,2,3,2,0,2,42060,8285.82,0,0]
[785,47,1,"Travel_Frequently","Sales",27,"Master","Life Sciences","Media","Muy_Alta",2,"Sales Executive","Muy_Alta","Single",6397,4,"Yes",12,"Alta","Muy_Alta",0,8,2,5,1,3,76764,16120.44,0.3555555555555556,5731.712]
[786,34,0,"Travel_Rarely","Sales",2,"Universitaria","Other","Muy_Alta","Alta",2,"Sales Executive","Alta","Single",6274,1,"No",22,"Muy_Alta","Alta",0,6,5,6,1,4,75288,15810.48,0.05544554455445545,876.6206732673268]
[787,55,1,"Travel_Rarely","Research & Development",2,"Universitaria","Medical","Muy_Alta","Alta",5,"Manager","Alta","Married",19859,5,"Yes",13,"Alta","Muy_Alta",1,24,2,5,1,4,238308,50044.68,0.1443298969072165,7222.943505154639]
[789,36,0,"Non-Travel","Sales",8,"Secundaria","Life Sciences","Baja","Media",3,"Sales Executive","Media","Single",7587,1,"No",15,"Alta","Media",0,10,1,10,0,9,91044,19119.24,0.05544554455445545,1060.076673267327]
[791,52,0,"Non-Travel","Research & Development",19,"Universitaria","Medical","Muy_Alta","Alta",1,"Research Scientist","Alta","Married",4258,0,"No",18,"Alta","Baja",1,5,3,4,1,2,51096,10423.584,0.05544554455445545,577.9412910891089]
[792,26,0,"Travel_Frequently","Research & Development",1,"Primaria","Life Sciences","Baja","Baja",1,"Laboratory Technician","Baja","Divorced",4364,3,"No",14,"Alta","Baja",1,5,2,2,2,0,52368,10683.072,0.05544554455445545,592.3287445544555]
[793,29,0,"Travel_Rarely","Research & Development",27,"Universitaria","Medical","Media","Alta",2,"Healthcare Representative","Alta","Married",4335,4,"No",12,"Alta","Baja",1,11,3,8,1,1,52020,10612.08,0.05544554455445545,588.3925544554455]
[796,26,1,"Travel_Rarely","Sales",8,"Secundaria","Technical Degree","Muy_Alta","Media",2,"Sales Executive","Media","Single",5326,6,"No",17,"Alta","Alta",0,6,2,4,1,2,63912,13038.048,0.1273885350318471,1660.897834394904]
[797,34,0,"Travel_Rarely","Research & Development",1,"Master","Life Sciences","Media","Muy_Alta",1,"Research Scientist","Muy_Alta","Single",3280,2,"No",16,"Alta","Alta",0,10,2,4,1,3,39360,7753.92,0.05544554455445545,429.9203168316832]
[799,54,0,"Travel_Rarely","Research & Development",19,"Universitaria","Medical","Muy_Alta","Alta",2,"Manufacturing Director","Alta","Divorced",5485,9,"Yes",11,"Alta","Media",2,9,4,5,1,4,65820,13427.28,0.1443298969072165,1937.95793814433]
[800,27,0,"Travel_Frequently","Sales",8,"Universitaria","Marketing","Alta","Alta",2,"Sales Executive","Alta","Married",4342,0,"No",19,"Alta","Media",1,5,3,4,1,1,52104,10629.216,0.05544554455445545,589.3426693069306]
[802,37,0,"Travel_Rarely","Research & Development",10,"Universitaria","Life Sciences","Muy_Alta","Alta",1,"Research Scientist","Alta","Divorced",2782,0,"Yes",13,"Alta","Media",2,6,3,5,4,3,33384,6576.648,0.1443298969072165,949.2069278350515]
[803,38,0,"Travel_Frequently","Research & Development",2,"Master","Life Sciences","Baja","Muy_Alta",2,"Manufacturing Director","Muy_Alta","Single",5980,6,"Yes",12,"Alta","Muy_Alta",0,17,2,15,4,12,71760,14639.04,0.1443298969072165,2112.851134020618]
[804,34,0,"Travel_Rarely","Research & Development",2,"Secundaria","Medical","Alta","Media",1,"Research Scientist","Media","Single",4381,1,"No",11,"Alta","Alta",0,6,3,6,1,3,52572,10724.688,0.05544554455445545,594.6361663366337]
[805,35,0,"Travel_Rarely","Sales",8,"Universitaria","Life Sciences","Baja","Alta",1,"Sales Representative","Alta","Married",2572,1,"No",16,"Alta","Media",1,3,1,3,0,2,30864,6080.208000000001,0.05544554455445545,337.1204435643565]
[806,30,0,"Travel_Rarely","Research & Development",1,"Primaria","Life Sciences","Muy_Alta","Baja",1,"Laboratory Technician","Baja","Married",3833,3,"No",21,"Muy_Alta","Alta",2,7,2,2,0,2,45996,9061.212,0.05544554455445545,502.4038336633663]
[807,40,0,"Travel_Frequently","Research & Development",2,"Master","Medical","Alta","Muy_Alta",2,"Healthcare Representative","Muy_Alta","Married",4244,1,"No",24,"Muy_Alta","Muy_Alta",1,8,2,8,3,7,50928,10389.312,0.05544554455445545,576.0410613861386]
[808,34,0,"Travel_Rarely","Sales",8,"Universitaria","Life Sciences","Alta","Alta",2,"Sales Executive","Alta","Married",6500,5,"No",17,"Alta","Media",1,6,1,3,1,2,78000,16380,0.1273885350318471,2086.624203821656]
[809,42,0,"Travel_Frequently","Research & Development",8,"Universitaria","Life Sciences","Media","Alta",5,"Manager","Alta","Divorced",18430,1,"No",13,"Alta","Media",1,24,4,24,14,9,221160,46443.6,0.05544554455445545,2575.090693069307]
[811,23,1,"Travel_Rarely","Research & Development",6,"Master","Life Sciences","Alta","Muy_Alta",1,"Laboratory Technician","Muy_Alta","Married",1601,1,"Yes",21,"Muy_Alta","Alta",2,1,2,0,0,0,19212,3093.132,0.6,1855.8792]
[812,24,0,"Non-Travel","Research & Development",9,"Secundaria","Life Sciences","Alta","Media",1,"Laboratory Technician","Media","Divorced",2694,1,"No",11,"Alta","Alta",3,1,4,1,0,0,32328,6368.616,0.103448275862069,658.8223448275862]
[813,52,0,"Travel_Rarely","Research & Development",11,"Universitaria","Life Sciences","Muy_Alta","Alta",2,"Laboratory Technician","Alta","Married",3149,8,"No",20,"Muy_Alta","Media",1,9,3,5,1,4,37788,7444.236,0.1273885350318471,948.3103184713376]
[815,50,0,"Travel_Rarely","Research & Development",2,"Universitaria","Medical","Alta","Alta",4,"Research Director","Alta","Married",17639,5,"No",16,"Alta","Muy_Alta",0,30,3,4,0,3,211668,44450.28,0.1273885350318471,5662.456050955414]
[816,29,1,"Travel_Rarely","Research & Development",1,"Secundaria","Life Sciences","Media","Media",1,"Laboratory Technician","Media","Married",2319,1,"Yes",11,"Alta","Muy_Alta",1,1,1,1,0,0,27828,4480.308,0.6,2688.1848]
[817,33,0,"Travel_Rarely","Research & Development",7,"Universitaria","Medical","Alta","Alta",3,"Research Director","Alta","Married",11691,0,"No",11,"Alta","Muy_Alta",0,14,3,13,3,7,140292,29461.32,0.05544554455445545,1633.498930693069]
[819,33,1,"Travel_Rarely","Sales",16,"Universitaria","Marketing","Baja","Alta",2,"Sales Executive","Alta","Single",5324,5,"No",15,"Alta","Alta",0,6,3,3,0,2,63888,13033.152,0.1273885350318471,1660.274140127389]
[820,47,0,"Travel_Rarely","Research & Development",2,"Universitaria","Other","Alta","Alta",4,"Manager","Alta","Married",16752,1,"Yes",11,"Alta","Alta",1,26,3,26,3,0,201024,42215.04,0.1443298969072165,6092.89237113402]
[823,36,0,"Travel_Rarely","Research & Development",1,"Universitaria","Other","Alta","Alta",2,"Manufacturing Director","Alta","Married",5228,0,"No",15,"Alta","Baja",1,10,2,9,0,5,62736,12798.144,0.05544554455445545,709.6000633663366]
[824,29,0,"Travel_Rarely","Research & Development",23,"Master","Life Sciences","Alta","Muy_Alta",1,"Research Scientist","Muy_Alta","Married",2700,1,"No",24,"Muy_Alta","Alta",1,10,3,10,0,7,32400,6382.8,0.05544554455445545,353.8978217821783]
[825,58,1,"Travel_Rarely","Research & Development",2,"Universitaria","Life Sciences","Muy_Alta","Alta",5,"Research Director","Alta","Single",19246,7,"Yes",12,"Alta","Muy_Alta",0,40,2,31,13,8,230952,48499.92,0.1443298969072165,6999.988453608246]
[826,35,0,"Travel_Rarely","Research & Development",1,"Master","Life Sciences","Muy_Alta","Muy_Alta",1,"Research Scientist","Muy_Alta","Single",2506,3,"No",13,"Alta","Alta",0,7,0,2,2,2,30072,5924.184,0.05544554455445545,328.4696079207921]
[827,42,0,"Travel_Rarely","Research & Development",1,"Secundaria","Life Sciences","Muy_Alta","Media",2,"Manufacturing Director","Media","Married",6062,9,"Yes",13,"Alta","Muy_Alta",1,8,4,4,0,2,72744,14839.776,0.1443298969072165,2141.823340206186]
[828,28,1,"Travel_Rarely","Research & Development",2,"Universitaria","Medical","Alta","Alta",1,"Research Scientist","Alta","Single",4382,6,"No",17,"Alta","Muy_Alta",0,5,3,2,2,1,52584,10727.136,0.1273885350318471,1366.514140127388]
[829,36,0,"Travel_Rarely","Human Resources",13,"Universitaria","Human Resources","Alta","Alta",1,"Human Resources","Alta","Married",2143,4,"No",13,"Alta","Media",1,8,2,5,0,4,25716,4140.276,0.05544554455445545,229.5598574257426]
[830,32,0,"Travel_Rarely","Research & Development",4,"Secundaria","Life Sciences","Alta","Media",2,"Manufacturing Director","Media","Married",6162,1,"No",12,"Alta","Alta",1,14,3,14,6,8,73944,15084.576,0.05544554455445545,836.3725306930693]
[832,40,0,"Travel_Frequently","Research & Development",16,"Secundaria","Medical","Baja","Media",2,"Laboratory Technician","Media","Single",5094,6,"No",14,"Alta","Muy_Alta",0,10,6,1,0,0,61128,12470.112,0.1273885350318471,1588.549299363057]
[833,30,0,"Travel_Rarely","Research & Development",2,"Universitaria","Medical","Alta","Alta",2,"Manufacturing Director","Alta","Single",6877,5,"Yes",24,"Muy_Alta","Media",0,12,4,0,0,0,82524,17330.04,0.1443298969072165,2501.242886597938]
[834,45,0,"Travel_Rarely","Research & Development",2,"Secundaria","Life Sciences","Media","Media",1,"Research Scientist","Media","Single",2274,1,"No",14,"Alta","Muy_Alta",0,1,3,1,0,0,27288,4393.368,0.7777777777777778,3417.064]
[836,42,0,"Travel_Rarely","Research & Development",29,"Universitaria","Life Sciences","Media","Alta",2,"Manufacturing Director","Alta","Married",4434,1,"No",13,"Alta","Muy_Alta",1,10,3,9,7,8,53208,10854.432,0.05544554455445545,601.8298930693069]
[837,38,0,"Travel_Frequently","Research & Development",12,"Secundaria","Life Sciences","Baja","Media",2,"Healthcare Representative","Media","Divorced",6288,2,"No",15,"Alta","Alta",1,13,3,4,1,2,75456,15845.76,0.05544554455445545,878.576792079208]
[838,34,0,"Travel_Frequently","Research & Development",16,"Secundaria","Life Sciences","Alta","Media",1,"Research Scientist","Media","Single",2553,1,"No",16,"Alta","Alta",0,6,3,5,1,3,30636,6035.292,0.05544554455445545,334.6300514851486]
[840,49,1,"Travel_Rarely","Sales",11,"Universitaria","Marketing","Alta","Alta",3,"Sales Executive","Alta","Married",7654,1,"No",18,"Alta","Baja",2,9,3,9,7,7,91848,19288.08,0.05544554455445545,1069.438099009901]
[842,55,1,"Travel_Rarely","Sales",2,"Universitaria","Medical","Alta","Alta",2,"Sales Executive","Alta","Single",5160,4,"No",16,"Alta","Alta",0,12,3,9,7,3,61920,12631.68,0.05544554455445545,700.3703762376236]
[843,43,0,"Travel_Rarely","Research & Development",14,"Universitaria","Life Sciences","Media","Alta",4,"Research Director","Alta","Married",17159,6,"No",24,"Muy_Alta","Alta",1,22,3,4,1,0,205908,43240.68,0.1273885350318471,5508.366878980892]
[844,27,0,"Travel_Rarely","Research & Development",5,"Secundaria","Technical Degree","Alta","Media",3,"Research Director","Media","Divorced",12808,1,"Yes",16,"Alta","Media",1,9,3,9,0,8,153696,32276.16,0.1443298969072165,4658.414845360824]
[845,35,0,"Travel_Rarely","Research & Development",7,"Universitaria","Other","Alta","Alta",3,"Manufacturing Director","Alta","Single",10221,3,"No",21,"Muy_Alta","Media",0,17,3,8,1,6,122652,25756.92,0.05544554455445545,1428.106455445544]
[846,28,0,"Travel_Rarely","Sales",2,"Universitaria","Marketing","Media","Alta",2,"Sales Executive","Alta","Married",4779,1,"Yes",20,"Muy_Alta","Baja",0,8,2,8,7,5,57348,11698.992,0.3555555555555556,4159.6416]
[847,34,0,"Travel_Rarely","Human Resources",3,"Universitaria","Human Resources","Alta","Alta",1,"Human Resources","Alta","Married",3737,0,"No",19,"Alta","Alta",1,4,1,3,0,2,44844,8834.268,0.05544554455445545,489.8208]
[848,26,1,"Travel_Frequently","Research & Development",5,"Universitaria","Medical","Alta","Media",1,"Research Scientist","Media","Married",2366,1,"Yes",14,"Alta","Baja",1,8,2,8,1,7,28392,4571.112,0.8260869565217391,3776.136]
[850,27,0,"Non-Travel","Research & Development",3,"Universitaria","Medical","Muy_Alta","Alta",1,"Research Scientist","Alta","Married",1706,1,"No",11,"Alta","Alta",3,0,6,0,0,0,20472,3295.992,0.103448275862069,340.9646896551724]
[851,51,0,"Travel_Rarely","Sales",26,"Universitaria","Marketing","Baja","Alta",4,"Manager","Alta","Married",16307,2,"No",14,"Alta","Alta",1,29,2,20,4,17,195684,41093.64,0.05544554455445545,2278.459247524752]
[852,44,0,"Travel_Rarely","Research & Development",4,"Universitaria","Medical","Muy_Alta","Alta",2,"Healthcare Representative","Alta","Single",5933,9,"No",12,"Alta","Muy_Alta",0,10,2,5,2,3,71196,14523.984,0.1273885350318471,1850.189044585987]
[854,25,0,"Travel_Rarely","Research & Development",2,"Master","Medical","Baja","Muy_Alta",1,"Research Scientist","Muy_Alta","Single",3424,7,"No",13,"Alta","Alta",0,6,3,4,0,1,41088,8094.336,0.1273885350318471,1031.125605095541]
[855,33,0,"Travel_Rarely","Sales",1,"Master","Medical","Baja","Muy_Alta",2,"Sales Executive","Muy_Alta","Divorced",4037,1,"No",22,"Muy_Alta","Baja",1,9,5,9,0,8,48444,9543.468,0.05544554455445545,529.1427801980199]
[856,35,0,"Travel_Rarely","Research & Development",27,"Secundaria","Medical","Alta","Media",1,"Research Scientist","Media","Single",2559,1,"No",11,"Alta","Muy_Alta",0,6,3,6,1,1,30708,6049.476000000001,0.05544554455445545,335.4164910891089]
[857,36,0,"Travel_Rarely","Sales",1,"Universitaria","Life Sciences","Media","Alta",2,"Sales Executive","Alta","Married",6201,1,"Yes",14,"Alta","Muy_Alta",1,18,1,18,4,11,74412,15180.048,0.3555555555555556,5397.350399999999]
[859,32,0,"Travel_Rarely","Sales",13,"Universitaria","Life Sciences","Media","Alta",2,"Sales Executive","Alta","Divorced",4403,2,"No",11,"Alta","Alta",1,8,3,5,0,3,52836,10778.544,0.05544554455445545,597.6222415841584]
[861,30,0,"Travel_Frequently","Research & Development",5,"Secundaria","Life Sciences","Media","Media",1,"Research Scientist","Media","Divorced",3761,9,"No",12,"Alta","Media",1,10,3,5,0,3,45132,8891.004,0.1273885350318471,1132.611974522293]
[862,53,0,"Travel_Rarely","Sales",7,"Secundaria","Marketing","Baja","Media",3,"Sales Executive","Media","Married",10934,7,"Yes",18,"Alta","Muy_Alta",1,35,3,5,0,4,131208,27553.68,0.1443298969072165,3976.819793814433]
[864,45,0,"Travel_Rarely","Sales",9,"Universitaria","Marketing","Muy_Alta","Alta",3,"Sales Executive","Alta","Divorced",10761,4,"Yes",12,"Alta","Alta",1,18,2,5,0,2,129132,27117.72,0.1443298969072165,3913.897731958762]
[865,32,0,"Travel_Rarely","Research & Development",8,"Master","Medical","Alta","Muy_Alta",2,"Research Scientist","Muy_Alta","Married",5175,5,"No",12,"Alta","Alta",1,9,3,5,1,3,62100,12668.4,0.1273885350318471,1613.808917197452]
[867,52,0,"Travel_Frequently","Research & Development",25,"Secundaria","Medical","Alta","Media",4,"Manufacturing Director","Media","Married",13826,3,"No",22,"Muy_Alta","Alta",0,31,3,9,0,0,165912,34841.52,0.05544554455445545,1931.80704950495]
[868,37,0,"Travel_Rarely","Sales",16,"Secundaria","Marketing","Muy_Alta","Media",2,"Sales Executive","Media","Divorced",6334,4,"No",19,"Alta","Muy_Alta",2,9,2,1,0,0,76008,15961.68,0.05544554455445545,885.0040396039605]
[869,28,0,"Travel_Rarely","Human Resources",8,"Secundaria","Medical","Media","Media",1,"Human Resources","Media","Divorced",4936,1,"No",13,"Alta","Muy_Alta",1,6,6,5,0,4,59232,12083.328,0.05544554455445545,669.966700990099]
[872,22,0,"Travel_Rarely","Research & Development",1,"Universitaria","Life Sciences","Muy_Alta","Alta",2,"Manufacturing Director","Alta","Married",4775,6,"No",22,"Muy_Alta","Baja",2,4,2,2,2,2,57300,11689.2,0.1273885350318471,1489.070063694267]
[874,44,0,"Travel_Rarely","Research & Development",8,"Master","Life Sciences","Baja","Muy_Alta",1,"Laboratory Technician","Alta","Married",2818,2,"Yes",24,"Muy_Alta","Alta",1,10,2,3,0,2,33816,6661.752,0.1443298969072165,961.4899793814433]
[875,42,0,"Travel_Frequently","Research & Development",2,"Universitaria","Medical","Media","Alta",1,"Research Scientist","Alta","Single",2515,5,"Yes",14,"Alta","Muy_Alta",0,8,2,2,2,2,30180,5945.46,0.3555555555555556,2113.941333333333]
[878,36,0,"Travel_Rarely","Human Resources",8,"Secundaria","Life Sciences","Baja","Media",1,"Human Resources","Media","Married",2342,0,"No",21,"Muy_Alta","Alta",0,6,3,5,0,3,28104,4524.744,0.05544554455445545,250.8768950495049]
[879,25,0,"Travel_Rarely","Sales",3,"Universitaria","Other","Alta","Alta",2,"Sales Executive","Alta","Married",4194,1,"Yes",18,"Alta","Muy_Alta",0,5,3,5,0,3,50328,10266.912,0.1443298969072165,1481.822350515464]
[880,35,0,"Travel_Rarely","Research & Development",9,"Secundaria","Life Sciences","Muy_Alta","Media",3,"Manufacturing Director","Alta","Married",10685,1,"Yes",20,"Muy_Alta","Media",1,17,2,17,5,15,128220,26926.2,0.1443298969072165,3886.255670103093]
[881,35,1,"Travel_Frequently","Research & Development",25,"Universitaria","Life Sciences","Muy_Alta","Alta",1,"Research Scientist","Alta","Divorced",2022,1,"Yes",19,"Alta","Baja",1,10,3,10,7,8,24264,3906.504,0.1666666666666667,651.084]
[882,32,0,"Non-Travel","Research & Development",1,"Universitaria","Life Sciences","Muy_Alta","Alta",1,"Laboratory Technician","Alta","Divorced",2314,0,"No",12,"Alta","Media",1,4,2,3,0,2,27768,4470.648,0.05544554455445545,247.8775128712871]
[885,25,0,"Travel_Rarely","Sales",4,"Secundaria","Marketing","Alta","Media",2,"Sales Executive","Media","Married",4256,1,"No",12,"Alta","Baja",0,5,1,5,0,3,51072,10418.688,0.05544554455445545,577.6698297029703]
[887,49,0,"Travel_Rarely","Research & Development",1,"Universitaria","Technical Degree","Alta","Alta",1,"Research Scientist","Alta","Married",3580,2,"No",16,"Alta","Media",1,7,2,4,0,2,42960,8463.12,0.05544554455445545,469.242297029703]
[888,24,0,"Non-Travel","Research & Development",4,"Secundaria","Life Sciences","Baja","Media",1,"Laboratory Technician","Media","Married",3162,0,"No",17,"Alta","Muy_Alta",0,6,2,5,3,4,37944,7474.968000000001,0.05544554455445545,414.4536712871288]
[889,32,0,"Travel_Frequently","Sales",5,"Universitaria","Life Sciences","Media","Alta",2,"Sales Executive","Alta","Married",6524,1,"No",14,"Alta","Muy_Alta",1,10,3,10,5,3,78288,16440.48,0.05544554455445545,911.5513663366337]
[893,38,0,"Travel_Rarely","Sales",9,"Secundaria","Marketing","Media","Media",1,"Sales Representative","Media","Married",2899,0,"No",19,"Alta","Muy_Alta",1,3,3,2,1,2,34788,6853.236,0.05544554455445545,379.981401980198]
[894,42,0,"Travel_Rarely","Research & Development",3,"Universitaria","Life Sciences","Alta","Muy_Alta",2,"Laboratory Technician","Muy_Alta","Married",5231,2,"Yes",13,"Alta","Media",1,17,1,5,1,3,62772,12805.488,0.1443298969072165,1848.214762886598]
[895,31,0,"Travel_Rarely","Research & Development",11,"Universitaria","Life Sciences","Muy_Alta","Alta",1,"Research Scientist","Alta","Married",2356,3,"Yes",19,"Alta","Media",1,8,2,6,0,2,28272,4551.792,0.8260869565217391,3760.176]
[896,29,1,"Travel_Rarely","Sales",1,"Secundaria","Medical","Media","Media",1,"Sales Representative","Media","Divorced",2800,6,"Yes",19,"Alta","Alta",3,5,3,3,0,2,33600,6619.200000000001,0.3555555555555556,2353.493333333334]
[897,53,0,"Travel_Rarely","Sales",8,"Universitaria","Marketing","Baja","Alta",4,"Sales Executive","Alta","Married",11836,5,"No",14,"Alta","Alta",1,28,3,2,2,2,142032,29826.72,0.1273885350318471,3799.582165605095]
[899,35,0,"Travel_Rarely","Research & Development",25,"Secundaria","Technical Degree","Muy_Alta","Media",3,"Manufacturing Director","Media","Married",10903,3,"No",16,"Alta","Baja",0,16,2,13,4,8,130836,27475.56,0.05544554455445545,1523.397386138614]
[900,37,0,"Travel_Frequently","Sales",21,"Universitaria","Medical","Alta","Alta",1,"Sales Representative","Alta","Married",2973,5,"No",15,"Alta","Media",1,10,3,5,0,0,35676,7028.172,0.1273885350318471,895.3085350318472]
[901,53,0,"Travel_Rarely","Research & Development",23,"Universitaria","Life Sciences","Muy_Alta","Alta",4,"Research Director","Alta","Single",14275,6,"No",18,"Alta","Alta",0,33,0,12,3,8,171300,35973,0.1273885350318471,4582.547770700637]
[902,43,0,"Travel_Frequently","Research & Development",1,"Universitaria","Life Sciences","Muy_Alta","Alta",2,"Healthcare Representative","Alta","Married",5562,4,"No",13,"Alta","Media",1,12,2,5,2,2,66744,13615.776,0.05544554455445545,754.9341148514851]
[903,47,0,"Travel_Rarely","Sales",2,"Universitaria","Marketing","Alta","Alta",2,"Sales Executive","Alta","Married",4537,0,"Yes",22,"Muy_Alta","Baja",1,8,2,7,7,7,54444,11106.576,0.1443298969072165,1603.010969072165]
[904,37,0,"Non-Travel","Sales",19,"Universitaria","Medical","Baja","Alta",3,"Sales Executive","Alta","Single",7642,1,"Yes",13,"Alta","Muy_Alta",0,10,2,10,0,9,91704,19257.84,0.1443298969072165,2779.48206185567]
[905,50,0,"Non-Travel","Research & Development",2,"Universitaria","Life Sciences","Baja","Alta",4,"Manager","Alta","Divorced",17924,1,"No",11,"Alta","Muy_Alta",1,31,3,31,14,7,215088,45168.48,0.05544554455445545,2504.39097029703]
[909,39,0,"Travel_Rarely","Human Resources",2,"Secundaria","Life Sciences","Muy_Alta","Media",2,"Human Resources","Media","Married",5204,8,"No",11,"Alta","Alta",2,13,2,5,0,4,62448,12739.392,0.1273885350318471,1622.852484076433]
[910,33,0,"Travel_Rarely","Human Resources",3,"Universitaria","Human Resources","Muy_Alta","Alta",1,"Human Resources","Alta","Divorced",2277,3,"Yes",11,"Alta","Alta",1,7,4,4,0,3,27324,4399.164,0.8260869565217391,3634.092]
[911,32,1,"Travel_Rarely","Research & Development",25,"Universitaria","Life Sciences","Baja","Alta",1,"Laboratory Technician","Alta","Single",2795,1,"Yes",24,"Muy_Alta","Alta",0,1,2,1,0,1,33540,6607.38,0.7777777777777778,5139.073333333334]
[912,29,0,"Travel_Rarely","Research & Development",7,"Secundaria","Medical","Baja","Media",1,"Laboratory Technician","Media","Divorced",2532,6,"No",14,"Alta","Alta",3,8,5,4,0,3,30384,5985.648,0.1273885350318471,762.5029299363057]
[913,44,0,"Travel_Rarely","Research & Development",9,"Universitaria","Life Sciences","Media","Alta",1,"Research Scientist","Alta","Married",2559,1,"Yes",13,"Alta","Muy_Alta",0,8,0,8,7,1,30708,6049.476000000001,0.3555555555555556,2150.9248]
[916,28,0,"Travel_Rarely","Sales",5,"Universitaria","Medical","Baja","Alta",2,"Sales Executive","Alta","Single",4908,1,"No",14,"Alta","Media",0,4,3,4,0,2,58896,12014.784,0.05544554455445545,666.1662415841585]
[918,58,1,"Travel_Frequently","Research & Development",2,"Secundaria","Life Sciences","Muy_Alta","Media",1,"Laboratory Technician","Media","Divorced",2380,9,"Yes",14,"Alta","Muy_Alta",1,3,3,1,0,0,28560,4598.16,0.8260869565217391,3798.48]
[920,43,0,"Travel_Rarely","Research & Development",8,"Universitaria","Life Sciences","Baja","Alta",2,"Manufacturing Director","Alta","Divorced",4765,4,"No",21,"Muy_Alta","Alta",1,4,2,1,0,0,57180,11664.72,0.05544554455445545,646.7567524752475]
[922,20,1,"Travel_Rarely","Sales",2,"Secundaria","Medical","Alta","Media",1,"Sales Representative","Media","Single",2044,1,"No",13,"Alta","Muy_Alta",0,2,3,2,0,2,24528,3949.008,0.7777777777777778,3071.450666666667]
[923,21,1,"Travel_Rarely","Research & Development",18,"Universitaria","Other","Muy_Alta","Alta",1,"Research Scientist","Alta","Single",2693,1,"No",19,"Alta","Baja",0,1,3,1,0,0,32316,6366.252,0.7777777777777778,4951.529333333334]
[924,36,0,"Travel_Rarely","Research & Development",14,"Universitaria","Life Sciences","Alta","Alta",2,"Healthcare Representative","Alta","Married",6586,0,"Yes",17,"Alta","Baja",1,17,2,16,4,11,79032,16596.72,0.1443298969072165,2395.402886597938]
[925,47,0,"Travel_Rarely","Sales",2,"Secundaria","Life Sciences","Muy_Alta","Media",1,"Sales Representative","Media","Single",3294,1,"Yes",18,"Alta","Baja",0,3,3,3,1,2,39528,7787.016000000001,0.1443298969072165,1123.899216494845]
[926,22,1,"Travel_Rarely","Research & Development",3,"Universitaria","Life Sciences","Media","Alta",2,"Manufacturing Director","Alta","Married",4171,0,"Yes",19,"Alta","Baja",1,4,3,3,0,2,50052,10210.608,0.3555555555555556,3630.4384]
[927,41,1,"Travel_Rarely","Research & Development",2,"Primaria","Life Sciences","Media","Baja",1,"Laboratory Technician","Baja","Divorced",2778,4,"Yes",13,"Alta","Alta",1,10,1,7,1,0,33336,6567.192,0.3555555555555556,2335.0016]
[930,28,0,"Travel_Rarely","Research & Development",9,"Universitaria","Medical","Alta","Alta",1,"Research Scientist","Alta","Divorced",2377,5,"No",18,"Alta","Media",1,6,2,2,2,2,28524,4592.364,0.1273885350318471,585.0145222929937]
[932,39,1,"Travel_Rarely","Research & Development",6,"Universitaria","Medical","Muy_Alta","Alta",1,"Laboratory Technician","Alta","Married",2404,7,"Yes",21,"Muy_Alta","Muy_Alta",0,8,2,2,2,2,28848,4644.528,0.8260869565217391,3836.784]
[933,27,0,"Travel_Rarely","Research & Development",4,"Universitaria","Life Sciences","Media","Alta",1,"Research Scientist","Alta","Single",2318,1,"No",19,"Alta","Alta",0,1,2,1,0,0,27816,4478.376,0.7777777777777778,3483.181333333333]
[934,34,0,"Travel_Rarely","Research & Development",10,"Universitaria","Life Sciences","Media","Alta",1,"Laboratory Technician","Alta","Divorced",2008,1,"No",14,"Alta","Media",2,1,3,1,1,0,24096,3879.456,0.103448275862069,401.3230344827586]
[936,42,0,"Travel_Rarely","Sales",14,"Secundaria","Medical","Alta","Media",2,"Sales Executive","Media","Single",6244,7,"No",17,"Alta","Baja",0,10,6,5,0,3,74928,15285.312,0.1273885350318471,1947.173503184713]
[939,33,0,"Travel_Rarely","Research & Development",1,"Secundaria","Other","Alta","Media",1,"Research Scientist","Media","Single",2799,3,"Yes",11,"Alta","Media",0,6,1,3,0,2,33588,6616.836,0.1443298969072165,955.0072577319587]
[940,58,0,"Travel_Rarely","Research & Development",5,"Secundaria","Technical Degree","Alta","Media",3,"Healthcare Representative","Media","Divorced",10552,2,"Yes",13,"Alta","Muy_Alta",1,24,3,6,0,4,126624,26591.04,0.1443298969072165,3837.882061855669]
[941,31,0,"Travel_Rarely","Sales",7,"Secundaria","Life Sciences","Media","Media",1,"Sales Representative","Media","Married",2329,3,"No",15,"Alta","Media",0,13,2,7,5,2,27948,4499.628,0.05544554455445545,249.4843247524752]
[942,35,0,"Travel_Rarely","Research & Development",21,"Universitaria","Life Sciences","Muy_Alta","Alta",2,"Healthcare Representative","Alta","Married",4014,1,"Yes",25,"Muy_Alta","Muy_Alta",1,10,2,10,0,7,48168,9489.096,0.1443298969072165,1369.56024742268]
[944,49,0,"Travel_Rarely","Research & Development",8,"Universitaria","Other","Baja","Alta",3,"Laboratory Technician","Alta","Married",7403,4,"No",11,"Alta","Alta",1,29,3,26,1,7,88836,18655.56,0.05544554455445545,1034.367683168317]
[945,48,0,"Travel_Rarely","Research & Development",20,"Universitaria","Medical","Muy_Alta","Alta",1,"Research Scientist","Alta","Married",2259,4,"No",17,"Alta","Baja",2,13,2,0,0,0,27108,4364.388,0.05544554455445545,241.9858693069307]
[947,31,0,"Non-Travel","Sales",20,"Universitaria","Marketing","Muy_Alta","Alta",2,"Sales Executive","Alta","Married",6932,1,"No",13,"Alta","Muy_Alta",1,9,2,9,0,0,83184,17468.64,0.05544554455445545,968.5582574257426]
[949,36,0,"Travel_Rarely","Research & Development",7,"Universitaria","Other","Media","Alta",1,"Research Scientist","Alta","Single",4678,2,"No",18,"Alta","Alta",0,8,6,6,0,1,56136,11451.744,0.05544554455445545,634.9481821782177]
[950,38,0,"Travel_Rarely","Research & Development",1,"Universitaria","Technical Degree","Muy_Alta","Alta",3,"Research Director","Alta","Married",13582,1,"No",13,"Alta","Media",1,15,3,15,5,11,162984,34226.64,0.05544554455445545,1897.714693069307]
[951,32,0,"Non-Travel","Research & Development",1,"Secundaria","Life Sciences","Alta","Media",1,"Laboratory Technician","Media","Married",2332,6,"No",20,"Muy_Alta","Alta",0,5,3,3,0,2,27984,4505.424,0.1273885350318471,573.9393630573248]
[952,25,1,"Travel_Rarely","Sales",19,"Secundaria","Marketing","Alta","Media",1,"Sales Representative","Media","Married",2413,1,"Yes",18,"Alta","Alta",3,1,2,1,0,0,28956,4661.916,0.6,2797.1496]
[954,40,0,"Travel_Rarely","Sales",10,"Secundaria","Marketing","Baja","Media",3,"Sales Executive","Media","Divorced",9705,2,"No",12,"Alta","Media",1,11,2,1,0,0,116460,24456.6,0.05544554455445545,1356.009504950495]
[956,26,0,"Travel_Frequently","Sales",1,"Secundaria","Medical","Alta","Media",2,"Sales Executive","Media","Single",4294,1,"No",12,"Alta","Media",0,7,2,7,0,7,51528,10511.712,0.05544554455445545,582.8275960396039]
[957,41,0,"Travel_Rarely","Research & Development",6,"Universitaria","Medical","Muy_Alta","Alta",1,"Laboratory Technician","Alta","Single",4721,2,"Yes",13,"Alta","Alta",0,20,3,18,2,17,56652,11557.008,0.1443298969072165,1668.021773195876]
[958,36,0,"Travel_Rarely","Research & Development",2,"Universitaria","Medical","Alta","Alta",1,"Laboratory Technician","Alta","Single",2519,4,"No",21,"Muy_Alta","Alta",0,16,6,11,3,9,30228,5954.916,0.05544554455445545,330.1735603960396]
[959,19,1,"Travel_Rarely","Sales",21,"Secundaria","Other","Muy_Alta","Media",1,"Sales Representative","Media","Single",2121,1,"Yes",13,"Alta","Media",0,1,3,1,0,0,25452,4097.772,0.7777777777777778,3187.156]
[960,20,1,"Travel_Rarely","Research & Development",4,"Universitaria","Technical Degree","Baja","Alta",1,"Laboratory Technician","Alta","Single",2973,1,"No",19,"Alta","Media",0,1,2,1,0,0,35676,7028.172,0.7777777777777778,5466.356000000001]
[961,31,0,"Travel_Rarely","Research & Development",12,"Universitaria","Medical","Muy_Alta","Alta",2,"Healthcare Representative","Alta","Married",5855,0,"Yes",11,"Alta","Alta",2,10,2,9,8,5,70260,14333.04,0.1443298969072165,2068.68618556701]
[964,40,0,"Travel_Frequently","Research & Development",9,"Universitaria","Medical","Muy_Alta","Alta",1,"Research Scientist","Alta","Divorced",3617,8,"Yes",14,"Alta","Muy_Alta",1,3,2,1,0,0,43404,8550.588,0.1443298969072165,1234.105484536082]
[966,32,0,"Travel_Rarely","Research & Development",3,"Universitaria","Medical","Alta","Alta",2,"Manufacturing Director","Alta","Married",6725,1,"No",12,"Alta","Alta",1,8,2,8,6,3,80700,16947,0.05544554455445545,939.6356435643564]
[967,36,1,"Travel_Rarely","Sales",3,"Secundaria","Life Sciences","Alta","Media",3,"Sales Executive","Media","Married",10325,1,"Yes",11,"Alta","Baja",1,16,6,16,3,7,123900,26019,0.1443298969072165,3755.319587628866]
[969,33,0,"Travel_Rarely","Research & Development",1,"Secundaria","Life Sciences","Media","Media",2,"Healthcare Representative","Media","Single",6949,0,"No",14,"Alta","Baja",0,6,3,5,1,4,83388,17511.48,0.05544554455445545,970.9335445544555]
[970,37,1,"Travel_Rarely","Sales",1,"Secundaria","Life Sciences","Baja","Media",3,"Sales Executive","Media","Married",10609,5,"No",11,"Alta","Alta",0,17,2,14,11,7,127308,26734.68,0.1273885350318471,3405.691719745223]
[972,45,0,"Non-Travel","Research & Development",4,"Universitaria","Life Sciences","Alta","Alta",2,"Laboratory Technician","Alta","Married",4447,1,"No",12,"Alta","Media",0,9,5,9,0,8,53364,10886.256,0.05544554455445545,603.5943920792079]
[974,29,0,"Travel_Frequently","Sales",20,"Universitaria","Technical Degree","Alta","Alta",1,"Sales Representative","Alta","Married",2157,1,"No",15,"Alta","Media",1,3,5,3,0,2,25884,4167.324000000001,0.05544554455445545,231.0595485148515]
[975,35,0,"Travel_Rarely","Sales",18,"Universitaria","Medical","Alta","Alta",2,"Sales Executive","Alta","Married",4601,1,"No",16,"Alta","Media",0,5,3,5,1,0,55212,11263.248,0.05544554455445545,624.4969188118812]
[976,52,0,"Travel_Rarely","Research & Development",1,"Universitaria","Life Sciences","Muy_Alta","Alta",4,"Manager","Alta","Married",17099,2,"No",15,"Alta","Media",1,26,2,9,7,8,205188,43089.48,0.05544554455445545,2389.119683168316]
[977,58,1,"Travel_Rarely","Research & Development",2,"Universitaria","Technical Degree","Muy_Alta","Alta",1,"Research Scientist","Alta","Single",2479,4,"No",24,"Muy_Alta","Baja",0,7,4,1,0,0,29748,4789.428,0.05544554455445545,265.5524435643565]
[981,53,0,"Travel_Rarely","Sales",2,"Universitaria","Medical","Alta","Alta",4,"Manager","Alta","Divorced",14852,6,"No",13,"Alta","Alta",1,22,3,17,15,2,178224,37427.04,0.1273885350318471,4767.775796178344]
[982,30,0,"Travel_Rarely","Sales",8,"Universitaria","Other","Alta","Alta",3,"Sales Executive","Alta","Divorced",7264,5,"No",11,"Alta","Baja",1,10,2,8,7,7,87168,18305.28,0.1273885350318471,2331.882802547771]
[983,38,0,"Non-Travel","Sales",10,"Universitaria","Technical Degree","Alta","Alta",2,"Sales Executive","Alta","Single",5666,1,"Yes",13,"Alta","Media",0,6,1,5,1,3,67992,13870.368,0.1443298969072165,2001.908783505154]
[984,35,0,"Travel_Rarely","Sales",3,"Universitaria","Life Sciences","Muy_Alta","Alta",3,"Sales Executive","Alta","Divorced",7823,6,"No",13,"Alta","Media",1,12,2,10,0,8,93876,19713.96,0.1273885350318471,2511.332484076433]
[985,39,0,"Travel_Rarely","Sales",2,"Universitaria","Life Sciences","Baja","Muy_Alta",3,"Sales Executive","Muy_Alta","Single",7880,0,"No",18,"Alta","Muy_Alta",0,9,3,8,0,7,94560,19857.6,0.05544554455445545,1101.015445544554]
[986,40,1,"Non-Travel","Sales",24,"Master","Life Sciences","Media","Muy_Alta",4,"Sales Executive","Muy_Alta","Single",13194,4,"Yes",16,"Alta","Muy_Alta",0,22,2,1,0,0,158328,33248.88,0.3555555555555556,11821.824]
[987,47,0,"Travel_Frequently","Research & Development",16,"Master","Medical","Alta","Muy_Alta",2,"Manufacturing Director","Muy_Alta","Divorced",5067,1,"Yes",19,"Alta","Alta",0,20,3,19,2,7,60804,12404.016,0.1443298969072165,1790.270350515464]
[990,36,0,"Non-Travel","Sales",8,"Universitaria","Technical Degree","Baja","Alta",2,"Sales Executive","Alta","Divorced",5079,4,"No",13,"Alta","Muy_Alta",2,12,3,7,0,7,60948,12433.392,0.05544554455445545,689.3761900990099]
[991,31,1,"Non-Travel","Research & Development",9,"Secundaria","Medical","Alta","Media",1,"Research Scientist","Media","Single",2321,0,"Yes",22,"Muy_Alta","Baja",0,4,0,3,1,2,27852,4484.172,0.8260869565217391,3704.316]
[992,33,0,"Non-Travel","Sales",17,"Universitaria","Life Sciences","Muy_Alta","Alta",4,"Manager","Alta","Single",17444,1,"No",11,"Alta","Muy_Alta",0,10,2,10,6,0,209328,43958.88,0.05544554455445545,2437.324039603961]
[994,29,1,"Travel_Rarely","Research & Development",10,"Secundaria","Life Sciences","Muy_Alta","Media",1,"Research Scientist","Media","Single",2404,6,"Yes",20,"Muy_Alta","Alta",0,3,5,0,0,0,28848,4644.528,0.8260869565217391,3836.784]
[995,33,0,"Travel_Rarely","Research & Development",13,"Universitaria","Life Sciences","Media","Alta",1,"Research Scientist","Alta","Single",3452,3,"No",18,"Alta","Baja",0,5,4,3,0,2,41424,8160.528,0.05544554455445545,452.4649188118812]
[996,45,0,"Travel_Rarely","Research & Development",1,"Universitaria","Medical","Muy_Alta","Alta",1,"Laboratory Technician","Alta","Divorced",2270,3,"No",14,"Alta","Muy_Alta",2,8,2,5,0,2,27240,4385.64,0.05544554455445545,243.164198019802]
[997,50,0,"Travel_Rarely","Research & Development",1,"Universitaria","Medical","Muy_Alta","Alta",4,"Research Director","Alta","Divorced",17399,9,"No",22,"Muy_Alta","Alta",1,32,1,5,1,3,208788,43845.48,0.1273885350318471,5585.411464968152]
[998,33,0,"Travel_Frequently","Research & Development",1,"Master","Other","Alta","Muy_Alta",2,"Healthcare Representative","Muy_Alta","Married",5488,1,"Yes",13,"Alta","Baja",1,6,2,6,1,2,65856,13434.624,0.1443298969072165,1939.017896907216]
[999,41,0,"Travel_Frequently","Research & Development",9,"Universitaria","Medical","Baja","Alta",5,"Research Director","Alta","Divorced",19419,2,"No",17,"Alta","Media",1,21,2,18,0,11,233028,48935.88,0.05544554455445545,2713.276514851485]
[1001,27,0,"Travel_Rarely","Research & Development",16,"Universitaria","Technical Degree","Alta","Alta",1,"Laboratory Technician","Alta","Married",2811,9,"No",14,"Alta","Media",1,4,2,2,2,2,33732,6645.204000000001,0.1273885350318471,846.5228025477708]
[1002,45,0,"Non-Travel","Research & Development",23,"Universitaria","Life Sciences","Muy_Alta","Alta",2,"Laboratory Technician","Alta","Married",3633,1,"Yes",15,"Alta","Alta",1,9,2,9,0,8,43596,8588.412,0.1443298969072165,1239.564618556701]
[1003,47,0,"Travel_Rarely","Sales",4,"Universitaria","Life Sciences","Muy_Alta","Alta",2,"Sales Executive","Alta","Single",4163,1,"Yes",17,"Alta","Alta",0,9,0,9,0,7,49956,9841.332,0.1443298969072165,1420.398432989691]
[1004,30,1,"Travel_Rarely","Research & Development",22,"Universitaria","Life Sciences","Baja","Alta",1,"Research Scientist","Alta","Married",2132,4,"Yes",11,"Alta","Media",0,7,2,5,0,1,25584,4119.024,0.8260869565217391,3402.672]
[1005,50,0,"Travel_Rarely","Research & Development",24,"Universitaria","Life Sciences","Muy_Alta","Alta",4,"Manufacturing Director","Alta","Married",13973,3,"Yes",18,"Alta","Muy_Alta",1,22,2,12,1,5,167676,35211.96,0.1443298969072165,5082.13855670103]
[1006,38,0,"Travel_Frequently","Research & Development",10,"Universitaria","Medical","Alta","Alta",1,"Research Scientist","Alta","Married",2684,0,"No",17,"Alta","Media",1,3,0,2,0,2,32208,6344.976000000001,0.05544554455445545,351.8006495049505]
[1007,46,0,"Travel_Rarely","Research & Development",7,"Universitaria","Medical","Muy_Alta","Alta",3,"Manufacturing Director","Alta","Divorced",10845,6,"No",13,"Alta","Media",1,13,3,8,0,7,130140,27329.4,0.1273885350318471,3481.452229299363]
[1009,24,0,"Travel_Rarely","Research & Development",17,"Secundaria","Medical","Muy_Alta","Media",2,"Manufacturing Director","Media","Divorced",4377,1,"No",15,"Alta","Media",2,5,6,4,3,2,52524,10714.896,0.05544554455445545,594.0932435643564]
[1010,35,1,"Travel_Rarely","Research & Development",14,"Universitaria","Other","Alta","Media",1,"Laboratory Technician","Media","Divorced",3743,1,"Yes",24,"Muy_Alta","Muy_Alta",1,5,2,4,0,2,44916,8848.452000000001,0.1443298969072165,1277.096164948454]
[1011,31,0,"Travel_Frequently","Research & Development",1,"Universitaria","Life Sciences","Alta","Alta",2,"Manufacturing Director","Alta","Married",4148,1,"No",12,"Alta","Alta",1,4,1,4,0,3,49776,9805.872000000001,0.05544554455445545,543.6919128712872]
[1012,18,0,"Non-Travel","Research & Development",5,"Universitaria","Life Sciences","Media","Alta",1,"Research Scientist","Alta","Single",1051,1,"No",15,"Alta","Muy_Alta",0,0,2,0,0,0,12612,2030.532,0.7777777777777778,1579.302666666667]
[1013,54,0,"Travel_Rarely","Research & Development",17,"Universitaria","Technical Degree","Alta","Alta",3,"Manufacturing Director","Alta","Married",10739,8,"No",11,"Alta","Alta",1,22,2,10,0,8,128868,27062.28,0.1273885350318471,3447.424203821656]
[1014,35,0,"Travel_Rarely","Research & Development",25,"Universitaria","Medical","Alta","Alta",3,"Healthcare Representative","Alta","Divorced",10388,1,"Yes",11,"Alta","Alta",1,16,3,16,10,1,124656,26177.76,0.1443298969072165,3778.233402061855]
[1015,30,0,"Travel_Rarely","Research & Development",8,"Master","Life Sciences","Media","Muy_Alta",3,"Research Director","Muy_Alta","Married",11416,0,"Yes",12,"Alta","Alta",3,9,4,8,1,7,136992,28768.32,0.3555555555555556,10228.736]
[1016,20,1,"Travel_Rarely","Research & Development",11,"Secundaria","Medical","Muy_Alta","Media",1,"Research Scientist","Media","Single",2600,1,"Yes",15,"Alta","Baja",0,1,2,1,0,0,31200,6146.400000000001,0.7777777777777778,4780.533333333334]
[1017,30,1,"Travel_Frequently","Research & Development",5,"Universitaria","Medical","Media","Alta",1,"Laboratory Technician","Alta","Single",2422,0,"No",17,"Alta","Baja",0,4,3,3,1,2,29064,4679.304,0.05544554455445545,259.4465584158416]
[1018,26,0,"Travel_Rarely","Research & Development",2,"Master","Medical","Muy_Alta","Muy_Alta",2,"Manufacturing Director","Muy_Alta","Married",5472,1,"No",12,"Alta","Media",0,8,2,8,1,3,65664,13395.456,0.05544554455445545,742.7183524752475]
[1019,22,0,"Travel_Rarely","Research & Development",8,"Primaria","Life Sciences","Media","Baja",1,"Laboratory Technician","Baja","Married",2451,1,"No",15,"Alta","Baja",1,4,3,4,1,1,29412,4735.332,0.05544554455445545,262.5530613861386]
[1022,48,0,"Travel_Rarely","Research & Development",6,"Secundaria","Life Sciences","Baja","Media",2,"Healthcare Representative","Media","Single",4240,2,"No",13,"Alta","Muy_Alta",0,19,0,2,2,2,50880,10379.52,0.05544554455445545,575.4981386138613]
[1024,48,0,"Travel_Rarely","Research & Development",4,"Secundaria","Life Sciences","Alta","Media",3,"Healthcare Representative","Media","Single",10999,7,"No",14,"Alta","Media",0,27,3,15,4,8,131988,27717.48,0.1273885350318471,3530.889171974522]
[1025,41,0,"Travel_Rarely","Research & Development",7,"Universitaria","Medical","Muy_Alta","Alta",2,"Manufacturing Director","Alta","Single",5003,6,"No",14,"Alta","Media",0,8,6,2,2,1,60036,12247.344,0.1273885350318471,1560.171210191083]
[1026,39,0,"Travel_Rarely","Research & Development",1,"Secundaria","Life Sciences","Muy_Alta","Media",4,"Manufacturing Director","Alta","Married",12742,1,"No",16,"Alta","Alta",1,21,3,21,11,8,152904,32109.84,0.05544554455445545,1780.347564356436]
[1027,27,0,"Travel_Rarely","Research & Development",2,"Universitaria","Life Sciences","Baja","Alta",2,"Manufacturing Director","Alta","Married",4227,0,"No",18,"Alta","Media",1,4,2,3,2,2,50724,10347.696,0.05544554455445545,573.7336396039603]
[1028,35,0,"Travel_Rarely","Research & Development",10,"Universitaria","Other","Media","Alta",1,"Laboratory Technician","Alta","Divorced",3917,1,"No",20,"Muy_Alta","Baja",1,3,4,3,1,2,47004,9259.788,0.05544554455445545,513.4139881188119]
[1029,42,0,"Travel_Rarely","Sales",5,"Universitaria","Marketing","Muy_Alta","Alta",5,"Manager","Alta","Married",18303,6,"No",13,"Alta","Media",0,21,3,1,0,0,219636,46123.56,0.1273885350318471,5875.612738853503]
[1030,50,0,"Travel_Rarely","Research & Development",9,"Universitaria","Life Sciences","Baja","Alta",1,"Laboratory Technician","Alta","Married",2380,4,"No",18,"Alta","Media",0,8,5,1,0,0,28560,4598.16,0.05544554455445545,254.9474851485149]
[1032,59,0,"Travel_Rarely","Research & Development",2,"Secundaria","Life Sciences","Alta","Media",4,"Manufacturing Director","Media","Single",13726,3,"Yes",13,"Alta","Baja",0,30,4,5,4,3,164712,34589.52,0.1443298969072165,4992.301855670102]
[1033,37,1,"Travel_Rarely","Research & Development",11,"Universitaria","Medical","Baja","Baja",2,"Healthcare Representative","Baja","Married",4777,5,"No",15,"Alta","Baja",0,15,2,1,0,0,57324,11694.096,0.5555555555555556,6496.72]
[1034,55,0,"Travel_Frequently","Research & Development",18,"Universitaria","Medical","Alta","Alta",2,"Healthcare Representative","Alta","Married",6385,3,"Yes",14,"Alta","Muy_Alta",2,17,3,8,6,7,76620,16090.2,0.1443298969072165,2322.296907216495]
[1035,41,0,"Non-Travel","Research & Development",7,"Primaria","Life Sciences","Media","Baja",5,"Research Director","Baja","Divorced",19973,1,"No",22,"Muy_Alta","Media",2,21,3,21,5,10,239676,50331.96,0.05544554455445545,2790.682930693069]
[1036,38,0,"Travel_Rarely","Sales",3,"Universitaria","Life Sciences","Media","Alta",2,"Sales Executive","Alta","Single",6861,8,"Yes",12,"Alta","Alta",0,19,1,1,0,0,82332,17289.72,0.3555555555555556,6147.456000000001]
[1037,26,1,"Non-Travel","Sales",29,"Universitaria","Medical","Media","Baja",2,"Sales Executive","Baja","Single",4969,8,"No",18,"Alta","Muy_Alta",0,7,6,2,2,2,59628,12164.112,0.5555555555555556,6757.84]
[1038,52,1,"Travel_Rarely","Sales",2,"Primaria","Marketing","Baja","Baja",5,"Manager","Baja","Married",19845,1,"No",15,"Alta","Muy_Alta",1,33,3,32,6,9,238140,50009.4,0.05544554455445545,2772.798415841584]
[1039,44,0,"Travel_Rarely","Sales",28,"Master","Medical","Muy_Alta","Muy_Alta",4,"Sales Executive","Muy_Alta","Married",13320,3,"Yes",18,"Alta","Alta",1,23,2,12,11,11,159840,33566.4,0.1443298969072165,4844.635051546392]
[1040,50,0,"Non-Travel","Sales",1,"Universitaria","Life Sciences","Muy_Alta","Alta",2,"Sales Executive","Alta","Married",6347,0,"No",12,"Alta","Baja",1,19,3,18,0,13,76164,15994.44,0.05544554455445545,886.8204356435643]
[1042,36,1,"Travel_Rarely","Research & Development",16,"Master","Life Sciences","Alta","Muy_Alta",1,"Laboratory Technician","Muy_Alta","Single",2743,1,"No",16,"Alta","Alta",0,18,1,17,15,14,32916,6484.452,0.5,3242.226]
[1043,39,0,"Travel_Frequently","Research & Development",22,"Universitaria","Medical","Muy_Alta","Alta",3,"Manufacturing Director","Alta","Single",10880,1,"Yes",13,"Alta","Alta",0,21,2,21,2,8,130560,27417.6,0.1443298969072165,3957.179381443299]
[1044,33,0,"Non-Travel","Sales",8,"Secundaria","Life Sciences","Media","Media",1,"Sales Representative","Media","Single",2342,0,"No",19,"Alta","Muy_Alta",0,3,2,2,2,2,28104,4524.744,0.05544554455445545,250.8768950495049]
[1045,45,0,"Travel_Rarely","Sales",11,"Universitaria","Life Sciences","Muy_Alta","Alta",4,"Manager","Alta","Married",17650,3,"No",13,"Alta","Media",1,26,4,9,1,1,211800,44478,0.05544554455445545,2466.106930693069]
[1046,32,0,"Non-Travel","Research & Development",29,"Universitaria","Medical","Muy_Alta","Alta",1,"Laboratory Technician","Alta","Single",4025,9,"No",12,"Alta","Media",0,10,2,8,7,7,48300,9515.1,0.1273885350318471,1212.114649681529]
[1047,34,0,"Travel_Rarely","Sales",1,"Master","Marketing","Media","Muy_Alta",2,"Sales Executive","Muy_Alta","Divorced",9725,0,"No",11,"Alta","Muy_Alta",1,16,2,15,0,9,116700,24507,0.05544554455445545,1358.80396039604]
[1048,59,0,"Travel_Rarely","Sales",1,"Universitaria","Technical Degree","Media","Alta",3,"Manager","Alta","Married",11904,3,"Yes",14,"Alta","Alta",1,14,1,6,0,4,142848,29998.08,0.3555555555555556,10665.984]
[1049,45,0,"Travel_Rarely","Human Resources",24,"Universitaria","Medical","Media","Alta",1,"Human Resources","Alta","Single",2177,1,"No",16,"Alta","Baja",0,6,3,6,0,4,26124,4205.964,0.05544554455445545,233.2019643564356]
[1050,53,0,"Travel_Frequently","Sales",2,"Universitaria","Marketing","Alta","Media",3,"Sales Executive","Media","Married",7525,2,"No",12,"Alta","Baja",1,30,2,15,6,12,90300,18963,0.05544554455445545,1051.413861386139]
[1052,36,1,"Travel_Rarely","Research & Development",15,"Universitaria","Other","Baja","Alta",2,"Laboratory Technician","Alta","Divorced",4834,7,"No",14,"Alta","Media",1,9,3,1,0,0,58008,11833.632,0.1273885350318471,1507.469044585987]
[1053,26,1,"Travel_Frequently","Research & Development",2,"Universitaria","Life Sciences","Baja","Alta",1,"Research Scientist","Alta","Married",2042,6,"Yes",14,"Alta","Media",1,6,2,3,1,2,24504,3945.144,0.8260869565217391,3259.032]
[1055,34,0,"Travel_Rarely","Sales",10,"Universitaria","Life Sciences","Alta","Alta",1,"Sales Representative","Alta","Married",2220,1,"Yes",19,"Alta","Muy_Alta",1,1,2,1,0,0,26640,4289.04,0.6,2573.424]
[1056,28,0,"Travel_Rarely","Sales",10,"Universitaria","Medical","Muy_Alta","Alta",1,"Sales Representative","Alta","Married",1052,1,"No",22,"Muy_Alta","Media",0,1,5,1,0,0,12624,2032.464,0.103448275862069,210.2548965517241]
[1060,38,0,"Travel_Frequently","Research & Development",3,"Universitaria","Other","Alta","Alta",1,"Research Scientist","Alta","Married",2821,3,"No",16,"Alta","Baja",1,8,2,2,2,2,33852,6668.844,0.05544554455445545,369.7576871287129]
[1061,50,0,"Travel_Rarely","Research & Development",2,"Universitaria","Medical","Media","Alta",5,"Research Director","Alta","Married",19237,2,"Yes",11,"Alta","Muy_Alta",1,29,2,8,7,7,230844,48477.24,0.3555555555555556,17236.352]
[1062,37,0,"Travel_Rarely","Research & Development",3,"Universitaria","Other","Muy_Alta","Alta",2,"Healthcare Representative","Alta","Single",4107,3,"No",15,"Alta","Baja",0,8,3,4,0,1,49284,9708.948,0.05544554455445545,538.3179089108911]
[1066,40,0,"Travel_Rarely","Sales",26,"Universitaria","Marketing","Alta","Alta",2,"Sales Executive","Alta","Married",8396,1,"No",14,"Alta","Media",1,8,3,7,7,5,100752,21157.92,0.05544554455445545,1173.112396039604]
[1068,26,0,"Travel_Frequently","Research & Development",1,"Secundaria","Medical","Baja","Media",1,"Research Scientist","Media","Divorced",2007,1,"No",13,"Alta","Alta",2,5,5,5,1,3,24084,3877.524,0.05544554455445545,214.9914297029703]
[1069,46,0,"Travel_Rarely","Research & Development",1,"Universitaria","Medical","Muy_Alta","Alta",5,"Research Director","Alta","Divorced",19627,9,"No",17,"Alta","Muy_Alta",2,23,0,2,2,2,235524,49460.04,0.1273885350318471,6300.642038216561]
[1070,54,0,"Travel_Rarely","Sales",2,"Secundaria","Life Sciences","Alta","Media",3,"Sales Executive","Media","Married",10686,6,"No",11,"Alta","Media",1,13,4,9,7,0,128232,26928.72,0.1273885350318471,3430.410191082802]
[1071,56,0,"Travel_Frequently","Research & Development",9,"Universitaria","Medical","Baja","Alta",1,"Research Scientist","Alta","Married",2942,2,"No",19,"Alta","Media",1,18,4,5,0,3,35304,6954.888,0.05544554455445545,385.6175524752475]
[1073,36,0,"Travel_Rarely","Research & Development",12,"Secundaria","Medical","Muy_Alta","Media",3,"Manufacturing Director","Media","Single",8858,0,"No",11,"Alta","Media",0,15,2,14,7,8,106296,22322.16,0.05544554455445545,1237.664316831683]
[1074,55,0,"Non-Travel","Research & Development",2,"Secundaria","Medical","Alta","Media",4,"Manager","Media","Single",16756,7,"No",15,"Alta","Media",0,31,3,9,6,2,201072,42225.12,0.1273885350318471,5378.996178343948]
[1076,43,0,"Travel_Rarely","Sales",25,"Secundaria","Medical","Alta","Media",3,"Sales Executive","Media","Divorced",10798,5,"No",13,"Alta","Alta",1,18,5,1,0,0,129576,27210.96,0.1273885350318471,3466.364331210191]
[1077,20,1,"Travel_Frequently","Sales",9,"Universitaria","Marketing","Muy_Alta","Alta",1,"Sales Representative","Alta","Single",2323,1,"Yes",14,"Alta","Media",0,2,3,2,0,2,27876,4488.036,0.7777777777777778,3490.694666666667]
[1079,21,1,"Travel_Rarely","Research & Development",10,"Secundaria","Life Sciences","Alta","Media",1,"Laboratory Technician","Alta","Single",1416,1,"No",13,"Alta","Baja",0,1,6,1,1,0,16992,2735.712,0.7777777777777778,2127.776]
[1080,46,0,"Travel_Rarely","Research & Development",8,"Secundaria","Life Sciences","Muy_Alta","Media",2,"Research Scientist","Media","Divorced",4615,8,"Yes",23,"Muy_Alta","Baja",3,19,2,16,1,7,55380,11297.52,0.1443298969072165,1630.569896907216]
[1081,51,1,"Travel_Rarely","Research & Development",4,"Universitaria","Life Sciences","Baja","Alta",1,"Research Scientist","Alta","Married",2461,9,"Yes",12,"Alta","Alta",3,18,2,10,2,7,29532,4754.652,0.1666666666666667,792.442]
[1082,28,1,"Non-Travel","Research & Development",24,"Secundaria","Technical Degree","Media","Media",3,"Healthcare Representative","Media","Single",8722,1,"No",12,"Alta","Baja",0,10,2,10,1,9,104664,21979.44,0.05544554455445545,1218.66201980198]
[1083,26,0,"Travel_Rarely","Research & Development",1,"Secundaria","Medical","Baja","Media",1,"Laboratory Technician","Media","Married",3955,1,"No",16,"Alta","Baja",2,6,2,5,1,3,47460,9349.62,0.05544554455445545,518.3947722772277]
[1084,30,0,"Travel_Rarely","Research & Development",20,"Universitaria","Other","Alta","Alta",2,"Manufacturing Director","Alta","Married",9957,0,"No",15,"Alta","Alta",1,7,1,6,0,2,119484,25091.64,0.05544554455445545,1391.219643564356]
[1085,41,0,"Travel_Rarely","Research & Development",7,"Master","Technical Degree","Media","Muy_Alta",1,"Research Scientist","Muy_Alta","Married",3376,1,"No",13,"Alta","Alta",0,10,3,10,0,8,40512,7980.864,0.05544554455445545,442.5033504950495]
[1088,38,0,"Travel_Rarely","Research & Development",17,"Secundaria","Life Sciences","Alta","Media",3,"Healthcare Representative","Media","Married",8823,0,"No",18,"Alta","Baja",1,20,4,19,1,9,105876,22233.96,0.05544554455445545,1232.77401980198]
[1092,40,0,"Travel_Rarely","Research & Development",20,"Universitaria","Technical Degree","Baja","Alta",3,"Healthcare Representative","Alta","Married",10322,4,"No",20,"Muy_Alta","Muy_Alta",1,14,6,11,11,1,123864,26011.44,0.05544554455445545,1442.218455445545]
[1094,27,0,"Non-Travel","Research & Development",8,"Primaria","Life Sciences","Baja","Baja",1,"Laboratory Technician","Baja","Married",4621,1,"No",19,"Alta","Muy_Alta",3,3,4,3,1,2,55452,11312.208,0.05544554455445545,627.2115326732672]
[1096,55,0,"Travel_Frequently","Research & Development",2,"Universitaria","Life Sciences","Muy_Alta","Alta",3,"Manufacturing Director","Alta","Married",10976,3,"No",18,"Alta","Media",1,23,4,3,1,2,131712,27659.52,0.05544554455445545,1533.597148514852]
[1097,28,0,"Travel_Rarely","Research & Development",10,"Universitaria","Other","Alta","Alta",2,"Research Scientist","Alta","Single",3660,3,"No",13,"Alta","Muy_Alta",0,10,4,8,1,7,43920,8652.24,0.05544554455445545,479.7281584158416]
[1098,44,1,"Travel_Rarely","Human Resources",1,"Secundaria","Medical","Media","Media",3,"Human Resources","Media","Married",10482,9,"No",14,"Alta","Muy_Alta",1,24,1,20,3,6,125784,26414.64,0.1273885350318471,3364.92229299363]
[1099,33,0,"Travel_Rarely","Research & Development",5,"Universitaria","Life Sciences","Muy_Alta","Media",3,"Healthcare Representative","Media","Divorced",7119,4,"No",15,"Alta","Alta",1,9,2,3,1,2,85428,17939.88,0.05544554455445545,994.6864158415842]
[1100,35,1,"Travel_Rarely","Sales",4,"Universitaria","Technical Degree","Muy_Alta","Alta",3,"Sales Executive","Alta","Single",9582,0,"Yes",22,"Muy_Alta","Baja",0,9,2,8,4,7,114984,24146.64,0.1443298969072165,3485.08206185567]
[1101,33,1,"Travel_Frequently","Research & Development",29,"Secundaria","Medical","Baja","Media",2,"Research Scientist","Media","Single",4508,1,"No",22,"Muy_Alta","Media",0,14,4,13,3,8,54096,11035.584,0.05544554455445545,611.8739643564356]
[1102,28,0,"Travel_Rarely","Research & Development",15,"Universitaria","Life Sciences","Baja","Alta",1,"Laboratory Technician","Alta","Divorced",2207,1,"No",16,"Alta","Muy_Alta",1,4,5,4,2,2,26484,4263.924,0.05544554455445545,236.4155881188119]
[1103,34,0,"Travel_Frequently","Research & Development",3,"Universitaria","Life Sciences","Baja","Alta",2,"Healthcare Representative","Alta","Single",7756,0,"No",17,"Alta","Alta",0,7,1,6,0,4,93072,19545.12,0.05544554455445545,1083.689821782178]
[1105,37,0,"Travel_Rarely","Sales",10,"Secundaria","Life Sciences","Muy_Alta","Media",2,"Sales Executive","Media","Divorced",6694,2,"Yes",14,"Alta","Alta",3,8,5,1,0,0,80328,16868.88,0.1443298969072165,2434.683711340206]
[1106,25,1,"Travel_Rarely","Research & Development",4,"Universitaria","Technical Degree","Muy_Alta","Alta",1,"Laboratory Technician","Alta","Married",3691,1,"Yes",15,"Alta","Media",1,7,3,7,5,6,44292,8725.524000000001,0.1443298969072165,1259.353979381443]
[1107,26,1,"Travel_Rarely","Research & Development",21,"Universitaria","Medical","Baja","Alta",1,"Laboratory Technician","Alta","Divorced",2377,1,"No",20,"Muy_Alta","Alta",1,1,0,1,0,0,28524,4592.364,0.103448275862069,475.0721379310345]
[1108,33,1,"Travel_Rarely","Research & Development",25,"Secundaria","Medical","Baja","Media",1,"Research Scientist","Media","Single",2313,4,"Yes",20,"Muy_Alta","Media",0,5,0,2,2,2,27756,4468.716,0.8260869565217391,3691.548]
[1109,42,0,"Travel_Rarely","Research & Development",2,"Universitaria","Medical","Muy_Alta","Alta",4,"Manager","Alta","Married",17665,0,"No",17,"Alta","Muy_Alta",1,23,3,22,13,7,211980,44515.8,0.05544554455445545,2468.202772277228]
[1111,28,1,"Travel_Frequently","Research & Development",1,"Secundaria","Medical","Baja","Media",1,"Laboratory Technician","Media","Divorced",2596,1,"No",15,"Alta","Baja",2,1,2,1,0,0,31152,6136.944,0.103448275862069,634.856275862069]
[1113,50,1,"Travel_Frequently","Sales",1,"Universitaria","Other","Muy_Alta","Alta",2,"Sales Executive","Alta","Single",4728,3,"Yes",14,"Alta","Muy_Alta",0,5,4,0,0,0,56736,11574.144,0.1443298969072165,1670.495010309278]
[1114,33,0,"Travel_Frequently","Sales",7,"Universitaria","Life Sciences","Muy_Alta","Alta",2,"Sales Executive","Alta","Married",4302,0,"No",17,"Alta","Alta",1,4,3,3,0,2,51624,10531.296,0.05544554455445545,583.9134415841584]
[1115,34,0,"Non-Travel","Research & Development",3,"Secundaria","Life Sciences","Alta","Media",1,"Research Scientist","Media","Married",2979,3,"No",17,"Alta","Muy_Alta",3,6,2,0,0,0,35748,7042.356000000001,0.05544554455445545,390.4672633663367]
[1116,48,0,"Non-Travel","Research & Development",1,"Master","Medical","Baja","Muy_Alta",4,"Manager","Alta","Single",16885,2,"No",22,"Muy_Alta","Alta",0,27,3,5,2,1,202620,42550.2,0.05544554455445545,2359.21900990099]
[1117,45,0,"Non-Travel","Sales",9,"Secundaria","Life Sciences","Media","Media",2,"Sales Executive","Media","Married",5593,1,"No",13,"Alta","Muy_Alta",1,15,2,15,4,12,67116,13691.664,0.05544554455445545,759.1417663366336]
[1118,52,0,"Travel_Rarely","Research & Development",7,"Universitaria","Life Sciences","Media","Alta",3,"Healthcare Representative","Alta","Single",10445,7,"No",19,"Alta","Muy_Alta",0,18,4,8,4,0,125340,26321.4,0.1273885350318471,3353.044585987261]
[1119,38,0,"Travel_Rarely","Sales",10,"Universitaria","Marketing","Alta","Media",3,"Sales Executive","Media","Divorced",8740,0,"Yes",14,"Alta","Media",2,9,2,8,2,7,104880,22024.8,0.1443298969072165,3178.837113402061]
[1120,29,0,"Travel_Rarely","Research & Development",28,"Universitaria","Life Sciences","Alta","Alta",1,"Research Scientist","Alta","Divorced",2514,4,"No",22,"Muy_Alta","Baja",1,11,1,7,1,7,30168,5943.096,0.05544554455445545,329.518194059406]
[1121,28,0,"Travel_Rarely","Research & Development",3,"Universitaria","Medical","Muy_Alta","Alta",3,"Manufacturing Director","Alta","Divorced",7655,0,"No",17,"Alta","Media",3,10,3,9,1,7,91860,19290.6,0.05544554455445545,1069.577821782178]
[1124,46,0,"Travel_Rarely","Sales",3,"Universitaria","Marketing","Baja","Alta",4,"Manager","Alta","Married",17465,3,"No",12,"Alta","Muy_Alta",1,23,3,12,4,9,209580,44011.8,0.05544554455445545,2440.258217821782]
[1125,38,0,"Travel_Rarely","Sales",2,"Universitaria","Marketing","Muy_Alta","Alta",3,"Sales Executive","Alta","Single",7351,7,"No",16,"Alta","Alta",0,10,2,1,0,0,88212,18524.52,0.1273885350318471,2359.811464968153]
[1126,43,0,"Travel_Frequently","Research & Development",27,"Universitaria","Life Sciences","Alta","Alta",3,"Manufacturing Director","Alta","Married",10820,8,"No",11,"Alta","Alta",1,18,1,8,0,1,129840,27266.4,0.1273885350318471,3473.426751592357]
[1127,39,1,"Travel_Frequently","Research & Development",2,"Universitaria","Life Sciences","Baja","Alta",4,"Healthcare Representative","Alta","Divorced",12169,7,"No",11,"Alta","Muy_Alta",3,21,4,18,11,5,146028,30665.88,0.1273885350318471,3906.48152866242]
[1128,40,0,"Travel_Rarely","Research & Development",14,"Secundaria","Medical","Alta","Media",5,"Research Director","Media","Single",19626,1,"No",14,"Alta","Baja",0,21,2,20,4,9,235512,49457.52,0.05544554455445545,2742.199128712871]
[1131,21,0,"Travel_Rarely","Research & Development",1,"Secundaria","Technical Degree","Muy_Alta","Media",1,"Research Scientist","Media","Single",2070,1,"Yes",11,"Alta","Alta",0,2,6,2,2,2,24840,3999.24,0.2,799.8480000000001]
[1132,39,0,"Non-Travel","Research & Development",9,"Universitaria","Life Sciences","Alta","Alta",2,"Laboratory Technician","Alta","Single",6782,9,"No",15,"Alta","Alta",0,9,2,5,0,3,81384,17090.64,0.1273885350318471,2177.151592356688]
[1133,36,0,"Non-Travel","Research & Development",18,"Universitaria","Life Sciences","Baja","Alta",2,"Manufacturing Director","Alta","Single",7779,2,"No",20,"Muy_Alta","Baja",0,18,0,11,0,9,93348,19603.08,0.05544554455445545,1086.903445544554]
[1135,31,0,"Travel_Frequently","Sales",20,"Master","Life Sciences","Alta","Muy_Alta",1,"Sales Representative","Alta","Married",2791,0,"No",12,"Alta","Baja",1,3,4,2,2,2,33492,6597.924,0.05544554455445545,365.8254891089109]
[1136,28,0,"Travel_Rarely","Research & Development",2,"Secundaria","Life Sciences","Baja","Media",1,"Research Scientist","Media","Married",3201,0,"No",17,"Alta","Baja",0,6,2,5,0,4,38412,7567.164000000001,0.05544554455445545,419.5655287128714]
[1137,35,0,"Travel_Frequently","Sales",11,"Universitaria","Marketing","Muy_Alta","Alta",2,"Sales Executive","Alta","Divorced",4968,1,"No",11,"Alta","Muy_Alta",1,5,3,5,0,2,59616,12161.664,0.05544554455445545,674.3100831683167]
[1138,49,0,"Travel_Rarely","Sales",8,"Secundaria","Technical Degree","Muy_Alta","Media",4,"Sales Executive","Media","Married",13120,6,"No",17,"Alta","Media",1,22,3,9,2,3,157440,33062.4,0.1273885350318471,4211.770700636943]
[1140,34,0,"Travel_Frequently","Research & Development",2,"Universitaria","Life Sciences","Muy_Alta","Alta",2,"Manufacturing Director","Alta","Single",4033,2,"No",11,"Alta","Muy_Alta",0,5,3,3,0,2,48396,9534.012,0.05544554455445545,528.6184871287129]
[1143,29,0,"Travel_Frequently","Research & Development",10,"Universitaria","Life Sciences","Muy_Alta","Alta",1,"Research Scientist","Alta","Divorced",3291,0,"No",14,"Alta","Muy_Alta",2,8,2,7,1,1,39492,7779.924,0.05544554455445545,431.3621227722772]
[1148,42,0,"Travel_Rarely","Research & Development",29,"Primaria","Medical","Media","Baja",2,"Laboratory Technician","Baja","Single",4272,4,"No",19,"Alta","Baja",0,16,3,1,0,0,51264,10457.856,0.05544554455445545,579.8415207920792]
[1150,29,0,"Travel_Rarely","Research & Development",8,"Secundaria","Medical","Media","Media",2,"Manufacturing Director","Media","Married",5056,1,"Yes",15,"Alta","Alta",1,10,2,10,1,2,60672,12377.088,0.3555555555555556,4400.7424]
[1152,38,0,"Travel_Rarely","Human Resources",1,"Universitaria","Human Resources","Alta","Muy_Alta",1,"Human Resources","Muy_Alta","Married",2844,1,"No",13,"Alta","Muy_Alta",1,7,2,7,5,0,34128,6723.216,0.05544554455445545,372.7723722772278]
[1154,28,0,"Travel_Frequently","Research & Development",6,"Secundaria","Life Sciences","Alta","Media",1,"Research Scientist","Alta","Divorced",2703,1,"Yes",14,"Alta","Muy_Alta",1,3,2,3,0,2,32436,6389.892,0.1443298969072165,922.2524536082473]
[1156,18,1,"Non-Travel","Research & Development",8,"Universitaria","Medical","Alta","Alta",1,"Laboratory Technician","Alta","Single",1904,1,"No",12,"Alta","Muy_Alta",0,0,0,0,0,0,22848,3678.528,0.7777777777777778,2861.077333333334]
[1157,33,1,"Travel_Rarely","Sales",9,"Universitaria","Marketing","Baja","Alta",2,"Sales Executive","Alta","Single",8224,0,"Yes",17,"Alta","Baja",0,6,3,5,0,3,98688,20724.48,0.1443298969072165,2991.16206185567]
[1158,41,0,"Travel_Rarely","Research & Development",12,"Universitaria","Life Sciences","Media","Alta",1,"Laboratory Technician","Alta","Married",4766,3,"Yes",11,"Alta","Baja",1,6,4,1,0,0,57192,11667.168,0.3555555555555556,4148.3264]
[1160,31,1,"Travel_Frequently","Research & Development",15,"Universitaria","Medical","Alta","Alta",1,"Laboratory Technician","Alta","Married",2610,1,"No",12,"Alta","Alta",1,2,5,2,2,2,31320,6170.04,0.103448275862069,638.28]
[1161,37,0,"Travel_Rarely","Research & Development",25,"Secundaria","Medical","Alta","Media",2,"Healthcare Representative","Media","Divorced",5731,7,"No",13,"Alta","Alta",2,9,2,6,1,3,68772,14029.488,0.1273885350318471,1787.195923566879]
[1162,27,0,"Travel_Rarely","Research & Development",6,"Universitaria","Life Sciences","Muy_Alta","Media",1,"Research Scientist","Media","Married",2539,1,"No",13,"Alta","Alta",1,4,0,4,2,2,30468,6002.196,0.05544554455445545,332.7950257425742]
[1163,34,0,"Travel_Rarely","Sales",9,"Universitaria","Life Sciences","Media","Alta",2,"Sales Executive","Alta","Married",5714,1,"No",20,"Muy_Alta","Baja",0,6,3,6,1,3,68568,13987.872,0.05544554455445545,775.5651801980198]
[1164,35,0,"Travel_Rarely","Human Resources",8,"Universitaria","Technical Degree","Alta","Alta",1,"Human Resources","Alta","Single",4323,1,"No",17,"Alta","Media",0,6,2,5,1,4,51876,10582.704,0.05544554455445545,586.7637861386139]
[1165,29,1,"Travel_Rarely","Sales",23,"Secundaria","Life Sciences","Muy_Alta","Media",3,"Sales Executive","Media","Married",7336,1,"No",13,"Alta","Baja",1,11,3,11,3,10,88032,18486.72,0.05544554455445545,1025.006257425742]
[1166,40,0,"Travel_Frequently","Research & Development",9,"Universitaria","Medical","Media","Alta",3,"Research Director","Alta","Single",13499,9,"No",17,"Alta","Alta",0,20,3,18,2,13,161988,34017.48,0.1273885350318471,4333.436942675159]
[1167,42,1,"Travel_Frequently","Sales",12,"Universitaria","Life Sciences","Alta","Alta",4,"Sales Executive","Alta","Single",13758,0,"Yes",12,"Alta","Media",0,22,2,21,13,14,165096,34670.16,0.1443298969072165,5003.9406185567]
[1171,42,0,"Travel_Rarely","Sales",4,"Universitaria","Marketing","Media","Alta",2,"Sales Executive","Alta","Single",5155,7,"No",13,"Alta","Muy_Alta",0,9,3,6,1,5,61860,12619.44,0.1273885350318471,1607.571974522293]
[1172,35,0,"Travel_Rarely","Research & Development",1,"Secundaria","Medical","Muy_Alta","Media",1,"Laboratory Technician","Media","Married",2258,6,"No",12,"Alta","Media",1,10,2,8,1,7,27096,4362.456,0.1273885350318471,555.7268789808917]
[1173,24,0,"Travel_Rarely","Research & Development",24,"Universitaria","Medical","Muy_Alta","Alta",1,"Laboratory Technician","Alta","Single",3597,8,"No",22,"Muy_Alta","Muy_Alta",0,6,2,4,1,2,43164,8503.308,0.1273885350318471,1083.223949044586]
[1175,28,1,"Travel_Rarely","Research & Development",12,"Universitaria","Life Sciences","Alta","Alta",1,"Laboratory Technician","Alta","Married",2515,1,"Yes",11,"Alta","Muy_Alta",0,1,4,1,0,0,30180,5945.46,0.6,3567.276]
[1177,26,0,"Travel_Rarely","Research & Development",3,"Master","Medical","Baja","Muy_Alta",1,"Laboratory Technician","Muy_Alta","Married",4420,1,"No",22,"Muy_Alta","Media",1,8,2,8,0,7,53040,10820.16,0.05544554455445545,599.9296633663366]
[1179,30,0,"Travel_Rarely","Sales",10,"Secundaria","Marketing","Alta","Media",2,"Sales Executive","Media","Married",6578,1,"No",18,"Alta","Baja",1,10,3,10,1,4,78936,16576.56,0.05544554455445545,919.0963960396039]
[1180,40,0,"Travel_Frequently","Research & Development",26,"Secundaria","Medical","Alta","Media",2,"Research Scientist","Media","Married",4422,3,"Yes",13,"Alta","Muy_Alta",1,16,3,1,0,0,53064,10825.056,0.1443298969072165,1562.379216494845]
[1182,35,0,"Travel_Rarely","Research & Development",2,"Secundaria","Life Sciences","Alta","Media",3,"Manufacturing Director","Media","Divorced",10274,2,"No",18,"Alta","Media",1,15,2,7,6,4,123288,25890.48,0.05544554455445545,1435.511762376238]
[1184,34,0,"Travel_Frequently","Research & Development",1,"Secundaria","Medical","Muy_Alta","Media",2,"Healthcare Representative","Media","Single",5343,0,"No",20,"Muy_Alta","Alta",0,14,3,13,4,9,64116,13079.664,0.05544554455445545,725.2090930693068]
[1185,35,0,"Travel_Frequently","Research & Development",4,"Secundaria","Other","Muy_Alta","Media",1,"Laboratory Technician","Media","Married",2376,1,"No",13,"Alta","Media",1,2,2,2,2,2,28512,4590.432,0.103448275862069,474.8722758620689]
[1188,43,1,"Travel_Rarely","Sales",9,"Primaria","Marketing","Baja","Baja",2,"Sales Executive","Baja","Single",5346,8,"No",13,"Alta","Media",0,7,2,4,1,3,64152,13087.008,0.5555555555555556,7270.56]
[1190,32,0,"Non-Travel","Sales",2,"Universitaria","Life Sciences","Alta","Alta",1,"Sales Representative","Alta","Divorced",2827,1,"No",12,"Alta","Alta",3,1,3,1,0,0,33924,6683.028,0.103448275862069,691.3477241379311]
[1191,56,0,"Travel_Rarely","Research & Development",4,"Universitaria","Technical Degree","Muy_Alta","Alta",5,"Manager","Alta","Divorced",19943,4,"No",13,"Alta","Muy_Alta",1,28,2,5,4,2,239316,50256.36,0.05544554455445545,2786.491247524752]
[1192,29,0,"Travel_Rarely","Research & Development",6,"Universitaria","Medical","Media","Alta",1,"Laboratory Technician","Alta","Married",3131,1,"No",13,"Alta","Baja",1,10,5,10,0,8,37572,7401.684,0.05544554455445545,410.3904]
[1193,19,0,"Travel_Rarely","Research & Development",9,"Universitaria","Life Sciences","Alta","Alta",1,"Research Scientist","Alta","Single",2552,1,"No",25,"Muy_Alta","Alta",0,1,4,1,0,0,30624,6032.928,0.7777777777777778,4692.277333333333]
[1195,45,0,"Travel_Rarely","Research & Development",7,"Universitaria","Medical","Baja","Alta",1,"Research Scientist","Alta","Married",4477,4,"Yes",19,"Alta","Alta",1,7,2,3,0,2,53724,10959.696,0.1443298969072165,1581.811793814433]
[1196,37,0,"Travel_Rarely","Research & Development",1,"Secundaria","Life Sciences","Muy_Alta","Media",2,"Manufacturing Director","Media","Married",6474,1,"No",13,"Alta","Media",1,14,2,14,3,11,77688,16314.48,0.05544554455445545,904.5652277227723]
[1198,20,0,"Travel_Rarely","Research & Development",3,"Secundaria","Life Sciences","Baja","Media",1,"Laboratory Technician","Media","Single",3033,1,"No",12,"Alta","Baja",0,2,2,2,1,2,36396,7170.012000000001,0.7777777777777778,5576.676]
[1200,44,1,"Travel_Rarely","Research & Development",10,"Universitaria","Life Sciences","Alta","Alta",1,"Research Scientist","Alta","Single",2936,1,"Yes",11,"Alta","Alta",0,6,4,6,0,2,35232,6940.704000000001,0.1443298969072165,1001.751092783505]
[1201,53,0,"Travel_Rarely","Research & Development",7,"Universitaria","Medical","Muy_Alta","Alta",5,"Manager","Alta","Divorced",18606,3,"No",18,"Alta","Media",1,26,6,7,4,7,223272,46887.12,0.05544554455445545,2599.681900990099]
[1202,29,0,"Travel_Rarely","Research & Development",15,"Universitaria","Life Sciences","Media","Baja",1,"Research Scientist","Baja","Married",2168,0,"Yes",18,"Alta","Baja",1,6,2,5,1,3,26016,4188.576,0.8260869565217391,3460.128]
[1203,22,1,"Travel_Frequently","Research & Development",3,"Secundaria","Life Sciences","Alta","Media",1,"Research Scientist","Media","Married",2853,0,"Yes",11,"Alta","Media",1,1,5,0,0,0,34236,6744.492,0.6,4046.6952]
[1204,46,0,"Travel_Rarely","Sales",2,"Universitaria","Marketing","Alta","Alta",4,"Manager","Alta","Married",17048,8,"No",23,"Muy_Alta","Baja",0,28,2,26,15,9,204576,42960.96,0.1273885350318471,5472.733757961783]
[1206,44,0,"Non-Travel","Research & Development",17,"Primaria","Life Sciences","Muy_Alta","Baja",1,"Research Scientist","Baja","Single",2290,2,"No",13,"Alta","Muy_Alta",0,6,3,0,0,0,27480,4424.28,0.05544554455445545,245.3066138613861]
[1207,33,0,"Travel_Rarely","Human Resources",2,"Universitaria","Human Resources","Media","Alta",1,"Human Resources","Alta","Married",3600,1,"No",13,"Alta","Muy_Alta",1,5,2,5,1,4,43200,8510.4,0.05544554455445545,471.8637623762376]
[1210,41,1,"Non-Travel","Research & Development",5,"Secundaria","Life Sciences","Baja","Media",1,"Research Scientist","Media","Divorced",2107,6,"No",17,"Alta","Baja",1,5,2,1,0,0,25284,4070.724,0.1273885350318471,518.563566878981]
[1211,30,0,"Travel_Rarely","Sales",29,"Universitaria","Life Sciences","Alta","Alta",2,"Sales Executive","Alta","Divorced",4115,8,"No",19,"Alta","Alta",3,8,3,4,0,3,49380,9727.86,0.1273885350318471,1239.217834394904]
[1212,40,0,"Travel_Frequently","Sales",2,"Universitaria","Medical","Media","Alta",2,"Sales Executive","Alta","Married",4327,5,"No",12,"Alta","Muy_Alta",3,5,2,0,0,0,51924,10592.496,0.1273885350318471,1349.362547770701]
[1215,50,0,"Travel_Frequently","Research & Development",2,"Universitaria","Medical","Muy_Alta","Alta",4,"Manager","Alta","Married",17856,2,"No",22,"Muy_Alta","Alta",1,32,3,2,2,2,214272,44997.12,0.05544554455445545,2494.889821782178]
[1216,28,0,"Travel_Rarely","Research & Development",19,"Secundaria","Medical","Muy_Alta","Media",1,"Laboratory Technician","Media","Married",3196,1,"No",12,"Alta","Alta",3,6,2,6,3,3,38352,7555.344,0.05544554455445545,418.9101623762376]
[1217,46,0,"Travel_Rarely","Research & Development",15,"Universitaria","Life Sciences","Muy_Alta","Alta",5,"Research Director","Alta","Married",19081,5,"No",11,"Alta","Baja",1,25,2,4,0,3,228972,48084.12,0.1273885350318471,6125.365605095541]
[1218,35,0,"Travel_Rarely","Sales",17,"Universitaria","Life Sciences","Alta","Alta",2,"Sales Executive","Alta","Married",8966,3,"Yes",15,"Alta","Muy_Alta",3,15,2,7,1,7,107592,22594.32,0.1443298969072165,3261.035876288659]
[1219,24,1,"Travel_Rarely","Research & Development",17,"Universitaria","Life Sciences","Muy_Alta","Alta",1,"Laboratory Technician","Alta","Married",2210,1,"No",13,"Alta","Baja",1,1,3,1,0,0,26520,4269.72,0.103448275862069,441.6951724137931]
[1220,33,0,"Travel_Frequently","Sales",25,"Universitaria","Medical","Media","Alta",2,"Sales Executive","Alta","Married",4539,1,"No",12,"Alta","Baja",1,10,3,10,0,1,54468,11111.472,0.05544554455445545,616.0816158415842]
[1221,36,0,"Travel_Rarely","Research & Development",6,"Primaria","Life Sciences","Alta","Baja",1,"Laboratory Technician","Baja","Divorced",2741,1,"No",14,"Alta","Alta",1,7,4,7,1,7,32892,6479.724,0.05544554455445545,359.2718257425743]
[1224,30,0,"Travel_Rarely","Research & Development",7,"Universitaria","Life Sciences","Alta","Alta",2,"Laboratory Technician","Alta","Divorced",3491,1,"No",13,"Alta","Baja",3,10,4,10,8,9,41892,8252.724,0.05544554455445545,457.5767762376238]
[1225,44,0,"Travel_Rarely","Research & Development",29,"Universitaria","Other","Muy_Alta","Alta",2,"Research Scientist","Alta","Single",4541,1,"No",25,"Muy_Alta","Media",0,20,3,20,13,17,54492,11116.368,0.05544554455445545,616.3530772277227]
[1226,20,0,"Travel_Rarely","Sales",21,"Master","Marketing","Alta","Muy_Alta",1,"Sales Representative","Muy_Alta","Single",2678,1,"No",17,"Alta","Muy_Alta",0,2,2,2,2,2,32136,6330.792,0,0]
[1228,46,0,"Travel_Rarely","Research & Development",2,"Universitaria","Technical Degree","Muy_Alta","Alta",2,"Manufacturing Director","Alta","Divorced",7379,2,"No",11,"Alta","Alta",1,12,3,6,1,4,88548,18595.08,0.05544554455445545,1031.014336633663]
[1231,42,0,"Non-Travel","Human Resources",2,"Master","Medical","Muy_Alta","Muy_Alta",2,"Human Resources","Muy_Alta","Married",6272,7,"No",16,"Alta","Baja",1,10,3,4,0,3,75264,15805.44,0.1273885350318471,2013.431847133758]
[1233,60,0,"Travel_Rarely","Sales",7,"Master","Marketing","Media","Muy_Alta",2,"Sales Executive","Muy_Alta","Divorced",5220,0,"Yes",18,"Alta","Media",1,12,3,11,1,9,62640,12778.56,0.3555555555555556,4543.488]
[1234,32,0,"Travel_Frequently","Research & Development",13,"Secundaria","Other","Alta","Media",1,"Laboratory Technician","Media","Married",2743,1,"No",20,"Muy_Alta","Alta",1,2,2,2,2,2,32916,6484.452,0.103448275862069,670.8053793103448]
[1235,32,0,"Travel_Frequently","Research & Development",2,"Universitaria","Life Sciences","Muy_Alta","Alta",2,"Research Scientist","Alta","Single",4998,4,"Yes",14,"Alta","Muy_Alta",0,10,2,8,0,7,59976,12235.104,0.1443298969072165,1765.891298969072]
[1237,36,0,"Travel_Rarely","Research & Development",1,"Primaria","Technical Degree","Alta","Baja",3,"Manufacturing Director","Baja","Divorced",10252,2,"Yes",21,"Muy_Alta","Alta",1,17,2,7,7,7,123024,25835.04,0.1443298969072165,3728.768659793814]
[1238,33,0,"Travel_Rarely","Research & Development",9,"Universitaria","Medical","Baja","Alta",1,"Research Scientist","Alta","Married",2781,0,"No",13,"Alta","Media",1,15,5,14,4,10,33372,6574.284000000001,0.05544554455445545,364.5147564356436]
[1239,40,0,"Travel_Rarely","Sales",10,"Secundaria","Technical Degree","Media","Media",2,"Sales Executive","Media","Divorced",6852,7,"No",12,"Alta","Media",1,7,2,5,1,3,82224,17267.04,0.1273885350318471,2199.622929936306]
[1240,25,0,"Travel_Rarely","Sales",10,"Universitaria","Life Sciences","Alta","Alta",2,"Sales Executive","Alta","Single",4950,0,"No",14,"Alta","Media",0,5,4,4,1,1,59400,12117.6,0.05544554455445545,671.8669306930692]
[1241,30,0,"Travel_Rarely","Research & Development",1,"Universitaria","Medical","Muy_Alta","Alta",1,"Research Scientist","Alta","Married",3579,0,"Yes",21,"Muy_Alta","Baja",1,12,2,11,5,7,42948,8460.756000000001,0.1443298969072165,1221.140041237114]
[1242,42,0,"Travel_Frequently","Research & Development",26,"Universitaria","Medical","Baja","Alta",3,"Research Director","Alta","Married",13191,3,"Yes",17,"Alta","Alta",0,20,6,1,0,0,158292,33241.32,0.1443298969072165,4797.716288659793]
[1243,35,0,"Non-Travel","Sales",8,"Secundaria","Marketing","Alta","Media",3,"Sales Executive","Media","Married",10377,4,"Yes",11,"Alta","Media",1,16,6,13,4,12,124524,26150.04,0.1443298969072165,3774.232577319587]
[1244,27,0,"Travel_Rarely","Research & Development",14,"Universitaria","Life Sciences","Baja","Alta",1,"Research Scientist","Alta","Married",2235,1,"Yes",14,"Alta","Muy_Alta",2,9,3,9,6,8,26820,4318.02,0.8260869565217391,3567.06]
[1245,54,0,"Travel_Frequently","Research & Development",1,"Universitaria","Life Sciences","Muy_Alta","Alta",3,"Manufacturing Director","Alta","Divorced",10502,7,"No",17,"Alta","Baja",1,33,2,5,1,4,126024,26465.04,0.1273885350318471,3371.342675159235]
[1246,44,0,"Travel_Rarely","Research & Development",2,"Master","Life Sciences","Baja","Muy_Alta",1,"Research Scientist","Muy_Alta","Married",2011,1,"No",13,"Alta","Muy_Alta",1,10,5,10,7,7,24132,3885.252,0.05544554455445545,215.4199128712871]
[1248,19,1,"Non-Travel","Research & Development",10,"Secundaria","Medical","Baja","Media",1,"Research Scientist","Media","Single",1859,1,"Yes",25,"Muy_Alta","Media",0,1,2,1,0,0,22308,3591.588,0.7777777777777778,2793.457333333334]
[1249,29,0,"Travel_Rarely","Research & Development",1,"Universitaria","Life Sciences","Baja","Alta",1,"Research Scientist","Alta","Divorced",3760,1,"No",15,"Alta","Baja",3,3,5,3,1,2,45120,8888.640000000001,0.05544554455445545,492.8354851485149]
[1250,54,0,"Travel_Rarely","Research & Development",3,"Universitaria","Life Sciences","Muy_Alta","Alta",4,"Research Director","Alta","Married",17779,3,"No",14,"Alta","Baja",0,36,2,10,0,9,213348,44803.08,0.05544554455445545,2484.131168316832]
[1251,31,0,"Travel_Rarely","Research & Development",11,"Universitaria","Medical","Alta","Alta",2,"Healthcare Representative","Alta","Married",6833,1,"Yes",12,"Alta","Muy_Alta",0,6,2,6,0,1,81996,17219.16,0.1443298969072165,2485.239587628866]
[1252,31,0,"Travel_Rarely","Research & Development",24,"Secundaria","Medical","Alta","Media",2,"Healthcare Representative","Media","Single",6812,1,"No",19,"Alta","Media",0,10,2,10,1,8,81744,17166.24,0.05544554455445545,951.7915247524752]
[1254,59,0,"Travel_Rarely","Sales",3,"Secundaria","Life Sciences","Alta","Media",2,"Sales Executive","Media","Single",5171,5,"No",17,"Alta","Muy_Alta",0,13,2,6,0,5,62052,12658.608,0.1273885350318471,1612.56152866242]
[1255,43,0,"Travel_Rarely","Research & Development",3,"Primaria","Life Sciences","Alta","Baja",5,"Research Director","Baja","Married",19740,3,"No",14,"Alta","Media",1,25,2,8,0,7,236880,49744.8,0.05544554455445545,2758.127524752475]
[1256,49,0,"Travel_Rarely","Research & Development",4,"Secundaria","Medical","Baja","Media",5,"Manager","Media","Married",18711,2,"No",13,"Alta","Alta",1,23,2,1,0,0,224532,47151.72,0.05544554455445545,2614.352792079208]
[1257,36,0,"Travel_Frequently","Research & Development",3,"Universitaria","Technical Degree","Alta","Alta",1,"Research Scientist","Alta","Married",3692,1,"No",12,"Alta","Alta",0,12,2,11,0,7,44304,8727.888,0.05544554455445545,483.9225029702971]
[1258,48,0,"Travel_Rarely","Research & Development",2,"Master","Technical Degree","Muy_Alta","Muy_Alta",1,"Laboratory Technician","Muy_Alta","Single",2559,5,"No",11,"Alta","Alta",0,7,4,1,0,0,30708,6049.476000000001,0.1273885350318471,770.6338853503186]
[1259,27,0,"Travel_Rarely","Research & Development",4,"Universitaria","Life Sciences","Baja","Alta",1,"Research Scientist","Alta","Divorced",2517,1,"No",11,"Alta","Media",3,5,2,5,0,3,30204,5950.188,0.05544554455445545,329.9114138613862]
[1260,29,0,"Travel_Rarely","Research & Development",7,"Universitaria","Life Sciences","Alta","Alta",2,"Healthcare Representative","Alta","Divorced",6623,1,"Yes",11,"Alta","Media",2,6,2,6,1,0,79476,16689.96,0.1443298969072165,2408.860206185567]
[1263,48,0,"Travel_Rarely","Research & Development",1,"Secundaria","Life Sciences","Muy_Alta","Media",5,"Research Director","Media","Single",18265,6,"No",12,"Alta","Alta",0,25,3,1,0,0,219180,46027.8,0.1273885350318471,5863.414012738853]
[1264,29,0,"Travel_Rarely","Research & Development",1,"Universitaria","Life Sciences","Muy_Alta","Media",4,"Research Director","Media","Divorced",16124,3,"No",14,"Alta","Media",2,9,2,7,1,7,193488,40632.48,0.05544554455445545,2252.88998019802]
[1265,34,0,"Travel_Rarely","Research & Development",20,"Master","Technical Degree","Alta","Muy_Alta",1,"Research Scientist","Muy_Alta","Married",2585,0,"No",17,"Alta","Muy_Alta",0,2,5,1,0,0,31020,6110.940000000001,0.103448275862069,632.1662068965518]
[1267,44,0,"Travel_Rarely","Sales",5,"Universitaria","Marketing","Media","Alta",5,"Manager","Alta","Married",18213,7,"No",11,"Alta","Alta",1,26,5,22,3,10,218556,45896.75999999999,0.1273885350318471,5846.72101910828]
[1268,33,0,"Travel_Rarely","Sales",10,"Master","Marketing","Muy_Alta","Muy_Alta",3,"Sales Executive","Muy_Alta","Divorced",8380,0,"Yes",14,"Alta","Muy_Alta",2,10,3,9,0,8,100560,21117.6,0.1443298969072165,3047.901030927835]
[1269,19,0,"Travel_Rarely","Research & Development",25,"Universitaria","Life Sciences","Media","Muy_Alta",1,"Research Scientist","Muy_Alta","Single",2994,1,"Yes",12,"Alta","Muy_Alta",0,1,2,1,0,1,35928,7077.816000000001,0,0]
[1270,23,0,"Travel_Rarely","Research & Development",1,"Universitaria","Life Sciences","Muy_Alta","Alta",1,"Research Scientist","Alta","Married",1223,1,"No",22,"Muy_Alta","Muy_Alta",1,1,2,1,0,1,14676,2362.836,0.103448275862069,244.4313103448276]
[1273,25,1,"Travel_Frequently","Sales",24,"Primaria","Life Sciences","Alta","Baja",1,"Sales Representative","Baja","Single",1118,1,"Yes",14,"Alta","Muy_Alta",0,1,4,1,1,0,13416,2159.976,0.7777777777777778,1679.981333333333]
[1275,26,0,"Travel_Rarely","Research & Development",4,"Universitaria","Life Sciences","Alta","Alta",1,"Research Scientist","Alta","Single",2875,1,"Yes",20,"Muy_Alta","Media",0,8,2,8,2,2,34500,6796.5,0.1443298969072165,980.9381443298968]
[1277,45,1,"Travel_Rarely","Sales",2,"Primaria","Marketing","Baja","Baja",5,"Manager","Baja","Single",18824,2,"Yes",16,"Alta","Baja",0,26,2,24,1,11,225888,47436.48,0.1443298969072165,6846.502268041236]
[1278,55,0,"Non-Travel","Research & Development",8,"Secundaria","Medical","Muy_Alta","Media",4,"Healthcare Representative","Media","Divorced",13577,1,"Yes",15,"Alta","Muy_Alta",1,34,3,33,15,0,162924,34214.04,0.1443298969072165,4938.108865979381]
[1279,21,1,"Travel_Frequently","Research & Development",10,"Secundaria","Life Sciences","Baja","Media",1,"Laboratory Technician","Alta","Single",2625,1,"No",20,"Muy_Alta","Alta",0,2,2,2,2,2,31500,6205.5,0.7777777777777778,4826.5]
[1280,46,0,"Travel_Rarely","Sales",4,"Secundaria","Marketing","Muy_Alta","Media",5,"Manager","Media","Married",18789,2,"No",14,"Alta","Alta",1,26,2,11,0,8,225468,47348.28,0.05544554455445545,2625.251168316832]
[1281,34,0,"Travel_Rarely","Sales",2,"Universitaria","Marketing","Alta","Alta",2,"Sales Executive","Alta","Single",4538,0,"Yes",12,"Alta","Muy_Alta",0,4,3,3,0,2,54456,11109.024,0.1443298969072165,1603.364288659794]
[1282,51,0,"Travel_Frequently","Sales",9,"Universitaria","Life Sciences","Muy_Alta","Alta",5,"Manager","Alta","Divorced",19847,4,"Yes",24,"Muy_Alta","Baja",1,31,5,29,11,10,238164,50014.44,0.1443298969072165,7218.578969072164]
[1283,59,0,"Travel_Rarely","Research & Development",18,"Universitaria","Medical","Muy_Alta","Alta",3,"Manufacturing Director","Alta","Single",10512,6,"No",12,"Alta","Muy_Alta",0,25,6,9,5,4,126144,26490.24,0.1273885350318471,3374.552866242038]
[1285,34,0,"Travel_Frequently","Research & Development",19,"Universitaria","Medical","Alta","Alta",2,"Laboratory Technician","Alta","Divorced",4444,4,"No",13,"Alta","Alta",2,15,2,11,5,10,53328,10878.912,0.05544554455445545,603.1872]
[1286,28,0,"Travel_Frequently","Research & Development",1,"Universitaria","Medical","Muy_Alta","Alta",1,"Laboratory Technician","Alta","Single",2154,0,"Yes",11,"Alta","Alta",0,5,2,4,0,2,25848,4161.528,0.8260869565217391,3437.784]
[1288,44,0,"Travel_Rarely","Research & Development",4,"Master","Life Sciences","Alta","Muy_Alta",5,"Manager","Muy_Alta","Divorced",19190,1,"No",14,"Alta","Muy_Alta",2,26,4,25,14,13,230280,48358.8,0.05544554455445545,2681.28]
[1289,34,0,"Travel_Frequently","Human Resources",11,"Secundaria","Life Sciences","Alta","Media",2,"Human Resources","Media","Married",4490,4,"No",11,"Alta","Muy_Alta",2,14,5,10,1,8,53880,10991.52,0.05544554455445545,609.4308118811881]
[1291,35,0,"Travel_Rarely","Research & Development",6,"Universitaria","Life Sciences","Alta","Alta",1,"Research Scientist","Alta","Married",3506,0,"Yes",14,"Alta","Muy_Alta",0,4,3,3,2,2,42072,8288.184000000001,0.1443298969072165,1196.232742268041]
[1292,42,0,"Travel_Rarely","Research & Development",7,"Universitaria","Medical","Media","Muy_Alta",2,"Research Scientist","Muy_Alta","Married",2372,6,"Yes",16,"Alta","Muy_Alta",0,18,2,1,0,0,28464,4582.704,0.1666666666666667,763.7839999999999]
[1293,43,0,"Travel_Rarely","Sales",4,"Secundaria","Marketing","Muy_Alta","Media",3,"Sales Executive","Media","Single",10231,3,"No",14,"Alta","Muy_Alta",0,23,3,21,15,17,122772,25782.12,0.5,12891.06]
[1294,36,0,"Travel_Rarely","Research & Development",2,"Universitaria","Life Sciences","Alta","Alta",2,"Manufacturing Director","Alta","Single",5410,9,"Yes",11,"Alta","Muy_Alta",0,18,2,16,5,12,64920,13243.68,0.1443298969072165,1911.458969072165]
[1295,44,1,"Travel_Rarely","Research & Development",15,"Universitaria","Medical","Baja","Alta",3,"Healthcare Representative","Alta","Married",7978,1,"No",11,"Alta","Muy_Alta",1,10,2,10,0,5,95736,20104.56,0.05544554455445545,1114.708277227723]
[1296,28,0,"Travel_Frequently","Research & Development",2,"Secundaria","Life Sciences","Muy_Alta","Media",1,"Laboratory Technician","Media","Married",3867,1,"Yes",12,"Alta","Media",1,2,2,2,2,2,46404,9141.588,0.6,5484.9528]
[1297,51,0,"Travel_Frequently","Research & Development",6,"Secundaria","Medical","Media","Media",1,"Laboratory Technician","Media","Single",2838,0,"No",14,"Alta","Media",0,8,6,7,7,7,34056,6709.032,0.05544554455445545,371.9859326732673]
[1298,30,0,"Non-Travel","Research & Development",9,"Universitaria","Medical","Alta","Alta",2,"Manufacturing Director","Alta","Single",4695,7,"Yes",18,"Alta","Alta",0,10,3,8,1,7,56340,11493.36,0.1443298969072165,1658.835463917525]
[1299,29,1,"Travel_Rarely","Research & Development",7,"Universitaria","Technical Degree","Media","Alta",1,"Laboratory Technician","Alta","Divorced",3339,3,"Yes",13,"Alta","Baja",2,10,2,7,7,7,40068,7893.396000000001,0.3555555555555556,2806.5408]
[1301,28,0,"Travel_Rarely","Research & Development",1,"Universitaria","Technical Degree","Muy_Alta","Alta",1,"Research Scientist","Alta","Single",2080,2,"No",11,"Alta","Media",0,5,2,3,1,2,24960,4018.56,0.05544554455445545,222.8112475247525]
[1303,25,0,"Travel_Rarely","Research & Development",1,"Universitaria","Medical","Muy_Alta","Alta",1,"Research Scientist","Alta","Single",2096,1,"No",18,"Alta","Muy_Alta",0,2,3,2,2,1,25152,4049.472,0.2,809.8944000000001]
[1304,32,0,"Travel_Rarely","Sales",8,"Universitaria","Medical","Alta","Muy_Alta",2,"Sales Executive","Muy_Alta","Married",6209,1,"No",15,"Alta","Alta",2,10,4,10,0,8,74508,15199.632,0.05544554455445545,842.7518732673267]
[1306,45,0,"Travel_Frequently","Research & Development",25,"Universitaria","Medical","Media","Alta",5,"Manager","Alta","Single",18061,3,"No",22,"Muy_Alta","Alta",0,22,4,0,0,0,216732,45513.72,0.05544554455445545,2523.53299009901]
[1307,39,0,"Travel_Rarely","Research & Development",13,"Secundaria","Medical","Alta","Media",4,"Manager","Media","Divorced",17123,6,"Yes",13,"Alta","Muy_Alta",2,21,4,19,15,2,205476,43149.96,0.1443298969072165,6227.829278350515]
[1308,58,0,"Travel_Rarely","Research & Development",23,"Universitaria","Life Sciences","Baja","Alta",1,"Research Scientist","Alta","Divorced",2372,1,"No",12,"Alta","Muy_Alta",2,2,3,2,2,2,28464,4582.704,0.103448275862069,474.0728275862069]
[1309,32,1,"Travel_Rarely","Research & Development",7,"Universitaria","Life Sciences","Muy_Alta","Alta",2,"Laboratory Technician","Alta","Married",4883,1,"No",18,"Alta","Baja",1,10,3,10,1,1,58596,11953.584,0.05544554455445545,662.7729742574257]
[1310,39,1,"Travel_Rarely","Research & Development",23,"Universitaria","Medical","Alta","Alta",1,"Research Scientist","Alta","Single",3904,0,"No",13,"Alta","Baja",0,6,2,5,0,3,46848,9229.056,0.05544554455445545,511.7100356435644]
[1311,30,0,"Travel_Rarely","Research & Development",6,"Secundaria","Technical Degree","Baja","Media",2,"Laboratory Technician","Media","Married",4627,0,"No",12,"Alta","Baja",1,10,6,9,6,7,55524,11326.896,0.05544554455445545,628.0259168316832]
[1312,36,0,"Travel_Rarely","Research & Development",10,"Universitaria","Technical Degree","Muy_Alta","Alta",3,"Healthcare Representative","Alta","Married",7094,3,"No",12,"Alta","Baja",0,10,0,7,1,7,85128,17876.88,0.05544554455445545,991.1933465346535]
[1314,46,0,"Travel_Rarely","Human Resources",1,"Universitaria","Life Sciences","Muy_Alta","Alta",1,"Human Resources","Alta","Single",3423,6,"No",12,"Alta","Alta",0,10,3,7,5,7,41076,8091.972000000001,0.1273885350318471,1030.824458598726]
[1315,28,0,"Non-Travel","Research & Development",1,"Primaria","Life Sciences","Alta","Baja",2,"Laboratory Technician","Baja","Married",6674,0,"No",11,"Alta","Baja",3,10,6,9,7,5,80088,16818.48,0.05544554455445545,932.5097821782178]
[1317,50,0,"Travel_Rarely","Research & Development",28,"Universitaria","Life Sciences","Muy_Alta","Alta",4,"Research Director","Alta","Married",16880,4,"Yes",11,"Alta","Media",0,25,2,3,1,2,202560,42537.6,0.1443298969072165,6139.447422680411]
[1318,40,1,"Travel_Rarely","Sales",25,"Secundaria","Marketing","Muy_Alta","Media",3,"Sales Executive","Media","Single",9094,2,"Yes",12,"Alta","Alta",0,9,2,5,1,0,109128,22916.88,0.1443298969072165,3307.590927835051]
[1319,52,1,"Travel_Rarely","Sales",5,"Universitaria","Life Sciences","Media","Alta",3,"Sales Executive","Alta","Single",8446,9,"Yes",19,"Alta","Alta",0,10,2,8,7,7,101352,21283.92,0.3555555555555556,7567.616]
[1321,30,0,"Travel_Rarely","Research & Development",17,"Universitaria","Medical","Media","Alta",3,"Manager","Alta","Married",11916,1,"Yes",23,"Muy_Alta","Muy_Alta",2,9,2,9,0,8,142992,30028.32,0.3555555555555556,10676.736]
[1322,39,0,"Travel_Rarely","Research & Development",18,"Universitaria","Life Sciences","Baja","Alta",2,"Manufacturing Director","Alta","Single",4534,0,"No",11,"Alta","Baja",0,9,6,8,1,7,54408,11099.232,0.05544554455445545,615.4029623762376]
[1324,31,0,"Non-Travel","Sales",2,"Universitaria","Life Sciences","Muy_Alta","Alta",3,"Sales Executive","Alta","Divorced",9852,1,"Yes",19,"Alta","Baja",1,10,5,10,9,6,118224,24827.04,0.1443298969072165,3583.28412371134]
[1329,41,0,"Non-Travel","Sales",10,"Primaria","Medical","Alta","Baja",2,"Sales Executive","Baja","Single",6151,1,"No",13,"Alta","Baja",0,19,4,19,11,9,73812,15057.648,0.05544554455445545,834.8794930693069]
[1331,31,1,"Travel_Frequently","Sales",1,"Universitaria","Life Sciences","Muy_Alta","Alta",1,"Sales Representative","Alta","Single",2302,1,"Yes",11,"Alta","Baja",0,3,2,3,2,2,27624,4447.464,0.8260869565217391,3673.992]
[1333,44,1,"Travel_Rarely","Research & Development",3,"Universitaria","Life Sciences","Baja","Alta",1,"Laboratory Technician","Alta","Married",2362,4,"No",12,"Alta","Alta",0,10,4,3,1,2,28344,4563.384,0.05544554455445545,253.0193108910891]
[1334,42,0,"Non-Travel","Research & Development",2,"Universitaria","Life Sciences","Alta","Alta",4,"Manager","Alta","Married",17861,0,"Yes",13,"Alta","Muy_Alta",0,21,3,20,2,10,214332,45009.72,0.1443298969072165,6496.24824742268]
[1336,55,0,"Travel_Rarely","Research & Development",2,"Primaria","Medical","Muy_Alta","Baja",5,"Manager","Baja","Married",19187,4,"No",14,"Alta","Muy_Alta",1,23,5,19,9,11,230244,48351.24,0.05544554455445545,2680.860831683168]
[1338,56,0,"Travel_Rarely","Human Resources",8,"Universitaria","Life Sciences","Muy_Alta","Alta",5,"Manager","Alta","Single",19717,6,"No",14,"Alta","Baja",0,36,4,7,7,7,236604,49686.84,0.1273885350318471,6329.533757961783]
[1340,40,0,"Non-Travel","Research & Development",16,"Universitaria","Life Sciences","Alta","Alta",1,"Research Scientist","Alta","Divorced",3544,9,"No",16,"Alta","Media",1,6,0,4,0,0,42528,8378.016,0.1273885350318471,1067.263184713376]
[1344,34,0,"Travel_Rarely","Research & Development",9,"Universitaria","Life Sciences","Muy_Alta","Alta",3,"Healthcare Representative","Alta","Divorced",8500,0,"No",11,"Alta","Muy_Alta",1,10,0,9,1,6,102000,21420,0.05544554455445545,1187.643564356436]
[1346,40,0,"Travel_Rarely","Research & Development",2,"Universitaria","Life Sciences","Alta","Alta",2,"Research Scientist","Alta","Single",4661,1,"No",13,"Alta","Alta",0,9,4,9,8,8,55932,11410.128,0.05544554455445545,632.6407603960396]
[1349,41,0,"Travel_Frequently","Sales",1,"Universitaria","Marketing","Alta","Alta",2,"Sales Executive","Alta","Divorced",4103,0,"No",17,"Alta","Muy_Alta",1,10,2,9,1,7,49236,9699.492,0.05544554455445545,537.7936158415841]
[1350,35,0,"Travel_Frequently","Research & Development",4,"Universitaria","Life Sciences","Alta","Alta",2,"Research Scientist","Alta","Single",4249,1,"Yes",11,"Alta","Media",0,9,3,9,1,1,50988,10401.552,0.1443298969072165,1501.254927835051]
[1352,51,0,"Travel_Rarely","Human Resources",5,"Universitaria","Life Sciences","Alta","Alta",4,"Manager","Alta","Divorced",14026,1,"Yes",11,"Alta","Media",1,33,2,33,0,10,168312,35345.52,0.1443298969072165,5101.415257731958]
[1355,38,0,"Travel_Rarely","Sales",2,"Universitaria","Life Sciences","Media","Alta",2,"Sales Executive","Alta","Divorced",6893,3,"No",15,"Alta","Muy_Alta",1,11,3,7,1,7,82716,17370.36,0.05544554455445545,963.1090693069308]
[1356,34,0,"Travel_Rarely","Sales",15,"Universitaria","Medical","Alta","Alta",2,"Sales Executive","Alta","Single",6125,1,"No",12,"Alta","Muy_Alta",0,10,6,10,9,6,73500,14994,0.05544554455445545,831.3504950495048]
[1358,25,0,"Travel_Rarely","Research & Development",19,"Universitaria","Medical","Muy_Alta","Alta",1,"Laboratory Technician","Alta","Married",3669,3,"No",11,"Alta","Alta",3,7,6,3,1,2,44028,8673.516,0.05544554455445545,480.9078178217821]
[1360,58,1,"Travel_Rarely","Research & Development",7,"Secundaria","Medical","Alta","Media",3,"Manufacturing Director","Media","Married",10008,7,"Yes",14,"Alta","Muy_Alta",0,31,0,10,5,9,120096,25220.16,0.1443298969072165,3640.023092783505]
[1361,40,0,"Travel_Rarely","Research & Development",1,"Universitaria","Life Sciences","Media","Alta",1,"Laboratory Technician","Alta","Married",2387,3,"No",22,"Muy_Alta","Alta",1,7,3,4,0,3,28644,4611.684,0.05544554455445545,255.6973306930693]
[1362,36,0,"Travel_Frequently","Sales",7,"Master","Marketing","Baja","Muy_Alta",2,"Sales Executive","Muy_Alta","Married",4639,2,"No",16,"Alta","Muy_Alta",1,17,2,15,6,13,55668,11356.272,0.05544554455445545,629.6546851485148]
[1363,48,0,"Travel_Rarely","Research & Development",4,"Universitaria","Life Sciences","Muy_Alta","Alta",3,"Manufacturing Director","Alta","Single",7898,1,"No",11,"Alta","Alta",0,11,2,10,0,8,94776,19902.96,0.05544554455445545,1103.530455445544]
[1364,27,0,"Travel_Rarely","Sales",11,"Universitaria","Medical","Alta","Muy_Alta",1,"Sales Representative","Muy_Alta","Married",2534,8,"No",14,"Alta","Media",1,5,4,1,0,0,30408,5990.376,0.1273885350318471,763.1052229299363]
[1367,51,0,"Travel_Rarely","Research & Development",11,"Secundaria","Technical Degree","Muy_Alta","Media",4,"Manufacturing Director","Media","Single",13142,3,"No",16,"Alta","Media",0,29,1,5,0,3,157704,33117.84,0.05544554455445545,1836.236673267327]
[1368,18,0,"Non-Travel","Research & Development",1,"Universitaria","Life Sciences","Muy_Alta","Alta",1,"Laboratory Technician","Alta","Single",1611,1,"No",15,"Alta","Alta",0,0,5,0,0,0,19332,3112.452,0.2,622.4904000000001]
[1369,35,0,"Travel_Rarely","Research & Development",1,"Secundaria","Medical","Muy_Alta","Media",2,"Laboratory Technician","Media","Married",5363,0,"No",12,"Alta","Media",1,10,0,9,0,0,64356,13128.624,0.05544554455445545,727.923706930693]
[1371,27,0,"Travel_Frequently","Sales",2,"Primaria","Life Sciences","Muy_Alta","Baja",2,"Sales Executive","Baja","Single",5071,3,"No",20,"Muy_Alta","Media",0,8,3,6,0,0,60852,12413.808,0.05544554455445545,688.2903445544554]
[1372,55,1,"Travel_Rarely","Sales",13,"Master","Marketing","Baja","Muy_Alta",4,"Sales Executive","Muy_Alta","Single",13695,6,"Yes",17,"Alta","Alta",0,24,2,19,3,8,164340,34511.4,0.1443298969072165,4981.026804123711]
[1373,56,0,"Travel_Rarely","Research & Development",23,"Universitaria","Life Sciences","Muy_Alta","Alta",4,"Manufacturing Director","Alta","Married",13402,4,"Yes",12,"Alta","Baja",1,33,0,19,15,9,160824,33773.04,0.1443298969072165,4874.459381443298]
[1374,34,0,"Non-Travel","Research & Development",26,"Secundaria","Technical Degree","Baja","Media",1,"Research Scientist","Media","Divorced",2029,1,"No",20,"Muy_Alta","Alta",3,5,2,5,0,0,24348,3920.028,0.05544554455445545,217.3480871287129]
[1375,40,0,"Travel_Rarely","Research & Development",2,"Master","Medical","Media","Muy_Alta",2,"Healthcare Representative","Muy_Alta","Divorced",6377,5,"No",20,"Muy_Alta","Media",3,15,0,12,11,8,76524,16070.04,0.1273885350318471,2047.138853503185]
[1377,34,0,"Travel_Rarely","Research & Development",29,"Universitaria","Medical","Media","Alta",2,"Laboratory Technician","Alta","Married",5429,4,"No",13,"Alta","Baja",2,10,1,8,7,7,65148,13290.192,0.05544554455445545,736.8819326732673]
[1379,31,1,"Travel_Frequently","Sales",2,"Secundaria","Life Sciences","Alta","Media",1,"Sales Representative","Media","Single",2785,7,"No",14,"Alta","Alta",0,3,3,1,0,0,33420,6583.740000000001,0.1273885350318471,838.6929936305734]
[1380,35,1,"Travel_Frequently","Sales",18,"Universitaria","Marketing","Muy_Alta","Alta",2,"Sales Executive","Alta","Married",4614,0,"Yes",18,"Alta","Alta",1,5,0,4,3,2,55368,11295.072,0.1443298969072165,1630.216577319587]
[1382,38,0,"Travel_Frequently","Research & Development",7,"Master","Life Sciences","Muy_Alta","Muy_Alta",1,"Research Scientist","Muy_Alta","Divorced",2610,1,"No",11,"Alta","Muy_Alta",3,4,2,4,0,3,31320,6170.04,0.05544554455445545,342.1012277227723]
[1383,34,0,"Travel_Rarely","Research & Development",2,"Universitaria","Technical Degree","Alta","Alta",2,"Healthcare Representative","Alta","Single",6687,1,"No",11,"Alta","Muy_Alta",0,14,2,14,4,11,80244,16851.24,0.05544554455445545,934.3261782178217]
[1387,28,0,"Travel_Rarely","Sales",26,"Secundaria","Life Sciences","Alta","Media",2,"Sales Executive","Media","Married",4724,1,"No",11,"Alta","Alta",1,5,0,5,0,4,56688,11564.352,0.05544554455445545,641.1917940594059]
[1389,31,1,"Travel_Rarely","Research & Development",22,"Universitaria","Medical","Muy_Alta","Alta",2,"Manufacturing Director","Alta","Married",6179,1,"Yes",15,"Alta","Muy_Alta",2,10,3,10,6,7,74148,15126.192,0.1443298969072165,2183.161731958763]
[1390,39,0,"Travel_Rarely","Sales",21,"Secundaria","Life Sciences","Baja","Media",2,"Sales Executive","Media","Married",6120,3,"Yes",12,"Alta","Muy_Alta",2,8,2,5,1,4,73440,14981.76,0.1443298969072165,2162.315876288659]
[1391,51,0,"Travel_Frequently","Sales",2,"Universitaria","Marketing","Media","Alta",3,"Sales Executive","Alta","Married",10596,2,"No",11,"Alta","Media",0,14,5,4,3,2,127152,26701.92,0.05544554455445545,1480.502495049505]
[1392,41,0,"Travel_Frequently","Research & Development",22,"Universitaria","Life Sciences","Muy_Alta","Alta",2,"Research Scientist","Alta","Divorced",5467,3,"Yes",14,"Alta","Baja",2,12,4,6,3,3,65604,13383.216,0.1443298969072165,1931.59818556701]
[1394,37,0,"Travel_Rarely","Research & Development",4,"Universitaria","Life Sciences","Alta","Alta",1,"Research Scientist","Alta","Married",2996,7,"Yes",15,"Alta","Muy_Alta",0,8,2,6,1,3,35952,7082.544,0.1443298969072165,1022.222845360825]
[1395,33,0,"Travel_Frequently","Sales",5,"Universitaria","Life Sciences","Media","Alta",2,"Sales Executive","Alta","Married",9998,6,"No",13,"Alta","Baja",0,8,2,5,1,2,119976,25194.96,0.1273885350318471,3209.549044585987]
[1396,32,0,"Travel_Rarely","Sales",2,"Universitaria","Marketing","Alta","Alta",2,"Sales Executive","Alta","Married",4078,0,"Yes",13,"Alta","Baja",3,4,3,3,1,2,48936,9640.392,0.1443298969072165,1391.396783505154]
[1397,39,0,"Non-Travel","Research & Development",25,"Universitaria","Life Sciences","Alta","Alta",3,"Healthcare Representative","Alta","Married",10920,3,"No",21,"Muy_Alta","Media",1,13,2,6,0,5,131040,27518.4,0.05544554455445545,1525.772673267327]
[1399,25,0,"Travel_Rarely","Sales",18,"Master","Life Sciences","Baja","Muy_Alta",2,"Sales Executive","Muy_Alta","Married",6232,2,"No",11,"Alta","Media",0,6,3,3,1,2,74784,15255.936,0.05544554455445545,845.8736792079208]
[1401,52,0,"Travel_Frequently","Research & Development",28,"Master","Medical","Muy_Alta","Muy_Alta",4,"Manufacturing Director","Muy_Alta","Married",13247,2,"Yes",11,"Alta","Media",1,24,3,5,0,2,158964,33382.44,0.1443298969072165,4818.08412371134]
[1402,43,0,"Travel_Rarely","Research & Development",6,"Secundaria","Medical","Baja","Media",2,"Research Scientist","Media","Single",4081,1,"Yes",14,"Alta","Baja",0,20,3,20,1,8,48972,9647.484,0.1443298969072165,1392.420371134021]
[1403,27,0,"Travel_Rarely","Sales",10,"Secundaria","Marketing","Muy_Alta","Media",2,"Sales Executive","Media","Married",5769,1,"Yes",11,"Alta","Muy_Alta",0,6,3,6,4,4,69228,14122.512,0.1443298969072165,2038.300701030927]
[1405,27,1,"Travel_Rarely","Research & Development",17,"Universitaria","Life Sciences","Muy_Alta","Alta",1,"Research Scientist","Alta","Single",2394,1,"Yes",13,"Alta","Muy_Alta",0,8,2,8,7,7,28728,4625.208000000001,0.8260869565217391,3820.824000000001]
[1407,26,0,"Travel_Rarely","Research & Development",2,"Secundaria","Medical","Baja","Media",1,"Research Scientist","Media","Single",3904,0,"No",12,"Alta","Muy_Alta",0,5,2,4,1,1,46848,9229.056,0.05544554455445545,511.7100356435644]
[1408,42,0,"Travel_Rarely","Human Resources",10,"Universitaria","Human Resources","Alta","Alta",4,"Manager","Alta","Married",16799,0,"No",14,"Alta","Alta",1,21,5,20,0,9,201588,42333.48,0.05544554455445545,2347.202851485148]
[1409,52,0,"Travel_Rarely","Research & Development",8,"Universitaria","Other","Alta","Alta",1,"Laboratory Technician","Alta","Married",2950,9,"No",13,"Alta","Alta",0,12,2,5,0,4,35400,6973.8,0.1273885350318471,888.3821656050956]
[1411,37,0,"Travel_Rarely","Research & Development",11,"Universitaria","Medical","Baja","Alta",1,"Laboratory Technician","Alta","Single",3629,4,"No",18,"Alta","Baja",0,8,6,3,0,2,43548,8578.956,0.05544554455445545,475.6648871287129]
[1412,35,0,"Travel_Frequently","Research & Development",18,"Universitaria","Life Sciences","Alta","Alta",3,"Manufacturing Director","Alta","Single",9362,2,"No",11,"Alta","Alta",0,10,2,2,2,2,112344,23592.24,0.05544554455445545,1308.084594059406]
[1415,25,0,"Travel_Rarely","Research & Development",1,"Universitaria","Technical Degree","Baja","Alta",1,"Laboratory Technician","Alta","Married",3229,4,"No",11,"Alta","Media",1,7,2,3,0,2,38748,7633.356000000001,0.05544554455445545,423.2355801980198]
[1417,26,0,"Travel_Rarely","Research & Development",7,"Master","Other","Alta","Muy_Alta",1,"Laboratory Technician","Muy_Alta","Single",3578,0,"No",12,"Alta","Muy_Alta",0,8,2,7,0,7,42936,8458.392,0.05544554455445545,468.9801504950495]
[1419,29,0,"Travel_Rarely","Human Resources",17,"Secundaria","Other","Media","Media",3,"Human Resources","Media","Single",7988,1,"No",13,"Alta","Baja",0,10,3,10,0,9,95856,20129.76,0.05544554455445545,1116.105504950495]
[1420,49,1,"Travel_Frequently","Research & Development",28,"Secundaria","Life Sciences","Baja","Media",2,"Laboratory Technician","Media","Single",4284,3,"No",20,"Muy_Alta","Baja",0,20,2,4,1,3,51408,10487.232,0.05544554455445545,581.470289108911]
[1421,29,1,"Travel_Frequently","Research & Development",14,"Universitaria","Other","Alta","Alta",3,"Healthcare Representative","Alta","Single",7553,0,"Yes",12,"Alta","Baja",0,9,1,8,7,7,90636,19033.56,0.1443298969072165,2747.111752577319]
[1422,54,0,"Travel_Rarely","Research & Development",1,"Universitaria","Medical","Muy_Alta","Alta",4,"Research Director","Alta","Single",17328,6,"No",19,"Alta","Muy_Alta",0,29,3,20,12,7,207936,43666.56,0.1273885350318471,5562.619108280254]
[1423,58,0,"Travel_Rarely","Research & Development",1,"Universitaria","Medical","Muy_Alta","Alta",5,"Research Director","Alta","Married",19701,3,"Yes",21,"Muy_Alta","Alta",1,32,3,9,1,5,236412,49646.52,0.1443298969072165,7165.477113402061]
[1424,55,0,"Travel_Rarely","Research & Development",1,"Master","Medical","Media","Muy_Alta",4,"Research Director","Muy_Alta","Divorced",14732,2,"No",13,"Alta","Muy_Alta",2,31,4,7,0,0,176784,37124.64,0.05544554455445545,2058.395881188119]
[1425,36,0,"Travel_Rarely","Sales",3,"Universitaria","Marketing","Baja","Alta",2,"Sales Executive","Alta","Single",9278,3,"Yes",16,"Alta","Muy_Alta",0,15,3,5,0,1,111336,23380.56,0.1443298969072165,3374.513814432989]
[1427,31,1,"Travel_Frequently","Sales",1,"Primaria","Life Sciences","Media","Baja",1,"Sales Representative","Baja","Single",1359,1,"No",12,"Alta","Media",0,1,3,1,0,0,16308,2625.588,0.2,525.1176]
[1428,30,0,"Travel_Rarely","Sales",7,"Universitaria","Marketing","Muy_Alta","Alta",2,"Sales Executive","Alta","Divorced",4779,7,"No",14,"Alta","Media",2,8,3,3,0,2,57348,11698.992,0.1273885350318471,1490.317452229299]
[1430,31,0,"Travel_Rarely","Research & Development",8,"Universitaria","Life Sciences","Baja","Alta",4,"Research Director","Alta","Single",16422,3,"No",11,"Alta","Alta",0,9,3,3,1,0,197064,41383.44,0.05544554455445545,2294.527366336633]
[1431,34,0,"Travel_Frequently","Research & Development",1,"Universitaria","Other","Muy_Alta","Alta",1,"Research Scientist","Alta","Divorced",2996,5,"No",14,"Alta","Alta",2,10,2,4,1,3,35952,7082.544,0.1273885350318471,902.2349044585987]
[1433,31,1,"Travel_Rarely","Research & Development",8,"Secundaria","Life Sciences","Baja","Media",1,"Research Scientist","Media","Single",1261,1,"No",12,"Alta","Alta",0,1,3,1,0,0,15132,2436.252,0.7777777777777778,1894.862666666667]
[1434,27,0,"Travel_Rarely","Research & Development",11,"Universitaria","Life Sciences","Media","Alta",1,"Laboratory Technician","Alta","Married",2099,0,"No",14,"Alta","Media",0,6,3,5,1,4,25188,4055.268,0.05544554455445545,224.8465425742574]
[1435,36,0,"Travel_Rarely","Research & Development",4,"Secundaria","Life Sciences","Baja","Media",2,"Laboratory Technician","Media","Single",5810,1,"No",16,"Alta","Alta",0,10,2,10,1,8,69720,14222.88,0.05544554455445545,788.5953267326732]
[1436,36,0,"Travel_Rarely","Sales",16,"Secundaria","Marketing","Alta","Media",2,"Sales Executive","Media","Married",5647,4,"No",13,"Alta","Baja",2,11,3,3,0,2,67764,13823.856,0.05544554455445545,766.4712237623762]
[1438,47,0,"Travel_Rarely","Research & Development",1,"Universitaria","Technical Degree","Baja","Alta",1,"Research Scientist","Alta","Married",3420,7,"No",12,"Alta","Alta",1,17,2,6,1,2,41040,8084.88,0.1273885350318471,1029.92101910828]
[1439,25,1,"Travel_Rarely","Sales",9,"Secundaria","Life Sciences","Baja","Media",1,"Sales Representative","Media","Married",4400,3,"No",12,"Alta","Baja",0,6,2,3,2,2,52800,10771.2,0.05544554455445545,597.2150495049505]
[1440,37,0,"Non-Travel","Research & Development",5,"Master","Technical Degree","Alta","Muy_Alta",1,"Laboratory Technician","Muy_Alta","Single",3500,0,"No",14,"Alta","Baja",0,7,2,6,1,3,42000,8274,0.05544554455445545,458.7564356435644]
[1441,56,0,"Travel_Rarely","Research & Development",1,"Universitaria","Life Sciences","Baja","Alta",1,"Research Scientist","Alta","Married",2066,2,"No",22,"Muy_Alta","Muy_Alta",1,5,3,3,1,0,24792,3991.512,0.05544554455445545,221.3115564356436]
[1443,47,0,"Travel_Rarely","Research & Development",2,"Universitaria","Medical","Baja","Alta",4,"Research Director","Alta","Married",17169,3,"No",19,"Alta","Media",2,26,2,20,5,6,206028,43265.88,0.05544554455445545,2398.900277227723]
[1445,24,0,"Travel_Rarely","Sales",4,"Universitaria","Medical","Muy_Alta","Alta",2,"Sales Executive","Alta","Married",4162,1,"Yes",12,"Alta","Alta",2,5,3,5,0,3,49944,9838.968,0.1443298969072165,1420.057237113402]
[1446,32,0,"Travel_Rarely","Sales",7,"Universitaria","Marketing","Muy_Alta","Alta",2,"Sales Executive","Alta","Married",9204,4,"No",12,"Alta","Alta",1,7,3,4,0,3,110448,23194.08,0.05544554455445545,1286.008396039604]
[1447,34,0,"Travel_Rarely","Research & Development",1,"Secundaria","Life Sciences","Muy_Alta","Media",1,"Laboratory Technician","Media","Married",3294,5,"No",17,"Alta","Baja",1,7,2,5,0,2,39528,7787.016000000001,0.1273885350318471,991.9765605095542]
[1448,41,0,"Travel_Rarely","Research & Development",5,"Master","Medical","Media","Muy_Alta",1,"Research Scientist","Muy_Alta","Married",2127,2,"Yes",12,"Alta","Baja",0,7,5,4,0,3,25524,4109.364,0.8260869565217391,3394.692]
[1449,40,0,"Non-Travel","Research & Development",9,"Universitaria","Other","Alta","Alta",2,"Laboratory Technician","Alta","Divorced",3975,3,"No",11,"Alta","Alta",2,11,2,8,0,7,47700,9396.9,0.05544554455445545,521.0162376237623]
[1453,31,0,"Travel_Rarely","Sales",8,"Universitaria","Life Sciences","Baja","Alta",3,"Sales Executive","Alta","Divorced",10793,1,"No",18,"Alta","Baja",1,13,5,13,9,9,129516,27198.36,0.05544554455445545,1508.027881188119]
[1457,46,1,"Travel_Rarely","Sales",9,"Universitaria","Marketing","Baja","Alta",3,"Sales Executive","Alta","Divorced",10096,4,"No",11,"Alta","Baja",1,28,1,7,4,3,121152,25441.92,0.05544554455445545,1410.641108910891]
[1458,39,1,"Non-Travel","Research & Development",2,"Secundaria","Life Sciences","Baja","Media",1,"Laboratory Technician","Media","Single",3646,2,"Yes",23,"Muy_Alta","Media",0,11,2,1,0,0,43752,8619.144,0.1443298969072165,1244.000164948454]
[1459,31,1,"Travel_Frequently","Research & Development",1,"Master","Life Sciences","Alta","Muy_Alta",3,"Manufacturing Director","Muy_Alta","Single",7446,1,"No",11,"Alta","Baja",0,10,2,10,4,7,89352,18763.92,0.05544554455445545,1040.375762376238]
[1460,45,0,"Travel_Rarely","Research & Development",20,"Primaria","Medical","Media","Baja",3,"Healthcare Representative","Baja","Divorced",10851,2,"Yes",18,"Alta","Media",1,24,2,7,0,7,130212,27344.52,0.3555555555555556,9722.496000000001]
[1461,31,0,"Travel_Rarely","Human Resources",8,"Master","Medical","Muy_Alta","Muy_Alta",1,"Human Resources","Muy_Alta","Single",2109,9,"No",18,"Alta","Muy_Alta",0,8,3,3,0,2,25308,4074.588,0.1273885350318471,519.0557961783439]
[1464,31,1,"Travel_Frequently","Research & Development",2,"Universitaria","Life Sciences","Media","Alta",1,"Laboratory Technician","Alta","Married",3722,6,"Yes",13,"Alta","Alta",1,7,2,2,2,2,44664,8798.808,0.3555555555555556,3128.465066666667]
[1465,45,0,"Travel_Rarely","Research & Development",29,"Universitaria","Technical Degree","Media","Alta",3,"Manufacturing Director","Alta","Married",9380,4,"Yes",18,"Alta","Muy_Alta",2,10,4,3,1,2,112560,23637.6,0.3555555555555556,8404.48]
[1466,48,0,"Travel_Rarely","Sales",7,"Universitaria","Marketing","Alta","Alta",2,"Sales Executive","Alta","Divorced",5486,4,"No",11,"Alta","Baja",3,15,3,2,2,2,65832,13429.728,0.05544554455445545,744.6185821782178]
[1467,34,1,"Travel_Rarely","Human Resources",9,"Universitaria","Technical Degree","Baja","Alta",1,"Human Resources","Alta","Married",2742,1,"No",15,"Alta","Muy_Alta",0,2,0,2,2,2,32904,6482.088000000001,1,6482.088000000001]
[1468,40,0,"Non-Travel","Research & Development",8,"Secundaria","Medical","Muy_Alta","Media",3,"Research Director","Media","Divorced",13757,2,"No",11,"Alta","Alta",1,16,5,9,4,8,165084,34667.64,0.05544554455445545,1922.166178217822]
[1469,28,0,"Travel_Rarely","Sales",5,"Universitaria","Medical","Muy_Alta","Alta",2,"Sales Executive","Alta","Single",8463,0,"No",18,"Alta","Muy_Alta",0,6,4,5,1,3,101556,21326.76,0.05544554455445545,1182.473821782178]
[1471,44,0,"Non-Travel","Research & Development",5,"Secundaria","Life Sciences","Alta","Media",1,"Laboratory Technician","Media","Single",3162,3,"No",14,"Alta","Muy_Alta",0,7,5,5,0,3,37944,7474.968000000001,0.05544554455445545,414.4536712871288]
[1472,53,0,"Travel_Rarely","Research & Development",2,"Universitaria","Medical","Muy_Alta","Muy_Alta",4,"Research Director","Muy_Alta","Single",16598,4,"No",12,"Alta","Media",0,35,2,9,8,8,199176,41826.96,0.05544554455445545,2319.118574257426]
[1473,49,0,"Travel_Rarely","Research & Development",5,"Universitaria","Technical Degree","Baja","Alta",2,"Healthcare Representative","Alta","Married",6651,2,"No",14,"Alta","Media",1,20,0,3,1,2,79812,16760.52,0.05544554455445545,929.2961584158417]
[1474,40,0,"Travel_Rarely","Research & Development",2,"Universitaria","Medical","Alta","Alta",1,"Research Scientist","Alta","Divorced",2345,2,"No",14,"Alta","Alta",1,8,3,3,1,2,28140,4530.54,0.05544554455445545,251.1982574257426]
[1475,44,0,"Travel_Rarely","Research & Development",20,"Universitaria","Life Sciences","Muy_Alta","Alta",1,"Research Scientist","Alta","Single",3420,1,"No",13,"Alta","Alta",0,6,3,5,1,3,41040,8084.88,0.05544554455445545,448.2705742574258]
[1477,33,0,"Travel_Frequently","Sales",7,"Universitaria","Medical","Muy_Alta","Alta",2,"Sales Executive","Alta","Married",4373,0,"No",14,"Alta","Baja",2,5,2,4,0,3,52476,10705.104,0.05544554455445545,593.5503207920792]
[1478,34,0,"Travel_Rarely","Sales",3,"Primaria","Other","Muy_Alta","Baja",2,"Sales Executive","Baja","Single",4759,3,"No",18,"Alta","Muy_Alta",0,15,2,13,3,12,57108,11650.032,0.05544554455445545,645.9423683168317]
[1479,30,0,"Travel_Rarely","Sales",16,"Universitaria","Life Sciences","Muy_Alta","Alta",2,"Sales Executive","Alta","Married",5301,8,"No",15,"Alta","Alta",2,4,2,2,2,2,63612,12976.848,0.1273885350318471,1653.101656050955]
[1480,42,0,"Travel_Frequently","Research & Development",9,"Universitaria","Medical","Baja","Alta",1,"Laboratory Technician","Alta","Single",3673,1,"No",13,"Alta","Alta",0,12,3,12,5,8,44076,8682.972,0.05544554455445545,481.4321108910891]
[1481,44,0,"Travel_Frequently","Sales",1,"Universitaria","Marketing","Baja","Alta",2,"Sales Executive","Alta","Married",4768,7,"No",12,"Alta","Alta",1,11,4,1,0,0,57216,11672.064,0.1273885350318471,1486.887133757962]
[1482,30,0,"Non-Travel","Research & Development",7,"Universitaria","Technical Degree","Alta","Alta",1,"Research Scientist","Alta","Divorced",1274,1,"No",13,"Alta","Media",2,1,2,1,0,0,15288,2461.368,0.103448275862069,254.6242758620689]
[1483,57,0,"Travel_Rarely","Research & Development",1,"Master","Life Sciences","Media","Muy_Alta",2,"Research Scientist","Muy_Alta","Married",4900,0,"No",24,"Muy_Alta","Baja",1,13,2,12,2,8,58800,11995.2,0.05544554455445545,665.0803960396039]
[1484,49,0,"Travel_Rarely","Research & Development",7,"Universitaria","Life Sciences","Alta","Alta",3,"Healthcare Representative","Alta","Divorced",10466,3,"No",14,"Alta","Media",2,29,3,8,0,7,125592,26374.32,0.05544554455445545,1462.338534653465]
[1485,34,0,"Travel_Frequently","Research & Development",15,"Universitaria","Medical","Media","Alta",4,"Research Director","Alta","Divorced",17007,7,"No",14,"Alta","Muy_Alta",2,16,3,14,6,9,204084,42857.64,0.1273885350318471,5459.571974522293]
[1486,28,1,"Travel_Frequently","Sales",1,"Universitaria","Technical Degree","Baja","Alta",1,"Sales Representative","Alta","Married",2909,3,"No",15,"Alta","Muy_Alta",1,5,3,3,1,2,34908,6876.876,0.05544554455445545,381.2921346534654]
[1487,29,1,"Travel_Frequently","Sales",13,"Universitaria","Technical Degree","Baja","Alta",2,"Sales Executive","Alta","Single",5765,5,"No",11,"Alta","Baja",0,7,4,5,0,0,69180,14112.72,0.1273885350318471,1797.79872611465]
[1489,34,1,"Travel_Rarely","Sales",24,"Secundaria","Medical","Baja","Media",2,"Sales Executive","Media","Single",4599,0,"Yes",23,"Muy_Alta","Alta",0,16,2,15,10,10,55188,11258.352,0.1443298969072165,1624.916783505154]
[1492,35,0,"Travel_Rarely","Sales",7,"Universitaria","Life Sciences","Muy_Alta","Alta",1,"Sales Representative","Alta","Married",2404,1,"No",13,"Alta","Baja",1,1,3,1,0,0,28848,4644.528,0.103448275862069,480.4684137931035]
[1494,24,1,"Travel_Frequently","Research & Development",9,"Universitaria","Medical","Media","Alta",1,"Laboratory Technician","Alta","Single",3172,2,"Yes",11,"Alta","Alta",0,4,2,0,0,0,38064,7498.608,0.3555555555555556,2666.171733333334]
[1495,24,0,"Non-Travel","Sales",13,"Universitaria","Life Sciences","Muy_Alta","Alta",1,"Sales Representative","Alta","Married",2033,1,"No",13,"Alta","Alta",1,1,2,1,0,0,24396,3927.756,0.103448275862069,406.3195862068966]
[1496,44,0,"Travel_Frequently","Research & Development",2,"Universitaria","Medical","Media","Alta",3,"Manufacturing Director","Alta","Single",10209,5,"Yes",18,"Alta","Media",0,16,2,2,2,2,122508,25726.68,0.3555555555555556,9147.264000000001]
[1497,29,0,"Travel_Rarely","Sales",19,"Universitaria","Life Sciences","Alta","Media",2,"Sales Executive","Media","Divorced",8620,1,"No",14,"Alta","Alta",2,10,3,10,0,4,103440,21722.4,0.05544554455445545,1204.410297029703]
[1499,30,0,"Travel_Rarely","Human Resources",1,"Universitaria","Life Sciences","Alta","Alta",1,"Human Resources","Alta","Divorced",2064,0,"No",21,"Muy_Alta","Baja",1,6,3,5,1,3,24768,3987.648,0.05544554455445545,221.0973148514852]
[1501,55,0,"Travel_Rarely","Research & Development",4,"Universitaria","Life Sciences","Muy_Alta","Alta",2,"Healthcare Representative","Alta","Married",4035,0,"Yes",16,"Alta","Media",0,4,2,3,1,2,48420,9538.74,0.1443298969072165,1376.725360824742]
[1502,33,0,"Travel_Rarely","Research & Development",4,"Secundaria","Medical","Baja","Media",1,"Laboratory Technician","Media","Married",3838,8,"No",11,"Alta","Muy_Alta",0,8,5,5,0,2,46056,9073.032000000001,0.1273885350318471,1155.80025477707]
[1503,47,0,"Travel_Rarely","Sales",14,"Universitaria","Medical","Alta","Alta",2,"Sales Executive","Alta","Married",4591,3,"Yes",17,"Alta","Alta",1,11,4,5,1,2,55092,11238.768,0.1443298969072165,1622.090226804124]
[1504,28,1,"Travel_Frequently","Research & Development",2,"Secundaria","Medical","Alta","Media",1,"Laboratory Technician","Media","Single",2561,7,"No",11,"Alta","Alta",0,8,2,0,0,0,30732,6054.204000000001,0.1273885350318471,771.2361783439492]
[1506,28,0,"Travel_Rarely","Research & Development",1,"Secundaria","Life Sciences","Baja","Media",1,"Research Scientist","Media","Divorced",1563,1,"No",14,"Alta","Muy_Alta",1,1,2,1,0,0,18756,3019.716,0.103448275862069,312.3844137931034]
[1507,28,0,"Travel_Frequently","Sales",7,"Universitaria","Life Sciences","Alta","Alta",2,"Sales Executive","Alta","Single",4898,0,"No",14,"Alta","Muy_Alta",0,5,5,4,1,3,58776,11990.304,0.05544554455445545,664.8089346534654]
[1509,49,0,"Travel_Rarely","Research & Development",3,"Secundaria","Medical","Alta","Media",2,"Laboratory Technician","Media","Married",4789,4,"No",25,"Muy_Alta","Baja",1,10,3,3,1,2,57468,11723.472,0.05544554455445545,650.0142891089109]
[1513,29,0,"Travel_Frequently","Research & Development",2,"Universitaria","Life Sciences","Muy_Alta","Alta",1,"Laboratory Technician","Alta","Married",3180,0,"No",13,"Alta","Alta",3,4,3,3,0,2,38160,7517.52,0.05544554455445545,416.8129900990099]
[1514,28,0,"Travel_Rarely","Research & Development",29,"Primaria","Life Sciences","Alta","Baja",2,"Manufacturing Director","Baja","Married",6549,1,"No",14,"Alta","Media",2,8,2,8,1,7,78588,16503.48,0.05544554455445545,915.0444356435644]
[1515,33,0,"Travel_Rarely","Research & Development",8,"Universitaria","Life Sciences","Muy_Alta","Alta",2,"Healthcare Representative","Alta","Single",6388,2,"Yes",17,"Alta","Baja",0,14,6,0,0,0,76656,16097.76,0.1443298969072165,2323.388041237113]
[1516,32,0,"Travel_Rarely","Research & Development",10,"Universitaria","Medical","Alta","Alta",3,"Manager","Alta","Single",11244,2,"No",25,"Muy_Alta","Media",0,10,5,5,0,0,134928,28334.88,0.05544554455445545,1571.042851485148]
[1520,54,0,"Travel_Frequently","Research & Development",11,"Universitaria","Medical","Media","Alta",4,"Manager","Alta","Divorced",16032,3,"No",20,"Muy_Alta","Baja",1,26,2,14,1,12,192384,40400.64,0.05544554455445545,2240.035485148515]
[1522,29,1,"Travel_Rarely","Research & Development",1,"Secundaria","Technical Degree","Baja","Media",1,"Research Scientist","Media","Single",2362,6,"No",13,"Alta","Alta",0,11,2,9,0,7,28344,4563.384,0.1273885350318471,581.3228025477707]
[1523,44,0,"Travel_Rarely","Research & Development",28,"Universitaria","Life Sciences","Muy_Alta","Alta",4,"Research Director","Alta","Married",16328,3,"No",13,"Alta","Alta",1,24,1,20,14,17,195936,41146.56,0.05544554455445545,2281.393425742574]
[1525,39,0,"Travel_Rarely","Research & Development",6,"Universitaria","Life Sciences","Media","Alta",3,"Manufacturing Director","Alta","Single",8376,4,"No",18,"Alta","Muy_Alta",0,9,3,2,2,2,100512,21107.52,0.05544554455445545,1170.317940594059]
[1527,46,0,"Travel_Rarely","Sales",3,"Universitaria","Life Sciences","Alta","Alta",4,"Manager","Alta","Married",16606,8,"No",12,"Alta","Muy_Alta",1,23,2,13,5,1,199272,41847.12,0.1273885350318471,5330.84331210191]
[1529,35,0,"Travel_Rarely","Research & Development",16,"Secundaria","Life Sciences","Muy_Alta","Media",3,"Healthcare Representative","Media","Single",8606,1,"No",19,"Alta","Muy_Alta",0,11,3,11,3,3,103272,21687.12,0.05544554455445545,1202.454178217822]
[1533,23,0,"Travel_Rarely","Research & Development",20,"Universitaria","Life Sciences","Baja","Alta",2,"Laboratory Technician","Alta","Single",2272,0,"No",14,"Alta","Media",0,5,2,4,1,2,27264,4389.504,0.05544554455445545,243.3784396039604]
[1534,40,1,"Travel_Rarely","Research & Development",9,"Universitaria","Life Sciences","Muy_Alta","Alta",1,"Laboratory Technician","Alta","Single",2018,3,"No",14,"Alta","Media",0,15,3,5,1,0,24216,3898.776,0.05544554455445545,216.1697584158416]
[1535,34,0,"Travel_Rarely","Sales",1,"Secundaria","Technical Degree","Muy_Alta","Media",3,"Sales Executive","Media","Married",7083,1,"Yes",14,"Alta","Muy_Alta",0,10,3,10,8,6,84996,17849.16,0.1443298969072165,2576.167422680412]
[1537,31,1,"Travel_Frequently","Research & Development",3,"Universitaria","Life Sciences","Muy_Alta","Alta",1,"Research Scientist","Alta","Single",4084,1,"No",12,"Alta","Baja",0,7,2,7,7,7,49008,9654.576000000001,0.05544554455445545,535.3032237623763]
[1539,50,0,"Travel_Frequently","Research & Development",22,"Universitaria","Medical","Alta","Baja",4,"Research Director","Alta","Single",14411,1,"Yes",13,"Alta","Muy_Alta",0,32,2,32,13,9,172932,36315.72,0.1443298969072165,5241.44412371134]
[1541,34,0,"Travel_Rarely","Sales",7,"Universitaria","Technical Degree","Media","Alta",1,"Sales Representative","Alta","Married",2308,0,"Yes",25,"Muy_Alta","Media",1,12,4,11,5,7,27696,4459.056,0.1666666666666667,743.176]
[1542,42,0,"Travel_Rarely","Research & Development",2,"Secundaria","Medical","Alta","Media",1,"Laboratory Technician","Media","Married",4841,4,"No",14,"Alta","Media",1,4,3,1,0,0,58092,11850.768,0.05544554455445545,657.0722851485149]
[1543,37,0,"Travel_Rarely","Research & Development",13,"Universitaria","Medical","Baja","Alta",2,"Research Scientist","Alta","Married",4285,1,"No",17,"Alta","Baja",0,10,2,10,3,7,51420,10489.68,0.05544554455445545,581.6060198019801]
[1544,29,0,"Travel_Rarely","Research & Development",8,"Primaria","Other","Alta","Baja",2,"Healthcare Representative","Baja","Married",9715,3,"No",13,"Alta","Alta",1,9,3,7,0,7,116580,24481.8,0.05544554455445545,1357.406732673267]
[1545,33,0,"Travel_Rarely","Research & Development",25,"Secundaria","Life Sciences","Muy_Alta","Media",2,"Manufacturing Director","Media","Single",4320,1,"No",13,"Alta","Muy_Alta",0,5,2,5,0,2,51840,10575.36,0.05544554455445545,586.3565940594059]
[1546,45,0,"Travel_Rarely","Research & Development",28,"Universitaria","Technical Degree","Muy_Alta","Alta",1,"Research Scientist","Alta","Married",2132,4,"No",20,"Muy_Alta","Muy_Alta",1,8,3,5,0,3,25584,4119.024,0.05544554455445545,228.3815287128713]
[1547,42,0,"Travel_Frequently","Research & Development",2,"Universitaria","Life Sciences","Muy_Alta","Alta",3,"Healthcare Representative","Alta","Married",10124,2,"Yes",14,"Alta","Alta",1,24,3,20,13,9,121488,25512.48,0.1443298969072165,3682.213608247422]
[1548,40,0,"Travel_Rarely","Sales",9,"Universitaria","Medical","Baja","Alta",2,"Sales Executive","Alta","Married",5473,0,"No",12,"Alta","Muy_Alta",0,9,5,8,7,1,65676,13397.904,0.05544554455445545,742.8540831683167]
[1549,33,0,"Travel_Rarely","Research & Development",28,"Universitaria","Life Sciences","Media","Alta",2,"Laboratory Technician","Alta","Married",5207,1,"Yes",12,"Alta","Media",1,15,3,15,5,7,62484,12746.736,0.3555555555555556,4532.172799999999]
[1550,40,0,"Travel_Rarely","Human Resources",6,"Universitaria","Medical","Alta","Alta",4,"Manager","Alta","Single",16437,1,"Yes",21,"Muy_Alta","Muy_Alta",0,21,2,21,7,7,197244,41421.24,0.1443298969072165,5978.323298969071]
[1551,24,0,"Travel_Rarely","Research & Development",21,"Secundaria","Technical Degree","Alta","Media",1,"Laboratory Technician","Media","Divorced",2296,0,"No",14,"Alta","Media",3,2,3,1,0,0,27552,4435.872,0.103448275862069,458.8833103448276]
[1552,40,0,"Non-Travel","Research & Development",8,"Universitaria","Life Sciences","Muy_Alta","Alta",2,"Healthcare Representative","Alta","Divorced",4069,3,"Yes",18,"Alta","Alta",0,8,2,2,2,2,48828,9619.116,0.1443298969072165,1388.326020618557]
[1553,45,0,"Travel_Rarely","Research & Development",1,"Universitaria","Technical Degree","Baja","Alta",3,"Healthcare Representative","Alta","Divorced",7441,1,"No",12,"Alta","Baja",3,10,4,10,7,7,89292,18751.32,0.05544554455445545,1039.677148514852]
[1554,35,0,"Travel_Rarely","Sales",28,"Secundaria","Life Sciences","Media","Media",1,"Sales Representative","Media","Married",2430,0,"No",23,"Muy_Alta","Baja",2,6,5,5,4,2,29160,4694.76,0.05544554455445545,260.3035247524753]
[1555,32,0,"Travel_Rarely","Research & Development",5,"Secundaria","Life Sciences","Muy_Alta","Media",2,"Research Scientist","Media","Married",5878,3,"No",12,"Alta","Baja",1,12,2,7,2,5,70536,14389.344,0.05544554455445545,797.8250138613861]
[1556,36,0,"Travel_Rarely","Sales",2,"Universitaria","Life Sciences","Alta","Alta",1,"Sales Representative","Alta","Single",2644,3,"Yes",21,"Muy_Alta","Muy_Alta",0,7,3,3,1,2,31728,6250.416,0.1443298969072165,902.1218969072164]
[1557,48,0,"Travel_Rarely","Sales",16,"Universitaria","Life Sciences","Alta","Alta",2,"Sales Executive","Alta","Divorced",6439,8,"No",14,"Alta","Alta",1,18,2,8,7,7,77268,16226.28,0.1273885350318471,2067.04203821656]
[1558,29,0,"Travel_Rarely","Research & Development",9,"Master","Life Sciences","Alta","Muy_Alta",1,"Research Scientist","Muy_Alta","Married",2451,6,"No",18,"Alta","Baja",2,5,2,1,0,0,29412,4735.332,0.1273885350318471,603.2270063694268]
[1560,33,0,"Travel_Rarely","Sales",8,"Universitaria","Life Sciences","Baja","Alta",2,"Sales Executive","Alta","Married",6392,2,"No",13,"Alta","Muy_Alta",1,8,6,2,2,2,76704,16107.84,0.05544554455445545,893.1079603960396]
[1562,30,1,"Travel_Rarely","Sales",1,"Secundaria","Life Sciences","Media","Media",2,"Sales Executive","Alta","Married",9714,1,"No",11,"Alta","Muy_Alta",1,10,4,10,6,7,116568,24479.28,0.05544554455445545,1357.26700990099]
[1563,38,0,"Travel_Frequently","Human Resources",10,"Universitaria","Human Resources","Alta","Alta",2,"Human Resources","Alta","Married",6077,3,"No",11,"Alta","Alta",0,10,2,6,1,2,72924,14876.496,0.05544554455445545,824.8354217821782]
[1564,35,0,"Travel_Rarely","Research & Development",1,"Universitaria","Medical","Muy_Alta","Media",1,"Laboratory Technician","Media","Single",2450,1,"No",19,"Alta","Media",0,3,3,3,1,2,29400,4733.400000000001,0.05544554455445545,262.4459405940594]
[1568,30,0,"Travel_Rarely","Sales",29,"Universitaria","Technical Degree","Alta","Alta",3,"Sales Executive","Alta","Married",9250,3,"No",12,"Alta","Media",1,9,3,4,1,3,111000,23310,0.05544554455445545,1292.435643564356]
[1569,35,1,"Travel_Rarely","Research & Development",2,"Universitaria","Life Sciences","Baja","Alta",1,"Laboratory Technician","Alta","Divorced",2074,1,"Yes",12,"Alta","Muy_Alta",1,1,2,1,0,0,24888,4006.968,0.6,2404.1808]
[1572,53,1,"Travel_Rarely","Research & Development",2,"Secundaria","Technical Degree","Alta","Media",3,"Manufacturing Director","Media","Married",10169,0,"No",16,"Alta","Media",1,34,4,33,1,9,122028,25625.88,0.05544554455445545,1420.840871287128]
[1573,38,1,"Travel_Rarely","Research & Development",2,"Universitaria","Medical","Alta","Alta",2,"Manufacturing Director","Alta","Married",4855,4,"No",11,"Alta","Baja",2,7,2,5,1,4,58260,11885.04,0.05544554455445545,658.9725148514851]
[1574,32,0,"Non-Travel","Research & Development",1,"Universitaria","Technical Degree","Muy_Alta","Alta",2,"Research Scientist","Alta","Married",4087,4,"No",14,"Alta","Media",1,9,3,6,1,2,49044,9661.668,0.05544554455445545,535.6964435643564]
[1576,48,0,"Travel_Rarely","Research & Development",15,"Universitaria","Other","Alta","Alta",1,"Research Scientist","Alta","Married",2367,8,"No",12,"Alta","Muy_Alta",1,10,3,8,7,6,28404,4573.044,0.1273885350318471,582.5533757961783]
[1577,34,0,"Travel_Rarely","Research & Development",7,"Universitaria","Medical","Baja","Alta",1,"Research Scientist","Alta","Single",2972,1,"No",13,"Alta","Alta",0,1,4,1,0,0,35664,7025.808,0.7777777777777778,5464.517333333333]
[1578,55,0,"Travel_Rarely","Sales",26,"Secundaria","Marketing","Alta","Media",5,"Manager","Media","Married",19586,1,"No",21,"Muy_Alta","Alta",1,36,3,36,2,13,235032,49356.72,0.05544554455445545,2736.610217821782]
[1580,34,0,"Travel_Rarely","Research & Development",1,"Universitaria","Life Sciences","Media","Alta",2,"Research Scientist","Alta","Married",5484,9,"No",17,"Alta","Media",1,9,3,2,2,1,65808,13424.832,0.1273885350318471,1710.169681528662]
[1581,26,0,"Travel_Rarely","Research & Development",3,"Universitaria","Life Sciences","Baja","Alta",1,"Research Scientist","Alta","Married",2061,1,"No",21,"Muy_Alta","Baja",0,1,5,1,0,0,24732,3981.852,0.103448275862069,411.9157241379311]
[1582,38,0,"Travel_Rarely","Sales",14,"Universitaria","Life Sciences","Alta","Alta",2,"Sales Executive","Alta","Married",9924,0,"No",11,"Alta","Muy_Alta",1,10,3,9,7,7,119088,25008.48,0.05544554455445545,1386.608792079208]
[1583,38,0,"Travel_Rarely","Sales",16,"Universitaria","Life Sciences","Media","Alta",2,"Sales Executive","Alta","Single",4198,2,"No",12,"Alta","Media",0,8,5,3,1,2,50376,10276.704,0.05544554455445545,569.7974495049505]
[1585,36,0,"Travel_Rarely","Sales",1,"Universitaria","Life Sciences","Media","Alta",2,"Sales Executive","Alta","Single",6815,6,"No",13,"Alta","Baja",0,15,5,1,0,0,81780,17173.8,0.1273885350318471,2187.745222929936]
[1586,29,0,"Travel_Rarely","Research & Development",3,"Universitaria","Medical","Media","Alta",1,"Laboratory Technician","Alta","Single",4723,1,"Yes",18,"Alta","Muy_Alta",0,10,3,10,1,5,56676,11561.904,0.3555555555555556,4110.8992]
[1587,35,0,"Travel_Rarely","Research & Development",10,"Universitaria","Medical","Baja","Alta",2,"Healthcare Representative","Alta","Single",6142,3,"Yes",16,"Alta","Alta",0,10,4,5,0,4,73704,15035.616,0.1443298969072165,2170.088907216495]
[1588,39,0,"Travel_Rarely","Sales",6,"Master","Medical","Muy_Alta","Muy_Alta",3,"Sales Executive","Muy_Alta","Married",8237,2,"No",11,"Alta","Baja",1,11,3,7,7,6,98844,20757.24,0.05544554455445545,1150.896475247525]
[1590,29,0,"Travel_Frequently","Research & Development",2,"Universitaria","Life Sciences","Baja","Alta",2,"Healthcare Representative","Alta","Divorced",8853,1,"No",19,"Alta","Muy_Alta",1,6,0,6,1,3,106236,22309.56,0.05544554455445545,1236.965702970297]
[1591,50,0,"Travel_Rarely","Sales",9,"Universitaria","Marketing","Alta","Alta",5,"Manager","Alta","Married",19331,4,"Yes",16,"Alta","Alta",1,27,2,1,0,0,231972,48714.12,0.1443298969072165,7030.903917525772]
[1592,23,0,"Travel_Rarely","Research & Development",10,"Master","Technical Degree","Muy_Alta","Muy_Alta",1,"Research Scientist","Muy_Alta","Married",2073,2,"No",16,"Alta","Muy_Alta",1,4,2,2,2,2,24876,4005.036,0.05544554455445545,222.061401980198]
[1594,36,0,"Travel_Frequently","Research & Development",6,"Master","Life Sciences","Baja","Muy_Alta",2,"Laboratory Technician","Muy_Alta","Married",5562,3,"Yes",13,"Alta","Muy_Alta",1,9,3,3,0,2,66744,13615.776,0.1443298969072165,1965.163546391752]
[1595,42,0,"Travel_Rarely","Research & Development",9,"Secundaria","Other","Muy_Alta","Media",5,"Manager","Media","Single",19613,8,"No",22,"Muy_Alta","Muy_Alta",0,24,2,1,0,1,235356,49424.75999999999,0.1273885350318471,6296.147770700636]
[1596,35,0,"Travel_Rarely","Research & Development",28,"Master","Life Sciences","Media","Muy_Alta",2,"Laboratory Technician","Muy_Alta","Married",3407,1,"No",17,"Alta","Muy_Alta",2,10,3,10,6,8,40884,8054.148,0.05544554455445545,446.5666217821782]
[1597,34,0,"Travel_Frequently","Research & Development",10,"Secundaria","Technical Degree","Muy_Alta","Media",2,"Healthcare Representative","Media","Married",5063,1,"No",14,"Alta","Media",1,8,3,8,7,7,60756,12394.224,0.05544554455445545,687.2044990099009]
[1598,40,0,"Travel_Rarely","Sales",14,"Universitaria","Life Sciences","Muy_Alta","Alta",2,"Sales Executive","Alta","Married",4639,1,"No",15,"Alta","Alta",1,5,2,5,1,2,55668,11356.272,0.05544554455445545,629.6546851485148]
[1599,43,0,"Travel_Rarely","Research & Development",27,"Master","Technical Degree","Muy_Alta","Muy_Alta",1,"Laboratory Technician","Muy_Alta","Divorced",4876,5,"No",12,"Alta","Alta",1,8,0,6,0,2,58512,11936.448,0.1273885350318471,1520.566624203821]
[1601,35,0,"Travel_Rarely","Research & Development",7,"Secundaria","Life Sciences","Alta","Media",1,"Laboratory Technician","Media","Married",2690,1,"No",18,"Alta","Muy_Alta",1,1,5,1,0,1,32280,6359.16,0.103448275862069,657.8441379310344]
[1602,46,0,"Travel_Rarely","Sales",1,"Master","Life Sciences","Muy_Alta","Muy_Alta",4,"Manager","Muy_Alta","Single",17567,1,"No",15,"Alta","Media",0,27,5,26,0,12,210804,44268.84,0.05544554455445545,2454.509940594059]
[1604,28,1,"Travel_Rarely","Research & Development",24,"Universitaria","Medical","Alta","Alta",1,"Laboratory Technician","Alta","Married",2408,1,"Yes",17,"Alta","Alta",3,1,3,1,0,0,28896,4652.256,0.6,2791.3536]
[1605,22,0,"Non-Travel","Research & Development",26,"Secundaria","Other","Media","Media",1,"Research Scientist","Media","Married",2814,1,"Yes",14,"Alta","Media",0,4,2,4,1,3,33768,6652.296,0.3555555555555556,2365.2608]
[1606,50,0,"Travel_Frequently","Research & Development",20,"Universitaria","Medical","Media","Alta",4,"Healthcare Representative","Alta","Married",11245,2,"Yes",15,"Alta","Alta",1,32,3,30,12,13,134940,28337.4,0.3555555555555556,10075.52]
[1607,32,0,"Travel_Rarely","Research & Development",5,"Master","Other","Media","Muy_Alta",1,"Research Scientist","Muy_Alta","Married",3312,3,"No",17,"Alta","Muy_Alta",2,6,3,3,0,2,39744,7829.568,0.05544554455445545,434.1146613861386]
[1608,44,0,"Travel_Rarely","Research & Development",7,"Universitaria","Medical","Media","Alta",5,"Research Director","Alta","Divorced",19049,0,"Yes",14,"Alta","Muy_Alta",1,23,4,22,1,10,228588,48003.48,0.3555555555555556,17067.904]
[1609,30,0,"Travel_Rarely","Research & Development",7,"Secundaria","Medical","Media","Media",1,"Research Scientist","Media","Married",2141,1,"No",12,"Alta","Media",1,6,3,6,1,1,25692,4136.412,0.05544554455445545,229.3456158415842]
[1611,45,0,"Travel_Rarely","Research & Development",5,"Primaria","Medical","Alta","Baja",2,"Laboratory Technician","Baja","Single",5769,1,"Yes",14,"Alta","Baja",0,10,3,10,1,4,69228,14122.512,0.1443298969072165,2038.300701030927]
[1612,45,0,"Non-Travel","Sales",26,"Secundaria","Marketing","Baja","Media",2,"Sales Executive","Media","Married",4385,1,"No",15,"Alta","Baja",1,10,2,10,4,5,52620,10734.48,0.05544554455445545,595.1790891089108]
[1613,31,0,"Travel_Frequently","Sales",2,"Universitaria","Other","Muy_Alta","Alta",2,"Sales Executive","Alta","Single",5332,7,"No",13,"Alta","Muy_Alta",0,10,3,5,0,3,63984,13052.736,0.1273885350318471,1662.768917197452]
[1614,36,0,"Travel_Rarely","Research & Development",12,"Universitaria","Life Sciences","Alta","Alta",2,"Manufacturing Director","Alta","Married",4663,9,"Yes",12,"Alta","Media",2,7,2,3,1,1,55956,11415.024,0.1443298969072165,1647.529237113402]
[1615,34,0,"Travel_Frequently","Research & Development",10,"Master","Life Sciences","Alta","Muy_Alta",2,"Manufacturing Director","Muy_Alta","Divorced",4724,1,"No",13,"Alta","Baja",1,9,3,9,7,2,56688,11564.352,0.05544554455445545,641.1917940594059]
[1617,49,0,"Travel_Rarely","Research & Development",25,"Universitaria","Life Sciences","Alta","Alta",1,"Laboratory Technician","Alta","Married",3211,1,"No",14,"Alta","Muy_Alta",1,10,3,9,1,4,38532,7590.804,0.05544554455445545,420.8762613861387]
[1618,39,0,"Travel_Rarely","Research & Development",10,"Universitaria","Medical","Media","Alta",2,"Manufacturing Director","Alta","Married",5377,2,"No",13,"Alta","Muy_Alta",3,10,3,7,7,7,64524,13162.896,0.05544554455445545,729.8239366336633]
[1619,27,0,"Travel_Rarely","Research & Development",19,"Secundaria","Other","Muy_Alta","Media",1,"Laboratory Technician","Media","Divorced",4066,1,"No",11,"Alta","Baja",2,7,3,7,0,7,48792,9612.024000000001,0.05544554455445545,532.9439049504952]
[1621,35,0,"Travel_Rarely","Research & Development",18,"Master","Life Sciences","Media","Muy_Alta",2,"Research Scientist","Muy_Alta","Married",5208,1,"No",11,"Alta","Muy_Alta",0,16,2,16,1,10,62496,12749.184,0.05544554455445545,706.8854495049504]
[1622,28,0,"Travel_Rarely","Research & Development",27,"Primaria","Medical","Media","Baja",2,"Manufacturing Director","Baja","Divorced",4877,0,"No",21,"Muy_Alta","Media",1,6,5,5,0,0,58524,11938.896,0.05544554455445545,661.9585900990098]
[1623,21,0,"Travel_Rarely","Research & Development",5,"Universitaria","Medical","Alta","Alta",1,"Research Scientist","Alta","Single",3117,1,"No",18,"Alta","Alta",0,3,2,2,2,2,37404,7368.588000000001,0.05544554455445545,408.5553742574258]
[1624,18,1,"Travel_Frequently","Sales",3,"Universitaria","Medical","Media","Alta",1,"Sales Representative","Alta","Single",1569,1,"Yes",12,"Alta","Alta",0,0,2,0,0,0,18828,3031.308,0.7777777777777778,2357.684]
[1625,47,0,"Travel_Rarely","Human Resources",26,"Universitaria","Life Sciences","Muy_Alta","Alta",5,"Manager","Alta","Married",19658,3,"No",11,"Alta","Alta",1,27,2,5,1,0,235896,49538.16,0.05544554455445545,2746.670257425742]
[1627,39,0,"Travel_Rarely","Research & Development",3,"Secundaria","Medical","Alta","Media",2,"Laboratory Technician","Media","Divorced",3069,0,"No",15,"Alta","Muy_Alta",1,11,3,10,0,7,36828,7255.116,0.05544554455445545,402.2638574257426]
[1628,40,0,"Travel_Rarely","Research & Development",15,"Universitaria","Life Sciences","Baja","Alta",3,"Manufacturing Director","Alta","Married",10435,1,"No",13,"Alta","Muy_Alta",2,18,2,18,14,12,125220,26296.2,0.05544554455445545,1458.007128712871]
[1630,35,0,"Non-Travel","Research & Development",8,"Universitaria","Life Sciences","Alta","Alta",2,"Healthcare Representative","Alta","Married",4148,1,"No",12,"Alta","Muy_Alta",1,15,5,14,2,9,49776,9805.872000000001,0.05544554455445545,543.6919128712872]
[1631,37,0,"Travel_Rarely","Research & Development",19,"Universitaria","Life Sciences","Alta","Alta",2,"Manufacturing Director","Alta","Married",5768,3,"No",17,"Alta","Baja",3,9,2,4,0,2,69216,14120.064,0.05544554455445545,782.8946376237623]
[1633,39,0,"Travel_Frequently","Research & Development",4,"Universitaria","Medical","Baja","Alta",2,"Manufacturing Director","Alta","Single",5042,0,"No",13,"Alta","Muy_Alta",0,10,2,9,3,8,60504,12342.816,0.05544554455445545,684.3541544554455]
[1635,45,0,"Travel_Rarely","Research & Development",2,"Secundaria","Other","Muy_Alta","Media",2,"Manufacturing Director","Media","Divorced",5770,1,"No",19,"Alta","Baja",2,10,3,10,3,9,69240,14124.96,0.05544554455445545,783.1660990099009]
[1638,38,0,"Travel_Rarely","Research & Development",2,"Secundaria","Medical","Muy_Alta","Media",3,"Manufacturing Director","Media","Married",7756,3,"Yes",19,"Alta","Muy_Alta",1,10,6,5,0,2,93072,19545.12,0.1443298969072165,2820.945154639175]
[1639,35,1,"Travel_Rarely","Sales",10,"Secundaria","Medical","Muy_Alta","Media",3,"Sales Executive","Media","Married",10306,9,"No",17,"Alta","Alta",0,15,3,13,6,0,123672,25971.12,0.1273885350318471,3308.422929936306]
[1640,37,0,"Travel_Rarely","Research & Development",10,"Universitaria","Medical","Media","Alta",1,"Research Scientist","Alta","Married",3936,1,"No",11,"Alta","Baja",1,8,2,8,7,7,47232,9304.704,0.05544554455445545,515.9043801980198]
[1641,40,0,"Travel_Rarely","Research & Development",16,"Universitaria","Life Sciences","Alta","Alta",3,"Manufacturing Director","Alta","Single",7945,6,"Yes",15,"Alta","Muy_Alta",0,18,2,4,3,3,95340,20021.4,0.1443298969072165,2889.686597938144]
[1642,44,0,"Travel_Frequently","Human Resources",1,"Universitaria","Human Resources","Baja","Alta",2,"Human Resources","Alta","Married",5743,4,"Yes",11,"Alta","Alta",0,14,3,10,0,2,68916,14058.864,0.1443298969072165,2029.114391752577]
[1644,48,0,"Travel_Frequently","Research & Development",4,"Secundaria","Medical","Alta","Media",4,"Manager","Media","Married",15202,2,"No",25,"Muy_Alta","Media",1,23,3,2,2,2,182424,38309.04,0.05544554455445545,2124.065584158416]
[1645,35,1,"Travel_Rarely","Sales",15,"Primaria","Medical","Baja","Baja",2,"Sales Executive","Baja","Divorced",5440,6,"Yes",14,"Alta","Muy_Alta",2,7,2,2,2,2,65280,13317.12,0.1443298969072165,1922.058556701031]
[1646,24,0,"Travel_Frequently","Research & Development",2,"Universitaria","Technical Degree","Baja","Alta",1,"Research Scientist","Alta","Single",3760,1,"Yes",13,"Alta","Alta",0,6,2,6,1,3,45120,8888.640000000001,0.1443298969072165,1282.896494845361]
[1647,27,0,"Travel_Rarely","Research & Development",8,"Universitaria","Medical","Media","Muy_Alta",1,"Research Scientist","Muy_Alta","Married",3517,7,"No",17,"Alta","Baja",0,5,0,3,0,2,42204,8314.188,0.1273885350318471,1059.132229299363]
[1648,27,0,"Travel_Frequently","Research & Development",2,"Universitaria","Medical","Muy_Alta","Alta",1,"Research Scientist","Alta","Single",2580,2,"No",13,"Alta","Alta",0,6,0,4,1,2,30960,6099.12,0.05544554455445545,338.1690297029703]
[1649,40,1,"Travel_Rarely","Research & Development",7,"Universitaria","Life Sciences","Baja","Alta",1,"Laboratory Technician","Alta","Single",2166,3,"Yes",14,"Alta","Media",0,10,3,4,0,3,25992,4184.712,0.1666666666666667,697.452]
[1650,29,0,"Travel_Rarely","Sales",10,"Secundaria","Medical","Alta","Media",2,"Sales Executive","Media","Single",5869,9,"No",11,"Alta","Alta",0,8,2,5,1,4,70428,14367.312,0.1273885350318471,1830.230828025478]
[1651,36,0,"Travel_Rarely","Research & Development",5,"Universitaria","Life Sciences","Media","Alta",3,"Healthcare Representative","Alta","Married",8008,4,"No",12,"Alta","Alta",2,9,6,3,0,2,96096,20180.16,0.05544554455445545,1118.89996039604]
[1653,25,0,"Travel_Frequently","Research & Development",2,"Master","Life Sciences","Muy_Alta","Muy_Alta",2,"Manufacturing Director","Muy_Alta","Divorced",5206,1,"No",17,"Alta","Alta",2,7,6,7,0,7,62472,12744.288,0.05544554455445545,706.6139881188118]
[1654,39,0,"Travel_Rarely","Research & Development",12,"Universitaria","Medical","Muy_Alta","Alta",2,"Manufacturing Director","Alta","Married",5295,4,"No",21,"Muy_Alta","Alta",0,7,3,5,1,0,63540,12962.16,0.05544554455445545,718.6940198019802]
[1655,49,0,"Travel_Rarely","Research & Development",22,"Universitaria","Other","Baja","Alta",4,"Research Director","Alta","Married",16413,3,"No",16,"Alta","Media",2,27,2,4,1,2,196956,41360.76,0.05544554455445545,2293.269861386139]
[1656,50,0,"Travel_Rarely","Research & Development",17,"Secundaria","Life Sciences","Muy_Alta","Media",3,"Research Director","Media","Divorced",13269,5,"No",15,"Alta","Alta",3,19,3,14,1,11,159228,33437.88,0.1273885350318471,4259.6025477707]
[1657,20,0,"Travel_Rarely","Sales",2,"Universitaria","Medical","Alta","Alta",1,"Sales Representative","Alta","Single",2783,1,"No",19,"Alta","Baja",0,2,3,2,2,2,33396,6579.012000000001,0.7777777777777778,5117.009333333334]
[1658,34,0,"Travel_Rarely","Research & Development",3,"Universitaria","Life Sciences","Muy_Alta","Alta",2,"Research Scientist","Alta","Divorced",5433,1,"No",12,"Alta","Alta",1,11,2,11,7,9,65196,13299.984,0.05544554455445545,737.4248554455445]
[1659,36,0,"Travel_Rarely","Research & Development",7,"Universitaria","Life Sciences","Baja","Alta",1,"Laboratory Technician","Alta","Single",2013,2,"No",11,"Alta","Alta",0,15,4,4,1,3,24156,3889.116,0.05544554455445545,215.6341544554456]
[1661,49,0,"Travel_Rarely","Research & Development",6,"Secundaria","Life Sciences","Alta","Media",4,"Healthcare Representative","Media","Married",13966,2,"Yes",19,"Alta","Media",1,30,3,15,2,12,167592,35194.32,0.1443298969072165,5079.592577319587]
[1662,36,0,"Non-Travel","Research & Development",1,"Secundaria","Medical","Muy_Alta","Media",2,"Manufacturing Director","Media","Married",4374,0,"No",15,"Alta","Alta",0,4,6,3,1,2,52488,10707.552,0.05544554455445545,593.6860514851485]
[1664,36,0,"Travel_Rarely","Research & Development",3,"Master","Life Sciences","Muy_Alta","Muy_Alta",2,"Healthcare Representative","Muy_Alta","Divorced",6842,6,"No",20,"Muy_Alta","Baja",1,13,3,5,0,4,82104,17241.84,0.1273885350318471,2196.412738853503]
[1665,54,0,"Travel_Rarely","Research & Development",22,"Universitaria","Medical","Media","Alta",4,"Manager","Alta","Married",17426,3,"No",25,"Muy_Alta","Alta",1,36,6,10,4,7,209112,43913.52,0.05544554455445545,2434.80902970297]
[1666,43,0,"Travel_Rarely","Research & Development",15,"Secundaria","Life Sciences","Alta","Media",4,"Research Director","Media","Married",17603,1,"No",24,"Muy_Alta","Baja",1,14,3,14,6,11,211236,44359.56,0.05544554455445545,2459.53996039604]
[1667,35,1,"Travel_Frequently","Sales",12,"Universitaria","Other","Muy_Alta","Alta",2,"Sales Executive","Alta","Single",4581,3,"Yes",24,"Muy_Alta","Baja",0,13,2,11,6,7,54972,11214.288,0.1443298969072165,1618.557030927835]
[1668,38,0,"Travel_Frequently","Research & Development",1,"Universitaria","Life Sciences","Muy_Alta","Alta",2,"Research Scientist","Alta","Married",4735,7,"No",15,"Alta","Muy_Alta",2,19,4,13,2,9,56820,11591.28,0.1273885350318471,1476.596178343949]
[1669,29,0,"Travel_Rarely","Sales",5,"Secundaria","Medical","Baja","Media",2,"Sales Executive","Media","Divorced",4187,1,"Yes",13,"Alta","Media",1,10,3,10,0,9,50244,10249.776,0.1443298969072165,1479.349113402062]
[1670,33,0,"Travel_Rarely","Sales",2,"Universitaria","Medical","Muy_Alta","Alta",2,"Sales Executive","Alta","Divorced",5505,1,"No",14,"Alta","Alta",2,6,5,6,0,4,66060,13476.24,0.05544554455445545,747.1974653465346]
[1671,32,0,"Travel_Rarely","Research & Development",2,"Universitaria","Medical","Muy_Alta","Alta",2,"Research Scientist","Alta","Divorced",5470,0,"No",13,"Alta","Alta",2,10,4,9,1,6,65640,13390.56,0.05544554455445545,742.4468910891089]
[1673,31,0,"Travel_Rarely","Sales",5,"Universitaria","Life Sciences","Baja","Alta",2,"Sales Executive","Alta","Married",5476,1,"No",11,"Alta","Baja",2,10,2,10,0,2,65712,13405.248,0.05544554455445545,743.2612752475247]
[1674,49,0,"Travel_Rarely","Research & Development",16,"Universitaria","Medical","Muy_Alta","Alta",1,"Laboratory Technician","Alta","Divorced",2587,4,"Yes",16,"Alta","Media",1,17,2,2,2,2,31044,6115.668000000001,0.1443298969072165,882.6737319587629]
[1675,38,0,"Travel_Frequently","Research & Development",2,"Secundaria","Medical","Muy_Alta","Media",1,"Laboratory Technician","Media","Single",2440,1,"No",22,"Muy_Alta","Media",0,4,3,4,3,3,29280,4714.08,0.05544554455445545,261.3747326732673]
[1676,47,0,"Travel_Rarely","Sales",2,"Master","Life Sciences","Media","Muy_Alta",4,"Manager","Muy_Alta","Divorced",15972,6,"No",14,"Alta","Alta",3,29,2,3,1,2,191664,40249.44,0.1273885350318471,5127.317197452228]
[1677,49,0,"Travel_Rarely","Research & Development",1,"Universitaria","Life Sciences","Alta","Alta",4,"Manager","Alta","Single",15379,4,"No",14,"Alta","Baja",0,23,2,8,0,0,184548,38755.08,0.05544554455445545,2148.796514851485]
[1678,41,0,"Travel_Rarely","Sales",23,"Universitaria","Life Sciences","Muy_Alta","Alta",3,"Sales Executive","Alta","Single",7082,3,"Yes",16,"Alta","Muy_Alta",0,21,2,2,0,2,84984,17846.64,0.1443298969072165,2575.803711340206]
[1680,20,0,"Travel_Rarely","Sales",9,"Universitaria","Life Sciences","Muy_Alta","Alta",1,"Sales Representative","Alta","Single",2728,1,"No",11,"Alta","Baja",0,2,3,2,0,2,32736,6448.992,0.7777777777777778,5015.882666666667]
[1681,33,0,"Non-Travel","Sales",16,"Universitaria","Life Sciences","Alta","Alta",2,"Sales Executive","Alta","Divorced",5368,1,"Yes",25,"Muy_Alta","Alta",1,7,2,6,1,2,64416,13140.864,0.1443298969072165,1896.619546391752]
[1682,36,0,"Travel_Rarely","Research & Development",26,"Universitaria","Life Sciences","Baja","Alta",2,"Healthcare Representative","Alta","Married",5347,6,"No",14,"Alta","Media",2,10,2,3,0,2,64164,13089.456,0.1273885350318471,1667.446624203821]
[1683,44,0,"Travel_Rarely","Human Resources",1,"Universitaria","Life Sciences","Alta","Alta",1,"Human Resources","Alta","Divorced",3195,4,"Yes",18,"Alta","Baja",3,8,2,2,2,2,38340,7552.98,0.1443298969072165,1090.120824742268]
[1684,23,1,"Travel_Rarely","Research & Development",8,"Secundaria","Medical","Muy_Alta","Media",1,"Laboratory Technician","Media","Single",3989,1,"Yes",11,"Alta","Baja",0,5,2,5,1,2,47868,9429.996000000001,0.1443298969072165,1361.030350515464]
[1687,38,0,"Travel_Rarely","Research & Development",4,"Universitaria","Medical","Muy_Alta","Alta",1,"Laboratory Technician","Alta","Married",3306,7,"No",19,"Alta","Muy_Alta",1,7,5,0,0,0,39672,7815.384,0.1273885350318471,995.5903184713376]
[1689,53,0,"Travel_Rarely","Research & Development",24,"Master","Medical","Media","Muy_Alta",3,"Healthcare Representative","Muy_Alta","Married",7005,3,"No",15,"Alta","Alta",0,11,2,4,1,2,84060,17652.6,0.05544554455445545,978.7580198019801]
[1691,48,1,"Travel_Frequently","Sales",7,"Universitaria","Medical","Muy_Alta","Alta",1,"Sales Representative","Alta","Married",2655,2,"Yes",11,"Alta","Alta",2,19,3,9,7,7,31860,6276.42,0.1443298969072165,905.8750515463917]
[1692,32,1,"Travel_Rarely","Research & Development",2,"Universitaria","Life Sciences","Muy_Alta","Alta",1,"Laboratory Technician","Alta","Single",1393,1,"No",12,"Alta","Baja",0,1,2,1,0,0,16716,2691.276,0.7777777777777778,2093.214666666667]
[1693,26,0,"Non-Travel","Research & Development",7,"Universitaria","Medical","Muy_Alta","Alta",1,"Laboratory Technician","Alta","Single",2570,1,"No",20,"Muy_Alta","Alta",0,7,5,7,5,7,30840,6075.48,0.05544554455445545,336.858297029703]
[1694,55,0,"Travel_Rarely","Research & Development",22,"Secundaria","Technical Degree","Baja","Media",1,"Research Scientist","Media","Divorced",3537,5,"No",12,"Alta","Muy_Alta",1,8,1,4,1,2,42444,8361.468,0.1273885350318471,1065.155159235669]
[1696,34,0,"Travel_Rarely","Research & Development",5,"Secundaria","Medical","Media","Media",2,"Laboratory Technician","Media","Married",3986,1,"No",14,"Alta","Alta",1,15,3,15,4,13,47832,9422.904,0.05544554455445545,522.4580435643564]
[1697,60,0,"Travel_Rarely","Research & Development",1,"Primaria","Medical","Alta","Baja",3,"Healthcare Representative","Baja","Divorced",10883,3,"No",20,"Muy_Alta","Alta",1,19,2,1,0,0,130596,27425.16,0.05544554455445545,1520.602930693069]
[1698,33,0,"Travel_Rarely","Research & Development",21,"Master","Medical","Media","Muy_Alta",1,"Laboratory Technician","Muy_Alta","Married",2028,1,"No",18,"Alta","Muy_Alta",3,14,6,14,2,13,24336,3918.096,0.05544554455445545,217.2409663366337]
[1700,37,0,"Travel_Frequently","Sales",1,"Primaria","Medical","Alta","Baja",2,"Sales Executive","Baja","Divorced",9525,1,"No",14,"Alta","Alta",2,6,2,6,1,3,114300,24003,0.05544554455445545,1330.859405940594]
[1701,34,0,"Travel_Rarely","Research & Development",19,"Secundaria","Life Sciences","Media","Media",1,"Research Scientist","Media","Married",2929,1,"No",12,"Alta","Media",0,10,3,10,8,7,35148,6924.156,0.05544554455445545,383.9136]
[1702,23,1,"Travel_Rarely","Sales",7,"Universitaria","Life Sciences","Alta","Alta",1,"Sales Representative","Alta","Divorced",2275,1,"Yes",21,"Muy_Alta","Media",1,3,2,3,0,2,27300,4395.3,0.8260869565217391,3630.9]
[1703,44,0,"Travel_Rarely","Research & Development",2,"Master","Life Sciences","Alta","Muy_Alta",3,"Healthcare Representative","Muy_Alta","Married",7879,1,"Yes",19,"Alta","Media",1,9,2,8,6,7,94548,19855.08,0.1443298969072165,2865.681649484536]
[1704,35,0,"Travel_Frequently","Research & Development",2,"Secundaria","Medical","Baja","Media",1,"Research Scientist","Media","Single",4930,0,"Yes",14,"Alta","Alta",0,6,2,5,1,4,59160,12068.64,0.1443298969072165,1741.865567010309]
[1706,43,0,"Travel_Rarely","Sales",2,"Universitaria","Medical","Muy_Alta","Alta",2,"Sales Executive","Alta","Married",7847,1,"Yes",17,"Alta","Baja",1,10,3,10,8,8,94164,19774.44,0.1443298969072165,2854.042886597937]
[1707,24,0,"Travel_Rarely","Research & Development",9,"Master","Medical","Alta","Muy_Alta",1,"Research Scientist","Muy_Alta","Married",4401,1,"No",16,"Alta","Muy_Alta",1,5,1,5,0,4,52812,10773.648,0.05544554455445545,597.3507801980197]
[1708,41,0,"Travel_Rarely","Sales",6,"Universitaria","Marketing","Muy_Alta","Alta",3,"Sales Executive","Alta","Single",9241,1,"No",12,"Alta","Media",0,10,3,10,8,7,110892,23287.32,0.05544554455445545,1291.178138613861]
[1709,29,0,"Travel_Rarely","Research & Development",9,"Universitaria","Medical","Muy_Alta","Alta",1,"Laboratory Technician","Alta","Married",2974,9,"No",17,"Alta","Alta",1,9,2,5,1,2,35688,7030.536,0.1273885350318471,895.6096815286625]
[1710,36,0,"Travel_Rarely","Sales",2,"Universitaria","Life Sciences","Alta","Alta",2,"Sales Representative","Alta","Single",4502,3,"No",15,"Alta","Alta",0,17,2,13,6,7,54024,11020.896,0.05544554455445545,611.0595801980197]
[1712,45,0,"Non-Travel","Research & Development",1,"Secundaria","Life Sciences","Alta","Media",3,"Healthcare Representative","Media","Married",10748,3,"No",23,"Muy_Alta","Muy_Alta",1,25,3,23,14,4,128976,27084.96,0.05544554455445545,1501.740356435643]
[1714,24,1,"Travel_Rarely","Human Resources",22,"Primaria","Human Resources","Muy_Alta","Baja",1,"Human Resources","Baja","Married",1555,1,"No",11,"Alta","Alta",1,1,2,1,0,0,18660,3004.26,1,3004.26]
[1716,47,1,"Travel_Frequently","Sales",9,"Primaria","Life Sciences","Alta","Baja",4,"Sales Executive","Baja","Married",12936,7,"No",11,"Alta","Alta",0,25,3,23,14,10,155232,32598.72,0.5555555555555556,18110.4]
[1718,26,0,"Travel_Rarely","Research & Development",17,"Primaria","Medical","Muy_Alta","Baja",1,"Laboratory Technician","Baja","Married",2305,1,"No",15,"Alta","Alta",3,3,3,3,0,2,27660,4453.26,0.05544554455445545,246.9134257425743]
[1719,45,0,"Travel_Rarely","Research & Development",28,"Secundaria","Technical Degree","Muy_Alta","Media",4,"Research Director","Media","Single",16704,1,"No",11,"Alta","Alta",0,21,2,21,8,6,200448,42094.08,0.05544554455445545,2333.929188118812]
[1720,32,0,"Travel_Frequently","Research & Development",10,"Universitaria","Life Sciences","Baja","Alta",1,"Research Scientist","Alta","Married",3433,6,"No",13,"Alta","Baja",1,10,3,5,1,3,41196,8115.612,0.1273885350318471,1033.835923566879]
[1721,31,0,"Travel_Rarely","Research & Development",2,"Universitaria","Life Sciences","Media","Alta",1,"Laboratory Technician","Alta","Married",3477,1,"No",14,"Alta","Muy_Alta",1,6,2,5,0,3,41724,8219.628,0.05544554455445545,455.7417504950495]
[1722,41,0,"Non-Travel","Human Resources",4,"Primaria","Human Resources","Alta","Baja",2,"Human Resources","Baja","Married",6430,6,"No",19,"Alta","Media",1,10,4,3,1,2,77160,16203.6,0.5555555555555556,9002]
[1724,40,0,"Travel_Rarely","Research & Development",8,"Universitaria","Life Sciences","Media","Alta",2,"Manufacturing Director","Alta","Married",6516,2,"Yes",16,"Alta","Media",1,18,3,1,0,0,78192,16420.32,0.3555555555555556,5838.336]
[1725,24,0,"Travel_Rarely","Research & Development",29,"Universitaria","Medical","Media","Alta",1,"Laboratory Technician","Alta","Divorced",3907,1,"No",13,"Alta","Media",3,6,2,6,1,2,46884,9236.148000000001,0.05544554455445545,512.1032554455446]
[1727,46,0,"Travel_Rarely","Research & Development",13,"Universitaria","Life Sciences","Alta","Alta",2,"Healthcare Representative","Alta","Single",5562,6,"No",14,"Alta","Muy_Alta",0,19,3,10,0,9,66744,13615.776,0.1273885350318471,1734.493757961783]
[1728,35,0,"Travel_Rarely","Research & Development",27,"Universitaria","Life Sciences","Muy_Alta","Alta",2,"Manufacturing Director","Alta","Married",6883,2,"No",16,"Alta","Media",1,17,3,7,0,7,82596,17345.16,0.05544554455445545,961.7118415841584]
[1729,30,0,"Travel_Rarely","Research & Development",16,"Universitaria","Life Sciences","Media","Alta",1,"Research Scientist","Alta","Married",2862,1,"No",12,"Alta","Media",1,10,2,10,0,8,34344,6765.768,0.05544554455445545,375.1316910891089]
[1731,47,0,"Non-Travel","Sales",2,"Universitaria","Marketing","Alta","Alta",2,"Sales Executive","Alta","Married",4978,7,"No",11,"Alta","Muy_Alta",1,4,3,1,0,0,59736,12186.144,0.1273885350318471,1552.375031847134]
[1732,46,0,"Travel_Rarely","Sales",2,"Universitaria","Life Sciences","Alta","Alta",3,"Sales Executive","Alta","Divorced",10368,4,"Yes",12,"Alta","Media",1,13,5,10,0,3,124416,26127.36,0.1443298969072165,3770.959175257732]
[1733,36,1,"Travel_Rarely","Sales",13,"Secundaria","Marketing","Media","Media",2,"Sales Executive","Media","Divorced",6134,5,"Yes",13,"Alta","Media",3,16,3,2,2,2,73608,15016.032,0.3555555555555556,5339.0336]
[1734,32,1,"Travel_Rarely","Sales",1,"Primaria","Life Sciences","Baja","Baja",2,"Sales Executive","Baja","Single",6735,6,"No",15,"Alta","Media",0,10,2,0,0,0,80820,16972.2,0.5555555555555556,9429]
[1735,23,0,"Travel_Rarely","Research & Development",4,"Universitaria","Medical","Alta","Alta",1,"Laboratory Technician","Alta","Single",3295,1,"No",13,"Alta","Alta",0,3,3,3,1,2,39540,7789.38,0.05544554455445545,431.8864158415842]
[1736,31,0,"Travel_Frequently","Research & Development",24,"Universitaria","Technical Degree","Muy_Alta","Alta",2,"Manufacturing Director","Alta","Single",5238,2,"No",20,"Muy_Alta","Muy_Alta",0,9,3,5,1,4,62856,12822.624,0.05544554455445545,710.9573702970297]
[1737,39,0,"Non-Travel","Research & Development",1,"Universitaria","Life Sciences","Muy_Alta","Alta",2,"Laboratory Technician","Alta","Married",6472,1,"Yes",15,"Alta","Muy_Alta",1,9,2,9,5,8,77664,16309.44,0.1443298969072165,2353.939793814433]
[1739,32,0,"Travel_Rarely","Sales",19,"Primaria","Life Sciences","Muy_Alta","Baja",3,"Sales Executive","Baja","Married",9610,3,"No",13,"Alta","Alta",1,10,2,4,0,2,115320,24217.2,0.05544554455445545,1342.735841584158]
[1740,40,0,"Travel_Rarely","Sales",7,"Universitaria","Medical","Media","Alta",5,"Manager","Alta","Single",19833,1,"No",14,"Alta","Media",0,21,3,21,12,8,237996,49979.16,0.05544554455445545,2771.121742574257]
[1744,45,0,"Travel_Rarely","Human Resources",4,"Primaria","Life Sciences","Alta","Baja",3,"Human Resources","Baja","Married",9756,4,"No",21,"Muy_Alta","Alta",2,9,2,5,0,3,117072,24585.12,0.05544554455445545,1363.135366336634]
[1745,30,0,"Travel_Frequently","Research & Development",2,"Secundaria","Technical Degree","Muy_Alta","Media",1,"Research Scientist","Media","Single",4968,0,"No",16,"Alta","Muy_Alta",0,10,2,9,0,7,59616,12161.664,0.05544554455445545,674.3100831683167]
[1746,24,0,"Travel_Frequently","Human Resources",10,"Universitaria","Medical","Baja","Alta",1,"Human Resources","Alta","Married",2145,0,"No",14,"Alta","Muy_Alta",1,3,2,2,2,1,25740,4144.14,0.05544554455445545,229.774099009901]
[1747,30,1,"Travel_Frequently","Human Resources",8,"Secundaria","Human Resources","Alta","Media",1,"Human Resources","Media","Divorced",2180,6,"No",11,"Alta","Alta",1,6,0,4,1,2,26160,4211.76,0.1273885350318471,536.5299363057325]
[1749,31,0,"Travel_Rarely","Sales",5,"Universitaria","Technical Degree","Baja","Alta",2,"Sales Executive","Alta","Married",8346,1,"No",19,"Alta","Alta",1,6,3,5,0,2,100152,21031.92,0.05544554455445545,1166.126257425743]
[1751,27,0,"Travel_Rarely","Research & Development",8,"Universitaria","Medical","Alta","Alta",1,"Research Scientist","Alta","Single",3445,1,"No",11,"Alta","Alta",0,6,5,6,1,4,41340,8143.98,0.05544554455445545,451.5474059405941]
[1752,29,1,"Travel_Rarely","Sales",9,"Primaria","Marketing","Media","Baja",1,"Sales Representative","Baja","Single",2760,1,"No",13,"Alta","Alta",0,2,3,2,2,2,33120,6524.64,0.7777777777777778,5074.72]
[1753,29,0,"Travel_Frequently","Research & Development",1,"Master","Life Sciences","Muy_Alta","Muy_Alta",2,"Healthcare Representative","Muy_Alta","Single",6294,8,"Yes",12,"Alta","Muy_Alta",0,10,5,3,0,2,75528,15860.88,0.1443298969072165,2289.199175257731]
[1754,30,0,"Travel_Rarely","Sales",15,"Secundaria","Marketing","Alta","Media",3,"Sales Executive","Media","Divorced",7140,2,"No",11,"Alta","Baja",1,12,2,7,1,7,85680,17992.8,0.05544554455445545,997.6205940594059]
[1755,34,0,"Travel_Rarely","Research & Development",2,"Master","Medical","Muy_Alta","Muy_Alta",1,"Research Scientist","Muy_Alta","Married",2932,0,"Yes",14,"Alta","Baja",3,6,3,5,1,2,35184,6931.248000000001,0.1443298969072165,1000.38630927835]
[1756,33,0,"Non-Travel","Sales",2,"Universitaria","Marketing","Muy_Alta","Alta",2,"Sales Executive","Alta","Single",5147,8,"No",15,"Alta","Muy_Alta",0,13,2,11,1,7,61764,12599.856,0.1273885350318471,1605.077197452229]
[1757,49,0,"Travel_Rarely","Sales",11,"Universitaria","Marketing","Muy_Alta","Alta",2,"Sales Executive","Alta","Single",4507,3,"No",12,"Alta","Alta",0,8,1,5,0,4,54084,11033.136,0.05544554455445545,611.7382336633663]
[1758,33,1,"Travel_Rarely","Sales",16,"Universitaria","Life Sciences","Baja","Alta",3,"Sales Executive","Alta","Single",8564,2,"Yes",20,"Muy_Alta","Alta",0,11,2,0,0,0,102768,21581.28,0.1443298969072165,3114.823917525773]
[1760,38,0,"Travel_Frequently","Research & Development",2,"Secundaria","Medical","Alta","Media",1,"Laboratory Technician","Media","Married",2468,4,"No",14,"Alta","Media",1,9,4,6,0,5,29616,4768.176,0.05544554455445545,264.3741148514852]
[1761,31,1,"Travel_Rarely","Sales",16,"Universitaria","Marketing","Baja","Alta",3,"Sales Executive","Alta","Married",8161,2,"No",13,"Alta","Baja",3,10,2,1,0,0,97932,20565.72,0.05544554455445545,1140.277544554455]
[1762,29,0,"Travel_Rarely","Research & Development",4,"Secundaria","Technical Degree","Muy_Alta","Media",1,"Research Scientist","Media","Divorced",2109,1,"No",13,"Alta","Alta",1,1,2,1,0,0,25308,4074.588,0.103448275862069,421.5091034482759]
[1763,30,0,"Travel_Rarely","Research & Development",16,"Master","Life Sciences","Alta","Muy_Alta",2,"Healthcare Representative","Muy_Alta","Married",5294,3,"No",16,"Alta","Alta",1,10,3,7,1,7,63528,12959.712,0.05544554455445545,718.5582891089109]
[1764,32,0,"Non-Travel","Research & Development",5,"Universitaria","Technical Degree","Media","Alta",1,"Research Scientist","Alta","Single",2718,2,"No",14,"Alta","Media",0,12,3,7,0,7,32616,6425.352,0.05544554455445545,356.2571405940594]
[1766,38,0,"Travel_Rarely","Research & Development",18,"Primaria","Medical","Media","Baja",2,"Healthcare Representative","Alta","Married",5811,3,"Yes",16,"Alta","Alta",1,15,2,1,1,0,69732,14225.328,0.3555555555555556,5057.8944]
[1767,43,1,"Travel_Frequently","Research & Development",17,"Universitaria","Technical Degree","Alta","Media",1,"Research Scientist","Media","Married",2437,9,"Yes",16,"Alta","Muy_Alta",1,6,4,1,0,0,29244,4708.284000000001,0.8260869565217391,3889.452000000001]
[1768,42,0,"Travel_Rarely","Research & Development",12,"Universitaria","Medical","Media","Alta",1,"Laboratory Technician","Alta","Divorced",2766,8,"No",22,"Muy_Alta","Media",3,7,6,5,0,4,33192,6538.824000000001,0.1273885350318471,832.9712101910828]
[1770,55,0,"Travel_Rarely","Research & Development",2,"Secundaria","Medical","Alta","Media",5,"Research Director","Media","Married",19038,8,"No",12,"Alta","Media",3,34,2,1,0,0,228456,47975.75999999999,0.1273885350318471,6111.56178343949]
[1771,33,0,"Non-Travel","Research & Development",4,"Universitaria","Technical Degree","Muy_Alta","Alta",2,"Research Scientist","Alta","Divorced",3055,5,"No",15,"Alta","Muy_Alta",2,11,2,9,1,7,36660,7222.02,0.1273885350318471,920.0025477707007]
[1772,41,0,"Travel_Rarely","Research & Development",9,"Universitaria","Life Sciences","Alta","Alta",1,"Laboratory Technician","Alta","Divorced",2289,1,"No",20,"Muy_Alta","Media",2,5,2,5,0,4,27468,4422.348,0.05544554455445545,245.1994930693069]
[1774,34,0,"Non-Travel","Sales",10,"Universitaria","Life Sciences","Muy_Alta","Alta",2,"Sales Executive","Alta","Divorced",4001,1,"Yes",14,"Alta","Alta",1,15,3,15,0,7,48012,9458.364,0.1443298969072165,1365.124701030928]
[1775,53,0,"Non-Travel","Research & Development",1,"Secundaria","Medical","Baja","Media",4,"Manufacturing Director","Media","Married",12965,4,"Yes",20,"Muy_Alta","Muy_Alta",3,27,2,3,0,2,155580,32671.8,0.1443298969072165,4715.517525773195]
[1778,43,0,"Travel_Rarely","Human Resources",2,"Universitaria","Life Sciences","Media","Alta",1,"Human Resources","Alta","Single",3539,0,"No",13,"Alta","Media",0,10,5,9,1,8,42468,8366.196,0.05544554455445545,463.868293069307]
[1779,34,0,"Travel_Rarely","Sales",3,"Primaria","Life Sciences","Muy_Alta","Baja",2,"Sales Executive","Baja","Single",6029,5,"No",12,"Alta","Baja",0,6,3,2,2,2,72348,14758.992,0.5555555555555556,8199.439999999999]
[1780,21,1,"Travel_Rarely","Sales",7,"Universitaria","Marketing","Media","Alta",1,"Sales Representative","Alta","Single",2679,1,"No",13,"Alta","Media",0,1,3,1,1,0,32148,6333.156,0.7777777777777778,4925.788]
[1782,38,0,"Travel_Rarely","Research & Development",6,"Secundaria","Other","Muy_Alta","Media",1,"Laboratory Technician","Media","Married",3702,1,"No",11,"Alta","Media",1,5,3,5,0,4,44424,8751.528,0.05544554455445545,485.2332356435644]
[1783,22,1,"Travel_Rarely","Research & Development",8,"Universitaria","Medical","Alta","Alta",1,"Laboratory Technician","Alta","Married",2398,1,"Yes",17,"Alta","Alta",0,1,6,1,0,0,28776,4632.936,0.6,2779.7616]
[1784,31,0,"Travel_Rarely","Sales",29,"Secundaria","Marketing","Baja","Media",2,"Sales Executive","Media","Married",5468,1,"No",14,"Alta","Baja",2,13,3,12,5,7,65616,13385.664,0.05544554455445545,742.1754297029703]
[1786,51,0,"Travel_Rarely","Research & Development",3,"Universitaria","Technical Degree","Baja","Alta",3,"Manager","Alta","Married",13116,2,"No",11,"Alta","Muy_Alta",0,15,2,2,2,2,157392,33052.32,0.05544554455445545,1832.603881188119]
[1787,37,0,"Travel_Rarely","Sales",9,"Secundaria","Marketing","Media","Media",2,"Sales Executive","Media","Married",4189,1,"No",14,"Alta","Baja",2,5,2,5,0,3,50268,10254.672,0.05544554455445545,568.5758732673266]
[1789,46,0,"Travel_Rarely","Research & Development",2,"Universitaria","Medical","Alta","Alta",5,"Research Director","Alta","Divorced",19328,7,"Yes",17,"Alta","Alta",1,24,3,2,2,2,231936,48706.56,0.1443298969072165,7029.812783505154]
[1790,36,0,"Travel_Rarely","Research & Development",10,"Universitaria","Life Sciences","Muy_Alta","Alta",3,"Healthcare Representative","Alta","Married",8321,7,"Yes",13,"Alta","Muy_Alta",1,15,1,12,5,7,99852,20968.92,0.1443298969072165,3026.44206185567]
[1792,44,1,"Travel_Frequently","Research & Development",1,"Universitaria","Medical","Alta","Alta",1,"Research Scientist","Alta","Divorced",2342,1,"Yes",12,"Alta","Alta",3,6,2,5,2,3,28104,4524.744,0.8260869565217391,3737.832]
[1794,37,0,"Travel_Rarely","Human Resources",8,"Universitaria","Other","Alta","Alta",2,"Human Resources","Alta","Divorced",4071,2,"No",13,"Alta","Alta",0,19,4,10,4,7,48852,9623.844000000001,0.05544554455445545,533.5992712871288]
[1797,35,1,"Travel_Rarely","Sales",27,"Universitaria","Life Sciences","Alta","Alta",2,"Sales Executive","Alta","Single",5813,1,"Yes",18,"Alta","Muy_Alta",0,10,2,10,7,7,69756,14230.224,0.1443298969072165,2053.846762886597]
[1798,33,0,"Travel_Rarely","Research & Development",8,"Master","Life Sciences","Muy_Alta","Muy_Alta",1,"Research Scientist","Muy_Alta","Married",3143,6,"No",19,"Alta","Media",1,14,1,10,7,6,37716,7430.052000000001,0.1273885350318471,946.5034394904459]
[1799,28,0,"Travel_Rarely","Research & Development",1,"Universitaria","Life Sciences","Alta","Alta",1,"Research Scientist","Alta","Married",2044,1,"No",11,"Alta","Alta",1,5,6,5,0,3,24528,3949.008,0.05544554455445545,218.954899009901]
[1800,39,0,"Travel_Rarely","Research & Development",10,"Universitaria","Medical","Alta","Alta",3,"Research Director","Alta","Single",13464,7,"No",21,"Muy_Alta","Alta",0,9,3,4,2,2,161568,33929.28,0.1273885350318471,4322.20127388535]
[1801,46,0,"Non-Travel","Sales",26,"Secundaria","Life Sciences","Media","Media",2,"Sales Executive","Media","Single",7991,8,"No",15,"Alta","Alta",0,6,3,2,2,2,95892,20137.32,0.1273885350318471,2565.263694267516]
[1802,40,0,"Travel_Rarely","Research & Development",2,"Universitaria","Life Sciences","Alta","Alta",1,"Laboratory Technician","Alta","Married",3377,4,"No",17,"Alta","Muy_Alta",1,7,5,4,0,2,40524,7983.228,0.05544554455445545,442.6344237623762]
[1803,42,0,"Travel_Rarely","Research & Development",13,"Master","Medical","Media","Muy_Alta",2,"Healthcare Representative","Muy_Alta","Married",5538,5,"No",18,"Alta","Alta",2,10,2,0,0,0,66456,13557.024,0.1273885350318471,1727.009426751592]
[1804,35,0,"Non-Travel","Research & Development",2,"Universitaria","Medical","Media","Alta",2,"Manufacturing Director","Alta","Divorced",5762,2,"No",14,"Alta","Alta",1,15,6,7,1,7,69144,14105.376,0.05544554455445545,782.0802534653465]
[1805,38,0,"Non-Travel","Human Resources",2,"Universitaria","Human Resources","Baja","Alta",1,"Human Resources","Alta","Divorced",2592,5,"No",13,"Alta","Muy_Alta",3,13,3,11,3,8,31104,6127.488,0.1273885350318471,780.5717197452229]
[1807,34,1,"Travel_Frequently","Research & Development",9,"Universitaria","Life Sciences","Muy_Alta","Alta",2,"Laboratory Technician","Alta","Married",5346,4,"No",17,"Alta","Alta",1,11,3,7,0,7,64152,13087.008,0.05544554455445545,725.6162851485149]
[1809,37,1,"Travel_Rarely","Research & Development",10,"Universitaria","Medical","Muy_Alta","Alta",2,"Manufacturing Director","Alta","Single",4213,1,"No",15,"Alta","Media",0,10,4,10,0,8,50556,10313.424,0.05544554455445545,571.8334099009901]
[1812,39,0,"Travel_Frequently","Sales",20,"Universitaria","Life Sciences","Alta","Alta",2,"Sales Executive","Alta","Divorced",4127,2,"No",18,"Alta","Muy_Alta",1,7,6,2,2,2,49524,9756.228000000001,0.05544554455445545,540.9393742574258]
[1813,43,0,"Non-Travel","Research & Development",9,"Universitaria","Life Sciences","Baja","Alta",1,"Research Scientist","Alta","Single",2438,4,"No",13,"Alta","Alta",0,7,2,3,1,2,29256,4710.216,0.05544554455445545,261.1604910891089]
[1814,41,0,"Travel_Rarely","Research & Development",5,"Master","Life Sciences","Media","Muy_Alta",2,"Healthcare Representative","Muy_Alta","Single",6870,3,"No",12,"Alta","Baja",0,11,3,3,1,2,82440,17312.4,0.05544554455445545,959.8954455445544]
[1815,41,0,"Travel_Rarely","Sales",4,"Universitaria","Marketing","Alta","Alta",3,"Sales Executive","Alta","Divorced",10447,0,"Yes",13,"Alta","Muy_Alta",1,23,3,22,13,5,125364,26326.44,0.1443298969072165,3799.69237113402]
[1816,30,0,"Travel_Rarely","Research & Development",10,"Universitaria","Medical","Baja","Alta",3,"Manufacturing Director","Alta","Single",9667,9,"No",14,"Alta","Media",0,9,3,7,0,2,116004,24360.84,0.1273885350318471,3103.291719745223]
[1818,26,1,"Travel_Rarely","Human Resources",20,"Universitaria","Medical","Muy_Alta","Alta",1,"Human Resources","Alta","Married",2148,0,"Yes",11,"Alta","Alta",0,6,3,5,1,4,25776,4149.936,0.8260869565217391,3428.208]
[1821,46,1,"Travel_Rarely","Research & Development",21,"Universitaria","Medical","Muy_Alta","Alta",2,"Healthcare Representative","Alta","Married",8926,4,"No",22,"Muy_Alta","Muy_Alta",1,13,2,9,3,7,107112,22493.52,0.05544554455445545,1247.165465346535]
[1822,40,0,"Travel_Rarely","Research & Development",1,"Universitaria","Life Sciences","Alta","Alta",2,"Healthcare Representative","Alta","Divorced",6513,4,"No",17,"Alta","Muy_Alta",1,12,3,5,0,3,78156,16412.76,0.05544554455445545,910.0144158415841]
[1823,34,0,"Travel_Rarely","Sales",8,"Master","Technical Degree","Media","Muy_Alta",2,"Sales Executive","Muy_Alta","Married",6799,1,"No",21,"Muy_Alta","Alta",2,10,5,10,4,8,81588,17133.48,0.05544554455445545,949.9751287128713]
[1824,58,0,"Non-Travel","Sales",2,"Universitaria","Medical","Media","Alta",4,"Manager","Alta","Divorced",16291,4,"No",22,"Muy_Alta","Muy_Alta",1,37,0,16,14,14,195492,41053.32,0.05544554455445545,2276.223683168317]
[1826,35,0,"Travel_Rarely","Research & Development",23,"Primaria","Medical","Media","Baja",1,"Laboratory Technician","Baja","Married",2705,0,"No",16,"Alta","Media",1,6,2,5,0,3,32460,6394.62,0.05544554455445545,354.5531881188119]
[1827,47,0,"Travel_Rarely","Research & Development",4,"Secundaria","Life Sciences","Alta","Media",3,"Manufacturing Director","Media","Divorced",10333,8,"Yes",12,"Alta","Alta",1,28,4,22,14,10,123996,26039.16,0.1443298969072165,3758.229278350515]
[1829,40,0,"Travel_Rarely","Research & Development",12,"Universitaria","Life Sciences","Media","Alta",2,"Healthcare Representative","Alta","Divorced",4448,2,"No",12,"Alta","Media",1,15,3,7,7,7,53376,10888.704,0.05544554455445545,603.7301227722772]
[1830,54,0,"Travel_Rarely","Research & Development",7,"Universitaria","Medical","Muy_Alta","Alta",2,"Research Scientist","Alta","Married",6854,4,"No",15,"Alta","Media",1,14,2,7,1,7,82248,17272.08,0.05544554455445545,957.6598811881187]
[1833,31,0,"Travel_Frequently","Sales",7,"Universitaria","Marketing","Baja","Alta",3,"Sales Executive","Alta","Married",9637,2,"No",14,"Alta","Muy_Alta",2,9,3,3,2,2,115644,24285.24,0.05544554455445545,1346.508356435643]
[1834,28,0,"Travel_Rarely","Research & Development",1,"Universitaria","Medical","Alta","Alta",1,"Research Scientist","Alta","Married",3591,1,"No",25,"Muy_Alta","Alta",1,3,3,3,1,2,43092,8489.124,0.05544554455445545,470.684102970297]
[1835,38,0,"Travel_Rarely","Sales",2,"Primaria","Marketing","Media","Baja",2,"Sales Representative","Baja","Married",5405,2,"Yes",20,"Muy_Alta","Baja",2,20,4,4,0,3,64860,13231.44,0.3555555555555556,4704.512]
[1836,26,0,"Travel_Rarely","Sales",10,"Universitaria","Medical","Alta","Alta",2,"Sales Executive","Alta","Single",4684,1,"No",13,"Alta","Baja",0,5,4,5,1,2,56208,11466.432,0.05544554455445545,635.7625663366337]
[1837,58,0,"Travel_Frequently","Research & Development",15,"Universitaria","Life Sciences","Baja","Alta",4,"Research Director","Alta","Married",15787,2,"Yes",14,"Alta","Media",0,23,3,2,2,2,189444,39783.24,0.1443298969072165,5741.910927835051]
[1839,18,0,"Non-Travel","Research & Development",14,"Universitaria","Medical","Media","Alta",1,"Research Scientist","Alta","Single",1514,1,"No",16,"Alta","Alta",0,0,4,0,0,0,18168,2925.048,0.7777777777777778,2275.037333333334]
[1842,31,1,"Travel_Rarely","Human Resources",18,"Master","Human Resources","Muy_Alta","Muy_Alta",1,"Human Resources","Muy_Alta","Married",2956,0,"No",17,"Alta","Alta",0,2,4,1,0,0,35472,6987.984,1,6987.984]
[1844,29,1,"Travel_Rarely","Human Resources",13,"Secundaria","Human Resources","Baja","Media",1,"Human Resources","Media","Divorced",2335,4,"Yes",15,"Alta","Muy_Alta",3,4,3,2,2,0,28020,4511.22,0.8260869565217391,3726.66]
[1845,45,0,"Non-Travel","Sales",2,"Universitaria","Life Sciences","Alta","Alta",2,"Sales Executive","Alta","Married",5154,4,"No",22,"Muy_Alta","Media",2,10,3,8,5,7,61848,12616.992,0.05544554455445545,699.5559920792078]
[1847,36,0,"Travel_Rarely","Research & Development",2,"Universitaria","Other","Muy_Alta","Alta",2,"Research Scientist","Alta","Married",6962,4,"Yes",22,"Muy_Alta","Muy_Alta",1,15,2,1,0,0,83544,17544.24,0.1443298969072165,2532.158350515464]
[1849,43,0,"Travel_Frequently","Sales",2,"Universitaria","Life Sciences","Baja","Alta",2,"Sales Executive","Alta","Married",5675,1,"No",20,"Muy_Alta","Alta",1,7,5,7,7,7,68100,13892.4,0.05544554455445545,770.2716831683168]
[1850,27,0,"Travel_Frequently","Research & Development",5,"Universitaria","Life Sciences","Muy_Alta","Alta",1,"Laboratory Technician","Alta","Single",2379,0,"Yes",14,"Alta","Alta",0,6,3,5,0,2,28548,4596.228,0.8260869565217391,3796.884]
[1852,29,0,"Travel_Frequently","Research & Development",20,"Universitaria","Medical","Muy_Alta","Alta",1,"Laboratory Technician","Alta","Married",3812,1,"No",13,"Alta","Media",0,11,3,11,3,10,45744,9011.568000000001,0.05544554455445545,499.651295049505]
[1853,32,0,"Travel_Frequently","Sales",10,"Universitaria","Marketing","Muy_Alta","Alta",2,"Sales Executive","Alta","Single",4648,8,"No",13,"Alta","Alta",0,4,2,0,0,0,55776,11378.304,0.1273885350318471,1449.465477707006]
[1854,42,0,"Non-Travel","Research & Development",10,"Universitaria","Technical Degree","Alta","Alta",1,"Research Scientist","Alta","Married",2936,3,"No",22,"Muy_Alta","Media",2,10,1,6,3,3,35232,6940.704000000001,0.05544554455445545,384.8311128712872]
[1856,47,0,"Travel_Rarely","Research & Development",9,"Universitaria","Life Sciences","Media","Alta",1,"Laboratory Technician","Alta","Single",2105,4,"No",12,"Alta","Alta",0,7,2,2,2,0,25260,4066.86,0.05544554455445545,225.4892673267327]
[1857,46,0,"Travel_Rarely","Research & Development",2,"Universitaria","Life Sciences","Muy_Alta","Alta",3,"Manufacturing Director","Alta","Divorced",8578,3,"No",14,"Alta","Alta",1,12,4,9,4,7,102936,21616.56,0.05544554455445545,1198.541940594059]
[1858,28,0,"Non-Travel","Human Resources",1,"Universitaria","Life Sciences","Alta","Alta",1,"Human Resources","Alta","Divorced",2706,1,"No",15,"Alta","Media",1,3,2,3,2,2,32472,6396.984,0.05544554455445545,354.6842613861386]
[1859,29,0,"Travel_Rarely","Research & Development",29,"Primaria","Life Sciences","Muy_Alta","Baja",2,"Healthcare Representative","Baja","Divorced",6384,8,"No",17,"Alta","Muy_Alta",2,11,3,7,1,6,76608,16087.68,0.5555555555555556,8937.6]
[1860,42,0,"Travel_Rarely","Research & Development",8,"Universitaria","Life Sciences","Muy_Alta","Alta",1,"Laboratory Technician","Alta","Single",3968,4,"No",13,"Alta","Muy_Alta",0,8,3,0,0,0,47616,9380.352,0.05544554455445545,520.0987247524753]
[1862,32,1,"Travel_Rarely","Sales",2,"Secundaria","Marketing","Alta","Media",2,"Sales Executive","Media","Single",9907,7,"Yes",12,"Alta","Alta",0,7,3,2,2,2,118884,24965.64,0.1443298969072165,3603.28824742268]
[1863,46,0,"Travel_Rarely","Sales",3,"Master","Technical Degree","Baja","Muy_Alta",4,"Sales Executive","Muy_Alta","Divorced",13225,2,"No",12,"Alta","Muy_Alta",1,25,5,19,2,8,158700,33327,0.05544554455445545,1847.833663366337]
[1864,27,0,"Travel_Rarely","Sales",23,"Universitaria","Medical","Media","Media",2,"Sales Representative","Media","Married",3540,1,"No",21,"Muy_Alta","Muy_Alta",1,9,5,9,5,8,42480,8368.56,0.05544554455445545,463.9993663366336]
[1865,29,0,"Travel_Rarely","Human Resources",6,"Secundaria","Medical","Muy_Alta","Media",1,"Human Resources","Media","Married",2804,1,"No",11,"Alta","Muy_Alta",0,1,3,1,0,0,33648,6628.656,1,6628.656]
[1866,43,0,"Travel_Rarely","Research & Development",6,"Secundaria","Medical","Baja","Media",5,"Manager","Media","Married",19392,7,"No",13,"Alta","Muy_Alta",0,21,2,16,6,14,232704,48867.84,0.1273885350318471,6225.2025477707]
[1867,48,0,"Travel_Rarely","Research & Development",10,"Secundaria","Life Sciences","Muy_Alta","Media",5,"Research Director","Media","Married",19665,4,"No",12,"Alta","Muy_Alta",0,29,3,22,12,9,235980,49555.8,0.05544554455445545,2747.648316831683]
[1868,29,1,"Travel_Frequently","Research & Development",24,"Secundaria","Life Sciences","Muy_Alta","Media",1,"Research Scientist","Media","Single",2439,1,"Yes",24,"Muy_Alta","Media",0,1,3,1,1,0,29268,4712.148,0.7777777777777778,3665.004]
[1869,46,1,"Travel_Rarely","Sales",10,"Universitaria","Life Sciences","Alta","Alta",3,"Sales Executive","Alta","Married",7314,5,"No",21,"Muy_Alta","Alta",3,14,2,8,0,7,87768,18431.28,0.1273885350318471,2347.933757961783]
[1870,27,0,"Travel_Frequently","Research & Development",15,"Secundaria","Life Sciences","Muy_Alta","Media",1,"Research Scientist","Media","Married",4774,0,"No",19,"Alta","Muy_Alta",1,8,2,7,7,3,57288,11686.752,0.05544554455445545,647.9783287128712]
[1871,39,0,"Travel_Rarely","Research & Development",19,"Universitaria","Other","Muy_Alta","Alta",2,"Research Scientist","Alta","Divorced",3902,8,"No",14,"Alta","Media",3,7,2,2,2,2,46824,9224.328,0.1273885350318471,1175.073630573248]
[1873,55,0,"Travel_Rarely","Research & Development",2,"Secundaria","Technical Degree","Media","Media",1,"Research Scientist","Media","Married",2662,8,"No",20,"Muy_Alta","Media",1,19,2,5,0,4,31944,6292.968,0.1273885350318471,801.651974522293]
[1875,28,0,"Travel_Rarely","Sales",3,"Universitaria","Medical","Media","Alta",1,"Sales Representative","Alta","Married",2856,1,"No",19,"Alta","Muy_Alta",1,1,3,1,0,0,34272,6751.584000000001,0.103448275862069,698.4397241379311]
[1876,30,1,"Travel_Rarely","Sales",9,"Universitaria","Medical","Media","Alta",1,"Sales Representative","Alta","Single",1081,1,"No",13,"Alta","Alta",0,1,3,1,0,0,12972,2088.492,0.7777777777777778,1624.382666666667]
[1878,22,1,"Travel_Rarely","Research & Development",7,"Universitaria","Life Sciences","Muy_Alta","Alta",1,"Research Scientist","Alta","Single",2472,1,"Yes",23,"Muy_Alta","Baja",0,1,2,1,0,0,29664,4775.904,0.7777777777777778,3714.592000000001]
[1880,36,0,"Travel_Rarely","Sales",10,"Secundaria","Technical Degree","Media","Media",2,"Sales Executive","Media","Married",5673,1,"Yes",13,"Alta","Baja",1,10,4,10,1,7,68076,13887.504,0.3555555555555556,4937.7792]
[1881,31,0,"Travel_Rarely","Research & Development",20,"Universitaria","Life Sciences","Media","Alta",2,"Laboratory Technician","Alta","Divorced",4197,1,"No",11,"Alta","Baja",1,10,2,10,0,2,50364,10274.256,0.05544554455445545,569.6617188118812]
[1882,34,0,"Travel_Rarely","Sales",4,"Universitaria","Life Sciences","Alta","Alta",3,"Sales Executive","Alta","Married",9713,2,"Yes",13,"Alta","Muy_Alta",3,9,3,5,1,0,116556,24476.76,0.1443298969072165,3532.72824742268]
[1883,29,0,"Travel_Rarely","Research & Development",7,"Universitaria","Life Sciences","Muy_Alta","Alta",1,"Laboratory Technician","Alta","Single",2062,3,"No",14,"Alta","Media",0,11,2,3,1,2,24744,3983.784,0.05544554455445545,220.8830732673268]
[1885,37,0,"Travel_Rarely","Research & Development",7,"Universitaria","Medical","Muy_Alta","Alta",2,"Research Scientist","Alta","Married",4284,5,"Yes",22,"Muy_Alta","Alta",1,16,2,5,0,4,51408,10487.232,0.1443298969072165,1513.621113402062]
[1886,35,0,"Travel_Rarely","Research & Development",16,"Secundaria","Other","Muy_Alta","Media",2,"Manufacturing Director","Media","Married",4788,0,"Yes",11,"Alta","Muy_Alta",0,4,2,3,0,2,57456,11721.024,0.1443298969072165,1691.69418556701]
[1888,45,0,"Travel_Rarely","Research & Development",25,"Secundaria","Life Sciences","Media","Media",2,"Manufacturing Director","Media","Married",5906,0,"No",13,"Alta","Muy_Alta",2,10,2,9,3,8,70872,14457.888,0.05544554455445545,801.6254732673267]
[1890,36,0,"Travel_Frequently","Human Resources",2,"Universitaria","Human Resources","Media","Media",2,"Human Resources","Media","Single",3886,1,"No",21,"Muy_Alta","Muy_Alta",0,10,2,10,0,8,46632,9186.504,0.05544554455445545,509.3507168316832]
[1892,40,0,"Travel_Rarely","Research & Development",1,"Universitaria","Life Sciences","Baja","Alta",4,"Manager","Alta","Divorced",16823,2,"No",11,"Alta","Baja",1,22,3,19,11,16,201876,42393.96,0.05544554455445545,2350.556198019802]
[1893,26,0,"Travel_Rarely","Research & Development",1,"Secundaria","Life Sciences","Media","Media",1,"Research Scientist","Media","Married",2933,1,"Yes",13,"Alta","Alta",1,1,3,1,1,0,35196,6933.612,0.6,4160.1672]
[1898,27,0,"Travel_Rarely","Sales",2,"Master","Medical","Baja","Muy_Alta",2,"Sales Executive","Alta","Single",6500,0,"No",14,"Alta","Media",0,9,5,8,0,7,78000,16380,0.05544554455445545,908.1980198019802]
[1900,48,0,"Travel_Frequently","Research & Development",22,"Universitaria","Medical","Muy_Alta","Alta",4,"Manager","Alta","Divorced",17174,3,"No",11,"Alta","Media",1,24,3,22,4,7,206088,43278.48,0.05544554455445545,2399.598891089109]
[1903,44,0,"Travel_Rarely","Research & Development",1,"Master","Life Sciences","Media","Muy_Alta",2,"Healthcare Representative","Muy_Alta","Married",5033,2,"No",15,"Alta","Muy_Alta",1,10,5,2,2,2,60396,12320.784,0.05544554455445545,683.1325782178218]
[1905,34,1,"Non-Travel","Research & Development",16,"Primaria","Technical Degree","Muy_Alta","Baja",1,"Research Scientist","Baja","Married",2307,1,"Yes",23,"Muy_Alta","Media",1,5,2,5,3,0,27684,4457.124,0.8260869565217391,3681.972]
[1907,56,1,"Travel_Rarely","Research & Development",24,"Universitaria","Life Sciences","Baja","Alta",1,"Laboratory Technician","Alta","Single",2587,1,"No",16,"Alta","Muy_Alta",0,5,3,4,1,0,31044,6115.668000000001,0.05544554455445545,339.0865425742575]
[1908,36,0,"Travel_Rarely","Sales",17,"Secundaria","Marketing","Alta","Media",2,"Sales Executive","Media","Married",5507,2,"No",16,"Alta","Alta",2,12,1,4,1,3,66084,13481.136,0.05544554455445545,747.4689267326733]
[1909,41,0,"Travel_Rarely","Sales",8,"Universitaria","Marketing","Alta","Alta",2,"Sales Executive","Alta","Married",4393,5,"No",21,"Muy_Alta","Alta",1,14,3,5,1,4,52716,10754.064,0.1273885350318471,1369.944458598726]
[1911,42,0,"Travel_Rarely","Research & Development",6,"Universitaria","Medical","Alta","Alta",3,"Research Director","Alta","Married",13348,9,"No",13,"Alta","Media",1,18,3,13,5,7,160176,33636.96,0.1273885350318471,4284.963057324841]
[1912,31,0,"Travel_Rarely","Sales",10,"Universitaria","Medical","Alta","Alta",2,"Sales Executive","Alta","Divorced",6583,2,"Yes",11,"Alta","Muy_Alta",1,8,2,5,1,4,78996,16589.16,0.1443298969072165,2394.31175257732]
[1915,34,0,"Travel_Rarely","Sales",3,"Secundaria","Medical","Muy_Alta","Media",2,"Sales Executive","Media","Married",8103,3,"Yes",12,"Alta","Alta",0,9,3,4,0,1,97236,20419.56,0.1443298969072165,2947.152989690721]
[1916,31,0,"Travel_Rarely","Research & Development",4,"Master","Medical","Baja","Muy_Alta",1,"Laboratory Technician","Muy_Alta","Divorced",3978,8,"No",12,"Alta","Media",1,4,0,2,2,2,47736,9403.992,0.1273885350318471,1197.96076433121]
[1918,26,0,"Travel_Frequently","Research & Development",6,"Master","Other","Alta","Muy_Alta",1,"Laboratory Technician","Muy_Alta","Married",2544,0,"No",18,"Alta","Baja",1,8,3,7,7,7,30528,6014.016000000001,0.05544554455445545,333.450392079208]
[1922,45,0,"Travel_Frequently","Research & Development",1,"Universitaria","Medical","Media","Alta",2,"Healthcare Representative","Alta","Single",5399,4,"No",12,"Alta","Alta",0,12,3,4,0,3,64788,13216.752,0.05544554455445545,732.8100118811881]
[1924,33,0,"Travel_Rarely","Sales",10,"Universitaria","Marketing","Media","Alta",2,"Sales Executive","Alta","Single",5487,1,"No",14,"Alta","Media",0,10,2,10,0,9,65844,13432.176,0.05544554455445545,744.7543128712871]
[1927,28,0,"Travel_Frequently","Sales",1,"Secundaria","Life Sciences","Alta","Media",2,"Sales Executive","Media","Married",6834,1,"Yes",12,"Alta","Alta",1,7,2,7,0,7,82008,17221.68,0.1443298969072165,2485.603298969072]
[1928,29,1,"Travel_Frequently","Sales",24,"Universitaria","Technical Degree","Alta","Muy_Alta",1,"Sales Representative","Muy_Alta","Single",1091,1,"No",17,"Alta","Muy_Alta",0,1,3,1,0,0,13092,2107.812,0,0]
[1929,39,0,"Non-Travel","Sales",21,"Primaria","Life Sciences","Baja","Baja",2,"Sales Executive","Baja","Married",5736,6,"No",19,"Alta","Alta",1,10,1,3,1,2,68832,14041.728,0.5555555555555556,7800.96]
[1931,27,0,"Travel_Rarely","Research & Development",2,"Universitaria","Technical Degree","Media","Alta",1,"Research Scientist","Alta","Married",2226,1,"No",11,"Alta","Alta",1,6,3,5,1,2,26712,4300.632000000001,0.05544554455445545,238.4508831683169]
[1932,34,0,"Travel_Frequently","Research & Development",22,"Secundaria","Other","Alta","Media",2,"Research Scientist","Media","Married",5747,1,"Yes",15,"Alta","Media",0,16,3,15,6,11,68964,14068.656,0.1443298969072165,2030.527670103093]
[1933,28,1,"Travel_Rarely","Sales",13,"Universitaria","Marketing","Muy_Alta","Alta",2,"Sales Executive","Alta","Single",9854,3,"Yes",11,"Alta","Muy_Alta",0,6,0,2,2,2,118248,24832.08,0.1443298969072165,3584.011546391752]
[1934,47,0,"Non-Travel","Research & Development",14,"Universitaria","Technical Degree","Alta","Alta",2,"Research Scientist","Alta","Married",5467,8,"No",18,"Alta","Alta",1,16,4,8,1,7,65604,13383.216,0.1273885350318471,1704.868280254777]
[1935,56,0,"Travel_Rarely","Sales",11,"Secundaria","Marketing","Muy_Alta","Media",2,"Sales Executive","Media","Married",5380,4,"No",16,"Alta","Alta",1,6,3,0,0,0,64560,13170.24,0.05544554455445545,730.2311287128713]
[1936,39,0,"Travel_Rarely","Research & Development",9,"Universitaria","Medical","Baja","Alta",2,"Manufacturing Director","Alta","Married",5151,1,"No",25,"Muy_Alta","Muy_Alta",1,10,3,10,7,9,61812,12609.648,0.05544554455445545,699.1487999999999]
[1937,38,0,"Travel_Frequently","Research & Development",8,"Secundaria","Medical","Muy_Alta","Media",2,"Research Scientist","Alta","Divorced",2133,1,"Yes",16,"Alta","Alta",1,20,3,20,0,7,25596,4120.956,0.1666666666666667,686.826]
[1938,58,0,"Travel_Rarely","Sales",21,"Universitaria","Life Sciences","Muy_Alta","Alta",4,"Manager","Alta","Married",17875,4,"Yes",13,"Alta","Alta",1,29,2,1,0,0,214500,45045,0.1443298969072165,6501.340206185567]
[1939,32,1,"Travel_Frequently","Research & Development",5,"Master","Life Sciences","Baja","Muy_Alta",1,"Research Scientist","Muy_Alta","Single",2432,3,"Yes",14,"Alta","Baja",0,8,2,4,0,3,29184,4698.624,0.8260869565217391,3881.472]
[1940,38,0,"Travel_Rarely","Research & Development",9,"Universitaria","Life Sciences","Media","Alta",1,"Research Scientist","Alta","Divorced",4771,2,"No",19,"Alta","Muy_Alta",2,10,0,5,0,3,57252,11679.408,0.05544554455445545,647.5711366336634]
[1941,49,0,"Travel_Frequently","Research & Development",2,"Universitaria","Life Sciences","Media","Alta",5,"Research Director","Alta","Married",19161,3,"No",15,"Alta","Muy_Alta",0,28,3,5,4,3,229932,48285.72,0.05544554455445545,2677.22803960396]
[1943,42,0,"Travel_Rarely","Sales",12,"Universitaria","Marketing","Media","Alta",2,"Sales Executive","Alta","Divorced",5087,3,"Yes",12,"Alta","Alta",2,14,4,0,0,0,61044,12452.976,0.3555555555555556,4427.7248]
[1944,27,1,"Travel_Frequently","Human Resources",22,"Secundaria","Human Resources","Baja","Media",1,"Human Resources","Media","Married",2863,1,"No",12,"Alta","Baja",0,1,2,1,0,0,34356,6768.132000000001,1,6768.132000000001]
[1945,35,0,"Travel_Rarely","Sales",18,"Universitaria","Medical","Media","Alta",2,"Sales Executive","Alta","Married",5561,0,"No",16,"Alta","Muy_Alta",1,6,2,5,0,4,66732,13613.328,0.05544554455445545,754.7983841584158]
[1947,28,0,"Non-Travel","Research & Development",16,"Universitaria","Medical","Alta","Alta",1,"Research Scientist","Alta","Single",2144,1,"No",14,"Alta","Alta",0,5,3,5,1,4,25728,4142.208000000001,0.05544554455445545,229.6669782178218]
[1948,31,0,"Non-Travel","Research & Development",3,"Universitaria","Medical","Alta","Alta",1,"Research Scientist","Alta","Divorced",3065,1,"Yes",13,"Alta","Muy_Alta",1,4,3,4,2,3,36780,7245.660000000001,0.1443298969072165,1045.765360824742]
[1949,36,0,"Non-Travel","Research & Development",9,"Universitaria","Life Sciences","Baja","Muy_Alta",1,"Laboratory Technician","Muy_Alta","Married",2810,1,"No",22,"Muy_Alta","Media",0,5,3,5,0,2,33720,6642.84,0.05544554455445545,368.3158811881189]
[1950,34,0,"Travel_Rarely","Sales",1,"Universitaria","Marketing","Baja","Alta",3,"Sales Executive","Alta","Single",9888,1,"No",21,"Muy_Alta","Baja",0,14,3,14,2,1,118656,24917.76,0.05544554455445545,1381.578772277228]
[1951,34,0,"Travel_Rarely","Sales",13,"Universitaria","Medical","Muy_Alta","Alta",3,"Sales Executive","Alta","Divorced",8628,1,"No",18,"Alta","Alta",1,9,2,8,1,1,103536,21742.56,0.05544554455445545,1205.528079207921]
[1952,26,0,"Travel_Rarely","Research & Development",1,"Universitaria","Medical","Alta","Alta",1,"Laboratory Technician","Alta","Single",2867,0,"No",13,"Alta","Muy_Alta",0,8,6,7,7,6,34404,6777.588000000001,0.05544554455445545,375.7870574257426]
[1954,29,0,"Travel_Rarely","Research & Development",1,"Universitaria","Life Sciences","Baja","Alta",2,"Healthcare Representative","Alta","Married",5373,0,"No",12,"Alta","Baja",1,6,5,5,0,2,64476,13153.104,0.05544554455445545,729.2810138613861]
[1955,32,0,"Non-Travel","Research & Development",15,"Universitaria","Medical","Alta","Alta",2,"Healthcare Representative","Alta","Divorced",6667,5,"No",18,"Alta","Media",1,9,6,5,1,2,80004,16800.84,0.1273885350318471,2140.234394904458]
[1956,31,0,"Travel_Frequently","Research & Development",1,"Primaria","Life Sciences","Muy_Alta","Baja",2,"Research Scientist","Alta","Married",5003,1,"No",21,"Muy_Alta","Media",0,10,6,10,8,7,60036,12247.344,0.05544554455445545,679.0606574257425]
[1960,28,1,"Travel_Rarely","Research & Development",17,"Secundaria","Technical Degree","Alta","Media",1,"Laboratory Technician","Media","Divorced",2367,5,"No",12,"Alta","Baja",1,6,2,4,0,3,28404,4573.044,0.1273885350318471,582.5533757961783]
[1961,38,0,"Travel_Rarely","Sales",1,"Secundaria","Life Sciences","Baja","Media",1,"Sales Representative","Media","Single",2858,4,"No",14,"Alta","Baja",0,20,3,1,0,0,34296,6756.312,0.05544554455445545,374.607398019802]
[1962,35,0,"Travel_Rarely","Sales",7,"Universitaria","Life Sciences","Alta","Alta",2,"Sales Executive","Alta","Married",5204,1,"Yes",11,"Alta","Muy_Alta",0,10,2,10,0,9,62448,12739.392,0.1443298969072165,1838.675134020618]
[1965,27,0,"Travel_Rarely","Sales",9,"Universitaria","Marketing","Muy_Alta","Alta",2,"Sales Executive","Alta","Single",4105,1,"No",14,"Alta","Baja",0,7,5,7,0,7,49260,9704.220000000001,0.05544554455445545,538.0557623762377]
[1966,32,0,"Travel_Rarely","Research & Development",5,"Secundaria","Life Sciences","Muy_Alta","Media",2,"Manufacturing Director","Media","Single",9679,8,"No",24,"Muy_Alta","Media",0,8,1,1,0,0,116148,24391.08,0.1273885350318471,3107.143949044586]
[1967,31,1,"Travel_Frequently","Sales",26,"Universitaria","Marketing","Baja","Alta",2,"Sales Executive","Alta","Married",5617,1,"Yes",11,"Alta","Alta",0,10,4,10,0,8,67404,13750.416,0.1443298969072165,1984.59612371134]
[1968,53,1,"Travel_Rarely","Sales",24,"Universitaria","Life Sciences","Baja","Alta",3,"Sales Executive","Alta","Single",10448,6,"Yes",13,"Alta","Media",0,15,2,2,2,2,125376,26328.96,0.1443298969072165,3800.056082474227]
[1969,54,0,"Travel_Rarely","Research & Development",9,"Universitaria","Life Sciences","Baja","Alta",2,"Research Scientist","Alta","Married",2897,3,"No",11,"Alta","Alta",2,9,6,4,2,3,34764,6848.508000000001,0.05544554455445545,379.7192554455446]
[1970,33,0,"Travel_Frequently","Research & Development",7,"Universitaria","Life Sciences","Muy_Alta","Alta",2,"Healthcare Representative","Alta","Divorced",5968,1,"No",20,"Muy_Alta","Alta",3,9,2,9,2,8,71616,14609.664,0.05544554455445545,810.0407762376237]
[1971,43,0,"Travel_Rarely","Research & Development",11,"Universitaria","Life Sciences","Baja","Alta",3,"Healthcare Representative","Alta","Married",7510,1,"No",17,"Alta","Media",1,10,1,10,0,9,90120,18925.2,0.05544554455445545,1049.31801980198]
[1972,38,0,"Travel_Frequently","Human Resources",1,"Universitaria","Other","Muy_Alta","Alta",1,"Human Resources","Alta","Married",2991,0,"Yes",11,"Alta","Media",1,7,2,6,1,2,35892,7070.724,0.1443298969072165,1020.516865979381]
[1973,55,0,"Travel_Rarely","Human Resources",26,"Master","Human Resources","Alta","Muy_Alta",5,"Manager","Muy_Alta","Married",19636,4,"Yes",18,"Alta","Baja",1,35,0,10,1,4,235632,49482.72,0.1443298969072165,7141.835876288659]
[1974,31,0,"Travel_Rarely","Research & Development",2,"Primaria","Medical","Muy_Alta","Baja",1,"Laboratory Technician","Baja","Divorced",1129,1,"Yes",11,"Alta","Alta",3,1,4,1,0,0,13548,2181.228,0.6,1308.7368]
[1975,39,0,"Travel_Rarely","Sales",15,"Universitaria","Marketing","Media","Alta",4,"Sales Executive","Alta","Single",13341,0,"No",12,"Alta","Baja",0,21,3,20,11,10,160092,33619.32,0.05544554455445545,1864.041504950495]
[1976,42,0,"Non-Travel","Research & Development",23,"Secundaria","Life Sciences","Muy_Alta","Media",2,"Research Scientist","Media","Single",4332,1,"No",12,"Alta","Muy_Alta",0,20,2,20,3,7,51984,10604.736,0.05544554455445545,587.9853623762376]
[1979,31,0,"Non-Travel","Research & Development",10,"Universitaria","Medical","Alta","Alta",3,"Research Director","Alta","Married",11031,4,"No",20,"Muy_Alta","Alta",1,13,2,11,4,8,132372,27798.12,0.05544554455445545,1541.281900990099]
[1980,54,0,"Travel_Rarely","Research & Development",10,"Universitaria","Medical","Alta","Alta",2,"Manufacturing Director","Alta","Single",4440,6,"Yes",19,"Alta","Muy_Alta",0,9,3,5,1,4,53280,10869.12,0.1443298969072165,1568.738969072165]
[1981,24,0,"Travel_Rarely","Research & Development",1,"Secundaria","Life Sciences","Media","Media",2,"Healthcare Representative","Media","Single",4617,1,"No",12,"Alta","Media",0,4,2,4,1,2,55404,11302.416,0.05544554455445545,626.6686099009901]
[1982,23,0,"Travel_Rarely","Research & Development",12,"Universitaria","Other","Muy_Alta","Alta",1,"Laboratory Technician","Alta","Single",2647,1,"No",13,"Alta","Alta",0,5,6,5,1,4,31764,6257.508000000001,0.05544554455445545,346.9509386138614]
[1985,40,0,"Travel_Frequently","Research & Development",11,"Universitaria","Technical Degree","Muy_Alta","Alta",2,"Laboratory Technician","Alta","Married",6323,1,"No",11,"Alta","Baja",1,10,2,10,9,4,75876,15933.96,0.05544554455445545,883.4670891089108]
[1986,40,0,"Travel_Rarely","Sales",2,"Universitaria","Marketing","Media","Alta",2,"Sales Executive","Alta","Married",5677,3,"No",14,"Alta","Alta",1,15,4,11,5,10,68124,13897.296,0.05544554455445545,770.5431445544554]
[1987,25,0,"Travel_Rarely","Human Resources",2,"Universitaria","Human Resources","Alta","Alta",1,"Human Resources","Alta","Married",2187,4,"No",14,"Alta","Alta",0,6,3,2,1,2,26244,4225.284000000001,0.05544554455445545,234.2731722772278]
[1989,30,0,"Travel_Rarely","Research & Development",1,"Universitaria","Medical","Muy_Alta","Alta",1,"Laboratory Technician","Alta","Married",3748,1,"No",13,"Alta","Alta",0,12,6,12,1,7,44976,8860.272,0.05544554455445545,491.2626059405941]
[1992,25,0,"Travel_Rarely","Research & Development",2,"Universitaria","Other","Muy_Alta","Alta",1,"Laboratory Technician","Alta","Divorced",3977,6,"Yes",19,"Alta","Alta",1,7,2,2,0,2,47724,9401.628,0.1443298969072165,1356.936]
[1993,47,0,"Travel_Rarely","Research & Development",25,"Universitaria","Medical","Baja","Alta",3,"Healthcare Representative","Alta","Single",8633,2,"No",23,"Muy_Alta","Media",0,25,3,17,12,11,103596,21755.16,0.05544554455445545,1206.226693069307]
[1994,33,0,"Non-Travel","Research & Development",1,"Secundaria","Medical","Media","Media",1,"Laboratory Technician","Media","Divorced",2008,1,"No",12,"Alta","Alta",3,1,2,1,0,0,24096,3879.456,0.103448275862069,401.3230344827586]
[1995,38,0,"Travel_Rarely","Sales",1,"Universitaria","Life Sciences","Muy_Alta","Alta",2,"Sales Executive","Alta","Married",4440,0,"No",15,"Alta","Baja",2,16,3,15,5,8,53280,10869.12,0.05544554455445545,602.6442772277227]
[1996,31,0,"Travel_Rarely","Sales",2,"Universitaria","Life Sciences","Baja","Alta",1,"Sales Representative","Alta","Married",3067,0,"No",19,"Alta","Alta",1,3,1,2,1,2,36804,7250.388,0.05544554455445545,402.0017108910891]
[1997,38,0,"Travel_Frequently","Research & Development",6,"Secundaria","Life Sciences","Baja","Media",2,"Manufacturing Director","Media","Married",5321,2,"No",11,"Alta","Muy_Alta",1,10,1,8,7,7,63852,13025.808,0.05544554455445545,722.2230178217822]
[1998,42,0,"Travel_Rarely","Research & Development",18,"Universitaria","Life Sciences","Muy_Alta","Alta",2,"Research Scientist","Alta","Divorced",5410,6,"Yes",17,"Alta","Alta",1,9,3,4,1,2,64920,13243.68,0.1443298969072165,1911.458969072165]
[1999,41,0,"Travel_Rarely","Research & Development",1,"Universitaria","Life Sciences","Muy_Alta","Alta",1,"Research Scientist","Alta","Married",2782,3,"No",22,"Muy_Alta","Baja",1,12,3,5,1,0,33384,6576.648,0.05544554455445545,364.6458297029703]
[2000,47,0,"Non-Travel","Research & Development",1,"Universitaria","Medical","Alta","Alta",3,"Research Director","Alta","Married",11957,0,"No",18,"Alta","Baja",2,14,3,13,5,12,143484,30131.64,0.05544554455445545,1670.665188118812]
[2003,35,0,"Travel_Rarely","Research & Development",11,"Universitaria","Medical","Muy_Alta","Alta",1,"Laboratory Technician","Alta","Married",2660,7,"Yes",11,"Alta","Alta",1,5,3,2,2,2,31920,6288.240000000001,0.1443298969072165,907.5810309278351]
[2007,22,0,"Travel_Rarely","Research & Development",1,"Universitaria","Life Sciences","Muy_Alta","Alta",1,"Research Scientist","Alta","Single",3375,0,"No",12,"Alta","Muy_Alta",0,4,2,3,1,2,40500,7978.5,0.05544554455445545,442.3722772277228]
[2008,35,0,"Travel_Rarely","Research & Development",9,"Universitaria","Medical","Media","Alta",2,"Research Scientist","Alta","Single",5098,1,"No",19,"Alta","Media",0,10,5,10,0,8,61176,12479.904,0.05544554455445545,691.9550732673266]
[2009,33,0,"Travel_Rarely","Research & Development",15,"Universitaria","Medical","Media","Alta",2,"Healthcare Representative","Alta","Married",4878,0,"Yes",13,"Alta","Baja",1,10,6,9,8,1,58536,11941.344,0.3555555555555556,4245.8112]
[2010,32,0,"Travel_Rarely","Research & Development",29,"Secundaria","Life Sciences","Alta","Media",1,"Laboratory Technician","Media","Single",2837,1,"No",13,"Alta","Alta",0,6,3,6,4,1,34044,6706.668000000001,0.05544554455445545,371.8548594059407]
[2012,40,0,"Travel_Rarely","Research & Development",1,"Universitaria","Life Sciences","Baja","Alta",1,"Laboratory Technician","Alta","Married",2406,8,"No",19,"Alta","Alta",2,8,3,1,0,0,28872,4648.392,0.1273885350318471,592.1518471337579]
[2013,32,0,"Travel_Rarely","Sales",1,"Secundaria","Medical","Media","Media",1,"Sales Representative","Media","Married",2269,0,"No",14,"Alta","Media",1,3,2,2,2,2,27228,4383.708000000001,0.05544554455445545,243.0570772277228]
[2014,39,0,"Travel_Rarely","Research & Development",24,"Universitaria","Life Sciences","Baja","Alta",2,"Research Scientist","Alta","Single",4108,7,"No",13,"Alta","Baja",0,18,2,7,1,7,49296,9711.312,0.1273885350318471,1237.109808917197]
[2015,38,0,"Travel_Rarely","Research & Development",10,"Primaria","Medical","Media","Baja",3,"Research Director","Baja","Married",13206,3,"No",12,"Alta","Baja",1,20,3,18,1,11,158472,33279.12,0.05544554455445545,1845.178930693069]
[2016,32,0,"Travel_Rarely","Sales",1,"Universitaria","Marketing","Alta","Alta",3,"Sales Executive","Alta","Married",10422,1,"No",19,"Alta","Alta",2,14,3,14,5,7,125064,26263.44,0.05544554455445545,1456.190732673267]
[2017,37,0,"Travel_Rarely","Research & Development",10,"Master","Life Sciences","Alta","Muy_Alta",3,"Research Director","Muy_Alta","Married",13744,1,"Yes",25,"Muy_Alta","Baja",1,16,2,16,6,8,164928,34634.88,0.1443298969072165,4998.848659793814]
[2018,25,0,"Travel_Rarely","Sales",8,"Universitaria","Other","Baja","Alta",2,"Sales Executive","Alta","Divorced",4907,0,"Yes",22,"Muy_Alta","Media",1,6,3,5,0,4,58884,12012.336,0.1443298969072165,1733.739216494845]
[2019,52,0,"Non-Travel","Sales",29,"Universitaria","Life Sciences","Baja","Alta",1,"Sales Representative","Alta","Divorced",3482,2,"No",15,"Alta","Media",2,16,3,9,0,0,41784,8231.448,0.05544554455445545,456.3971168316832]
[2020,44,0,"Travel_Rarely","Research & Development",1,"Universitaria","Medical","Media","Alta",1,"Research Scientist","Alta","Single",2436,6,"Yes",12,"Alta","Alta",0,6,2,4,1,2,29232,4706.352,0.8260869565217391,3887.856]
[2021,21,0,"Travel_Rarely","Sales",5,"Universitaria","Medical","Alta","Alta",1,"Sales Representative","Alta","Single",2380,1,"Yes",11,"Alta","Muy_Alta",0,2,6,2,1,2,28560,4598.16,0.7777777777777778,3576.346666666667]
[2022,39,0,"Non-Travel","Research & Development",9,"Universitaria","Life Sciences","Muy_Alta","Alta",5,"Manager","Alta","Single",19431,2,"No",13,"Alta","Alta",0,21,3,6,1,3,233172,48966.12,0.05544554455445545,2714.953188118812]
[2023,23,1,"Travel_Frequently","Sales",9,"Universitaria","Marketing","Muy_Alta","Alta",1,"Sales Representative","Alta","Married",1790,1,"No",19,"Alta","Baja",1,1,3,1,1,0,21480,3458.28,0.103448275862069,357.7531034482759]
[2024,36,0,"Travel_Rarely","Sales",3,"Secundaria","Medical","Baja","Media",3,"Sales Executive","Media","Married",7644,0,"No",19,"Alta","Alta",2,10,2,9,3,4,91728,19262.88,0.05544554455445545,1068.040871287129]
[2025,36,0,"Travel_Frequently","Research & Development",4,"Universitaria","Life Sciences","Muy_Alta","Alta",2,"Manufacturing Director","Alta","Divorced",5131,7,"No",13,"Alta","Media",3,18,3,4,0,2,61572,12560.688,0.1273885350318471,1600.087643312102]
[2026,56,0,"Non-Travel","Research & Development",1,"Universitaria","Life Sciences","Alta","Alta",2,"Healthcare Representative","Alta","Divorced",6306,1,"No",21,"Muy_Alta","Baja",1,13,2,13,1,9,75672,15891.12,0.05544554455445545,881.0918019801979]
[2027,29,1,"Travel_Rarely","Research & Development",1,"Universitaria","Medical","Baja","Alta",1,"Research Scientist","Alta","Married",4787,9,"Yes",14,"Alta","Media",3,4,3,2,2,2,57444,11718.576,0.1443298969072165,1691.340865979381]
[2031,42,0,"Travel_Rarely","Research & Development",2,"Universitaria","Life Sciences","Baja","Alta",5,"Manager","Alta","Married",18880,5,"No",11,"Alta","Baja",0,24,2,22,4,14,226560,47577.6,0.1273885350318471,6060.84076433121]
[2032,56,1,"Travel_Rarely","Research & Development",7,"Universitaria","Technical Degree","Muy_Alta","Alta",1,"Laboratory Technician","Alta","Married",2339,8,"No",11,"Alta","Muy_Alta",1,14,4,10,9,8,28068,4518.948,0.1273885350318471,575.6621656050955]
[2034,41,0,"Travel_Rarely","Research & Development",28,"Secundaria","Life Sciences","Baja","Media",4,"Manufacturing Director","Alta","Married",13570,0,"No",23,"Muy_Alta","Alta",1,21,3,20,0,10,162840,34196.4,0.05544554455445545,1896.03801980198]
[2035,34,0,"Travel_Rarely","Sales",28,"Secundaria","Marketing","Muy_Alta","Media",2,"Sales Executive","Media","Married",6712,1,"No",21,"Muy_Alta","Muy_Alta",2,8,2,8,1,7,80544,16914.24,0.05544554455445545,937.8192475247524]
[2036,36,0,"Non-Travel","Sales",15,"Primaria","Marketing","Muy_Alta","Baja",2,"Sales Executive","Alta","Divorced",5406,1,"No",24,"Muy_Alta","Baja",1,15,4,15,11,11,64872,13233.888,0.05544554455445545,733.7601267326733]
[2037,41,0,"Travel_Rarely","Sales",3,"Secundaria","Life Sciences","Alta","Media",2,"Sales Executive","Media","Divorced",8938,2,"No",11,"Alta","Alta",1,14,5,5,0,4,107256,22523.76,0.05544554455445545,1248.842138613861]
[2038,32,0,"Travel_Rarely","Research & Development",2,"Universitaria","Technical Degree","Muy_Alta","Alta",1,"Research Scientist","Alta","Single",2439,1,"No",14,"Alta","Muy_Alta",0,4,4,4,1,2,29268,4712.148,0.05544554455445545,261.2676118811881]
[2040,35,0,"Travel_Rarely","Human Resources",26,"Universitaria","Life Sciences","Alta","Alta",3,"Human Resources","Alta","Single",8837,1,"Yes",16,"Alta","Alta",0,9,2,9,1,7,106044,22269.24,0.1443298969072165,3214.117113402061]
[2041,38,0,"Travel_Rarely","Sales",10,"Universitaria","Life Sciences","Baja","Alta",2,"Sales Executive","Alta","Married",5343,1,"No",11,"Alta","Alta",1,10,1,10,1,9,64116,13079.664,0.05544554455445545,725.2090930693068]
[2044,50,1,"Travel_Frequently","Sales",1,"Universitaria","Life Sciences","Media","Alta",2,"Sales Executive","Alta","Divorced",6728,7,"No",12,"Alta","Muy_Alta",2,12,3,6,0,1,80736,16954.56,0.1273885350318471,2159.816560509554]
[2045,36,0,"Travel_Rarely","Sales",11,"Secundaria","Marketing","Media","Media",2,"Sales Executive","Media","Married",6652,4,"No",13,"Alta","Baja",1,8,2,6,0,0,79824,16763.04,0.05544554455445545,929.4358811881189]
[2046,45,0,"Travel_Rarely","Sales",20,"Universitaria","Life Sciences","Muy_Alta","Alta",2,"Sales Executive","Alta","Single",4850,8,"No",15,"Alta","Alta",0,8,3,5,0,1,58200,11872.8,0.1273885350318471,1512.458598726115]
[2048,40,0,"Travel_Rarely","Research & Development",2,"Secundaria","Life Sciences","Alta","Media",1,"Research Scientist","Media","Single",2809,2,"No",14,"Alta","Muy_Alta",0,8,2,2,2,2,33708,6640.476000000001,0.05544554455445545,368.1848079207921]
[2049,35,0,"Travel_Frequently","Research & Development",18,"Universitaria","Life Sciences","Alta","Alta",2,"Healthcare Representative","Alta","Married",5689,1,"Yes",14,"Alta","Muy_Alta",2,10,2,10,0,2,68268,13926.672,0.1443298969072165,2010.035134020618]
[2051,40,0,"Travel_Rarely","Research & Development",2,"Universitaria","Medical","Alta","Alta",1,"Research Scientist","Alta","Married",2001,2,"No",14,"Alta","Media",3,20,2,5,0,2,24012,3865.932,0.05544554455445545,214.3487049504951]
[2052,35,0,"Travel_Rarely","Research & Development",1,"Primaria","Life Sciences","Alta","Baja",1,"Research Scientist","Baja","Married",2977,1,"No",12,"Alta","Muy_Alta",1,4,5,4,1,1,35724,7037.628000000001,0.05544554455445545,390.2051168316832]
[2053,29,0,"Travel_Rarely","Research & Development",13,"Secundaria","Other","Muy_Alta","Media",2,"Laboratory Technician","Media","Married",4025,4,"Yes",13,"Alta","Baja",1,10,2,4,0,3,48300,9515.1,0.1443298969072165,1373.313402061856]
[2054,29,0,"Travel_Rarely","Research & Development",28,"Secundaria","Medical","Muy_Alta","Media",1,"Research Scientist","Media","Single",3785,1,"No",14,"Alta","Media",0,5,3,5,0,4,45420,8947.74,0.05544554455445545,496.1123168316832]
[2055,50,1,"Travel_Rarely","Sales",28,"Secundaria","Marketing","Muy_Alta","Media",3,"Sales Executive","Media","Divorced",10854,4,"Yes",13,"Alta","Media",1,20,3,3,2,0,130248,27352.08,0.1443298969072165,3947.722886597937]
[2056,39,0,"Travel_Rarely","Sales",24,"Secundaria","Marketing","Media","Media",4,"Sales Executive","Alta","Married",12031,0,"No",11,"Alta","Baja",1,21,2,20,9,6,144372,30318.12,0.05544554455445545,1681.004673267327]
[2057,31,0,"Non-Travel","Research & Development",5,"Universitaria","Medical","Media","Alta",2,"Manufacturing Director","Alta","Single",9936,0,"No",19,"Alta","Media",0,10,2,9,1,7,119232,25038.72,0.05544554455445545,1388.285465346534]
[2060,26,0,"Travel_Rarely","Sales",5,"Secundaria","Other","Muy_Alta","Media",1,"Sales Representative","Media","Single",2966,0,"No",18,"Alta","Muy_Alta",0,5,2,4,0,0,35592,7011.624000000001,0.05544554455445545,388.7633108910891]
[2061,36,0,"Travel_Frequently","Research & Development",23,"Master","Medical","Alta","Muy_Alta",2,"Laboratory Technician","Muy_Alta","Married",2571,4,"No",17,"Alta","Alta",1,17,3,5,0,3,30852,6077.844,0.05544554455445545,336.9893702970297]
[2062,39,0,"Travel_Rarely","Research & Development",6,"Secundaria","Medical","Muy_Alta","Media",3,"Healthcare Representative","Media","Married",9991,4,"No",15,"Alta","Baja",1,9,5,7,1,7,119892,25177.32,0.05544554455445545,1395.970217821782]
[2064,27,0,"Travel_Rarely","Research & Development",4,"Master","Life Sciences","Media","Muy_Alta",2,"Manufacturing Director","Muy_Alta","Married",6142,1,"Yes",20,"Muy_Alta","Media",1,6,0,6,0,3,73704,15035.616,0.3555555555555556,5345.9968]
[2065,49,0,"Travel_Frequently","Sales",2,"Secundaria","Medical","Muy_Alta","Media",2,"Sales Executive","Media","Married",5390,2,"No",14,"Alta","Muy_Alta",0,17,3,9,0,8,64680,13194.72,0.05544554455445545,731.5884356435644]
[2068,34,0,"Travel_Rarely","Research & Development",8,"Universitaria","Medical","Media","Muy_Alta",2,"Laboratory Technician","Muy_Alta","Married",4404,2,"No",12,"Alta","Baja",0,6,3,4,1,2,52848,10780.992,0.05544554455445545,597.7579722772277]